{"text_format":"3","workbook":"xlsx","n_sheets":11,"sheets":["ENERO","FEBRERO","MARZO","ABRIL","MAYO","JUNIO","JULIO","AGOSTO","SEPTIEMBRE","OCTUBRE","NOVIEMBRE"],"not_rendered":{"images":1},"read":"whole","date_system":"1900"}

{"sheet":"ENERO","index":0,"n_rows":204,"n_cols":12,"rows_kept":204,"merged":[[11,0,11,3],[12,1,12,3],[83,1,83,2],[95,1,95,2],[202,9,202,10],[203,9,203,10]]}
[]
[]
[]
[]
[]
[{"$nulls":4}," "]
[]
[]
[]
[]
[{"$nulls":10},"2025-01-31"]
["INVENTARIO DE ALMACEN "]
["CODIGO","DESCRIPCION DEL PRODUCTO",null,null,"CANTIDAD","ENTRADA","TOTAL","PRECIO","SALIDA DE USO MENSUAL","CANTIDAD ACTIVA EN ALMACEN","VALOR TOTAL ACTIVO","VALORDE TOTAL CONSUMO"]
[101,"ACORDEON 10*12 CARTON PIEDRA",null,"UNID ",3,0,{"$f":"E14+F14","v":3},{"v":744,"d":"744.00 $"},2,{"$f":"G14-I14","v":1},{"$f":"H14*J14","v":{"v":744,"d":"$744.00"}},{"$f":"H14*I14","v":{"v":1488,"d":"$1,488.00"}}]
[102,"AGENDA",null,"UNID ",0,0,{"$f":"E15+F15","v":0},{"v":430,"d":"430.00 $"},0,{"$f":"G15-I15","v":0},{"$f":"H15*J15","v":0},{"$f":"H15*I15","v":0}]
[103,"ALMOHADILLA PARA SELLO",null,"UNID ",0,0,0,{"v":80,"d":"80.00 $"},0,0,0,0]
[104,"AMBIENTADOR SPRAY",null,"UNID ",4,12,16,{"v":145,"d":"145.00 $"},16,0,0,{"v":2320,"d":"$2,320.00"}]
[105,"AGUA BOTELLITAS",null,"UNID ",200,0,200,{"v":6.5,"d":"6.50 $"},160,40,{"v":260,"d":"$260.00"},{"v":1040,"d":"$1,040.00"}]
[106,"AXION EN PASTA",null,"UNID ",0,24,24,{"v":116,"d":"116.00 $"},17,7,{"v":812,"d":"$812.00"},{"v":1972,"d":"$1,972.00"}]
[107,"BANDER 1´´ CARPETA CUBIERTA",null,"UNID ",0,0,0,{"v":271,"d":"271.00 $"},0,0,0,0]
[108,"BAYGON 400ML",null,"UNID ",7,12,19,{"v":348.1,"d":"348.10 $"},16,3,{"v":1044.3000000000002,"d":"$1,044.30"},{"v":5569.6,"d":"$5,569.60"}]
[109,"BOLIGRAFOS AZULES",null,"UNID ",86,120,206,{"v":10.1,"d":"10.10 $"},100,106,{"v":1070.6,"d":"$1,070.60"},{"v":1010,"d":"$1,010.00"}]
[110,"BOLIGRAFOS NEGROS",null,"UNID ",7,62,69,{"v":7,"d":"7.00 $"},9,60,{"v":420,"d":"$420.00"},{"v":63,"d":"$63.00"}]
[111,"BOLIGRAFOS ROJOS",null,"UNID ",11,120,131,{"v":7,"d":"7.00 $"},18,113,{"v":791,"d":"$791.00"},{"v":126,"d":"$126.00"}]
[112,"BOLIGRAFOS VERDES",null,"UNID ",0,0,0,{"v":10,"d":"10.00 $"},0,0,0,0]
[113,"BORRANTE DE LECHE ",null,"UNID ",14,0,14,{"v":8,"d":"8.00 $"},1,13,{"v":104,"d":"$104.00"},{"v":8,"d":"$8.00"}]
[114,"BRILLO GRUESO 12/1 PROMANO",null,"UNID ",0,35,35,{"v":69.6,"d":"69.60 $"},1,34,{"v":2366.3999999999996,"d":"$2,366.40"},{"v":69.6,"d":"$69.60"}]
[115,"BRILLO GRIS",null,"UNID ",12,0,12,{"v":69.6,"d":"69.60 $"},0,12,{"v":835.1999999999999,"d":"$835.20"},0]
[116,"BRILLO VERDE Y ESPONJA",null,"UNID ",33,0,33,{"v":57.8,"d":"57.80 $"},33,0,0,{"v":1907.3999999999999,"d":"$1,907.40"}]
[117,"CAJA PLASTICAS DE 27 GL NEGRA",null,"UNID",10,10,20,{"v":1350,"d":"1,350.00 $"},10,10,{"v":13500,"d":"$13,500.00"},{"v":13500,"d":"$13,500.00"}]
[118,"CAJITA DE GRAPAS ESTÁNDAR 26/6",null,"UNID",3,24,27,{"v":47.17,"d":"47.17 $"},17,10,{"v":471.70000000000005,"d":"$471.70"},{"v":801.89,"d":"$801.89"}]
[119,"CALCULADORA",null,"UNID",1,3,4,{"v":359.9,"d":"359.90 $"},0,4,{"v":1439.6,"d":"$1,439.60"},0]
[120," CARPETA NEGRA 2",null,"UNID",0,6,6,{"v":330,"d":"330.00 $"},3,3,{"v":990,"d":"$990.00"},{"v":990,"d":"$990.00"}]
[121,"CARPETA NEGRA DE 3 HOYO",null,"UNID",0,0,0,{"v":469,"d":"469.00 $"},0,0,0,0]
[122,"CRPETA NEGRA DE 3 HOYO 1",null,"UNID",6,0,6,{"v":178.2,"d":"178.20 $"},1,5,{"v":891,"d":"$891.00"},{"v":178.2,"d":"$178.20"}]
[123,"CARPETAS DE 3 HOYOS #3",null,"UNID",6,0,6,{"v":147.5,"d":"147.50 $"},3,3,{"v":442.5,"d":"$442.50"},{"v":442.5,"d":"$442.50"}]
[124,"CARPETAS DE 3 HOYOS #4",null,"UNID",0,0,0,{"v":224.2,"d":"224.20 $"},0,0,0,0]
[125,"CEPILLO DE INODORO",null,"UNID",4,15,19,{"v":159.3,"d":"159.30 $"},6,13,{"v":2070.9,"d":"$2,070.90"},{"v":955.8000000000001,"d":"$955.80"}]
[126,"CERA PARA CONTAR",null,"UNID",4,15,19,{"v":60,"d":"60.00 $"},6,13,{"v":780,"d":"$780.00"},{"v":360,"d":"$360.00"}]
[127,"CINTA AX10",null,"UNID",0,0,0,{"v":177,"d":"177.00 $"},0,0,0,0]
[128,"CINTA MASKING TAPE 3/4 VISIBLE",null,"UNID",0,50,50,{"v":75,"d":"75.00 $"},8,42,{"v":3150,"d":"$3,150.00"},{"v":600,"d":"$600.00"}]
[129,"CINTA DE EMPAQUE ",null,"UNID",0,24,24,{"v":47.2,"d":"47.20 $"},10,14,{"v":660.8000000000001,"d":"$660.80"},{"v":472,"d":"$472.00"}]
[130,"CINTA MAGICA SUMADORA",null,"UNID",2,0,2,{"v":76.7,"d":"76.70 $"},0,2,{"v":153.4,"d":"$153.40"},0]
[131," CLIPS JUMBO",null,"UNID",10,10,20,{"v":38,"d":"38.00 $"},11,9,{"v":342,"d":"$342.00"},{"v":418,"d":"$418.00"}]
[132,"CINTA MASKING TAPE CREMA",null,"UNID",21,60,81,{"v":46,"d":"46.00 $"},50,31,{"v":1426,"d":"$1,426.00"},{"v":2300,"d":"$2,300.00"}]
[133,"CINTA P/CALCULADORA",null,"UNID",0,0,0,{"v":50,"d":"50.00 $"},0,0,0,0]
[134,"CLIPS BILLETERO 32 MM 12/1",null,"UNID",9,36,45,{"v":123.9,"d":"123.90 $"},9,36,{"v":4460.400000000001,"d":"$4,460.40"},{"v":1115.1000000000001,"d":"$1,115.10"}]
[135,"CLIPS BILLETERO 41 MM 12/1",null,"UNID",6,36,42,{"v":171.1,"d":"171.10 $"},3,39,{"v":6672.9,"d":"$6,672.90"},{"v":513.3,"d":"$513.30"}]
[136,"CLIPS BILLETERO 51 MM 12/1",null,"UNID",10,36,46,{"v":230.1,"d":"230.10 $"},10,36,{"v":8283.6,"d":"$8,283.60"},{"v":2301,"d":"$2,301.00"}]
[137,"CLIPS PEQUEÑO",null,"UNID",17,10,27,{"v":19,"d":"19.00 $"},16,11,{"v":209,"d":"$209.00"},{"v":304,"d":"$304.00"}]
[138,"CLORO",null,"GALON",2,110,112,{"v":68.64,"d":"68.64 $"},94,18,{"v":1235.52,"d":"$1,235.52"},{"v":6452.16,"d":"$6,452.16"}]
[139,"CONTROL DE LIQUIDO(ENFERMERIA)",null,"RESMA",0,3,3,{"v":1200,"d":"1,200.00 $"},1,2,{"v":2400,"d":"$2,400.00"},{"v":1200,"d":"$1,200.00"}]
[140,"CUADERNOS COCIDOS",null,"UNID",0,12,12,{"v":53,"d":"53.00 $"},0,12,{"v":636,"d":"$636.00"},0]
[141,"CUCHARA 25/1",null,"CAJA",1,9,10,{"v":708,"d":"708.00 $"},9,1,{"v":708,"d":"$708.00"},{"v":6372,"d":"$6,372.00"}]
[142,"ESCOBA C/PALO",null,"UNID",7,6,13,{"v":112,"d":"112.00 $"},10,3,{"v":336,"d":"$336.00"},{"v":1120,"d":"$1,120.00"}]
[143,"EXTENCION EXPIRAL ",null,"UNID",0,0,0,{"v":100,"d":"100.00 $"},0,0,0,0]
[144,"FOLDER AZUL",null,"UNID",0,0,0,{"v":666.7,"d":"666.70 $"},0,0,0,0]
[145,"FOLDERS PENDAFLEX 81/2*11",null,"UNID",0,0,0,{"v":799.68,"d":"799.68 $"},0,0,0,0]
[145," FOLDER AMARILLO OFICINA",null,"UNID",367,500,867,{"v":2.33,"d":"2.33 $"},492,375,{"v":873.75,"d":"$873.75"},{"v":1146.3600000000001,"d":"$1,146.36"}]
[147," FOLDER VERDE 8 1/2 X 11",null,"UNID",109,1000,1109,{"v":4.95,"d":"4.95 $"},309,800,{"v":3960,"d":"$3,960.00"},{"v":1529.55,"d":"$1,529.55"}]
[148," FUNDA NEGRA 17*22 PEQUEÑA",null,"PAQ",20,120,140,{"v":72,"d":"72.00 $"},69,71,{"v":5112,"d":"$5,112.00"},{"v":4968,"d":"$4,968.00"}]
[149,"FUNDA  NEGRA #6",null,"PAQ",16,0,16,{"v":36.58,"d":"36.58 $"},7,9,{"v":329.21999999999997,"d":"$329.22"},{"v":256.06,"d":"$256.06"}]
[150,"FUNDA  ROJA #2",null,"PAQ",0,60,60,{"v":20,"d":"20.00 $"},19,41,{"v":820,"d":"$820.00"},{"v":380,"d":"$380.00"}]
[151,"FUNDA AZULES #4",null,"PAQ",16,0,16,{"v":26,"d":"26.00 $"},6,10,{"v":260,"d":"$260.00"},{"v":156,"d":"$156.00"}]
[152,"FUNDA NEGRA  MEDIANA 27 X 33",null,"PAQ",20,15,35,{"v":360,"d":"360.00 $"},33,2,{"v":720,"d":"$720.00"},{"v":11880,"d":"$11,880.00"}]
[153,"FUNDA NEGRA GRANDE 36*54",null,"PAQ",15,15,30,{"v":616,"d":"616.00 $"},24,6,{"v":3696,"d":"$3,696.00"},{"v":14784,"d":"$14,784.00"}]
[154,"FUNDA ROJA  PEQUENAS 17*22 ",null,"PAQ",2,30,32,{"v":240,"d":"240.00 $"},16,16,{"v":3840,"d":"$3,840.00"},{"v":3840,"d":"$3,840.00"}]
[155,"FUNDA ROJA GRANDE 36*54",null,"UNID",10,10,20,{"v":1030.1,"d":"1,030.10 $"},8,12,{"v":12361.199999999999,"d":"$12,361.20"},{"v":8240.8,"d":"$8,240.80"}]
[156,"FUNDA ROJA MEDIANA 22*35",null,"PAQ",0,30,30,{"v":454.72,"d":"454.72 $"},29,1,{"v":454.72,"d":"$454.72"},{"v":13186.880000000001,"d":"$13,186.88"}]
[157,"GALON JABON LIQUIDO",null,"GALON",1,10,11,{"v":171.1,"d":"171.10 $"},5,6,{"v":1026.6,"d":"$1,026.60"},{"v":855.5,"d":"$855.50"}]
[158,"GANCHOS P/FOLDER MH",null,"CAJA",2,10,12,{"v":141.6,"d":"141.60 $"},0,12,{"v":1699.1999999999998,"d":"$1,699.20"},0]
[159,"GOMITAS",null,"CAJA",1,24,25,{"v":45,"d":"45.00 $"},11,14,{"v":630,"d":"$630.00"},{"v":495,"d":"$495.00"}]
[160,"GRAPADORA NEGRA",null,"CAJA",1,4,5,{"v":536,"d":"536.00 $"},2,3,{"v":1608,"d":"$1,608.00"},{"v":1072,"d":"$1,072.00"}]
[161,"GUANTE INDUSTRIAL",null,"UNID",0,0,0,{"v":110,"d":"110.00 $"},0,0,0,0]
[162,"GUANTES MULTIUSOS",null,"UNID",11,12,23,{"v":105,"d":"105.00 $"},10,13,{"v":1365,"d":"$1,365.00"},{"v":1050,"d":"$1,050.00"}]
[163,"HISTORIA CLINICA PERINATAL",null,"TALONARIO",3,0,3,{"v":1298,"d":"1,298.00 $"},1,2,{"v":2596,"d":"$2,596.00"},{"v":1298,"d":"$1,298.00"}]
[164," HOJA DE ANOTACION ENFERMERIA",null,"TALONARIO",4,0,4,{"v":826,"d":"826.00 $"},0,4,{"v":3304,"d":"$3,304.00"},0]
[165,"HOJA D FICHA NACIONAL D ENDODONCIA",null,"TALONARIO",2,0,2,{"v":1298,"d":"1,298.00 $"},2,0,0,{"v":2596,"d":"$2,596.00"}]
[166,"HOJA DE ADMICION ",null,"TALONARIO",5,0,5,{"v":165,"d":"165.00 $"},0,5,{"v":825,"d":"$825.00"},0]
[167,"HOJA DE ATENCION DE PERIODONCIA",null,"TALONARIO",2,0,{"$f":"E80+F80","v":2},{"v":1298,"d":"1,298.00 $"},2,{"$f":"G80-I80","v":0},{"$f":"H80*J80","v":0},{"$f":"H80*I80","v":{"v":2596,"d":"$2,596.00"}}]
[168,"HOJA DE ATENCION DIARIA",null,"TALONARIO",1,0,1,{"v":994,"d":"994.00 $"},0,1,{"v":994,"d":"$994.00"},0]
[169,"HOJA DE CERTIFICACION",null,"TALONARIO",3,0,3,{"v":1475,"d":"1,475.00 $"},0,3,{"v":4425,"d":"$4,425.00"},0]
[170,"HOJA DE CONSULTA EXTERNA ",null,"TALONARIO",2,0,2,{"v":994,"d":"994.00 $"},1,1,{"v":994,"d":"$994.00"},{"v":994,"d":"$994.00"}]
[171,"HOJA TRATAMIENTO D DIETA",null,"TALONARIO",0,0,0,{"v":800,"d":"800.00 $"},0,0,0,0]
[172,"HOJA DE CONTRATO 8 1/2*14",null,"TALONARIO",0,0,0,{"v":213,"d":"213.00 $"},0,0,0,0]
[173,"HOJA DE DIRECCION DE ENFERMERIA",null,"TALONARIO",10,10,20,{"v":994,"d":"994.00 $"},10,10,{"v":9940,"d":"$9,940.00"},{"v":9940,"d":"$9,940.00"}]
[174,"HOJA DE ENFER EN AREA EMERGENCIA ",null,"TALONARIO",1,20,21,{"v":994,"d":"994.00 $"},0,21,{"v":20874,"d":"$20,874.00"},0]
[175,"HOJA DE ENFERMERIA",null,"TALONARIO",6,null,6,{"v":1298,"d":"1,298.00 $"},2,4,{"v":5192,"d":"$5,192.00"},{"v":2596,"d":"$2,596.00"}]
[176,"HOJA DE EPICRISIS",null,"TALONARIO",0,0,0,{"v":1475,"d":"1,475.00 $"},0,0,0,0]
[177,"HOJA DE EVOLUCION ",null,"TALONARIO",3,5,8,{"v":294,"d":"294.00 $"},0,8,{"v":2352,"d":"$2,352.00"},0]
[178,"HOJA DE ANESTESIA",null,"TALONARIO",2,0,2,{"v":185,"d":"185.00 $"},0,2,{"v":370,"d":"$370.00"},0]
[179,"HOJA DE HISTORIAL CLINICO",null,"TALONARIO",50,0,50,{"v":195,"d":"195.00 $"},0,50,{"v":9750,"d":"$9,750.00"},0]
[180,"HOJA D KARDEX D MEDICAMENTO ENF",null,"TALONARIO",4,15,19,{"v":1298,"d":"1,298.00 $"},2,17,{"v":22066,"d":"$22,066.00"},{"v":2596,"d":"$2,596.00"}]
[181,"HOJA DE PRESUPUESTO",null,"TALONARIO",0,0,0,{"v":1298,"d":"1,298.00 $"},0,0,0,0]
[182,"HOJA DE REFERENCIA Y CONTRA REFERENCIA",null,"TALONARIO",0,21,21,{"v":826,"d":"826.00 $"},8,13,{"v":10738,"d":"$10,738.00"},{"v":6608,"d":"$6,608.00"}]
[183,"HOJA  REGITRO D CONSULTA EXTERNA 8/*14",null,"TALONARIO",5,0,5,{"v":1711,"d":"1,711.00 $"},2,3,{"v":5133,"d":"$5,133.00"},{"v":3422,"d":"$3,422.00"}]
[184,"HOJA DE RESUMEN MEDICO DE EGRESO",null,"TALONARIO",2,8,10,{"v":826,"d":"826.00 $"},0,10,{"v":8260,"d":"$8,260.00"},0]
[185,"HOJA DE VERIFICACION SEGURIDAD CIRUGIA",null,"TALONARIO",2,0,2,{"v":1475,"d":"1,475.00 $"},0,2,{"v":2950,"d":"$2,950.00"},0]
[186,"HOJA DESIGNOGRAMA ENFERM",null,"TALONARIO",3,0,3,{"v":994,"d":"994.00 $"},0,3,{"v":2982,"d":"$2,982.00"},0]
[187,"HOJA DETENCION DE CANCER UTERINO",null,"TALONARIO",0,0,0,{"v":994,"d":"994.00 $"},0,0,0,0]
[188,"HOJA DIAGNOTICO ODONTOLOGIA",null,"TALONARIO",0,0,0,{"v":350,"d":"350.00 $"},0,0,0,0]
[189,"HOJA KARDEX MED INTERNA MATERIALE INSUMOS",null,"TALONARIO",3,10,13,{"v":994,"d":"994.00 $"},0,13,{"v":12922,"d":"$12,922.00"},0]
[190,"HOJA LEGAL 8 1/2*14 RESMA",null,"TALONARIO",9,0,9,{"v":348,"d":"348.00 $"},8,1,{"v":348,"d":"$348.00"},{"v":2784,"d":"$2,784.00"}]
[191,"HOJA ORDEN MEDICA",null,"TALONARIO",4,0,4,{"v":800,"d":"800.00 $"},0,4,{"v":3200,"d":"$3,200.00"},0]
[192,"HOJA PRE OPERATORIO",null,"TALONARIO",6,0,6,{"v":1299,"d":"1,299.00 $"},1,5,{"v":6495,"d":"$6,495.00"},{"v":1299,"d":"$1,299.00"}]
[193,"HOJA SIGNOS VITALES",null,"TALONARIO",1,2,3,{"v":1200,"d":"1,200.00 $"},1,2,{"v":2400,"d":"$2,400.00"},{"v":1200,"d":"$1,200.00"}]
[194,"HOJA SIGNOS VITALES ENFER VERSION 0-1",null,"TALONARIO",2,2,4,{"v":994,"d":"994.00 $"},2,2,{"v":1988,"d":"$1,988.00"},{"v":1988,"d":"$1,988.00"}]
[195,"HOJA SIGNOS VITALES VERSION 0-2",null,"TALONARIO",10,0,10,{"v":994,"d":"994.00 $"},0,10,{"v":9940,"d":"$9,940.00"},0]
[196,"HOJAS DE SIGNOS VITALES SENASA",null,"TALONARIO",0,0,0,{"v":1475,"d":"1,475.00 $"},0,0,0,0]
[197,"HOJAS TIMBRADA",null,"RESMA",2,4,6,{"v":1350,"d":"1,350.00 $"},2,4,{"v":5400,"d":"$5,400.00"},{"v":2700,"d":"$2,700.00"}]
[198,"HOJA DE VERIFICACION SEGURIDAD CIRUGIA",null,"TALONARIO",1,1,2,{"v":1298,"d":"1,298.00 $"},0,2,{"v":2596,"d":"$2,596.00"},0]
[199,"LABELSP/FOLDER",null,"UNID",6,0,6,{"v":112.1,"d":"112.10 $"},0,6,{"v":672.5999999999999,"d":"$672.60"},0]
[200,"LAPIZ",null,"UNID",7,36,43,{"v":10,"d":"10.00 $"},2,41,{"v":410,"d":"$410.00"},{"v":20,"d":"$20.00"}]
[201,"LIBRO BANCO VENTA SERVICIOS",null,"UNID",1,0,1,{"v":2360,"d":"2,360.00 $"},0,1,{"v":2360,"d":"$2,360.00"},0]
[202,"LIBRO DE ANOTACIONES ENFERMERIA",null,"UNID",0,0,0,{"v":826,"d":"826.00 $"},0,0,0,0]
[203,"LIBRO DE EMERGENCIA",null,"UNID",1,2,3,{"v":2360,"d":"2,360.00 $"},2,1,{"v":2360,"d":"$2,360.00"},{"v":4720,"d":"$4,720.00"}]
[204,"LIBRO DE LABORATORIO",null,"UNID",3,0,3,{"v":1170,"d":"1,170.00 $"},3,0,0,{"v":3510,"d":"$3,510.00"}]
[205,"LIBRO DE PARASITOLOGIA",null,"UNID",4,0,4,{"v":1170,"d":"1,170.00 $"},1,3,{"v":3510,"d":"$3,510.00"},{"v":1170,"d":"$1,170.00"}]
[206,"LIBRO DE PARTO Y INTERMIENTO",null,"UNID",3,0,3,{"v":1170,"d":"1,170.00 $"},0,3,{"v":3510,"d":"$3,510.00"},0]
[207,"LIBRO  DE CIRUGIA",null,"UNID",3,0,3,{"v":1170,"d":"1,170.00 $"},1,2,{"v":2340,"d":"$2,340.00"},{"v":1170,"d":"$1,170.00"}]
[208,"LIBRO DE REGISTRO DIARIO PATOLOGIA",null,"UNID",0,0,0,{"v":3894,"d":"3,894.00 $"},0,0,0,0]
[209,"LIBRO DE CONSERJERIA",null,"UNID",0,3,3,{"v":1770,"d":"1,770.00 $"},3,0,0,{"v":5310,"d":"$5,310.00"}]
[null,"LIBRO DE REGISTRO VIH",null,"UNID",1,0,1,{"v":1770,"d":"1,770.00 $"},0,0,0,0]
[210,"LIBRO DE SEROLOGIA",null,"UNID",1,3,4,{"v":2360,"d":"2,360.00 $"},1,3,{"v":7080,"d":"$7,080.00"},{"v":2360,"d":"$2,360.00"}]
[211,"LIBRO DE URIANALISIS",null,"UNID",3,0,3,{"v":2360,"d":"2,360.00 $"},0,3,{"v":7080,"d":"$7,080.00"},0]
[212,"LIBRO HEMATOLOGIA",null,"UNID",3,0,3,{"v":2000,"d":"2,000.00 $"},0,3,{"v":6000,"d":"$6,000.00"},0]
[213,"LIBRO QUIMICO",null,"UNID",3,0,3,{"v":2360,"d":"2,360.00 $"},0,3,{"v":7080,"d":"$7,080.00"},0]
[214,"LIBRO INTERNAMIENTO",null,"UNID",3,0,3,{"v":1770,"d":"1,770.00 $"},0,3,{"v":5310,"d":"$5,310.00"},0]
[null,"LIBRO DE RAYOS X",null,"UNID",3,0,3,{"v":1770,"d":"1,770.00 $"},0,3,{"v":5310,"d":"$5,310.00"},0]
[215,"LIBRO RECORD DE REGISTRO ADOLECENTE ",null,"UNID",0,0,0,{"v":1800,"d":"1,800.00 $"},0,0,0,0]
[216,"LIQUID PAPER T/L CORRECTOR",null,"UNID",2,60,62,{"v":30,"d":"30.00 $"},9,53,{"v":1590,"d":"$1,590.00"},{"v":270,"d":"$270.00"}]
[217,"MARCADORES AZULES ",null,"UNID",12,12,24,{"v":30,"d":"30.00 $"},6,18,{"v":540,"d":"$540.00"},{"v":180,"d":"$180.00"}]
[218,"MARCADORES NEGROS ",null,"UNID",8,36,44,{"v":30,"d":"30.00 $"},14,30,{"v":900,"d":"$900.00"},{"v":420,"d":"$420.00"}]
[219,"MARCADORES ROJO ",null,"UNID",0,0,0,{"v":30,"d":"30.00 $"},0,0,0,0]
[220,"MARCADORES VERDES",null,"UNID",0,0,0,{"v":30,"d":"30.00 $"},0,0,0,0]
[221,"MISTOLIN ",null,"GALON",30,60,90,{"v":98,"d":"98.00 $"},34,56,{"v":5488,"d":"$5,488.00"},{"v":3332,"d":"$3,332.00"}]
[222,"PAPEL ALUMINIO 75",null,"UNID",1,0,1,{"v":560,"d":"560.00 $"},0,1,{"v":560,"d":"$560.00"},0]
[223,"PAPEL CARBON 8 1/2*11",null,"UNID",1,0,1,{"v":325,"d":"325.00 $"},0,1,{"v":325,"d":"$325.00"},0]
[224,"PAPEL HIGIENICO FARDO 48/1 ",null,"UNID",0,480,480,{"v":18.6,"d":"18.60 $"},340,140,{"v":2604,"d":"$2,604.00"},{"v":6324.000000000001,"d":"$6,324.00"}]
[225,"PAPEL MANILA NATURAL KRAF",null,"UNID",2,2,4,{"v":3916,"d":"3,916.00 $"},2,2,{"v":7832,"d":"$7,832.00"},{"v":7832,"d":"$7,832.00"}]
[226,"PAPEL TOALLA 6/1",null,"UNID",0,30,30,{"v":28.95,"d":"28.95 $"},24,6,{"v":173.7,"d":"$173.70"},{"v":694.8,"d":"$694.80"}]
[227,"PERFORADORA 2 HOYOS",null,"UNID",0,0,0,{"v":306.08,"d":"306.08 $"},0,0,0,0]
[228,"PERFORADORA 3 HOYOS",null,"UNID",1,0,1,{"v":631.3,"d":"631.30 $"},0,1,{"v":631.3,"d":"$631.30"},0]
[229,"PILA AA ",null,"UNID",0,0,0,{"v":54,"d":"54.00 $"},0,0,0,0]
[230,"PILA AAA",null,"UNID",0,0,0,{"v":53,"d":"53.00 $"},0,0,0,0]
[231," PAPEL CON DIVISION 200/1 OPTION",null,"CAJA",2,4,{"$f":"E146+F146","v":6},{"v":1085,"d":"1,085.00 $"},4,{"$f":"G146-I146","v":2},{"$f":"H146*J146","v":{"v":2170,"d":"$2,170.00"}},{"$f":"H146*I146","v":{"v":4340,"d":"$4,340.00"}}]
[232,"PLATOS",null,"FARDO",4,12,16,{"v":1291,"d":"1,291.00 $"},6,10,{"v":12910,"d":"$12,910.00"},{"v":7746,"d":"$7,746.00"}]
[233,"POS-IT 3*3",null,"RESMA",0,0,0,{"v":33.63,"d":"33.63 $"},0,0,0,0]
[234,"PURISIMA",null,"UNID",0,0,0,{"v":625,"d":"625.00 $"},0,0,0,0]
[235,"RECIBO DE CAJA CHICA",null,"TALONARIO",0,0,0,{"v":275,"d":"275.00 $"},0,0,0,0]
[236,"RECOJEDOR DE BASURA",null,"UNID",3,0,3,{"v":109.25,"d":"109.25 $"},0,3,{"v":327.75,"d":"$327.75"},0]
[237,"REGLA TRANSPARENTE",null,"UNID",0,0,0,{"v":9.44,"d":"9.44 $"},0,0,0,0]
[238,"RESALTADOR ",null,"UNID",1,20,21,{"v":39,"d":"39.00 $"},3,18,{"v":702,"d":"$702.00"},{"v":117,"d":"$117.00"}]
[239,"RESMA DE CONTROL DE EXISTENCIA",null,"RESMA",0,4,4,{"v":1298,"d":"1,298.00 $"},0,4,{"v":5192,"d":"$5,192.00"},0]
[240,"RESMA HOJA DE MAQUINA 8/2 *11",null,"RESMA",24,110,134,{"v":193,"d":"193.00 $"},133,1,{"v":193,"d":"$193.00"},{"v":25669,"d":"$25,669.00"}]
[241,"ROLLO DE PAPEL SUMADORA",null,"UNID",0,24,24,{"v":23,"d":"23.00 $"},9,15,{"v":345,"d":"$345.00"},{"v":207,"d":"$207.00"}]
[242,"ROTULO PARA SOLUCION Y MEDICAMENTOS",null,"UNID",150,1000,1150,{"v":6.5,"d":"6.50 $"},100,1050,{"v":6825,"d":"$6,825.00"},{"v":650,"d":"$650.00"}]
[243,"SACA GRAPA",null,"UNID",8,0,8,{"v":30,"d":"30.00 $"},5,3,{"v":90,"d":"$90.00"},{"v":150,"d":"$150.00"}]
[244,"SACAPUNTA METAL ",null,"UNID",5,0,5,{"v":15,"d":"15.00 $"},5,0,0,{"v":75,"d":"$75.00"}]
[245,"SACO DE DETERGENTE",null,"UNID",0,3,3,{"v":1100,"d":"1,100.00 $"},0,3,{"v":3300,"d":"$3,300.00"},0]
[246,"SERVILLETA C-FOLD 24/100 XCELENT",null,"UNID",113,96,209,{"v":48.87,"d":"48.87 $"},166,43,{"v":2101.41,"d":"$2,101.41"},{"v":8112.419999999999,"d":"$8,112.42"}]
[247,"SERVILLETAS DE BINGO 60/1",null,"UNID",61,600,661,{"v":11.5,"d":"11.50 $"},390,271,{"v":3116.5,"d":"$3,116.50"},{"v":4485,"d":"$4,485.00"}]
[248,"SOBRE CARTA VENTANILLA",null,"UNID",700,0,700,{"v":1.85,"d":"1.85 $"},0,700,{"v":1295,"d":"$1,295.00"},0]
[249,"SOBRE MANILA 14*17 1000 UNIDAD",null,"UNID",986,0,986,{"v":13.85,"d":"13.85 $"},40,946,{"v":13102.1,"d":"$13,102.10"},{"v":554,"d":"$554.00"}]
[250,"SOBRE MANILA 10*14 DE 500 UNID",null,"UNID",1000,0,1000,{"v":7.1,"d":"7.10 $"},63,937,{"v":6652.7,"d":"$6,652.70"},{"v":447.29999999999995,"d":"$447.30"}]
[251,"SOBRE TIMBRADO",null,"UNID",390,0,390,{"v":13,"d":"13.00 $"},70,320,{"v":4160,"d":"$4,160.00"},{"v":910,"d":"$910.00"}]
[252,"SUAPER JUMBO",null,"UNID",2,12,14,{"v":179,"d":"179.00 $"},14,0,0,{"v":2506,"d":"$2,506.00"}]
[253,"SUAVITEL",null,"GALON",5,16,21,{"v":148.31,"d":"148.31 $"},5,16,{"v":2372.96,"d":"$2,372.96"},{"v":741.55,"d":"$741.55"}]
[254,"TALONARIO DE PATOLOGIA",null,"TALONARIO",50,0,50,{"v":236,"d":"236.00 $"},0,50,{"v":11800,"d":"$11,800.00"},0]
[255,"TALONARIO HISTORIA CLINICA EMERGENCIA",null,"TALONARIO",0,50,50,{"v":70.8,"d":"70.80 $"},25,25,{"v":1770,"d":"$1,770.00"},{"v":1770,"d":"$1,770.00"}]
[256,"TALONARIO SOLICITUD DE MEDICAMENTO",null,"TALONARIO",15,0,15,{"v":275,"d":"275.00 $"},2,13,{"v":3575,"d":"$3,575.00"},{"v":550,"d":"$550.00"}]
[257,"TALONARIO COPROLOGICO",null,"TALONARIO",92,30,122,{"v":75,"d":"75.00 $"},7,115,{"v":8625,"d":"$8,625.00"},{"v":525,"d":"$525.00"}]
[258,"TALALONARIO HEMOGRAMA",null,"TALONARIO",76,50,126,{"v":88.35,"d":"88.35 $"},47,79,{"v":6979.65,"d":"$6,979.65"},{"v":4152.45,"d":"$4,152.45"}]
[259,"TALONARIO INTERVENCION AUT. QUIRURGICA ",null,"TALONARIO",0,0,0,{"v":185,"d":"185.00 $"},0,0,0,0]
[260,"TALONARIO LABORATORIO CLINICO",null,"TALONARIO",0,250,250,{"v":37,"d":"37.00 $"},127,123,{"v":4551,"d":"$4,551.00"},{"v":4699,"d":"$4,699.00"}]
[261,"TALONARIO COPROLOGICO",null,"TALONARIO",92,16,108,{"v":75,"d":"75.00 $"},0,108,{"v":8100,"d":"$8,100.00"},0]
[262,"TALONARIO METODO PLANIFICACION",null,"TALONARIO",1,0,1,{"v":185,"d":"185.00 $"},0,1,{"v":185,"d":"$185.00"},0]
[263,"TALONARIO P/COLC DE IMPLANDE SUDERMICO",null,"TALONARIO",0,0,0,{"v":185,"d":"185.00 $"},0,0,0,0]
[264,"TALONARIO UNICO MEDICAMENTOS",null,"TALONARIO",0,0,0,{"v":266,"d":"266.00 $"},0,0,0,0]
[265,"TALONARIO URIANALISIS",null,"TALONARIO",0,250,250,{"v":53.1,"d":"53.10 $"},181,69,{"v":3663.9,"d":"$3,663.90"},{"v":9611.1,"d":"$9,611.10"}]
[266,"TALONARIO COMUN ENFERMERIA FARMACIA",null,"TALONARIO",45,0,45,{"v":413,"d":"413.00 $"},0,45,{"v":18585,"d":"$18,585.00"},0]
[267,"TALONARIO CERTIFICADO MEDICO",null,"TALONARIO",0,0,0,{"v":275,"d":"275.00 $"},0,0,0,0]
[268,"TALONARIO CONSENTIMIENTO INFORMADO",null,null,14,0,14,{"v":756,"d":"756.00 $"},7,7,{"v":5292,"d":"$5,292.00"},{"v":5292,"d":"$5,292.00"}]
[269,"TALONARIO",null,"TALONARIO",7,0,7,{"v":266,"d":"266.00 $"},0,7,{"v":1862,"d":"$1,862.00"},0]
[270,"TALONARIO DE CONTROL TEMPERATURA",null,"TALONARIO",7,10,17,{"v":294,"d":"294.00 $"},1,16,{"v":4704,"d":"$4,704.00"},{"v":294,"d":"$294.00"}]
[271,"TALONARIO DE CUOTA DE CONTRIBUCION",null,"TALONARIO",0,0,0,{"v":185,"d":"185.00 $"},0,0,0,0]
[272,"TALONARIO EVALUACION PRE ANESTESICA",null,"TALONARIO",0,5,5,{"v":185,"d":"185.00 $"},0,5,{"v":925,"d":"$925.00"},0]
[273,"TALONARIO HOJA DE KARDEX",null,"TALONARIO",0,0,0,{"v":994,"d":"994.00 $"},0,0,0,0]
[274,"TALONARIO SALIDA ALMACEN",null,"TALONARIO",2,10,12,{"v":275,"d":"275.00 $"},9,3,{"v":825,"d":"$825.00"},{"v":2475,"d":"$2,475.00"}]
[275,"TAPA DE VASOS #12 CLEA  10/100",null,"PAQU",4,20,24,{"v":224.9,"d":"224.90 $"},4,20,{"v":4498,"d":"$4,498.00"},{"v":899.6,"d":"$899.60"}]
[276,"TARJETA DE CITA",null,"UNID",0,2000,2000,{"v":2.75,"d":"2.75 $"},425,1575,{"v":4331.25,"d":"$4,331.25"},{"v":1168.75,"d":"$1,168.75"}]
[277,"TARJETA DE EXPEDIENTE ",null,"UNID",0,500,500,{"v":4.5,"d":"4.50 $"},275,225,{"v":1012.5,"d":"$1,012.50"},{"v":1237.5,"d":"$1,237.50"}]
[278,"TALONARIO RECETARIO NORMAL",null,"UNID",17,350,367,{"v":53.65,"d":"53.65 $"},359,8,{"v":429.2,"d":"$429.20"},{"v":19260.35,"d":"$19,260.35"}]
[279,"TIJERAS",null,"UNID",1,5,6,{"v":62.54,"d":"62.54 $"},4,2,{"v":125.08,"d":"$125.08"},{"v":250.16,"d":"$250.16"}]
[280,"TINTA PARA SELLO AZUL",null,"UNID",3,3,6,{"v":106,"d":"106.00 $"},2,4,{"v":424,"d":"$424.00"},{"v":212,"d":"$212.00"}]
[281,"TINTA PARA SELLO NEGRO",null,"UNID",0,0,0,{"v":85,"d":"85.00 $"},0,0,0,0]
[282,"TOALLA MICROFIBRA16´´ *16´´",null,"UNID",18,48,66,{"v":49.56,"d":"49.56 $"},30,36,{"v":1784.16,"d":"$1,784.16"},{"v":1486.8000000000002,"d":"$1,486.80"}]
[283,"VASO 12 CAJA 40/25 FOAM",null,"PAQU",120,100,220,{"v":53.2,"d":"53.20 $"},72,148,{"v":7873.6,"d":"$7,873.60"},{"v":3830.4,"d":"$3,830.40"}]
[284,"VASO 5",null,"PAQU",21,100,121,{"v":47.18,"d":"47.18 $"},112,9,{"v":424.62,"d":"$424.62"},{"v":5284.16,"d":"$5,284.16"}]
[285,"VASOS #7",null,"PAQU",41,150,191,{"v":38.94,"d":"38.94 $"},126,65,{"v":2531.1,"d":"$2,531.10"},{"v":4906.44,"d":"$4,906.44"}]
[]
[]
[{"$nulls":9},"TOTAL ALMACEN",null,{"$f":"SUM(K14:K200)","v":{"v":500894.58999999997,"d":"$500,894.59"}}]
[{"$nulls":9},"TOTAL DE COMSUMO",null,{"$f":"SUM(L14:L200)","v":{"v":324354.47999999986,"d":"$324,354.48"}}]

{"sheet":"FEBRERO","index":1,"n_rows":189,"n_cols":13,"rows_kept":189,"merged":[[12,0,12,3],[13,1,13,3],[76,1,76,2],[86,1,86,2],[187,9,187,10],[188,9,188,10]]}
[]
[]
[]
[{"$f":"A4:M126","v":0}]
[]
[]
[{"$nulls":4}," "]
[]
[]
[]
[]
[{"$nulls":10},"2025-02-28"]
["INVENTARIO DE ALMACEN "]
["CODIGO","DESCRIPCION DEL PRODUCTO",null,null,"UNIDAD MEDIDA","CANTIDAD","ENTRADA","TOTAL","PRECIO","SALIDA DE USO MENSUAL","CANTIDAD ACTIVA EN ALMACEN","VALOR TOTAL ACTIVO","VALORDE TOTAL CONSUMO"]
[101,"ACORDEON 10*12 CARTON PIEDRA",null,null,"UNID ",1,3,{"$f":"F15+G15","v":4},{"v":744,"d":"744.00 $"},0,{"$f":"H15-J15","v":4},{"$f":"I15*K15","v":{"v":2976,"d":"$2,976.00"}},{"$f":"I15*J15","v":0}]
[102,"ALMOHADILLA PARA SELLO",null,null,"UNID ",0,0,{"$f":"F16+G16","v":0},{"v":80,"d":"80.00 $"},0,{"$f":"H16-J16","v":0},{"$f":"I16*K16","v":0},{"$f":"I16*J16","v":0}]
[103,"AMBIENTADOR SPRAY",null,null,"UNID ",0,0,0,{"v":145,"d":"145.00 $"},0,0,0,0]
[104,"AGUA BOTELLITAS",null,null,"UNID ",40,280,320,{"v":6.5,"d":"6.50 $"},320,0,0,{"v":2080,"d":"$2,080.00"}]
[105,"AXION EN PASTA",null,null,"UNID ",7,0,7,{"v":116,"d":"116.00 $"},7,0,0,{"v":812,"d":"$812.00"}]
[106,"BANDER 1´´ CARPETA CUBIERTA",null,null,"UNID ",0,0,0,{"v":271,"d":"271.00 $"},0,0,0,0]
[107,"BAYGON 400ML",null,null,"UNID ",3,6,9,{"v":349,"d":"349.00 $"},1,8,{"v":2792,"d":"$2,792.00"},{"v":349,"d":"$349.00"}]
[108,"BOLIGRAFOS AZULES",null,null,"UNID ",106,0,106,{"v":10.1,"d":"10.10 $"},60,46,{"v":464.59999999999997,"d":"$464.60"},{"v":606,"d":"$606.00"}]
[109,"BOLIGRAFOS NEGROS",null,null,"UNID ",60,0,60,{"v":7,"d":"7.00 $"},11,49,{"v":343,"d":"$343.00"},{"v":77,"d":"$77.00"}]
[110,"BOLIGRAFOS ROJOS",null,null,"UNID ",113,0,113,{"v":7,"d":"7.00 $"},18,95,{"v":665,"d":"$665.00"},{"v":126,"d":"$126.00"}]
[111,"BOLIGRAFOS VERDES",null,null,"UNID ",0,0,0,{"v":10,"d":"10.00 $"},0,0,0,0]
[112,"BORRANTE DE LECHE ",null,null,"UNID ",13,0,13,{"v":8,"d":"8.00 $"},1,12,{"v":96,"d":"$96.00"},{"v":8,"d":"$8.00"}]
[113,"BRILLO GRUESO 12/1 PROMANO",null,null,"UNID ",34,12,46,{"v":69.6,"d":"69.60 $"},6,40,{"v":2784,"d":"$2,784.00"},{"v":417.59999999999997,"d":"$417.60"}]
[114,"BRILLO GRIS",null,null,"UNID ",12,0,12,{"v":69.6,"d":"69.60 $"},3,9,{"v":626.4,"d":"$626.40"},{"v":208.79999999999998,"d":"$208.80"}]
[115,"BRILLO VERDE Y ESPONJA",null,null,"UNID ",0,0,0,{"v":57.8,"d":"57.80 $"},0,0,0,0]
[116,"CAJA PLASTICAS DE 27 GL NEGRA",null,null,"UNID",10,0,10,{"v":1350,"d":"1,350.00 $"},10,0,0,{"v":13500,"d":"$13,500.00"}]
[117,"CAJITA DE GRAPAS ESTÁNDAR 26/6",null,null,"UNID",10,0,10,{"v":47.17,"d":"47.17 $"},9,1,{"v":47.17,"d":"$47.17"},{"v":424.53000000000003,"d":"$424.53"}]
[118,"CALCULADORA",null,null,"UNID",4,0,4,{"v":359.9,"d":"359.90 $"},1,3,{"v":1079.6999999999998,"d":"$1,079.70"},{"v":359.9,"d":"$359.90"}]
[119," CARPETA NEGRA ",null,null,"UNID",3,0,3,{"v":330,"d":"330.00 $"},0,3,{"v":990,"d":"$990.00"},0]
[120,"CARPETA NEGRA  #1",null,null,"UNID",5,0,5,{"v":469,"d":"469.00 $"},1,4,{"v":1876,"d":"$1,876.00"},{"v":469,"d":"$469.00"}]
[121,"CARPETA NEGRA # 2",null,null,"UNID",3,0,3,{"v":178.2,"d":"178.20 $"},3,0,0,{"v":534.5999999999999,"d":"$534.60"}]
[122,"CARPETAS  # 3",null,null,"UNID",2,0,2,{"v":147.5,"d":"147.50 $"},0,2,{"v":295,"d":"$295.00"},0]
[123,"CARPETAS # 4",null,null,"UNID",0,0,0,{"v":224.2,"d":"224.20 $"},0,0,0,0]
[124,"CEPILLO DE INODORO",null,null,"UNID",13,0,13,{"v":159.3,"d":"159.30 $"},4,9,{"v":1433.7,"d":"$1,433.70"},{"v":637.2,"d":"$637.20"}]
[125,"CERA PARA CONTAR",null,null,"UNID",6,0,6,{"v":60,"d":"60.00 $"},0,6,{"v":360,"d":"$360.00"},0]
[126,"CINTA MASKING TAPE 3/4 VISIBLE",null,null,"UNID",42,0,42,{"v":75,"d":"75.00 $"},10,32,{"v":2400,"d":"$2,400.00"},{"v":750,"d":"$750.00"}]
[127,"CINTA DE EMPAQUE ",null,null,"UNID",14,0,14,{"v":47.2,"d":"47.20 $"},0,14,{"v":660.8000000000001,"d":"$660.80"},0]
[128,"CINTA MAGICA SUMADORA",null,null,"UNID",2,0,2,{"v":76.7,"d":"76.70 $"},0,2,{"v":153.4,"d":"$153.40"},0]
[129," CLIPS JUMBO",null,null,"UNID",9,0,9,{"v":38,"d":"38.00 $"},9,0,0,{"v":342,"d":"$342.00"}]
[130,"CINTA MASKING TAPE CREMA",null,null,"UNID",31,0,31,{"v":46,"d":"46.00 $"},20,11,{"v":506,"d":"$506.00"},{"v":920,"d":"$920.00"}]
[131,"CUBO PLATICOS DE AGUJA DESECHABLES",null,null,"UNID",0,0,0,{"v":50,"d":"50.00 $"},0,0,0,0]
[132,"CLIPS BILLETERO 32 MM 12/1",null,null,"UNID",36,0,36,{"v":123.9,"d":"123.90 $"},9,27,{"v":3345.3,"d":"$3,345.30"},{"v":1115.1000000000001,"d":"$1,115.10"}]
[133,"CLIPS BILLETERO 41 MM 12/1",null,null,"UNID",39,0,39,{"v":171.1,"d":"171.10 $"},3,36,{"v":6159.599999999999,"d":"$6,159.60"},{"v":513.3,"d":"$513.30"}]
[134,"CLIPS BILLETERO 51 MM 12/1",null,null,"UNID",36,0,36,{"v":230.1,"d":"230.10 $"},10,26,{"v":5982.599999999999,"d":"$5,982.60"},{"v":2301,"d":"$2,301.00"}]
[135,"CLIPS PEQUEÑO",null,null,"UNID",11,0,11,{"v":19,"d":"19.00 $"},5,6,{"v":114,"d":"$114.00"},{"v":95,"d":"$95.00"}]
[136,"CLORO",null,null,"GALON",18,45,63,{"v":68.64,"d":"68.64 $"},26,37,{"v":2539.68,"d":"$2,539.68"},{"v":1784.64,"d":"$1,784.64"}]
[137,"CONTROL DE LIQUIDO(ENFERMERIA)",null,null,"RESMA",2,0,2,{"v":1200,"d":"1,200.00 $"},0,2,{"v":2400,"d":"$2,400.00"},0]
[138,"CUADERNOS COCIDOS",null,null,"UNID",12,0,12,{"v":53,"d":"53.00 $"},4,8,{"v":424,"d":"$424.00"},{"v":212,"d":"$212.00"}]
[139,"CUCHARA 25/1",null,null,"CAJA",1,4,5,{"v":629,"d":"629.00 $"},4,1,{"v":629,"d":"$629.00"},{"v":2516,"d":"$2,516.00"}]
[140,"ESCOBA C/PALO",null,null,"UNID",3,12,15,{"v":133,"d":"133.00 $"},5,10,{"v":1330,"d":"$1,330.00"},{"v":665,"d":"$665.00"}]
[141," FOLDER AMARILLO OFICINA",null,null,"UNID",375,0,375,{"v":2.33,"d":"2.33 $"},200,175,{"v":407.75,"d":"$407.75"},{"v":466,"d":"$466.00"}]
[142," FOLDER VERDE 8 1/2 X 11",null,null,"UNID",800,0,800,{"v":4.95,"d":"4.95 $"},414,386,{"v":1910.7,"d":"$1,910.70"},{"v":2049.3,"d":"$2,049.30"}]
[143," FUNDA NEGRA 17*22 PEQUEÑA",null,null,"PAQ",71,0,71,{"v":72,"d":"72.00 $"},14,57,{"v":4104,"d":"$4,104.00"},{"v":1008,"d":"$1,008.00"}]
[144,"FUNDA  NEGRA #6",null,null,"PAQ",9,30,39,{"v":36.58,"d":"36.58 $"},9,30,{"v":1097.3999999999999,"d":"$1,097.40"},{"v":329.21999999999997,"d":"$329.22"}]
[145,"FUNDA  ROJA #2",null,null,"PAQ",41,0,41,{"v":20,"d":"20.00 $"},15,26,{"v":520,"d":"$520.00"},{"v":300,"d":"$300.00"}]
[146,"FUNDA AZULES #4",null,null,"PAQ",10,40,50,{"v":26,"d":"26.00 $"},15,35,{"v":910,"d":"$910.00"},{"v":390,"d":"$390.00"}]
[147,"FUNDA NEGRA  MEDIANA 27 X 33",null,null,"PAQ",2,8,10,{"v":1080,"d":"1,080.00 $"},3,7,{"v":7560,"d":"$7,560.00"},{"v":3240,"d":"$3,240.00"}]
[148,"FUNDA NEGRA GRANDE 36*54",null,null,"PAQ",6,0,6,{"v":616,"d":"616.00 $"},1,5,{"v":3080,"d":"$3,080.00"},{"v":616,"d":"$616.00"}]
[149,"FUNDA ROJA  PEQUENAS 17*22 ",null,null,"PAQ",16,0,16,{"v":240,"d":"240.00 $"},4,12,{"v":2880,"d":"$2,880.00"},{"v":960,"d":"$960.00"}]
[150,"FUNDA ROJA GRANDE 36*54",null,null,"UNID",12,2,14,{"v":1030.1,"d":"1,030.10 $"},8,6,{"v":6180.599999999999,"d":"$6,180.60"},{"v":8240.8,"d":"$8,240.80"}]
[151,"FUNDA ROJA MEDIANA 28*35",null,null,"PAQ",6,15,21,{"v":450.36,"d":"450.36 $"},13,8,{"v":3602.88,"d":"$3,602.88"},{"v":5854.68,"d":"$5,854.68"}]
[152,"GALON JABON LIQUIDO",null,null,"GALON",1,0,1,{"v":171.1,"d":"171.10 $"},1,0,0,{"v":171.1,"d":"$171.10"}]
[153,"GANCHOS P/FOLDER MH",null,null,"CAJA",12,0,12,{"v":141.6,"d":"141.60 $"},0,12,{"v":1699.1999999999998,"d":"$1,699.20"},0]
[154,"GOMITAS",null,null,"CAJA",14,0,14,{"v":45,"d":"45.00 $"},3,11,{"v":495,"d":"$495.00"},{"v":135,"d":"$135.00"}]
[155,"GRAPADORA NEGRA",null,null,"CAJA",3,0,3,{"v":536,"d":"536.00 $"},2,1,{"v":536,"d":"$536.00"},{"v":1072,"d":"$1,072.00"}]
[156,"GUANTES MULTIUSOS",null,null,"UNID",13,0,13,{"v":105,"d":"105.00 $"},4,9,{"v":945,"d":"$945.00"},{"v":420,"d":"$420.00"}]
[157,"HISTORIA CLINICA PERINATAL",null,null,"TALONARIO",2,0,2,{"v":1298,"d":"1,298.00 $"},1,1,{"v":1298,"d":"$1,298.00"},{"v":1298,"d":"$1,298.00"}]
[158," HOJA DE ANOTACION ENFERMERIA",null,null,"TALONARIO",4,0,4,{"v":826,"d":"826.00 $"},2,2,{"v":1652,"d":"$1,652.00"},{"v":1652,"d":"$1,652.00"}]
[159,"HOJA DE ADMICION ",null,null,"RESMA",5,0,5,{"v":165,"d":"165.00 $"},0,5,{"v":825,"d":"$825.00"},0]
[160,"HOJA DE ATENCION DIARIA",null,null,"TALONARIO",1,0,{"$f":"F74+G74","v":1},{"v":994,"d":"994.00 $"},0,{"$f":"H74-J74","v":1},{"$f":"I74*K74","v":{"v":994,"d":"$994.00"}},{"$f":"I74*J74","v":0}]
[161,"HOJA DE CERTIFICACION",null,null,"TALONARIO",3,0,3,{"v":1475,"d":"1,475.00 $"},0,3,{"v":4425,"d":"$4,425.00"},0]
[162,"HOJA DE CONSULTA EXTERNA ",null,null,"TALONARIO",1,0,1,{"v":994,"d":"994.00 $"},1,0,0,{"v":994,"d":"$994.00"}]
[163,"HOJA TRATAMIENTO D DIETA",null,null,"TALONARIO",0,0,0,{"v":800,"d":"800.00 $"},0,0,0,0]
[164,"HOJA DE DIRECCION DE ENFERMERIA",null,null,"TALONARIO",10,0,10,{"v":994,"d":"994.00 $"},0,10,{"v":9940,"d":"$9,940.00"},0]
[165,"HOJA DE ENFER EN AREA EMERGENCIA ",null,null,"TALONARIO",21,0,21,{"v":994,"d":"994.00 $"},0,21,{"v":20874,"d":"$20,874.00"},0]
[166,"HOJA DE ENFERMERIA",null,null,"TALONARIO",4,0,4,{"v":1298,"d":"1,298.00 $"},2,2,{"v":2596,"d":"$2,596.00"},{"v":2596,"d":"$2,596.00"}]
[167,"HOJA DE EVOLUCION ",null,null,"TALONARIO",3,0,3,{"v":294,"d":"294.00 $"},0,3,{"v":882,"d":"$882.00"},0]
[168,"HOJA DE ANESTESIA",null,null,"TALONARIO",2,0,2,{"v":185,"d":"185.00 $"},0,2,{"v":370,"d":"$370.00"},0]
[169,"HOJA DE HISTORIAL CLINICO",null,null,"TALONARIO",50,0,50,{"v":195,"d":"195.00 $"},0,50,{"v":9750,"d":"$9,750.00"},0]
[170,"HOJA D KARDEX D MEDICAMENTO ENF",null,null,"TALONARIO",17,0,17,{"v":1298,"d":"1,298.00 $"},2,15,{"v":19470,"d":"$19,470.00"},{"v":2596,"d":"$2,596.00"}]
[171,"HOJA DE PRESUPUESTO",null,null,"TALONARIO",0,0,0,{"v":1298,"d":"1,298.00 $"},0,0,0,0]
[172,"HOJA DE REFERENCIA Y CONTRA REFERENCIA",null,null,"TALONARIO",13,0,13,{"v":826,"d":"826.00 $"},8,5,{"v":4130,"d":"$4,130.00"},{"v":6608,"d":"$6,608.00"}]
[173,"HOJA D REGITRO D CONSULTA EXTERNA ",null,null,"TALONARIO",3,0,3,{"v":1711,"d":"1,711.00 $"},3,0,0,{"v":5133,"d":"$5,133.00"}]
[174,"HOJA DE RESUMEN MEDICO DE EGRESO",null,null,"TALONARIO",10,0,10,{"v":826,"d":"826.00 $"},0,10,{"v":8260,"d":"$8,260.00"},0]
[175,"HOJA DE VERIFICACION SEGURIDAD CIRUGIA",null,null,"TALONARIO",2,0,2,{"v":1475,"d":"1,475.00 $"},0,2,{"v":2950,"d":"$2,950.00"},0]
[176,"HOJA DESIGNOGRAMA ENFERM",null,null,"TALONARIO",3,0,3,{"v":994,"d":"994.00 $"},0,3,{"v":2982,"d":"$2,982.00"},0]
[177,"HOJA KARDEX MED INTERNA MATERIALE INSUMOS",null,null,"TALONARIO",13,0,13,{"v":994,"d":"994.00 $"},1,12,{"v":11928,"d":"$11,928.00"},{"v":994,"d":"$994.00"}]
[178,"HOJA LEGAL 8 1/2*14 RESMA",null,null,"TALONARIO",1,0,1,{"v":348,"d":"348.00 $"},1,0,0,{"v":348,"d":"$348.00"}]
[179,"HOJA ORDEN MEDICA",null,null,"TALONARIO",4,0,4,{"v":800,"d":"800.00 $"},0,4,{"v":3200,"d":"$3,200.00"},0]
[180,"HOJA PRE OPERATORIO",null,null,"TALONARIO",5,0,5,{"v":1299,"d":"1,299.00 $"},1,4,{"v":5196,"d":"$5,196.00"},{"v":1299,"d":"$1,299.00"}]
[181,"HOJA SIGNOS VITALES",null,null,"TALONARIO",2,0,2,{"v":1200,"d":"1,200.00 $"},1,1,{"v":1200,"d":"$1,200.00"},{"v":1200,"d":"$1,200.00"}]
[182,"HOJA SIGNOS VITALES ENFER VERSION 0-1",null,null,"TALONARIO",2,0,2,{"v":994,"d":"994.00 $"},0,2,{"v":1988,"d":"$1,988.00"},0]
[183,"HOJA SIGNOS VITALES VERSION 0-2",null,null,"TALONARIO",10,0,10,{"v":994,"d":"994.00 $"},0,10,{"v":9940,"d":"$9,940.00"},0]
[184,"HOJAS TIMBRADA",null,null,"RESMA",4,0,4,{"v":1350,"d":"1,350.00 $"},2,2,{"v":2700,"d":"$2,700.00"},{"v":2700,"d":"$2,700.00"}]
[185,"HOJA DE VERIFICACION SEGURIDAD CIRUGIA",null,null,"TALONARIO",2,0,2,{"v":1298,"d":"1,298.00 $"},0,2,{"v":2596,"d":"$2,596.00"},0]
[186,"LABELSP/FOLDER",null,null,"UNID",6,0,6,{"v":112.1,"d":"112.10 $"},0,6,{"v":672.5999999999999,"d":"$672.60"},0]
[187,"LAPIZ",null,null,"UNID",41,0,41,{"v":10,"d":"10.00 $"},3,38,{"v":380,"d":"$380.00"},{"v":30,"d":"$30.00"}]
[188,"LIBRO BANCO VENTA SERVICIOS",null,null,"UNID",1,0,1,{"v":2360,"d":"2,360.00 $"},0,1,{"v":2360,"d":"$2,360.00"},0]
[189,"LIBRO DE ANOTACIONES ENFERMERIA",null,null,"UNID",0,0,0,{"v":826,"d":"826.00 $"},0,0,0,0]
[190,"LIBRO DE EMERGENCIA",null,null,"UNID",1,0,1,{"v":2360,"d":"2,360.00 $"},1,0,0,{"v":2360,"d":"$2,360.00"}]
[191,"LIBRO DE LABORATORIO PACIENTE",null,null,"UNID",0,0,0,{"v":1170,"d":"1,170.00 $"},0,0,0,0]
[192,"LIBRO DE CONTROL DE PARASITOLOGIA",null,null,"UNID",3,0,3,{"v":1170,"d":"1,170.00 $"},2,1,{"v":1170,"d":"$1,170.00"},{"v":2340,"d":"$2,340.00"}]
[193,"LIBRO DE PARTO Y INTERNAMIENTO",null,null,"UNID",3,0,3,{"v":1170,"d":"1,170.00 $"},0,3,{"v":3510,"d":"$3,510.00"},0]
[194,"LIBRO  DE CIRUGIA",null,null,"UNID",2,0,2,{"v":1170,"d":"1,170.00 $"},0,2,{"v":2340,"d":"$2,340.00"},0]
[195,"LIBRO DE COPROLOGICO",null,null,"UNID",0,0,0,{"v":1170,"d":"1,170.00 $"},0,0,0,0]
[196,"LIBRO DE CONS REGISTRO VIH",null,null,"UNID",0,0,0,{"v":1770,"d":"1,770.00 $"},0,0,0,0]
[197,"LIBRO DE SEROLOGIA",null,null,"UNID",3,0,3,{"v":2360,"d":"2,360.00 $"},1,2,{"v":4720,"d":"$4,720.00"},{"v":2360,"d":"$2,360.00"}]
[198,"LIBRO DE URIANALISIS",null,null,"UNID",3,0,3,{"v":2360,"d":"2,360.00 $"},1,2,{"v":4720,"d":"$4,720.00"},{"v":2360,"d":"$2,360.00"}]
[199,"LIBRO HEMATOLOGIA",null,null,"UNID",3,0,3,{"v":2000,"d":"2,000.00 $"},1,2,{"v":4000,"d":"$4,000.00"},{"v":2000,"d":"$2,000.00"}]
[200,"LIBRO QUIMICO",null,null,"UNID",3,0,3,{"v":2360,"d":"2,360.00 $"},1,2,{"v":4720,"d":"$4,720.00"},{"v":2360,"d":"$2,360.00"}]
[201,"LIBRO INTERNAMIENTO",null,null,"UNID",3,0,3,{"v":1770,"d":"1,770.00 $"},0,3,{"v":5310,"d":"$5,310.00"},0]
[202,"LIBRO DE RAYOS X",null,null,"UNID",3,0,3,{"v":1770,"d":"1,770.00 $"},1,2,{"v":3540,"d":"$3,540.00"},{"v":1770,"d":"$1,770.00"}]
[203,"LIBRO RECORD DE REGISTRO ADOLECENTE ",null,null,"UNID",0,0,0,{"v":1800,"d":"1,800.00 $"},0,0,0,0]
[204,"LIQUID PAPER T/L CORRECTOR",null,null,"UNID",53,0,53,{"v":30,"d":"30.00 $"},14,39,{"v":1170,"d":"$1,170.00"},{"v":420,"d":"$420.00"}]
[205,"MARCADORES AZULES ",null,null,"UNID",18,0,18,{"v":30,"d":"30.00 $"},7,11,{"v":330,"d":"$330.00"},{"v":210,"d":"$210.00"}]
[206,"MARCADORES NEGROS ",null,null,"UNID",30,0,30,{"v":30,"d":"30.00 $"},18,12,{"v":360,"d":"$360.00"},{"v":540,"d":"$540.00"}]
[207,"MISTOLIN ",null,null,"GALON",56,40,96,{"v":104,"d":"104.00 $"},24,72,{"v":7488,"d":"$7,488.00"},{"v":2496,"d":"$2,496.00"}]
[208,"PAPEL ALUMINIO 75",null,null,"UNID",1,0,1,{"v":560,"d":"560.00 $"},0,1,{"v":560,"d":"$560.00"},0]
[209,"PAPEL CARBON 8 1/2*11",null,null,"UNID",1,0,1,{"v":325,"d":"325.00 $"},0,1,{"v":325,"d":"$325.00"},0]
[210,"PAPEL HIGIENICO FARDO 48/1 ",null,null,"UNID",140,160,300,{"v":22.6,"d":"22.60 $"},145,155,{"v":3503,"d":"$3,503.00"},{"v":3277,"d":"$3,277.00"}]
[211,"PAPEL MANILA NATURAL KRAF",null,null,"UNID",2,0,2,{"v":3916,"d":"3,916.00 $"},1,1,{"v":3916,"d":"$3,916.00"},{"v":3916,"d":"$3,916.00"}]
[212,"PAPEL TOALLA 6/1",null,null,"UNID",6,30,36,{"v":95.38,"d":"95.38 $"},15,21,{"v":2002.98,"d":"$2,002.98"},{"v":1430.6999999999998,"d":"$1,430.70"}]
[213,"PERFORADORA 2",null,null,"UNID",0,0,0,{"v":306.08,"d":"306.08 $"},0,0,0,0]
[214,"PERFORADORA 3 ",null,null,"UNID",1,0,1,{"v":631.3,"d":"631.30 $"},0,1,{"v":631.3,"d":"$631.30"},0]
[215,"PILA AA ",null,null,"UNID",0,0,0,{"v":54,"d":"54.00 $"},0,0,0,0]
[216,"PILA AAA",null,null,"UNID",0,0,0,{"v":53,"d":"53.00 $"},0,0,0,0]
[217," PAPEL CON DIVISION 200/1 OPTION",null,null,"CAJA",2,0,{"$f":"F131+G131","v":2},{"v":1085,"d":"1,085.00 $"},1,{"$f":"H131-J131","v":1},{"$f":"I131*K131","v":{"v":1085,"d":"$1,085.00"}},{"$f":"I131*J131","v":{"v":1085,"d":"$1,085.00"}}]
[218,"PLATOS",null,null,"FARDO",10,10,20,{"v":1291,"d":"1,291.00 $"},8,12,{"v":15492,"d":"$15,492.00"},{"v":10328,"d":"$10,328.00"}]
[219,"POS-IT 3*3",null,null,"RESMA",0,0,0,{"v":33.63,"d":"33.63 $"},0,0,0,0]
[220,"PURISIMA",null,null,"UNID",0,0,0,{"v":625,"d":"625.00 $"},0,0,0,0]
[221,"RECIBO DE CAJA CHICA",null,null,"TALONARIO",0,0,0,{"v":275,"d":"275.00 $"},0,0,0,0]
[222,"RECOJEDOR DE BASURA",null,null,"UNID",3,0,3,{"v":109.25,"d":"109.25 $"},0,3,{"v":327.75,"d":"$327.75"},0]
[223,"REGLA TRANSPARENTE",null,null,"UNID",0,0,0,{"v":9.44,"d":"9.44 $"},0,0,0,0]
[224,"RESALTADOR ",null,null,"UNID",18,0,18,{"v":39,"d":"39.00 $"},3,15,{"v":585,"d":"$585.00"},{"v":117,"d":"$117.00"}]
[225,"RESMA DE CONTROL DE EXISTENCIA",null,null,"RESMA",4,0,4,{"v":1298,"d":"1,298.00 $"},0,4,{"v":5192,"d":"$5,192.00"},0]
[226,"RESMA HOJA DE MAQUINA 8/2 *11",null,null,"RESMA",1,60,61,{"v":228,"d":"228.00 $"},51,10,{"v":2280,"d":"$2,280.00"},{"v":11628,"d":"$11,628.00"}]
[227,"ROLLO DE PAPEL SUMADORA",null,null,"UNID",15,0,15,{"v":23,"d":"23.00 $"},12,3,{"v":69,"d":"$69.00"},{"v":276,"d":"$276.00"}]
[228,"ROTULO PARA SOLUCION Y MEDICAMENTOS",null,null,"UNID",1050,0,1050,{"v":6.5,"d":"6.50 $"},100,950,{"v":6175,"d":"$6,175.00"},{"v":650,"d":"$650.00"}]
[229,"SACA GRAPA",null,null,"UNID",3,0,3,{"v":30,"d":"30.00 $"},1,2,{"v":60,"d":"$60.00"},{"v":30,"d":"$30.00"}]
[230,"SACAPUNTA METAL ",null,null,"UNID",0,24,24,{"v":15,"d":"15.00 $"},0,24,{"v":360,"d":"$360.00"},0]
[231,"SACO DE DETERGENTE",null,null,"UNID",3,0,3,{"v":1100,"d":"1,100.00 $"},2,1,{"v":1100,"d":"$1,100.00"},{"v":2200,"d":"$2,200.00"}]
[232,"SERVILLETA C-FOLD 24/100 XCELENT",null,null,"UNID",43,48,91,{"v":24.5,"d":"24.50 $"},18,73,{"v":1788.5,"d":"$1,788.50"},{"v":441,"d":"$441.00"}]
[233,"SERVILLETAS DE BINGO 60/1",null,null,"UNID",271,0,271,{"v":11.5,"d":"11.50 $"},71,200,{"v":2300,"d":"$2,300.00"},{"v":816.5,"d":"$816.50"}]
[234,"SOBRE CARTA VENTANILLA",null,null,"UNID",700,0,700,{"v":1.85,"d":"1.85 $"},100,600,{"v":1110,"d":"$1,110.00"},{"v":185,"d":"$185.00"}]
[235,"SOBRE MANILA 14*17 1000 UNIDAD",null,null,"UNID",946,0,946,{"v":13.85,"d":"13.85 $"},40,906,{"v":12548.1,"d":"$12,548.10"},{"v":554,"d":"$554.00"}]
[236,"SOBRE MANILA 10*14 DE 500 UNID",null,null,"UNID",937,0,937,{"v":7.1,"d":"7.10 $"},75,862,{"v":6120.2,"d":"$6,120.20"},{"v":532.5,"d":"$532.50"}]
[237,"SOBRE TIMBRADO",null,null,"UNID",320,0,320,{"v":13,"d":"13.00 $"},70,250,{"v":3250,"d":"$3,250.00"},{"v":910,"d":"$910.00"}]
[238,"SUAPER JUMBO",null,null,"UNID",0,12,12,{"v":175,"d":"175.00 $"},6,6,{"v":1050,"d":"$1,050.00"},{"v":1050,"d":"$1,050.00"}]
[239,"SUAVITEL",null,null,"GALON",16,0,16,{"v":148.31,"d":"148.31 $"},7,9,{"v":1334.79,"d":"$1,334.79"},{"v":1038.17,"d":"$1,038.17"}]
[250,"TALONARIO DE PATOLOGIA",null,null,"TALONARIO",50,0,50,{"v":236,"d":"236.00 $"},0,50,{"v":11800,"d":"$11,800.00"},0]
[251,"TALONARIO HISTORIA CLINICA EMERGENCIA",null,null,"TALONARIO",25,0,25,{"v":70.8,"d":"70.80 $"},3,22,{"v":1557.6,"d":"$1,557.60"},{"v":212.39999999999998,"d":"$212.40"}]
[252,"TALONARIO SOLICITUD DE MEDICAMENTO",null,null,"TALONARIO",13,0,13,{"v":275,"d":"275.00 $"},3,10,{"v":2750,"d":"$2,750.00"},{"v":825,"d":"$825.00"}]
[253,"TALONARIO COPROLOGICO",null,null,"TALONARIO",115,0,115,{"v":75,"d":"75.00 $"},7,108,{"v":8100,"d":"$8,100.00"},{"v":525,"d":"$525.00"}]
[254,"TALALONARIO HEMOGRAMA",null,null,"TALONARIO",79,0,79,{"v":88.35,"d":"88.35 $"},47,32,{"v":2827.2,"d":"$2,827.20"},{"v":4152.45,"d":"$4,152.45"}]
[255,"TALONARIO INTERVENCION AUT. QUIRURGICA ",null,null,"TALONARIO",0,0,0,{"v":185,"d":"185.00 $"},0,0,0,0]
[256,"TALONARIO LABORATORIO CLINICO",null,null,"TALONARIO",123,0,123,{"v":37,"d":"37.00 $"},50,73,{"v":2701,"d":"$2,701.00"},{"v":1850,"d":"$1,850.00"}]
[257,"TALONARIO COPROLOGICO",null,null,"TALONARIO",108,0,108,{"v":75,"d":"75.00 $"},0,108,{"v":8100,"d":"$8,100.00"},0]
[258,"TALONARIO PLANIFICACION","METODO PLANIFICACION","POSPARTO","TALONARIO",1,0,1,{"v":185,"d":"185.00 $"},0,1,{"v":185,"d":"$185.00"},0]
[259,"TALONARIO P/COLC DE IMPLANDE SUDERMICO",null,null,"TALONARIO",0,0,0,{"v":185,"d":"185.00 $"},0,0,0,0]
[260,"TALONARIO UNICO MEDICAMENTOS",null,null,"TALONARIO",0,0,0,{"v":266,"d":"266.00 $"},0,0,0,0]
[261,"TALONARIO URIANALISIS",null,null,"TALONARIO",69,0,69,{"v":53.1,"d":"53.10 $"},50,19,{"v":1008.9,"d":"$1,008.90"},{"v":2655,"d":"$2,655.00"}]
[262,"TALONARIO COMUN ENFERMERIA FARMACIA",null,null,"TALONARIO",45,0,45,{"v":413,"d":"413.00 $"},0,45,{"v":18585,"d":"$18,585.00"},0]
[263,"TALONARIO CERTIFICADO MEDICO",null,null,"TALONARIO",0,0,0,{"v":275,"d":"275.00 $"},0,0,0,0]
[264,"TALONARIO DE CONSULTA","CONCENTIMIENTO INFORMADO","VIH MEDIA","TALONARIO",12,0,12,{"v":756,"d":"756.00 $"},12,0,0,{"v":9072,"d":"$9,072.00"}]
[265,"TALONARIO CONS INFORMADO","CONCENTIMIENTO",null,"TALONARIO",7,0,7,{"v":266,"d":"266.00 $"},0,7,{"v":1862,"d":"$1,862.00"},0]
[266,"TALONARIO DE CONTROL TEMPERATURA",null,null,"TALONARIO",16,0,16,{"v":294,"d":"294.00 $"},2,14,{"v":4116,"d":"$4,116.00"},{"v":588,"d":"$588.00"}]
[264,"TALONARIO DE CUOTA DE CONTRIBUCION",null,null,"TALONARIO",5,0,5,{"v":185,"d":"185.00 $"},0,5,{"v":925,"d":"$925.00"},0]
[268,"TALONARIO EVALUACION PRE ANESTESICA",null,null,"TALONARIO",5,0,5,{"v":185,"d":"185.00 $"},0,5,{"v":925,"d":"$925.00"},0]
[269,"TALONARIO HOJA DE KARDEX",null,null,"TALONARIO",0,0,0,{"v":994,"d":"994.00 $"},0,0,0,0]
[270,"TALONARIO SALIDA ALMACEN",null,null,"TALONARIO",3,0,3,{"v":275,"d":"275.00 $"},3,0,0,{"v":825,"d":"$825.00"}]
[271,"TAPA DE VASOS #12 CLEA  10/100",null,null,"PAQU",20,20,40,{"v":224,"d":"224.00 $"},32,8,{"v":1792,"d":"$1,792.00"},{"v":7168,"d":"$7,168.00"}]
[272,"TARJETA DE CITA",null,null,"UNID",1575,0,1575,{"v":2.75,"d":"2.75 $"},560,1015,{"v":2791.25,"d":"$2,791.25"},{"v":1540,"d":"$1,540.00"}]
[23,"TARJETA DE EXPEDIENTE ",null,null,"UNID",225,0,225,{"v":4.5,"d":"4.50 $"},150,75,{"v":337.5,"d":"$337.50"},{"v":675,"d":"$675.00"}]
[274,"TALONARIO RECETARIO NORMAL",null,null,"UNID",8,0,8,{"v":53.65,"d":"53.65 $"},8,0,0,{"v":429.2,"d":"$429.20"}]
[275,"TIJERAS",null,null,"UNID",2,0,2,{"v":62.54,"d":"62.54 $"},1,1,{"v":62.54,"d":"$62.54"},{"v":62.54,"d":"$62.54"}]
[276,"TINTA PARA SELLO AZUL",null,null,"UNID",4,0,4,{"v":106,"d":"106.00 $"},2,2,{"v":212,"d":"$212.00"},{"v":212,"d":"$212.00"}]
[277,"TINTA PARA SELLO NEGRO",null,null,"UNID",0,0,0,{"v":85,"d":"85.00 $"},0,0,0,0]
[278,"TOALLA MICROFIBRA16´´ *16´´",null,null,"UNID",36,0,36,{"v":49.56,"d":"49.56 $"},4,32,{"v":1585.92,"d":"$1,585.92"},{"v":198.24,"d":"$198.24"}]
[279,"VASO 12 CAJA 40/25 FOAM",null,null,"PAQU",148,40,188,{"v":53.2,"d":"53.20 $"},75,113,{"v":6011.6,"d":"$6,011.60"},{"v":3990,"d":"$3,990.00"}]
[280,"VASO 5",null,null,"PAQU",9,50,59,{"v":55,"d":"55.00 $"},14,45,{"v":2475,"d":"$2,475.00"},{"v":770,"d":"$770.00"}]
[281,"VASOS #7",null,null,"PAQU",65,250,315,{"v":38.94,"d":"38.94 $"},33,282,{"v":10981.08,"d":"$10,981.08"},{"v":1285.02,"d":"$1,285.02"}]
[]
[]
[{"$nulls":9},"TOTAL ALMACEN",null,{"$f":"SUM(L15:L185)","v":{"v":421195.28999999986,"d":"$421,195.29"}}]
[{"$nulls":9},"TOTAL DE COMSUMO",null,{"$f":"SUM(M15:M185)","v":{"v":181239.49000000002,"d":"$181,239.49"}}]

{"sheet":"MARZO","index":2,"n_rows":188,"n_cols":13,"rows_kept":188,"merged":[[11,0,11,3],[12,1,12,3],[75,1,75,2],[85,1,85,2],[186,9,186,10],[187,9,187,10]]}
[]
[]
[{"$f":"A3:M125","v":0}]
[]
[]
[{"$nulls":4}," "]
[]
[]
[]
[]
[{"$nulls":10},"2025-03-26"]
["INVENTARIO DE ALMACEN "]
["CODIGO","DESCRIPCION DEL PRODUCTO",null,null,"UNIDAD MEDIDA","CANTIDAD","ENTRADA","TOTAL","PRECIO","SALIDA DE USO MENSUAL","CANTIDAD ACTIVA EN ALMACEN","VALOR TOTAL ACTIVO","VALORDE TOTAL CONSUMO"]
[101,"ACORDEON 10*12 CARTON PIEDRA",null,null,"UNID ",4,0,{"$f":"F14+G14","v":4},{"v":744,"d":"744.00 $"},0,{"$f":"H14-J14","v":4},{"$f":"I14*K14","v":{"v":2976,"d":"$2,976.00"}},{"$f":"I14*J14","v":0}]
[102,"ALMOHADILLA PARA SELLO",null,null,"UNID ",0,0,{"$f":"F15+G15","v":0},{"v":80,"d":"80.00 $"},0,{"$f":"H15-J15","v":0},{"$f":"I15*K15","v":0},{"$f":"I15*J15","v":0}]
[103,"AMBIENTADOR SPRAY",null,null,"UNID ",0,12,12,{"v":145,"d":"145.00 $"},12,0,0,{"v":1740,"d":"$1,740.00"}]
[104,"AGUA BOTELLITAS",null,null,"UNID ",0,200,200,{"v":6.5,"d":"6.50 $"},200,0,0,{"v":1300,"d":"$1,300.00"}]
[105,"AXION EN PASTA",null,null,"UNID ",0,18,18,{"v":116,"d":"116.00 $"},17,1,{"v":116,"d":"$116.00"},{"v":1972,"d":"$1,972.00"}]
[106,"BANDER 1´´ CARPETA CUBIERTA",null,null,"UNID ",0,0,0,{"v":271,"d":"271.00 $"},0,0,0,0]
[107,"BAYGON 400ML",null,null,"UNID ",8,0,8,{"v":349,"d":"349.00 $"},5,3,{"v":1047,"d":"$1,047.00"},{"v":1745,"d":"$1,745.00"}]
[108,"BOLIGRAFOS AZULES",null,null,"UNID ",46,72,118,{"v":10.1,"d":"10.10 $"},60,58,{"v":585.8,"d":"$585.80"},{"v":606,"d":"$606.00"}]
[109,"BOLIGRAFOS NEGROS",null,null,"UNID ",49,0,49,{"v":7,"d":"7.00 $"},12,37,{"v":259,"d":"$259.00"},{"v":84,"d":"$84.00"}]
[110,"BOLIGRAFOS ROJOS",null,null,"UNID ",95,0,95,{"v":7,"d":"7.00 $"},18,77,{"v":539,"d":"$539.00"},{"v":126,"d":"$126.00"}]
[111,"BOLIGRAFOS VERDES",null,null,"UNID ",0,12,12,{"v":10,"d":"10.00 $"},2,10,{"v":100,"d":"$100.00"},{"v":20,"d":"$20.00"}]
[112,"BORRANTE DE LECHE ",null,null,"UNID ",12,0,12,{"v":8,"d":"8.00 $"},2,10,{"v":80,"d":"$80.00"},{"v":16,"d":"$16.00"}]
[113,"BRILLO GRUESO 12/1 PROMANO",null,null,"UNID ",40,12,52,{"v":69.6,"d":"69.60 $"},14,38,{"v":2644.7999999999997,"d":"$2,644.80"},{"v":974.3999999999999,"d":"$974.40"}]
[114,"BRILLO GRIS",null,null,"UNID ",9,12,21,{"v":69.6,"d":"69.60 $"},15,6,{"v":417.59999999999997,"d":"$417.60"},{"v":1044,"d":"$1,044.00"}]
[115,"BRILLO VERDE Y ESPONJA",null,null,"UNID ",0,24,24,{"v":57.8,"d":"57.80 $"},3,21,{"v":1213.8,"d":"$1,213.80"},{"v":173.39999999999998,"d":"$173.40"}]
[116,"CAJA PLASTICAS DE 27 GL NEGRA",null,null,"UNID",0,10,10,{"v":1350,"d":"1,350.00 $"},2,8,{"v":10800,"d":"$10,800.00"},{"v":2700,"d":"$2,700.00"}]
[117,"CAJITA DE GRAPAS ESTÁNDAR 26/6",null,null,"UNID",1,0,1,{"v":47.17,"d":"47.17 $"},1,0,0,{"v":47.17,"d":"$47.17"}]
[118,"CALCULADORA",null,null,"UNID",3,0,3,{"v":359.9,"d":"359.90 $"},1,2,{"v":719.8,"d":"$719.80"},{"v":359.9,"d":"$359.90"}]
[119," CARPETA NEGRA ",null,null,"UNID",3,0,3,{"v":330,"d":"330.00 $"},0,3,{"v":990,"d":"$990.00"},0]
[120,"CARPETA NEGRA  #1",null,null,"UNID",4,0,4,{"v":469,"d":"469.00 $"},1,3,{"v":1407,"d":"$1,407.00"},{"v":469,"d":"$469.00"}]
[121,"CARPETA NEGRA # 2",null,null,"UNID",0,0,0,{"v":178.2,"d":"178.20 $"},0,0,0,0]
[122,"CARPETAS  # 3",null,null,"UNID",2,0,2,{"v":147.5,"d":"147.50 $"},0,2,{"v":295,"d":"$295.00"},0]
[123,"CARPETAS # 4",null,null,"UNID",0,0,0,{"v":224.2,"d":"224.20 $"},0,0,0,0]
[124,"CEPILLO DE INODORO",null,null,"UNID",9,0,9,{"v":159.3,"d":"159.30 $"},4,5,{"v":796.5,"d":"$796.50"},{"v":637.2,"d":"$637.20"}]
[125,"CERA PARA CONTAR",null,null,"UNID",6,0,6,{"v":60,"d":"60.00 $"},5,1,{"v":60,"d":"$60.00"},{"v":300,"d":"$300.00"}]
[126,"CINTA MASKING TAPE 3/4 VISIBLE",null,null,"UNID",32,0,32,{"v":75,"d":"75.00 $"},10,22,{"v":1650,"d":"$1,650.00"},{"v":750,"d":"$750.00"}]
[127,"CINTA DE EMPAQUE ",null,null,"UNID",14,0,14,{"v":47.2,"d":"47.20 $"},11,3,{"v":141.60000000000002,"d":"$141.60"},{"v":519.2,"d":"$519.20"}]
[128,"CINTA MAGICA SUMADORA",null,null,"UNID",2,0,2,{"v":76.7,"d":"76.70 $"},0,2,{"v":153.4,"d":"$153.40"},0]
[129," CLIPS JUMBO",null,null,"UNID",0,6,6,{"v":38,"d":"38.00 $"},6,0,0,{"v":228,"d":"$228.00"}]
[130,"CINTA MASKING TAPE CREMA",null,null,"UNID",11,0,11,{"v":46,"d":"46.00 $"},0,11,{"v":506,"d":"$506.00"},0]
[131,"CUBO PLATICOS DE AGUJA DESECHABLES",null,null,"UNID",0,20,20,{"v":50,"d":"50.00 $"},4,16,{"v":800,"d":"$800.00"},{"v":200,"d":"$200.00"}]
[132,"CLIPS BILLETERO 32 MM 12/1",null,null,"UNID",27,36,63,{"v":123.9,"d":"123.90 $"},9,54,{"v":6690.6,"d":"$6,690.60"},{"v":1115.1000000000001,"d":"$1,115.10"}]
[133,"CLIPS BILLETERO 41 MM 12/1",null,null,"UNID",36,36,72,{"v":171.1,"d":"171.10 $"},3,69,{"v":11805.9,"d":"$11,805.90"},{"v":513.3,"d":"$513.30"}]
[134,"CLIPS BILLETERO 51 MM 12/1",null,null,"UNID",26,36,62,{"v":230.1,"d":"230.10 $"},10,52,{"v":11965.199999999999,"d":"$11,965.20"},{"v":2301,"d":"$2,301.00"}]
[135,"CLIPS PEQUEÑO",null,null,"UNID",6,0,6,{"v":19,"d":"19.00 $"},6,0,0,{"v":114,"d":"$114.00"}]
[136,"CLORO",null,null,"GALON",37,20,57,{"v":68.64,"d":"68.64 $"},35,22,{"v":1510.08,"d":"$1,510.08"},{"v":2402.4,"d":"$2,402.40"}]
[137,"CONTROL DE LIQUIDO(ENFERMERIA)",null,null,"RESMA",2,3,5,{"v":1200,"d":"1,200.00 $"},1,4,{"v":4800,"d":"$4,800.00"},{"v":1200,"d":"$1,200.00"}]
[138,"CUADERNOS COCIDOS",null,null,"UNID",8,0,8,{"v":53,"d":"53.00 $"},8,0,0,{"v":424,"d":"$424.00"}]
[139,"CUCHARA 25/1",null,null,"CAJA",1,3,4,{"v":629,"d":"629.00 $"},2,2,{"v":1258,"d":"$1,258.00"},{"v":1258,"d":"$1,258.00"}]
[140,"ESCOBA C/PALO",null,null,"UNID",10,0,10,{"v":133,"d":"133.00 $"},10,0,0,{"v":1330,"d":"$1,330.00"}]
[141," FOLDER AMARILLO OFICINA",null,null,"UNID",175,600,775,{"v":2.33,"d":"2.33 $"},300,475,{"v":1106.75,"d":"$1,106.75"},{"v":699,"d":"$699.00"}]
[142," FOLDER VERDE 8 1/2 X 11",null,null,"UNID",386,0,386,{"v":4.95,"d":"4.95 $"},200,186,{"v":920.7,"d":"$920.70"},{"v":990,"d":"$990.00"}]
[143," FUNDA NEGRA 17*22 PEQUEÑA",null,null,"PAQ",57,0,57,{"v":72,"d":"72.00 $"},14,43,{"v":3096,"d":"$3,096.00"},{"v":1008,"d":"$1,008.00"}]
[144,"FUNDA  NEGRA #6",null,null,"PAQ",30,30,60,{"v":36.58,"d":"36.58 $"},10,50,{"v":1829,"d":"$1,829.00"},{"v":365.79999999999995,"d":"$365.80"}]
[145,"FUNDA  ROJA #2",null,null,"PAQ",26,60,86,{"v":20,"d":"20.00 $"},30,56,{"v":1120,"d":"$1,120.00"},{"v":600,"d":"$600.00"}]
[146,"FUNDA AZULES #4",null,null,"PAQ",35,40,75,{"v":26,"d":"26.00 $"},17,58,{"v":1508,"d":"$1,508.00"},{"v":442,"d":"$442.00"}]
[147,"FUNDA NEGRA  MEDIANA 27 X 33",null,null,"PAQ",7,40,47,{"v":1080,"d":"1,080.00 $"},25,22,{"v":23760,"d":"$23,760.00"},{"v":27000,"d":"$27,000.00"}]
[148,"FUNDA NEGRA GRANDE 36*54",null,null,"PAQ",5,15,20,{"v":616,"d":"616.00 $"},4,16,{"v":9856,"d":"$9,856.00"},{"v":2464,"d":"$2,464.00"}]
[149,"FUNDA ROJA  PEQUENAS 17*22 ",null,null,"PAQ",12,30,42,{"v":240,"d":"240.00 $"},10,32,{"v":7680,"d":"$7,680.00"},{"v":2400,"d":"$2,400.00"}]
[150,"FUNDA ROJA GRANDE 36*54",null,null,"UNID",6,2,8,{"v":1030.1,"d":"1,030.10 $"},4,4,{"v":4120.4,"d":"$4,120.40"},{"v":4120.4,"d":"$4,120.40"}]
[151,"FUNDA ROJA MEDIANA 28*35",null,null,"PAQ",8,15,23,{"v":450.36,"d":"450.36 $"},9,14,{"v":6305.04,"d":"$6,305.04"},{"v":4053.2400000000002,"d":"$4,053.24"}]
[152,"GALON JABON LIQUIDO Y CUABA",null,null,"GALON",0,6,6,{"v":171.1,"d":"171.10 $"},6,0,0,{"v":1026.6,"d":"$1,026.60"}]
[153,"GANCHOS P/FOLDER MH",null,null,"CAJA",12,0,12,{"v":141.6,"d":"141.60 $"},0,12,{"v":1699.1999999999998,"d":"$1,699.20"},0]
[154,"GOMITAS",null,null,"CAJA",11,6,17,{"v":45,"d":"45.00 $"},15,2,{"v":90,"d":"$90.00"},{"v":675,"d":"$675.00"}]
[155,"GRAPADORA NEGRA",null,null,"CAJA",1,11,12,{"v":536,"d":"536.00 $"},12,0,0,{"v":6432,"d":"$6,432.00"}]
[156,"GUANTES MULTIUSOS",null,null,"UNID",9,0,9,{"v":105,"d":"105.00 $"},9,0,0,{"v":945,"d":"$945.00"}]
[157,"HISTORIA CLINICA PERINATAL",null,null,"TALONARIO",1,5,6,{"v":1298,"d":"1,298.00 $"},4,2,{"v":2596,"d":"$2,596.00"},{"v":5192,"d":"$5,192.00"}]
[158," HOJA DE ANOTACION ENFERMERIA",null,null,"TALONARIO",2,0,2,{"v":826,"d":"826.00 $"},2,0,0,{"v":1652,"d":"$1,652.00"}]
[159,"HOJA DE ADMICION ",null,null,"RESMA",5,0,5,{"v":165,"d":"165.00 $"},0,5,{"v":825,"d":"$825.00"},0]
[160,"HOJA DE ATENCION DIARIA",null,null,"TALONARIO",1,0,1,{"v":994,"d":"994.00 $"},0,1,{"v":994,"d":"$994.00"},0]
[161,"HOJA DE CERTIFICACION",null,null,"TALONARIO",3,0,3,{"v":1475,"d":"1,475.00 $"},0,3,{"v":4425,"d":"$4,425.00"},0]
[162,"HOJA DE CONSULTA IXTERNA ",null,null,"TALONARIO",0,10,10,{"v":994,"d":"994.00 $"},3,7,{"v":6958,"d":"$6,958.00"}," "]
[163,"HOJA TRATAMIENTO D DIETA",null,null,"TALONARIO",0,10,10,{"v":800,"d":"800.00 $"},0,10,{"v":8000,"d":"$8,000.00"},0]
[164,"HOJA DE DIRECCION DE ENFERMERIA",null,null,"TALONARIO",10,10,20,{"v":994,"d":"994.00 $"},0,20,{"v":19880,"d":"$19,880.00"},0]
[165,"HOJA DE ENFER EN AREA EMERGENCIA ",null,null,"TALONARIO",21,20,41,{"v":994,"d":"994.00 $"},0,41,{"v":40754,"d":"$40,754.00"},0]
[166,"HOJA DE ENFERMERIA",null,null,"TALONARIO",2,0,{"$f":"F79+G79","v":2},{"v":1298,"d":"1,298.00 $"},2,{"$f":"H79-J79","v":0},{"$f":"I79*K79","v":0},{"$f":"I79*J79","v":{"v":2596,"d":"$2,596.00"}}]
[167,"HOJA DE EVOLUCION ",null,null,"TALONARIO",3,5,8,{"v":294,"d":"294.00 $"},0,8,{"v":2352,"d":"$2,352.00"},0]
[168,"HOJA DE ANESTESIA",null,null,"TALONARIO",2,2,4,{"v":185,"d":"185.00 $"},0,4,{"v":740,"d":"$740.00"},0]
[169,"HOJA DE HISTORIAL CLINICO",null,null,"TALONARIO",50,50,100,{"v":195,"d":"195.00 $"},0,100,{"v":19500,"d":"$19,500.00"},0]
[170,"HOJA D KARDEX D MEDICAMENTO ENF",null,null,"TALONARIO",15,15,30,{"v":1298,"d":"1,298.00 $"},2,28,{"v":36344,"d":"$36,344.00"},{"v":2596,"d":"$2,596.00"}]
[171,"HOJA DE PRESUPUESTO",null,null,"TALONARIO",0,0,0,{"v":1298,"d":"1,298.00 $"},0,0,0,0]
[172,"HOJA DE REFERENCIA Y CONTRA REFERENCIA",null,null,"TALONARIO",5,21,26,{"v":826,"d":"826.00 $"},9,17,{"v":14042,"d":"$14,042.00"},{"v":7434,"d":"$7,434.00"}]
[173,"HOJA D REGITRO D CONSULTA EXTERNA ",null,null,"TALONARIO",0,5,5,{"v":1711,"d":"1,711.00 $"},3,2,{"v":3422,"d":"$3,422.00"},{"v":5133,"d":"$5,133.00"}]
[174,"HOJA DE RESUMEN MEDICO DE EGRESO",null,null,"TALONARIO",10,8,18,{"v":826,"d":"826.00 $"},0,18,{"v":14868,"d":"$14,868.00"},0]
[175,"HOJA DE VERIFICACION SEGURIDAD CIRUGIA",null,null,"TALONARIO",2,0,2,{"v":1475,"d":"1,475.00 $"},0,2,{"v":2950,"d":"$2,950.00"},0]
[176,"HOJA DESIGNOGRAMA ENFERM",null,null,"TALONARIO",3,0,3,{"v":994,"d":"994.00 $"},0,3,{"v":2982,"d":"$2,982.00"},0]
[177,"HOJA KARDEX MED INTERNA  INSUMOS",null,null,"TALONARIO",12,10,22,{"v":994,"d":"994.00 $"},1,21,{"v":20874,"d":"$20,874.00"},{"v":994,"d":"$994.00"}]
[178,"HOJA LEGAL 8 1/2*14 RESMA",null,null,"TALONARIO",0,19,19,{"v":348,"d":"348.00 $"},12,7,{"v":2436,"d":"$2,436.00"},{"v":4176,"d":"$4,176.00"}]
[179,"HOJA ORDEN MEDICA",null,null,"TALONARIO",4,0,4,{"v":800,"d":"800.00 $"},0,4,{"v":3200,"d":"$3,200.00"},0]
[180,"HOJA PRE OPERATORIO",null,null,"TALONARIO",4,0,4,{"v":1299,"d":"1,299.00 $"},1,3,{"v":3897,"d":"$3,897.00"},{"v":1299,"d":"$1,299.00"}]
[181,"HOJA SIGNOS VITALES",null,null,"TALONARIO",1,2,3,{"v":1200,"d":"1,200.00 $"},2,1,{"v":1200,"d":"$1,200.00"},{"v":2400,"d":"$2,400.00"}]
[182,"HOJA SIGNOS VITALES ENFER VERSION 0-1",null,null,"TALONARIO",2,2,4,{"v":994,"d":"994.00 $"},0,4,{"v":3976,"d":"$3,976.00"},0]
[183,"HOJA SIGNOS VITALES VERSION 0-2",null,null,"TALONARIO",10,20,30,{"v":994,"d":"994.00 $"},1,29,{"v":28826,"d":"$28,826.00"},{"v":994,"d":"$994.00"}]
[184,"HOJAS TIMBRADA",null,null,"RESMA",2,4,6,{"v":1350,"d":"1,350.00 $"},2,4,{"v":5400,"d":"$5,400.00"},{"v":2700,"d":"$2,700.00"}]
[185,"HOJA DE VERIFICACION SEGURIDAD CIRUGIA",null,null,"TALONARIO",2,1,3,{"v":1298,"d":"1,298.00 $"},0,3,{"v":3894,"d":"$3,894.00"},0]
[186,"LABELSP/FOLDER",null,null,"UNID",6,6,12,{"v":112.1,"d":"112.10 $"},1,11,{"v":1233.1,"d":"$1,233.10"},{"v":112.1,"d":"$112.10"}]
[187,"LAPIZ",null,null,"UNID",38,36,74,{"v":10,"d":"10.00 $"},5,69,{"v":690,"d":"$690.00"},{"v":50,"d":"$50.00"}]
[188,"LIBRO BANCO VENTA SERVICIOS",null,null,"UNID",1,0,1,{"v":2360,"d":"2,360.00 $"},0,1,{"v":2360,"d":"$2,360.00"},0]
[189,"LIBRO DE ANOTACIONES ENFERMERIA",null,null,"UNID",0,0,0,{"v":826,"d":"826.00 $"},0,0,0,0]
[190,"LIBRO DE EMERGENCIA",null,null,"UNID",0,3,3,{"v":2360,"d":"2,360.00 $"},1,2,{"v":4720,"d":"$4,720.00"},{"v":2360,"d":"$2,360.00"}]
[191,"LIBRO DE LABORATORIO PACIENTE",null,null,"UNID",0,3,3,{"v":1170,"d":"1,170.00 $"},1,2,{"v":2340,"d":"$2,340.00"},{"v":1170,"d":"$1,170.00"}]
[192,"LIBRO DE CONTROL DE PARASITOLOGIA",null,null,"UNID",1,3,4,{"v":1170,"d":"1,170.00 $"},2,2,{"v":2340,"d":"$2,340.00"},{"v":2340,"d":"$2,340.00"}]
[193,"LIBRO DE PARTO Y INTERNAMIENTO",null,null,"UNID",3,3,6,{"v":1170,"d":"1,170.00 $"},0,6,{"v":7020,"d":"$7,020.00"},0]
[194,"LIBRO  DE CIRUGIA",null,null,"UNID",2,3,5,{"v":1170,"d":"1,170.00 $"},0,5,{"v":5850,"d":"$5,850.00"},0]
[195,"LIBRO DE COPROLOGICO",null,null,"UNID",0,1,1,{"v":1170,"d":"1,170.00 $"},1,0,0,{"v":1170,"d":"$1,170.00"}]
[196,"LIBRO DE CONS REGISTRO VIH",null,null,"UNID",0,3,3,{"v":1770,"d":"1,770.00 $"},3,0,0,{"v":5310,"d":"$5,310.00"}]
[197,"LIBRO DE SEROLOGIA",null,null,"UNID",2,3,5,{"v":2360,"d":"2,360.00 $"},1,4,{"v":9440,"d":"$9,440.00"},{"v":2360,"d":"$2,360.00"}]
[198,"LIBRO DE URIANALISIS",null,null,"UNID",2,3,5,{"v":2360,"d":"2,360.00 $"},1,4,{"v":9440,"d":"$9,440.00"},{"v":2360,"d":"$2,360.00"}]
[199,"LIBRO HEMATOLOGIA",null,null,"UNID",2,3,5,{"v":2000,"d":"2,000.00 $"},1,4,{"v":8000,"d":"$8,000.00"},{"v":2000,"d":"$2,000.00"}]
[200,"LIBRO QUIMICO",null,null,"UNID",2,3,5,{"v":2360,"d":"2,360.00 $"},1,4,{"v":9440,"d":"$9,440.00"},{"v":2360,"d":"$2,360.00"}]
[201,"LIBRO INTERNAMIENTO",null,null,"UNID",3,3,6,{"v":1770,"d":"1,770.00 $"},0,6,{"v":10620,"d":"$10,620.00"},0]
[202,"LIBRO DE RAYOS X",null,null,"UNID",2,3,5,{"v":1770,"d":"1,770.00 $"},1,4,{"v":7080,"d":"$7,080.00"},{"v":1770,"d":"$1,770.00"}]
[203,"LIBRO RECORD DE REGISTRO ADOLECENTE ",null,null,"UNID",0,0,0,{"v":1800,"d":"1,800.00 $"},0,0,0,0]
[204,"LIQUID PAPER T/L CORRECTOR",null,null,"UNID",39,0,39,{"v":30,"d":"30.00 $"},17,22,{"v":660,"d":"$660.00"},{"v":510,"d":"$510.00"}]
[205,"MARCADORES AZULES ",null,null,"UNID",11,0,11,{"v":30,"d":"30.00 $"},5,6,{"v":180,"d":"$180.00"},{"v":150,"d":"$150.00"}]
[206,"MARCADORES NEGROS ",null,null,"UNID",12,0,12,{"v":30,"d":"30.00 $"},5,7,{"v":210,"d":"$210.00"},{"v":150,"d":"$150.00"}]
[207,"MISTOLIN ",null,null,"GALON",72,20,92,{"v":104,"d":"104.00 $"},36,56,{"v":5824,"d":"$5,824.00"},{"v":3744,"d":"$3,744.00"}]
[208,"PAPEL ALUMINIO 75",null,null,"UNID",1,0,1,{"v":560,"d":"560.00 $"},0,1,{"v":560,"d":"$560.00"},0]
[209,"PAPEL CARBON 8 1/2*11",null,null,"UNID",1,0,1,{"v":325,"d":"325.00 $"},0,1,{"v":325,"d":"$325.00"},0]
[210,"PAPEL HIGIENICO FARDO 48/1 ",null,null,"UNID",155,48,203,{"v":22.6,"d":"22.60 $"},158,45,{"v":1017.0000000000001,"d":"$1,017.00"},{"v":3570.8,"d":"$3,570.80"}]
[211,"PAPEL MANILA NATURAL KRAF",null,null,"UNID",1,0,1,{"v":3916,"d":"3,916.00 $"},0,1,{"v":3916,"d":"$3,916.00"},0]
[212,"PAPEL TOALLA 6/1",null,null,"UNID",21,0,21,{"v":95.38,"d":"95.38 $"},15,6,{"v":572.28,"d":"$572.28"},{"v":1430.6999999999998,"d":"$1,430.70"}]
[213,"PERFORADORA 2",null,null,"UNID",0,0,0,{"v":306.08,"d":"306.08 $"},0,0,0,0]
[214,"PERFORADORA 3 ",null,null,"UNID",1,0,1,{"v":631.3,"d":"631.30 $"},0,1,{"v":631.3,"d":"$631.30"},0]
[215,"PILA AA ",null,null,"UNID",0,0,0,{"v":54,"d":"54.00 $"},0,0,0,0]
[216,"PILA AAA",null,null,"UNID",0,0,0,{"v":53,"d":"53.00 $"},0,0,0,0]
[217," PAPEL CON DIVISION 200/1 OPTION",null,null,"CAJA",1,0,1,{"v":1085,"d":"1,085.00 $"},0,1,{"v":1085,"d":"$1,085.00"},0]
[218,"PLATOS",null,null,"FARDO",12,0,12,{"v":1291,"d":"1,291.00 $"},8,4,{"v":5164,"d":"$5,164.00"},{"v":10328,"d":"$10,328.00"}]
[219,"POS-IT 3*3",null,null,"RESMA",0,0,0,{"v":33.63,"d":"33.63 $"},0,0,0,0]
[220,"PURISIMA",null,null,"UNID",0,0,0,{"v":625,"d":"625.00 $"},0,0,0,0]
[221,"RECIBO DE CAJA CHICA",null,null,"TALONARIO",0,0,0,{"v":275,"d":"275.00 $"},0,0,0,0]
[222,"RECOJEDOR DE BASURA",null,null,"UNID",3,0,3,{"v":109.25,"d":"109.25 $"},0,3,{"v":327.75,"d":"$327.75"},0]
[223,"REGLA TRANSPARENTE",null,null,"UNID",0,0,0,{"v":9.44,"d":"9.44 $"},0,0,0,0]
[224,"RESALTADOR ",null,null,"UNID",15,0,15,{"v":39,"d":"39.00 $"},3,12,{"v":468,"d":"$468.00"},{"v":117,"d":"$117.00"}]
[225,"RESMA DE CONTROL DE EXISTENCIA",null,null,"RESMA",4,0,4,{"v":1298,"d":"1,298.00 $"},0,4,{"v":5192,"d":"$5,192.00"},0]
[226,"RESMA HOJA DE MAQUINA 8/2 *11",null,null,"RESMA",10,0,10,{"v":228,"d":"228.00 $"},10,0,0,{"v":2280,"d":"$2,280.00"}]
[227,"ROLLO DE PAPEL SUMADORA",null,null,"UNID",3,0,3,{"v":23,"d":"23.00 $"},0,3,{"v":69,"d":"$69.00"},0]
[228,"ROTULO PARA SOLUCION Y MEDICAMENTOS",null,null,"UNID",1050,0,1050,{"v":6.5,"d":"6.50 $"},100,950,{"v":6175,"d":"$6,175.00"},{"v":650,"d":"$650.00"}]
[229,"SACA GRAPA",null,null,"UNID",2,0,2,{"v":30,"d":"30.00 $"},1,1,{"v":30,"d":"$30.00"},{"v":30,"d":"$30.00"}]
[230,"SACAPUNTA METAL ",null,null,"UNID",24,0,{"$f":"F143+G143","v":24},{"v":15,"d":"15.00 $"},0,{"$f":"H143-J143","v":24},{"$f":"I143*K143","v":{"v":360,"d":"$360.00"}},{"$f":"I143*J143","v":0}]
[231,"SACO DE DETERGENTE",null,null,"UNID",1,3,4,{"v":1100,"d":"1,100.00 $"},1,3,{"v":3300,"d":"$3,300.00"},{"v":1100,"d":"$1,100.00"}]
[232,"SERVILLETA C-FOLD 24/100 XCELENT",null,null,"UNID",73,0,73,{"v":24.5,"d":"24.50 $"},40,33,{"v":808.5,"d":"$808.50"},{"v":980,"d":"$980.00"}]
[233,"SERVILLETAS DE BINGO 60/1",null,null,"UNID",200,0,200,{"v":11.5,"d":"11.50 $"},71,129,{"v":1483.5,"d":"$1,483.50"},{"v":816.5,"d":"$816.50"}]
[234,"SOBRE CARTA VENTANILLA",null,null,"UNID",600,0,600,{"v":1.85,"d":"1.85 $"},200,400,{"v":740,"d":"$740.00"},{"v":370,"d":"$370.00"}]
[235,"SOBRE MANILA 14*17 1000 UNIDAD",null,null,"UNID",906,0,906,{"v":13.85,"d":"13.85 $"},40,866,{"v":11994.1,"d":"$11,994.10"},{"v":554,"d":"$554.00"}]
[236,"SOBRE MANILA 10*14 DE 500 UNID",null,null,"UNID",862,0,862,{"v":7.1,"d":"7.10 $"},75,787,{"v":5587.7,"d":"$5,587.70"},{"v":532.5,"d":"$532.50"}]
[237,"SOBRE TIMBRADO",null,null,"UNID",250,0,250,{"v":13,"d":"13.00 $"},70,180,{"v":2340,"d":"$2,340.00"},{"v":910,"d":"$910.00"}]
[238,"SUAPER JUMBO",null,null,"UNID",6,12,18,{"v":175,"d":"175.00 $"},6,12,{"v":2100,"d":"$2,100.00"},{"v":1050,"d":"$1,050.00"}]
[239,"SUAVITEL",null,null,"GALON",9,16,25,{"v":148.31,"d":"148.31 $"},8,17,{"v":2521.27,"d":"$2,521.27"},{"v":1186.48,"d":"$1,186.48"}]
[250,"TALONARIO DE PATOLOGIA",null,null,"TALONARIO",50,0,50,{"v":236,"d":"236.00 $"},0,50,{"v":11800,"d":"$11,800.00"},0]
[251,"TALONARIO HISTORIA CLINICA EMERGENCIA",null,null,"TALONARIO",22,50,72,{"v":70.8,"d":"70.80 $"},35,37,{"v":2619.6,"d":"$2,619.60"},{"v":2478,"d":"$2,478.00"}]
[252,"TALONARIO SOLICITUD DE MEDICAMENTO",null,null,"TALONARIO",10,15,25,{"v":275,"d":"275.00 $"},3,22,{"v":6050,"d":"$6,050.00"},{"v":825,"d":"$825.00"}]
[253,"TALONARIO COPROLOGICO",null,null,"TALONARIO",108,30,138,{"v":75,"d":"75.00 $"},7,131,{"v":9825,"d":"$9,825.00"},{"v":525,"d":"$525.00"}]
[254,"TALALONARIO HEMOGRAMA",null,null,"TALONARIO",32,50,82,{"v":88.35,"d":"88.35 $"},57,25,{"v":2208.75,"d":"$2,208.75"},{"v":5035.95,"d":"$5,035.95"}]
[255,"TALONARIO INTERVENCION AUT. QUIRURGICA ",null,null,"TALONARIO",0,0,0,{"v":185,"d":"185.00 $"},0,0,0,0]
[256,"TALONARIO LABORATORIO CLINICO",null,null,"TALONARIO",73,250,323,{"v":37,"d":"37.00 $"},101,222,{"v":8214,"d":"$8,214.00"},{"v":3737,"d":"$3,737.00"}]
[257,"TALONARIO COPROLOGICO",null,null,"TALONARIO",108,16,124,{"v":75,"d":"75.00 $"},0,124,{"v":9300,"d":"$9,300.00"},0]
[258,"TALONARIO METODO PLANIFICACION",null,"POSPARTO","TALONARIO",1,0,1,{"v":185,"d":"185.00 $"},0,1,{"v":185,"d":"$185.00"},0]
[259,"TALONARIO P/COLC DE IMPLANDE SUDERMICO",null,null,"TALONARIO",0,0,0,{"v":185,"d":"185.00 $"},0,0,0,0]
[260,"TALONARIO UNICO MEDICAMENTOS",null,null,"TALONARIO",0,0,0,{"v":266,"d":"266.00 $"},0,0,0,0]
[261,"TALONARIO URIANALISIS",null,null,"TALONARIO",19,250,269,{"v":53.1,"d":"53.10 $"},191,78,{"v":4141.8,"d":"$4,141.80"},{"v":10142.1,"d":"$10,142.10"}]
[262,"TALONARIO COMUN ENFERMERIA FARMACIA",null,null,"TALONARIO",45,0,45,{"v":413,"d":"413.00 $"},0,45,{"v":18585,"d":"$18,585.00"},0]
[263,"TALONARIO CERTIFICADO MEDICO",null,null,"TALONARIO",0,0,0,{"v":275,"d":"275.00 $"},0,0,0,0]
[264,"TAL CONSULTACONCENTIMIENTO INFORMADO",null,"VIH MEDIA","TALONARIO",0,10,10,{"v":756,"d":"756.00 $"},8,2,{"v":1512,"d":"$1,512.00"},{"v":6048,"d":"$6,048.00"}]
[265,"TALONARIO CONCENTIMIENTO",null,null,"TALONARIO",5,30,35,{"v":266,"d":"266.00 $"},0,35,{"v":9310,"d":"$9,310.00"},0]
[266,"TALONARIO DE CONTROL TEMPERATURA",null,null,"TALONARIO",14,10,24,{"v":294,"d":"294.00 $"},2,22,{"v":6468,"d":"$6,468.00"},{"v":588,"d":"$588.00"}]
[264,"TALONARIO DE CUOTA DE CONTRIBUCION",null,null,"TALONARIO",5,0,5,{"v":185,"d":"185.00 $"},0,5,{"v":925,"d":"$925.00"},0]
[268,"TALONARIO EVALUACION PRE ANESTESICA",null,null,"TALONARIO",5,5,10,{"v":185,"d":"185.00 $"},0,10,{"v":1850,"d":"$1,850.00"},0]
[269,"TALONARIO HOJA DE KARDEX",null,null,"TALONARIO",0,0,0,{"v":994,"d":"994.00 $"},0,0,0,0]
[270,"TALONARIO SALIDA ALMACEN",null,null,"TALONARIO",0,10,10,{"v":275,"d":"275.00 $"},9,1,{"v":275,"d":"$275.00"},{"v":2475,"d":"$2,475.00"}]
[271,"TAPA DE VASOS #12 CLEA  10/100",null,null,"PAQU",8,40,48,{"v":224,"d":"224.00 $"},35,13,{"v":2912,"d":"$2,912.00"},{"v":7840,"d":"$7,840.00"}]
[272,"TARJETA DE CITA",null,null,"UNID",1015,2000,3015,{"v":2.75,"d":"2.75 $"},1585,1430,{"v":3932.5,"d":"$3,932.50"},{"v":4358.75,"d":"$4,358.75"}]
[273,"TARJETA DE EXPEDIENTE ",null,null,"UNID",75,1500,1575,{"v":4.5,"d":"4.50 $"},500,1075,{"v":4837.5,"d":"$4,837.50"},{"v":2250,"d":"$2,250.00"}]
[274,"TALONARIO RECETARIO NORMAL",null,null,"UNID",0,500,500,{"v":53.65,"d":"53.65 $"},95,405,{"v":21728.25,"d":"$21,728.25"},{"v":5096.75,"d":"$5,096.75"}]
[275,"TIJERAS",null,null,"UNID",1,5,6,{"v":62.54,"d":"62.54 $"},4,2,{"v":125.08,"d":"$125.08"},{"v":250.16,"d":"$250.16"}]
[276,"TINTA PARA SELLO AZUL",null,null,"UNID",2,3,5,{"v":106,"d":"106.00 $"},2,3,{"v":318,"d":"$318.00"},{"v":212,"d":"$212.00"}]
[277,"TINTA PARA SELLO NEGRO",null,null,"UNID",0,0,0,{"v":85,"d":"85.00 $"},0,0,0,0]
[278,"TOALLA MICROFIBRA16´´ *16´´",null,null,"UNID",32,0,32,{"v":49.56,"d":"49.56 $"},10,22,{"v":1090.3200000000002,"d":"$1,090.32"},{"v":495.6,"d":"$495.60"}]
[279,"VASO 12 CAJA 40/25 FOAM",null,null,"PAQU",113,0,113,{"v":53.2,"d":"53.20 $"},72,41,{"v":2181.2000000000003,"d":"$2,181.20"},{"v":3830.4,"d":"$3,830.40"}]
[280,"VASO 5",null,null,"PAQU",45,50,95,{"v":55,"d":"55.00 $"},28,67,{"v":3685,"d":"$3,685.00"},{"v":1540,"d":"$1,540.00"}]
[281,"VASOS #7",null,null,"PAQU",282,0,282,{"v":38.94,"d":"38.94 $"},282,0,0,{"v":10981.08,"d":"$10,981.08"}]
[]
[]
[{"$nulls":9},"TOTAL ALMACEN",null,{"$f":"SUM(L14:L184)","v":{"v":663047.6699999998,"d":"$663,047.67"}}]
[{"$nulls":9},"TOTAL DE COMSUMO",null,{"$f":"SUM(M14:M184)","v":{"v":239586.98000000004,"d":"$239,586.98"}}]

{"sheet":"ABRIL","index":3,"n_rows":177,"n_cols":13,"rows_kept":177,"merged":[[11,0,11,3],[12,1,12,3],[73,1,73,2],[82,1,82,2],[175,9,175,10],[176,9,176,10]]}
[]
[]
[{"$f":"A3:M121","v":0}]
[]
[]
[{"$nulls":4}," "]
[]
[]
[]
[]
[{"$nulls":10},"2025-04-30"]
["INVENTARIO DE ALMACEN "]
["CODIGO","DESCRIPCION DEL PRODUCTO",null,null,"UNIDAD MEDIDA","CANTIDAD","ENTRADA","TOTAL","PRECIO","SALIDA DE USO MENSUAL","CANTIDAD ACTIVA EN ALMACEN","VALOR TOTAL ACTIVO","VALORDE TOTAL CONSUMO"]
[101,"ACORDEON 10*12 CARTON PIEDRA",null,null,"UNID ",0,5,{"$f":"F14+G14","v":5},{"v":744,"d":"744.00 $"},3,{"$f":"H14-J14","v":2},{"$f":"I14*K14","v":{"v":1488,"d":"$1,488.00"}},{"$f":"I14*J14","v":{"v":2232,"d":"$2,232.00"}}]
[102,"AMBIENTADOR SPRAY",null,null,"UNID ",0,14,{"$f":"F15+G15","v":14},{"v":145,"d":"145.00 $"},11,{"$f":"H15-J15","v":3},{"$f":"I15*K15","v":{"v":435,"d":"$435.00"}},{"$f":"I15*J15","v":{"v":1595,"d":"$1,595.00"}}]
[103,"AGUA BOTELLITAS",null,null,"UNID ",0,200,200,{"v":6.5,"d":"6.50 $"},180,20,{"v":130,"d":"$130.00"},{"v":1170,"d":"$1,170.00"}]
[104,"AXION EN PASTA",null,null,"UNID ",1,24,25,{"v":116,"d":"116.00 $"},16,9,{"v":1044,"d":"$1,044.00"},{"v":1856,"d":"$1,856.00"}]
[105,"BAYGON 400ML",null,null,"UNID ",0,12,12,{"v":349,"d":"349.00 $"},5,7,{"v":2443,"d":"$2,443.00"},{"v":1745,"d":"$1,745.00"}]
[106,"BOLIGRAFOS AZULES",null,null,"UNID ",66,36,102,{"v":10.1,"d":"10.10 $"},35,67,{"v":676.6999999999999,"d":"$676.70"},{"v":353.5,"d":"$353.50"}]
[107,"BOLIGRAFOS NEGROS",null,null,"UNID ",7,60,67,{"v":7,"d":"7.00 $"},15,52,{"v":364,"d":"$364.00"},{"v":105,"d":"$105.00"}]
[108,"BOLIGRAFOS ROJOS",null,null,"UNID ",11,120,131,{"v":7,"d":"7.00 $"},18,113,{"v":791,"d":"$791.00"},{"v":126,"d":"$126.00"}]
[109,"BOLIGRAFOS VERDES",null,null,"UNID ",0,12,12,{"v":10,"d":"10.00 $"},3,9,{"v":90,"d":"$90.00"},{"v":30,"d":"$30.00"}]
[110,"BORRANTE DE LECHE ",null,null,"UNID ",10,0,10,{"v":8,"d":"8.00 $"},2,8,{"v":64,"d":"$64.00"},{"v":16,"d":"$16.00"}]
[111,"BRILLO GRUESO 12/1 PROMANO",null,null,"UNID ",38,12,50,{"v":69.6,"d":"69.60 $"},19,31,{"v":2157.6,"d":"$2,157.60"},{"v":1322.3999999999999,"d":"$1,322.40"}]
[112,"BRILLO GRIS",null,null,"UNID ",6,0,6,{"v":69.6,"d":"69.60 $"},1,5,{"v":348,"d":"$348.00"},{"v":69.6,"d":"$69.60"}]
[113,"BRILLO VERDE Y ESPONJA",null,null,"UNID ",21,10,31,{"v":57.8,"d":"57.80 $"},3,28,{"v":1618.3999999999999,"d":"$1,618.40"},{"v":173.39999999999998,"d":"$173.40"}]
[114,"CAJA PLASTICAS DE 27 GL NEGRA",null,null,"UNID",0,10,10,{"v":1350,"d":"1,350.00 $"},2,8,{"v":10800,"d":"$10,800.00"},{"v":2700,"d":"$2,700.00"}]
[115,"CAJITA DE GRAPAS ESTÁNDAR 26/6",null,null,"UNID",6,24,30,{"v":47.17,"d":"47.17 $"},11,19,{"v":896.23,"d":"$896.23"},{"v":518.87,"d":"$518.87"}]
[116,"CALCULADORA",null,null,"UNID",1,3,4,{"v":359.9,"d":"359.90 $"},1,3,{"v":1079.6999999999998,"d":"$1,079.70"},{"v":359.9,"d":"$359.90"}]
[117,"CARPETA NEGRA  #1",null,null,"UNID",6,0,6,{"v":469,"d":"469.00 $"},1,{"$f":"H30-J30","v":5},{"v":2345,"d":"$2,345.00"},{"v":469,"d":"$469.00"}]
[118,"CARPETA NEGRA # 2",null,null,"UNID",6,0,6,{"v":178.2,"d":"178.20 $"},3,3,{"v":534.5999999999999,"d":"$534.60"},{"v":534.5999999999999,"d":"$534.60"}]
[119,"CARPETAS  # 3",null,null,"UNID",6,0,6,{"v":147.5,"d":"147.50 $"},4,2,{"v":295,"d":"$295.00"},{"v":590,"d":"$590.00"}]
[120,"CARPETAS # 4",null,null,"UNID",0,0,0,{"v":224.2,"d":"224.20 $"},0,0,0,0]
[121,"CEPILLO DE INODORO",null,null,"UNID",4,6,10,{"v":159.3,"d":"159.30 $"},8,2,{"v":318.6,"d":"$318.60"},{"v":1274.4,"d":"$1,274.40"}]
[122,"CERA PARA CONTAR",null,null,"UNID",4,15,19,{"v":60,"d":"60.00 $"},9,10,{"v":600,"d":"$600.00"},{"v":540,"d":"$540.00"}]
[123,"CINTA MASKING TAPE 3/4 VISIBLE",null,null,"UNID",0,50,50,{"v":75,"d":"75.00 $"},12,38,{"v":2850,"d":"$2,850.00"},{"v":900,"d":"$900.00"}]
[124,"CINTA DE EMPAQUE ",null,null,"UNID",0,24,24,{"v":47.2,"d":"47.20 $"},12,12,{"v":566.4000000000001,"d":"$566.40"},{"v":566.4000000000001,"d":"$566.40"}]
[125,"CINTA MAGICA SUMADORA",null,null,"UNID",0,2,2,{"v":76.7,"d":"76.70 $"},0,2,{"v":153.4,"d":"$153.40"},0]
[126," CLIPS JUMBO",null,null,"UNID",7,30,37,{"v":38,"d":"38.00 $"},9,28,{"v":1064,"d":"$1,064.00"},{"v":342,"d":"$342.00"}]
[127,"CINTA MASKING TAPE CREMA",null,null,"UNID",7,20,27,{"v":46,"d":"46.00 $"},7,20,{"v":920,"d":"$920.00"},{"v":322,"d":"$322.00"}]
[128,"CUBO PLATICOS DE AGUJA DESECHABLES",null,null,"UNID",16,0,16,{"v":50,"d":"50.00 $"},9,7,{"v":350,"d":"$350.00"},{"v":450,"d":"$450.00"}]
[129,"CLIPS BILLETERO 32 MM 12/1",null,null,"UNID",9,36,45,{"v":123.9,"d":"123.90 $"},9,36,{"v":4460.400000000001,"d":"$4,460.40"},{"v":1115.1000000000001,"d":"$1,115.10"}]
[130,"CLIPS BILLETERO 41 MM 12/1",null,null,"UNID",6,36,42,{"v":171.1,"d":"171.10 $"},15,27,{"v":4619.7,"d":"$4,619.70"},{"v":2566.5,"d":"$2,566.50"}]
[131,"CLIPS BILLETERO 51 MM 12/1",null,null,"UNID",10,36,46,{"v":230.1,"d":"230.10 $"},22,24,{"v":5522.4,"d":"$5,522.40"},{"v":5062.2,"d":"$5,062.20"}]
[132,"CLIPS PEQUEÑO",null,null,"UNID",17,10,27,{"v":19,"d":"19.00 $"},25,2,{"v":38,"d":"$38.00"},{"v":475,"d":"$475.00"}]
[133,"CLORO",null,null,"GALON",13,30,43,{"v":68.64,"d":"68.64 $"},26,17,{"v":1166.88,"d":"$1,166.88"},{"v":1784.64,"d":"$1,784.64"}]
[134,"CONTROL DE LIQUIDO(ENFERMERIA)",null,null,"TALONARIO",4,10,14,{"v":1200,"d":"1,200.00 $"},3,11,{"v":13200,"d":"$13,200.00"},{"v":3600,"d":"$3,600.00"}]
[135,"CUADERNOS COCIDOS",null,null,"UNID",0,24,24,{"v":53,"d":"53.00 $"},10,14,{"v":742,"d":"$742.00"},{"v":530,"d":"$530.00"}]
[136,"CUCHARA 25/1",null,null,"CAJA",0,4,4,{"v":629,"d":"629.00 $"},2,2,{"v":1258,"d":"$1,258.00"},{"v":1258,"d":"$1,258.00"}]
[137,"ESCOBA C/PALO",null,null,"UNID",3,12,15,{"v":133,"d":"133.00 $"},11,4,{"v":532,"d":"$532.00"},{"v":1463,"d":"$1,463.00"}]
[138," FOLDER AMARILLO OFICINA",null,null,"UNID",200,300,{"$f":"F51+G51","v":500},{"v":2.33,"d":"2.33 $"},227,273,{"v":636.09,"d":"$636.09"},{"v":528.91,"d":"$528.91"}]
[139," FOLDER VERDE 8 1/2 X 11",null,null,"UNID",109,1000,1109,{"v":4.95,"d":"4.95 $"},744,365,{"v":1806.75,"d":"$1,806.75"},{"v":3682.8,"d":"$3,682.80"}]
[140," FUNDA NEGRA 17 GL PEQUEÑA",null,null,"PAQ",20,120,140,{"v":72,"d":"72.00 $"},108,32,{"v":2304,"d":"$2,304.00"},{"v":7776,"d":"$7,776.00"}]
[141,"FUNDA  NEGRA #6",null,null,"PAQ",16,30,46,{"v":36.58,"d":"36.58 $"},12,34,{"v":1243.72,"d":"$1,243.72"},{"v":438.96,"d":"$438.96"}]
[142,"FUNDA  ROJA #2",null,null,"PAQ",0,60,60,{"v":20,"d":"20.00 $"},31,29,{"v":580,"d":"$580.00"},{"v":620,"d":"$620.00"}]
[143,"FUNDA AZULES #4",null,null,"PAQ",16,40,56,{"v":26,"d":"26.00 $"},19,37,{"v":962,"d":"$962.00"},{"v":494,"d":"$494.00"}]
[144,"FUNDA NEGRA  MEDIANA 30 GL",null,null,"PAQ",10,30,40,{"v":1080,"d":"1,080.00 $"},23,17,{"v":18360,"d":"$18,360.00"},{"v":24840,"d":"$24,840.00"}]
[145,"FUNDA NEGRA GRANDE 55 GL",null,null,"PAQ",0,10,10,{"v":616,"d":"616.00 $"},4,6,{"v":3696,"d":"$3,696.00"},{"v":2464,"d":"$2,464.00"}]
[146,"FUNDA ROJA  PEQUENAS 17 GL",null,null,"PAQ",2,30,32,{"v":240,"d":"240.00 $"},24,8,{"v":1920,"d":"$1,920.00"},{"v":5760,"d":"$5,760.00"}]
[147,"FUNDA ROJA GRANDE 55 gl",null,null,"UNID",3,4,7,{"v":1030.1,"d":"1,030.10 $"},1,6,{"v":6180.599999999999,"d":"$6,180.60"},{"v":1030.1,"d":"$1,030.10"}]
[148,"FUNDA ROJA MEDIANA 30 GL",null,null,"PAQ",5,6,11,{"v":450.36,"d":"450.36 $"},9,2,{"v":900.72,"d":"$900.72"},{"v":4053.2400000000002,"d":"$4,053.24"}]
[149,"GALON JABON LIQUIDO DE MANO",null,null,"GALON",1,16,17,{"v":171.1,"d":"171.10 $"},16,1,{"v":171.1,"d":"$171.10"},{"v":2737.6,"d":"$2,737.60"}]
[150,"GANCHOS P/FOLDER MH",null,null,"CAJA",2,10,12,{"v":141.6,"d":"141.60 $"},1,11,{"v":1557.6,"d":"$1,557.60"},{"v":141.6,"d":"$141.60"}]
[151,"GALON JABON DE CUABA",null,null,"GALON",0,6,6,{"v":165.25,"d":"165.25 $"},4,2,{"v":330.5,"d":"$330.50"},{"v":661,"d":"$661.00"}]
[152,"GOMITAS",null,null,"CAJA",5,12,17,{"v":45,"d":"45.00 $"},7,10,{"v":450,"d":"$450.00"},{"v":315,"d":"$315.00"}]
[153,"GRAPADORA NEGRA",null,null,"CAJA",0,6,6,{"v":320,"d":"320.00 $"},1,5,{"v":1600,"d":"$1,600.00"},{"v":320,"d":"$320.00"}]
[154,"GUANTES MULTIUSOS",null,null,"UNID",9,6,15,{"v":666.36,"d":"666.36 $"},3,12,{"v":7996.32,"d":"$7,996.32"},{"v":1999.08,"d":"$1,999.08"}]
[155,"HISTORIA CLINICA PERINATAL",null,null,"TALONARIO",1,10,11,{"v":1298,"d":"1,298.00 $"},0,11,{"v":14278,"d":"$14,278.00"},0]
[156," HOJA DE ANOTACION ENFERMERIA",null,null,"RESMA",0,0,0,{"v":826,"d":"826.00 $"},0,0,0,0]
[157,"HOJA DE ADMICION ",null,null,"RESMA",5,0,5,{"v":165,"d":"165.00 $"},0,5,{"v":825,"d":"$825.00"},0]
[158,"HOJA DE ATENCION DIARIA",null,null,"TALONARIO",0,5,5,{"v":994,"d":"994.00 $"},2,3,{"v":2982,"d":"$2,982.00"},{"v":1988,"d":"$1,988.00"}]
[159,"HOJA DE CERTIFICACION",null,null,"RESMA",2,0,2,{"v":1475,"d":"1,475.00 $"},0,2,{"v":2950,"d":"$2,950.00"},0]
[160,"HOJA DE CONSULTA ",null,null,"TALONARIO",0,15,15,{"v":994,"d":"994.00 $"},6,9,{"v":8946,"d":"$8,946.00"},{"v":5964,"d":"$5,964.00"}]
[161,"HOJA PACIENTE  DIETA",null,null,"TALONARIO",0,10,10,{"v":800,"d":"800.00 $"},6,4,{"v":3200,"d":"$3,200.00"},{"v":4800,"d":"$4,800.00"}]
[162,"HOJA DE DIRECCION DE ENFERMERIA",null,null,"TALONARIO",0,0,0,{"v":994,"d":"994.00 $"},0,0,0,0]
[163,"HOJA DE ENFER EN AREA EMERGENCIA FO63",null,null,"TALONARIO",0,20,20,{"v":994,"d":"994.00 $"},1,19,{"v":18886,"d":"$18,886.00"},{"v":994,"d":"$994.00"}]
[164,"HOJA DE ENFERMERIA",null,null,"TALONARIO",0,20,{"$f":"F77+G77","v":20},{"v":1298,"d":"1,298.00 $"},12,{"$f":"H77-J77","v":8},{"$f":"I77*K77","v":{"v":10384,"d":"$10,384.00"}},{"v":15576,"d":"$15,576.00"}]
[165,"HOJA DE EVOLUCION ",null,null,"TALONARIO",3,5,8,{"v":294,"d":"294.00 $"},1,7,{"v":2058,"d":"$2,058.00"},{"v":294,"d":"$294.00"}]
[166,"HOJA DE ANESTESIA",null,null,"TALONARIO",0,5,5,{"v":185,"d":"185.00 $"},0,5,{"v":925,"d":"$925.00"},{"$f":"I79*J79","v":0}]
[167,"HOJA DE HISTORIAL CLINICO",null,null,"TALONARIO",0,50,50,{"v":195,"d":"195.00 $"},4,46,{"v":8970,"d":"$8,970.00"},{"v":780,"d":"$780.00"}]
[168,"HOJA D KARDEX D MEDICAMENTO SOLUCIONES",null,null,"TALONARIO",4,15,19,{"v":1298,"d":"1,298.00 $"},2,17,{"v":22066,"d":"$22,066.00"},{"v":2596,"d":"$2,596.00"}]
[169,"HOJA DE REFERENCIA Y CONTRA REFERENCIA",null,null,"TALONARIO",0,21,21,{"v":826,"d":"826.00 $"},11,10,{"v":8260,"d":"$8,260.00"},{"v":9086,"d":"$9,086.00"}]
[170,"HOJA  REGITRO DIARIO CONSULTA EXTERNA ",null,null,"TALONARIO",0,5,5,{"v":1711,"d":"1,711.00 $"},2,3,{"v":5133,"d":"$5,133.00"},{"v":3422,"d":"$3,422.00"}]
[171,"HOJA  RESUMEN MEDICO DE EGRESO",null,null,"RESMA",0,2,2,{"v":826,"d":"826.00 $"},0,2,{"v":1652,"d":"$1,652.00"},0]
[172,"HOJA  SEGURIDAD CIRUGIA",null,null,"RESMA",2,0,2,{"v":1475,"d":"1,475.00 $"},0,2,{"v":2950,"d":"$2,950.00"},0]
[173,"HOJA DESIGNOGRAMA ENFERM",null,null,"RESMA",3,0,3,{"v":994,"d":"994.00 $"},0,3,{"v":2982,"d":"$2,982.00"},0]
[174,"HOJA KARDEX MED INTERNA  INSUMOS",null,null,"TALONARIO",3,10,13,{"v":994,"d":"994.00 $"},4,9,{"v":8946,"d":"$8,946.00"},{"v":3976,"d":"$3,976.00"}]
[175,"HOJA LEGAL 8 1/2*14 RESMA",null,null,"TALONARIO",0,19,19,{"v":348,"d":"348.00 $"},16,3,{"v":1044,"d":"$1,044.00"},{"v":5568,"d":"$5,568.00"}]
[176,"HOJA ORDEN MEDICA",null,null,"TALONARIO",8,20,28,{"v":800,"d":"800.00 $"},0,28,{"v":22400,"d":"$22,400.00"},0]
[177,"HOJA  HISTORIAL OPERATORIO",null,null,"TALONARIO",6,0,6,{"v":1299,"d":"1,299.00 $"},2,4,{"v":5196,"d":"$5,196.00"},{"v":2598,"d":"$2,598.00"}]
[178,"HOJA SIGNOS VITALES ",null,null,"TALONARIO",2,0,2,{"v":1200,"d":"1,200.00 $"},0,2,{"v":2400,"d":"$2,400.00"},0]
[179,"TALONARIO FORMULARIO ENF AREA EMER FO48",null,null,"TALONARIO",0,20,20,{"v":994,"d":"994.00 $"},0,20,{"v":19880,"d":"$19,880.00"},0]
[180,"HOJA SIGNOS VITALES  ENFERMERIA FO63",null,null,"RESMA",0,2,2,{"v":994,"d":"994.00 $"},0,2,{"v":1988,"d":"$1,988.00"},0]
[181,"HOJAS TIMBRADA",null,null,"RESMA",2,4,6,{"v":1350,"d":"1,350.00 $"},3,3,{"v":4050,"d":"$4,050.00"},{"v":4050,"d":"$4,050.00"}]
[182,"HOJA DE CONFIRMACION DE CIRUGIA",null,null,"RESMA",1,1,2,{"v":1298,"d":"1,298.00 $"},1,1,{"v":1298,"d":"$1,298.00"},{"v":1298,"d":"$1,298.00"}]
[183,"LABELSP/FOLDER",null,null,"UNID",0,6,6,{"v":112.1,"d":"112.10 $"},1,5,{"v":560.5,"d":"$560.50"},{"v":112.1,"d":"$112.10"}]
[184,"LAPIZ",null,null,"UNID",6,36,42,{"v":10,"d":"10.00 $"},7,35,{"v":350,"d":"$350.00"},{"v":70,"d":"$70.00"}]
[185,"LIBRO BANCO VENTA SERVICIOS",null,null,"UNID",1,0,1,{"v":2360,"d":"2,360.00 $"},0,1,{"v":2360,"d":"$2,360.00"},0]
[186,"LIBRO DE ANOTACIONES ENFERMERIA",null,null,"UNID",0,0,0,{"v":826,"d":"826.00 $"},0,0,0,0]
[187,"LIBRO DE EMERGENCIA",null,null,"UNID",0,3,3,{"v":2360,"d":"2,360.00 $"},1,2,{"v":4720,"d":"$4,720.00"},{"v":2360,"d":"$2,360.00"}]
[188,"LIBRO DE LABORATORIO PACIENTE",null,null,"UNID",0,3,3,{"v":1170,"d":"1,170.00 $"},3,0,0,{"v":3510,"d":"$3,510.00"}]
[189,"LIBRO DE CONTROL DE PARASITOLOGIA COPROLOGICO",null,null,"UNID",0,3,3,{"v":1170,"d":"1,170.00 $"},1,2,{"v":2340,"d":"$2,340.00"},{"v":1170,"d":"$1,170.00"}]
[190,"LIBRO DE PARTO Y NACIMIENTO",null,null,"UNID",0,3,3,{"v":1170,"d":"1,170.00 $"},0,3,{"v":3510,"d":"$3,510.00"},0]
[191,"LIBRO  DE CIRUGIA",null,null,"UNID",0,3,3,{"v":1170,"d":"1,170.00 $"},0,3,{"v":3510,"d":"$3,510.00"},0]
[192,"LIBRO DE CONS REGISTRO VIH",null,null,"UNID",0,1,1,{"v":1770,"d":"1,770.00 $"},1,0,0,{"v":1770,"d":"$1,770.00"}]
[193,"LIBRO DE SEROLOGIA",null,null,"UNID",1,3,4,{"v":2360,"d":"2,360.00 $"},1,3,{"v":7080,"d":"$7,080.00"},{"v":2360,"d":"$2,360.00"}]
[194,"LIBRO DE URIANALISIS",null,null,"UNID",0,3,3,{"v":2360,"d":"2,360.00 $"},1,2,{"v":4720,"d":"$4,720.00"},{"v":2360,"d":"$2,360.00"}]
[195,"LIBRO HEMATOLOGIA",null,null,"UNID",0,3,3,{"v":2000,"d":"2,000.00 $"},1,2,{"v":4000,"d":"$4,000.00"},{"v":2000,"d":"$2,000.00"}]
[196,"LIBRO QUIMICO",null,null,"UNID",0,3,3,{"v":2360,"d":"2,360.00 $"},1,2,{"v":4720,"d":"$4,720.00"},{"v":2360,"d":"$2,360.00"}]
[197,"LIBRO INTERNAMIENTO",null,null,"UNID",0,3,3,{"v":1770,"d":"1,770.00 $"},0,3,{"v":5310,"d":"$5,310.00"},0]
[198,"LIBRO DE RAYOS X",null,null,"UNID",0,3,3,{"v":1770,"d":"1,770.00 $"},1,2,{"v":3540,"d":"$3,540.00"},{"v":1770,"d":"$1,770.00"}]
[199,"LIBRO RECORD DE REGISTRO ADOLECENTE ",null,null,"UNID",0,1,1,{"v":1800,"d":"1,800.00 $"},1,0,0,{"v":1800,"d":"$1,800.00"}]
[200,"LIQUID PAPER T/L CORRECTOR",null,null,"UNID",2,60,62,{"v":30,"d":"30.00 $"},24,38,{"v":1140,"d":"$1,140.00"},{"v":720,"d":"$720.00"}]
[201,"MARCADORES AZULES ",null,null,"UNID",12,12,24,{"v":30,"d":"30.00 $"},15,9,{"v":270,"d":"$270.00"},{"v":450,"d":"$450.00"}]
[202,"MARCADORES NEGROS ",null,null,"UNID",8,36,44,{"v":30,"d":"30.00 $"},30,14,{"v":420,"d":"$420.00"},{"v":900,"d":"$900.00"}]
[203,"MISTOLIN ",null,null,"GALON",10,72,82,{"v":104,"d":"104.00 $"},30,52,{"v":5408,"d":"$5,408.00"},{"v":3120,"d":"$3,120.00"}]
[204,"PAPEL CARBON 8 1/2*11",null,null,"UNID",1,0,1,{"v":325,"d":"325.00 $"},0,1,{"v":325,"d":"$325.00"},0]
[205,"PAPEL HIGIENICO FARDO 48/1 ",null,null,"UNID",0,480,480,{"v":22.6,"d":"22.60 $"},148,332,{"v":7503.200000000001,"d":"$7,503.20"},{"v":3344.8,"d":"$3,344.80"}]
[206,"PAPEL MANILA NATURAL KRAF",null,null,"UNID",0,3,3,{"v":3916,"d":"3,916.00 $"},0,3,{"v":11748,"d":"$11,748.00"},0]
[207,"PAPEL TOALLA 6/1",null,null,"UNID",0,30,30,{"v":95.38,"d":"95.38 $"},14,16,{"v":1526.08,"d":"$1,526.08"},{"v":1335.32,"d":"$1,335.32"}]
[208,"PERFORADORA 2",null,null,"UNID",0,0,0,{"v":306.08,"d":"306.08 $"},0,0,0,0]
[209,"PERFORADORA 3 ",null,null,"UNID",1,0,1,{"v":631.3,"d":"631.30 $"},0,1,{"v":631.3,"d":"$631.30"},0]
[210,"PILA AA ",null,null,"UNID",0,40,40,{"v":54,"d":"54.00 $"},40,0,0,{"v":2160,"d":"$2,160.00"}]
[211,"PILA AAA",null,null,"UNID",0,32,32,{"v":53,"d":"53.00 $"},32,0,0,{"v":1696,"d":"$1,696.00"}]
[212," PAPEL CON DIVISION 200/1 OPTION",null,null,"CAJA",0,2,2,{"v":1085,"d":"1,085.00 $"},1,1,{"v":1085,"d":"$1,085.00"},{"v":1085,"d":"$1,085.00"}]
[213,"PLATOS",null,null,"FARDO",0,15,15,{"v":1291,"d":"1,291.00 $"},6,9,{"v":11619,"d":"$11,619.00"},{"v":7746,"d":"$7,746.00"}]
[214,"POS-IT 3*3",null,null,"RESMA",0,0,0,{"v":33.63,"d":"33.63 $"},0,0,0,0]
[215,"RECOJEDOR DE BASURA",null,null,"UNID",3,0,3,{"v":109.25,"d":"109.25 $"},0,3,{"v":327.75,"d":"$327.75"},0]
[216,"RESALTADOR ",null,null,"UNID",1,20,21,{"v":39,"d":"39.00 $"},4,17,{"v":663,"d":"$663.00"},{"v":156,"d":"$156.00"}]
[217,"RESMA DE CONTROL DE EXISTENCIA",null,null,"RESMA",0,4,4,{"v":1298,"d":"1,298.00 $"},1,3,{"v":3894,"d":"$3,894.00"},{"v":1298,"d":"$1,298.00"}]
[218,"RESMA HOJA DE MAQUINA 8/2 *11",null,null,"RESMA",10,60,70,{"v":228,"d":"228.00 $"},27,43,{"v":9804,"d":"$9,804.00"},{"v":6156,"d":"$6,156.00"}]
[219,"ROLLO DE PAPEL SUMADORA",null,null,"UNID",0,24,24,{"v":23,"d":"23.00 $"},19,5,{"v":115,"d":"$115.00"},{"v":437,"d":"$437.00"}]
[220,"ROTULO PARA SOLUCION Y MEDICAMENTOS",null,null,"UNID",150,1000,1150,{"v":6.5,"d":"6.50 $"},100,1050,{"v":6825,"d":"$6,825.00"},{"v":650,"d":"$650.00"}]
[221,"SACA GRAPA",null,null,"UNID",0,6,6,{"v":30,"d":"30.00 $"},0,6,{"v":180,"d":"$180.00"},0]
[222,"SACAPUNTA METAL ",null,null,"UNID",0,24,{"$f":"F135+G135","v":24},{"v":15,"d":"15.00 $"},0,{"$f":"H135-J135","v":24},{"$f":"I135*K135","v":{"v":360,"d":"$360.00"}},0]
[223,"SACO DE DETERGENTE",null,null,"UNID",0,3,3,{"v":1100,"d":"1,100.00 $"},3,0,0,{"v":3300,"d":"$3,300.00"}]
[224,"SERVILLETA C-FOLD 24/100 XCELENT",null,null,"UNID",0,48,48,{"v":24.5,"d":"24.50 $"},48,0,0,{"v":1176,"d":"$1,176.00"}]
[225,"SERVILLETAS DE BINGO 60/1",null,null,"UNID",91,96,187,{"v":11.5,"d":"11.50 $"},96,91,{"v":1046.5,"d":"$1,046.50"},{"v":1104,"d":"$1,104.00"}]
[226,"SOBRE CARTA VENTANILLA",null,null,"UNID",0,1000,1000,{"v":1.85,"d":"1.85 $"},100,900,{"v":1665,"d":"$1,665.00"},{"v":185,"d":"$185.00"}]
[227,"SOBRE MANILA 9*12 500 UNID",null,null,"UNID",0,500,500,{"v":13.85,"d":"13.85 $"},100,400,{"v":5540,"d":"$5,540.00"},{"v":1385,"d":"$1,385.00"}]
[228,"SOBRE MANILA 14*17 1000 UNIDAD",null,null,"UNID",1000,0,1000,{"v":13.85,"d":"13.85 $"},75,925,{"v":12811.25,"d":"$12,811.25"},{"v":1038.75,"d":"$1,038.75"}]
[229,"SOBRE MANILA 10*14 DE 500 UNID",null,null,"UNID",390,0,390,{"v":7.1,"d":"7.10 $"},105,285,{"v":2023.5,"d":"$2,023.50"},{"v":745.5,"d":"$745.50"}]
[230,"SOBRE TIMBRADO",null,null,"UNID",0,500,500,{"v":13,"d":"13.00 $"},200,300,{"v":3900,"d":"$3,900.00"},{"$f":"I143*J143","v":{"v":2600,"d":"$2,600.00"}}]
[231,"SUAPER JUMBO",null,null,"GALON",0,16,16,{"v":175,"d":"175.00 $"},14,2,{"v":350,"d":"$350.00"},{"v":2450,"d":"$2,450.00"}]
[232,"SUAVITEL",null,null,"GALON",0,15,15,{"v":148.31,"d":"148.31 $"},5,10,{"v":1483.1,"d":"$1,483.10"},{"v":741.55,"d":"$741.55"}]
[233,"TALONARIO DE PATOLOGIA",null,null,"TALONARIO",0,50,50,{"v":70.8,"d":"70.80 $"},35,15,{"v":1062,"d":"$1,062.00"},{"v":2478,"d":"$2,478.00"}]
[234,"TALONARIO HISTORIA CLINICA EMERGENCIA",null,null,"TALONARIO",0,15,15,{"v":275,"d":"275.00 $"},12,3,{"v":825,"d":"$825.00"},{"v":3300,"d":"$3,300.00"}]
[235,"TALONARIO SOLICITUD DE MEDICAMENTO",null,null,"TALONARIO",5,15,20,{"v":75,"d":"75.00 $"},0,20,{"v":1500,"d":"$1,500.00"},0]
[236,"TALONARIO COPROLOGICO",null,null,"TALONARIO",0,200,200,{"v":88.35,"d":"88.35 $"},98,102,{"v":9011.699999999999,"d":"$9,011.70"},{"v":8658.3,"d":"$8,658.30"}]
[237,"TALALONARIO HEMOGRAMA",null,null,"TALONARIO",0,200,200,{"v":88.35,"d":"88.35 $"},165,35,{"v":3092.25,"d":"$3,092.25"},{"v":14577.749999999998,"d":"$14,577.75"}]
[238,"TALONARIO CONFIMACION DE  QUIRURGICA ",null,null,"TALONARIO",0,5,5,{"v":185,"d":"185.00 $"},0,5,{"v":925,"d":"$925.00"},0]
[239,"TALONARIO LABORATORIO CLINICO",null,null,"TALONARIO",0,200,200,{"v":37,"d":"37.00 $"},135,65,{"v":2405,"d":"$2,405.00"},{"v":4995,"d":"$4,995.00"}]
[240,"TALONARIO PARTOGRAMA",null,"POSPARTO","TALONARIO",0,10,10,{"v":185,"d":"185.00 $"},1,9,{"v":1665,"d":"$1,665.00"},{"v":185,"d":"$185.00"}]
[241,"TALONARIO HISTORAL OPERATORIO",null,null,"TALONARIO",0,4,4,{"v":185,"d":"185.00 $"},0,4,{"v":740,"d":"$740.00"},0]
[242,"TALONARIO URIANALISIS",null,null,"TALONARIO",45,0,45,{"v":53.1,"d":"53.10 $"},21,24,{"v":1274.4,"d":"$1,274.40"},{"v":1115.1000000000001,"d":"$1,115.10"}]
[243,"TALONARIO REQUISICION DE FARMACIA",null,null,"TALONARIO",0,10,10,{"v":413,"d":"413.00 $"},1,9,{"v":3717,"d":"$3,717.00"},{"v":413,"d":"$413.00"}]
[244,"TALONARIO CUIDADO DE ENFERERIA",null,"VIH MEDIA","TALONARIO",0,15,15,{"v":275,"d":"275.00 $"},0,15,{"v":4125,"d":"$4,125.00"},0]
[245,"TALONARIO CONCENTIMIENTO INFORMADO",null,null,"TALONARIO",0,10,10,{"v":756,"d":"756.00 $"},2,8,{"v":6048,"d":"$6,048.00"},{"v":1512,"d":"$1,512.00"}]
[244,"TALONARIO CONCENTIMIENTO CORTO",null,null,"TALONARIO",0,10,10,{"v":266,"d":"266.00 $"},8,2,{"v":532,"d":"$532.00"},{"v":2128,"d":"$2,128.00"}]
[245,"TALONARIO DE CONTROL TEMPERATURA",null,null,"TALONARIO",0,20,20,{"v":294,"d":"294.00 $"},5,15,{"v":4410,"d":"$4,410.00"},{"v":1470,"d":"$1,470.00"}]
[246,"TALONARIO DE CUOTA DE CONTRIBUCION",null,null,"TALONARIO",0,10,10,{"v":185,"d":"185.00 $"},0,10,{"v":1850,"d":"$1,850.00"},0]
[247,"TALONARIO PROTOCOLO ATENCION AL PARTO",null,null,"TALONARIO",0,8,8,{"v":185,"d":"185.00 $"},0,8,{"v":1480,"d":"$1,480.00"},0]
[248,"TALONARIO HOJA DE KARDEX INSUMO",null,null,"TALONARIO",2,10,12,{"v":994,"d":"994.00 $"},9,3,{"v":2982,"d":"$2,982.00"},{"v":8946,"d":"$8,946.00"}]
[249,"TALONARIO SOLICITUD DE ALMACEN",null,null,"TALONARIO",0,50,50,{"v":224,"d":"224.00 $"},0,50,{"v":11200,"d":"$11,200.00"},0]
[250,"TALONARIO SALIDA ALMACEN",null,null,"TALONARIO",0,25,25,{"v":275,"d":"275.00 $"},0,25,{"v":6875,"d":"$6,875.00"},0]
[251,"TAPA DE VASOS #12 CLEA  10/100",null,null,"UNID",1,30,31,{"v":224,"d":"224.00 $"},18,13,{"v":2912,"d":"$2,912.00"},{"v":4032,"d":"$4,032.00"}]
[252,"TARJETA DE CITA",null,null,"UNID",0,500,500,{"v":2.75,"d":"2.75 $"},490,10,{"v":27.5,"d":"$27.50"},{"v":1347.5,"d":"$1,347.50"}]
[253,"TARJETA DE EXPEDIENTE ",null,null,"UNID",0,1000,1000,{"v":4.5,"d":"4.50 $"},700,300,{"v":1350,"d":"$1,350.00"},{"v":3150,"d":"$3,150.00"}]
[254,"TALONARIO RECETARIO NORMAL",null,null,"TALONARIO",0,500,500,{"v":53.65,"d":"53.65 $"},210,290,{"v":15558.5,"d":"$15,558.50"},{"v":11266.5,"d":"$11,266.50"}]
[255,"TIJERAS",null,null,"UNID",2,3,5,{"v":62.54,"d":"62.54 $"},1,4,{"v":250.16,"d":"$250.16"},{"v":62.54,"d":"$62.54"}]
[256,"TINTA PARA SELLO AZUL",null,null,"UNID",0,0,0,{"v":106,"d":"106.00 $"},0,0,0,0]
[257,"TOALLA MICROFIBRA16´´ *16´´",null,null,"PAQU",11,50,61,{"v":49.56,"d":"49.56 $"},34,27,{"v":1338.1200000000001,"d":"$1,338.12"},{"v":1685.04,"d":"$1,685.04"}]
[258,"VASO 12 CAJA 40/25 FOAM",null,null,"PAQU",18,120,138,{"v":53.2,"d":"53.20 $"},84,54,{"v":2872.8,"d":"$2,872.80"},{"v":4468.8,"d":"$4,468.80"}]
[259,"VASO 5",null,null,"PAQU",29,50,79,{"v":55,"d":"55.00 $"},28,51,{"v":2805,"d":"$2,805.00"},{"v":1540,"d":"$1,540.00"}]
[260,"VASOS #7",null,null,"PAQU",0,100,100,{"v":38.94,"d":"38.94 $"},100,0,0,{"v":3894,"d":"$3,894.00"}]
[{"$nulls":9},"TOTAL ALMACEN",null,{"$f":"SUM(L14:L173)","v":{"v":530719.0200000001,"d":"$530,719.02"}}]
[{"$nulls":9},"TOTAL DE COMSUMO",null,{"$f":"SUM(M14:M175)","v":{"v":307914.35,"d":"$307,914.35"}}]

{"sheet":"MAYO","index":4,"n_rows":176,"n_cols":13,"rows_kept":176,"merged":[[10,0,10,3],[11,1,11,3],[72,1,72,2],[81,1,81,2],[110,1,110,3],[141,1,141,3],[142,1,142,3],[143,1,143,3],[152,1,152,3],[153,1,153,3],[157,1,157,3],[165,1,165,3],[166,1,166,3],[168,1,168,3],[169,1,169,3],[172,1,172,3],[173,1,173,3],[174,9,174,10],[175,9,175,10]]}
[]
[]
[]
[]
[{"$nulls":4}," "]
[]
[]
[]
[]
[{"$nulls":10},"2025-05-28"]
["INVENTARIO DE ALMACEN "]
["CODIGO","DESCRIPCION DEL PRODUCTO",null,null,"UNIDAD MEDIDA","CANTIDAD","ENTRADA","TOTAL","PRECIO","SALIDA DE USO MENSUAL","CANTIDAD ACTIVA EN ALMACEN","VALOR TOTAL ACTIVO","VALORDE TOTAL CONSUMO"]
[101,"ACORDEON 10*12 CARTON PIEDRA",null,null,"UNID ",3,null,{"$f":"F13+G13","v":3},{"v":744,"d":"744.00 $"},1,{"$f":"H13-J13","v":2},{"$f":"I13*K13","v":{"v":1488,"d":"$1,488.00"}},{"$f":"I13*J13","v":{"v":744,"d":"$744.00"}}]
[102,"AMBIENTADOR SPRAY",null,null,"UNID ",3,null,{"$f":"F14+G14","v":3},{"v":145,"d":"145.00 $"},2,{"$f":"H14-J14","v":1},{"$f":"I14*K14","v":{"v":145,"d":"$145.00"}},{"$f":"I14*J14","v":{"v":290,"d":"$290.00"}}]
[103,"AGUA BOTELLITAS",null,null,"UNID ",20,80,100,{"v":6.5,"d":"6.50 $"},100,0,0,{"v":650,"d":"$650.00"}]
[104,"AXION EN PASTA",null,null,"UNID ",9,null,9,{"v":116,"d":"116.00 $"},9,0,0,{"v":1044,"d":"$1,044.00"}]
[105,"BAYGON 400ML",null,null,"UNID ",7,null,7,{"v":349,"d":"349.00 $"},4,3,{"v":1047,"d":"$1,047.00"},{"v":1396,"d":"$1,396.00"}]
[106,"BOLIGRAFOS AZULES",null,null,"UNID ",77,120,197,{"v":10.1,"d":"10.10 $"},42,155,{"v":1565.5,"d":"$1,565.50"},{"v":424.2,"d":"$424.20"}]
[107,"BOLIGRAFOS NEGROS",null,null,"UNID ",52,null,52,{"v":7,"d":"7.00 $"},2,50,{"v":350,"d":"$350.00"},{"v":14,"d":"$14.00"}]
[108,"BOLIGRAFOS ROJOS",null,null,"UNID ",112,null,112,{"v":7,"d":"7.00 $"},0,112,{"v":784,"d":"$784.00"},0]
[109,"BOLIGRAFOS VERDES",null,null,"UNID ",10,null,10,{"v":10,"d":"10.00 $"},1,9,{"v":90,"d":"$90.00"},{"v":10,"d":"$10.00"}]
[110,"BORRANTE DE LECHE ",null,null,"UNID ",9,null,9,{"v":8,"d":"8.00 $"},0,9,{"v":72,"d":"$72.00"},0]
[111,"BRILLO GRUESO 12/1 PROMANO",null,null,"UNID ",31,null,31,{"v":69.6,"d":"69.60 $"},5,26,{"v":1809.6,"d":"$1,809.60"},{"v":348,"d":"$348.00"}]
[112,"BRILLO GRIS",null,null,"UNID ",5,null,5,{"v":69.6,"d":"69.60 $"},5,0,0,{"v":348,"d":"$348.00"}]
[113,"BRILLO VERDE Y ESPONJA",null,null,"UNID ",28,null,28,{"v":57.8,"d":"57.80 $"},5,23,{"v":1329.3999999999999,"d":"$1,329.40"},{"v":289,"d":"$289.00"}]
[114,"CAJA PLASTICAS DE 27 GL NEGRA",null,null,"UNID",8,null,8,{"v":1350,"d":"1,350.00 $"},1,7,{"v":9450,"d":"$9,450.00"},{"v":1350,"d":"$1,350.00"}]
[115,"CAJITA DE GRAPAS ESTÁNDAR 26/6",null,null,"UNID",19,null,19,{"v":47.17,"d":"47.17 $"},9,10,{"v":471.70000000000005,"d":"$471.70"},{"v":424.53000000000003,"d":"$424.53"}]
[116,"CALCULADORA",null,null,"UNID",3,null,3,{"v":359.9,"d":"359.90 $"},0,3,{"v":1079.6999999999998,"d":"$1,079.70"},0]
[117,"CARPETA NEGRA  #1",null,null,"UNID",5,null,5,{"v":469,"d":"469.00 $"},0,{"$f":"H29-J29","v":5},{"v":2345,"d":"$2,345.00"},0]
[118,"CARPETA NEGRA # 2",null,null,"UNID",3,null,3,{"v":178.2,"d":"178.20 $"},0,3,{"v":534.5999999999999,"d":"$534.60"},0]
[119,"CARPETAS  # 3",null,null,"UNID",2,null,2,{"v":147.5,"d":"147.50 $"},0,2,{"v":295,"d":"$295.00"},0]
[120,"CARPETAS # 4",null,null,"UNID",0,null,0,{"v":224.2,"d":"224.20 $"},0,0,0,0]
[121,"CEPILLO DE INODORO",null,null,"UNID",2,null,2,{"v":159.3,"d":"159.30 $"},0,2,{"v":318.6,"d":"$318.60"},0]
[122,"CERA PARA CONTAR",null,null,"UNID",10,null,10,{"v":60,"d":"60.00 $"},0,10,{"v":600,"d":"$600.00"},0]
[123,"CINTA MASKING TAPE 3/4 VISIBLE",null,null,"UNID",38,null,38,{"v":75,"d":"75.00 $"},0,38,{"v":2850,"d":"$2,850.00"},0]
[124,"CINTA DE EMPAQUE ",null,null,"UNID",12,null,12,{"v":47.2,"d":"47.20 $"},1,11,{"v":519.2,"d":"$519.20"},{"v":47.2,"d":"$47.20"}]
[125,"CINTA MAGICA SUMADORA",null,null,"UNID",2,null,2,{"v":76.7,"d":"76.70 $"},0,2,{"v":153.4,"d":"$153.40"},0]
[126," CLIPS JUMBO",null,null,"UNID",28,null,28,{"v":38,"d":"38.00 $"},12,16,{"v":608,"d":"$608.00"},{"v":456,"d":"$456.00"}]
[127,"CINTA MASKING TAPE CREMA",null,null,"UNID",20,null,20,{"v":46,"d":"46.00 $"},11,9,{"v":414,"d":"$414.00"},{"v":506,"d":"$506.00"}]
[128,"CUBO PLATICOS DE AGUJA DESECHABLES",null,null,"UNID",7,null,7,{"v":50,"d":"50.00 $"},6,1,{"v":50,"d":"$50.00"},{"v":300,"d":"$300.00"}]
[129,"CLIPS BILLETERO 32 MM 12/1",null,null,"UNID",36,null,36,{"v":123.9,"d":"123.90 $"},0,36,{"v":4460.400000000001,"d":"$4,460.40"},0]
[130,"CLIPS BILLETERO 41 MM 12/1",null,null,"UNID",27,null,27,{"v":171.1,"d":"171.10 $"},0,27,{"v":4619.7,"d":"$4,619.70"},0]
[131,"CLIPS BILLETERO 51 MM 12/1",null,null,"UNID",24,null,24,{"v":230.1,"d":"230.10 $"},0,24,{"v":5522.4,"d":"$5,522.40"},0]
[132,"CLIPS PEQUEÑO",null,null,"UNID",2,null,2,{"v":19,"d":"19.00 $"},0,2,{"v":38,"d":"$38.00"},0]
[133,"CLORO",null,null,"GALON",17,12,29,{"v":68.64,"d":"68.64 $"},18,11,{"v":755.04,"d":"$755.04"},{"v":1235.52,"d":"$1,235.52"}]
[134,"CONTROL DE LIQUIDO(ENFERMERIA)",null,null,"TALONARIO",11,null,11,{"v":1200,"d":"1,200.00 $"},null,11,{"v":13200,"d":"$13,200.00"},0]
[135,"CUADERNOS COCIDOS",null,null,"UNID",14,null,14,{"v":53,"d":"53.00 $"},3,11,{"v":583,"d":"$583.00"},{"v":159,"d":"$159.00"}]
[136,"CUCHARA 25/1",null,null,"CAJA",2,null,2,{"v":629,"d":"629.00 $"},2,0,0,{"v":1258,"d":"$1,258.00"}]
[137,"ESCOBA C/PALO",null,null,"UNID",4,null,4,{"v":133,"d":"133.00 $"},1,3,{"v":399,"d":"$399.00"},{"v":133,"d":"$133.00"}]
[138," FOLDER AMARILLO OFICINA",null,null,"UNID",273,300,{"$f":"F50+G50","v":573},{"v":2.33,"d":"2.33 $"},271,302,{"v":703.66,"d":"$703.66"},{"v":631.4300000000001,"d":"$631.43"}]
[139," FOLDER VERDE 8 1/2 X 11",null,null,"UNID",365,null,365,{"v":4.95,"d":"4.95 $"},205,160,{"v":792,"d":"$792.00"},{"v":1014.75,"d":"$1,014.75"}]
[140," FUNDA NEGRA 17 GL PEQUEÑA",null,null,"PAQ",32,null,32,{"v":72,"d":"72.00 $"},14,18,{"v":1296,"d":"$1,296.00"},{"v":1008,"d":"$1,008.00"}]
[141,"FUNDA  NEGRA #6",null,null,"PAQ",34,null,34,{"v":36.58,"d":"36.58 $"},0,34,{"v":1243.72,"d":"$1,243.72"},0]
[142,"FUNDA  ROJA #2",null,null,"PAQ",29,null,29,{"v":20,"d":"20.00 $"},2,27,{"v":540,"d":"$540.00"},{"v":40,"d":"$40.00"}]
[143,"FUNDA AZULES #4",null,null,"PAQ",37,null,37,{"v":26,"d":"26.00 $"},0,37,{"v":962,"d":"$962.00"},0]
[144,"FUNDA NEGRA  MEDIANA 30 GL",null,null,"PAQ",7,8,15,{"v":1080,"d":"1,080.00 $"},11,4,{"v":4320,"d":"$4,320.00"},{"v":11880,"d":"$11,880.00"}]
[145,"FUNDA NEGRA GRANDE 55 GL",null,null,"PAQ",5,null,5,{"v":616,"d":"616.00 $"},3,2,{"v":1232,"d":"$1,232.00"},{"v":1848,"d":"$1,848.00"}]
[146,"FUNDA ROJA  PEQUENAS 17 GL",null,null,"PAQ",8,null,8,{"v":240,"d":"240.00 $"},4,4,{"v":960,"d":"$960.00"},{"v":960,"d":"$960.00"}]
[147,"FUNDA ROJA GRANDE 55 gl",null,null,"UNID",5,null,5,{"v":1030.1,"d":"1,030.10 $"},3,2,{"v":2060.2,"d":"$2,060.20"},{"v":3090.2999999999997,"d":"$3,090.30"}]
[148,"FUNDA ROJA MEDIANA 30 GL",null,null,"PAQ",1,null,1,{"v":450.36,"d":"450.36 $"},1,0,0,{"v":450.36,"d":"$450.36"}]
[149,"GALON JABON LIQUIDO DE MANO",null,null,"GALON",1,null,1,{"v":171.1,"d":"171.10 $"},1,0,0,{"v":171.1,"d":"$171.10"}]
[150,"GANCHOS P/FOLDER MH",null,null,"CAJA",11,null,11,{"v":141.6,"d":"141.60 $"},1,10,{"v":1416,"d":"$1,416.00"},{"v":141.6,"d":"$141.60"}]
[151,"GALON JABON DE CUABA",null,null,"GALON",2,null,2,{"v":165.25,"d":"165.25 $"},1,1,{"v":165.25,"d":"$165.25"},{"v":165.25,"d":"$165.25"}]
[152,"GOMITAS",null,null,"CAJA",10,null,10,{"v":45,"d":"45.00 $"},3,7,{"v":315,"d":"$315.00"},{"v":135,"d":"$135.00"}]
[153,"GRAPADORA NEGRA",null,null,"CAJA",5,null,5,{"v":320,"d":"320.00 $"},1,4,{"v":1280,"d":"$1,280.00"},{"v":320,"d":"$320.00"}]
[154,"GUANTES MULTIUSOS",null,null,"UNID",12,null,12,{"v":666.36,"d":"666.36 $"},0,12,{"v":7996.32,"d":"$7,996.32"},0]
[155,"HISTORIA CLINICA PERINATAL",null,null,"TALONARIO",11,null,11,{"v":1298,"d":"1,298.00 $"},1,10,{"v":12980,"d":"$12,980.00"},{"v":1298,"d":"$1,298.00"}]
[156," HOJA DE ANOTACION ENFERMERIA",null,null,"RESMA",20,null,20,{"v":826,"d":"826.00 $"},12,8,{"v":6608,"d":"$6,608.00"},{"v":9912,"d":"$9,912.00"}]
[157,"HOJA DE ADMICION ",null,null,"RESMA",5,null,5,{"v":165,"d":"165.00 $"},0,5,{"v":825,"d":"$825.00"},0]
[158,"HOJA DE ATENCION DIARIA",null,null,"TALONARIO",3,null,3,{"v":994,"d":"994.00 $"},0,3,{"v":2982,"d":"$2,982.00"},0]
[159,"HOJA DE CERTIFICACION",null,null,"RESMA",2,null,2,{"v":1475,"d":"1,475.00 $"},0,2,{"v":2950,"d":"$2,950.00"},0]
[160,"HOJA DE CONSULTA EXTERNA ",null,null,"TALONARIO",0,null,0,{"v":994,"d":"994.00 $"},0,0,0,0]
[161,"HOJA PACIENTE  DIETA",null,null,"TALONARIO",4,null,4,{"v":800,"d":"800.00 $"},0,4,{"v":3200,"d":"$3,200.00"},0]
[162,"HOJA DE DIRECCION DE ENFERMERIA",null,null,"TALONARIO",0,null,0,{"v":994,"d":"994.00 $"},null,0,0,0]
[163,"HOJA DE ENFER EN AREA EMERGENCIA FO63",null,null,"TALONARIO",20,null,20,{"v":994,"d":"994.00 $"},0,20,{"v":19880,"d":"$19,880.00"},0]
[164,"HOJA DE ENFERMERIA",null,null,"TALONARIO",8,null,8,{"v":1298,"d":"1,298.00 $"},0,8,{"v":10384,"d":"$10,384.00"},0]
[165,"HOJA DE EVOLUCION ",null,null,"TALONARIO",7,null,7,{"v":294,"d":"294.00 $"},0,7,{"v":2058,"d":"$2,058.00"},0]
[166,"HOJA DE ANESTESIA",null,null,"TALONARIO",5,null,{"$f":"F78+G78","v":5},{"v":185,"d":"185.00 $"},2,{"$f":"H78-J78","v":3},{"$f":"I78*K78","v":{"v":555,"d":"$555.00"}},{"$f":"I78*J78","v":{"v":370,"d":"$370.00"}}]
[167,"HOJA DE HISTORIAL CLINICO",null,null,"TALONARIO",46,null,46,{"v":195,"d":"195.00 $"},0,46,{"v":8970,"d":"$8,970.00"},0]
[168,"HOJA D KARDEX D MEDICAMENTO SOLUCIONES",null,null,"TALONARIO",17,null,17,{"v":1298,"d":"1,298.00 $"},0,17,{"v":22066,"d":"$22,066.00"},0]
[169,"HOJA DE REFERENCIA Y CONTRA REFERENCIA",null,null,"TALONARIO",10,null,10,{"v":826,"d":"826.00 $"},0,10,{"v":8260,"d":"$8,260.00"},0]
[170,"HOJA  REGISTRO DIARIO CONSULTA EXTERNA ",null,null,"TALONARIO",0,null,0,{"v":1711,"d":"1,711.00 $"},0,0,0,0]
[171,"HOJA  RESUMEN MEDICO DE EGRESO",null,null,"RESMA",3,null,3,{"v":826,"d":"826.00 $"},0,3,{"v":2478,"d":"$2,478.00"},0]
[172,"HOJA  SEGURIDAD CIRUGIA",null,null,"RESMA",2,null,2,{"v":1475,"d":"1,475.00 $"},0,2,{"v":2950,"d":"$2,950.00"},0]
[173,"HOJA DESIGNOGRAMA ENFERM",null,null,"RESMA",3,null,3,{"v":994,"d":"994.00 $"},0,3,{"v":2982,"d":"$2,982.00"},0]
[174,"HOJA KARDEX MED INTERNA  INSUMOS",null,null,"TALONARIO",9,null,9,{"v":994,"d":"994.00 $"},0,9,{"v":8946,"d":"$8,946.00"},0]
[175,"HOJA LEGAL 8 1/2*14 RESMA",null,null,"RESMA",0,3,3,{"v":348,"d":"348.00 $"},2,1,{"v":348,"d":"$348.00"},{"v":696,"d":"$696.00"}]
[176,"HOJA ORDEN MEDICA",null,null,"TALONARIO",28,null,28,{"v":800,"d":"800.00 $"},0,28,{"v":22400,"d":"$22,400.00"},0]
[177,"HOJA  HISTORIAL OPERATORIO",null,null,"TALONARIO",4,null,4,{"v":1299,"d":"1,299.00 $"},0,4,{"v":5196,"d":"$5,196.00"},0]
[178,"HOJA SIGNOS VITALES ",null,null,"TALONARIO",10,null,10,{"v":1200,"d":"1,200.00 $"},0,10,{"v":12000,"d":"$12,000.00"},0]
[179,"TALONARIO FORMULARIO ENF AREA EMER FO48",null,null,"TALONARIO",20,null,20,{"v":994,"d":"994.00 $"},10,10,{"v":9940,"d":"$9,940.00"},{"v":9940,"d":"$9,940.00"}]
[180,"TALONARIOS DE COMBUSTIBLE",null,null,"TALONARIO",10,null,10,{"v":994,"d":"994.00 $"},10,0,0,{"v":9940,"d":"$9,940.00"}]
[181,"HOJAS TIMBRADA",null,null,"RESMA",3,null,3,{"v":1350,"d":"1,350.00 $"},0,3,{"v":4050,"d":"$4,050.00"},0]
[182,"HOJA DE CONFIRMACION DE CIRUGIA",null,null,"RESMA",1,null,1,{"v":1298,"d":"1,298.00 $"},0,1,{"v":1298,"d":"$1,298.00"},0]
[183,"LABELSP/FOLDER",null,null,"UNID",5,null,5,{"v":112.1,"d":"112.10 $"},0,5,{"v":560.5,"d":"$560.50"},0]
[184,"LAPIZ",null,null,"UNID",35,null,35,{"v":10,"d":"10.00 $"},0,35,{"v":350,"d":"$350.00"},0]
[185,"LIBRO BANCO VENTA SERVICIOS",null,null,"UNID",1,null,1,{"v":2360,"d":"2,360.00 $"},0,1,{"v":2360,"d":"$2,360.00"},0]
[186,"LIBRO DE ANOTACIONES ENFERMERIA",null,null,"UNID",0,null,0,{"v":826,"d":"826.00 $"},0,0,0,0]
[187,"LIBRO DE EMERGENCIA",null,null,"UNID",2,null,2,{"v":2360,"d":"2,360.00 $"},0,2,{"v":4720,"d":"$4,720.00"},0]
[188,"LIBRO DE LABORATORIO PACIENTE",null,null,"UNID",3,null,3,{"v":1170,"d":"1,170.00 $"},1,2,{"v":2340,"d":"$2,340.00"},{"v":1170,"d":"$1,170.00"}]
[189,"LIBRO DE CONTROL DE PARASITOLOGIA COPROLOGICO",null,null,"UNID",2,null,2,{"v":1170,"d":"1,170.00 $"},0,2,{"v":2340,"d":"$2,340.00"},0]
[190,"LIBRO DE PARTO Y NACIMIENTO",null,null,"UNID",3,null,3,{"v":1170,"d":"1,170.00 $"},0,3,{"v":3510,"d":"$3,510.00"},0]
[191,"LIBRO  DE CIRUGIA",null,null,"UNID",3,null,3,{"v":1170,"d":"1,170.00 $"},0,3,{"v":3510,"d":"$3,510.00"},0]
[192,"LIBRO DE CONS REGISTRO VIH",null,null,"UNID",0,null,0,{"v":1770,"d":"1,770.00 $"},0,0,0,0]
[193,"LIBRO DE SEROLOGIA",null,null,"UNID",3,null,3,{"v":2360,"d":"2,360.00 $"},0,3,{"v":7080,"d":"$7,080.00"},0]
[194,"LIBRO DE URIANALISIS",null,null,"UNID",2,null,2,{"v":2360,"d":"2,360.00 $"},0,2,{"v":4720,"d":"$4,720.00"},0]
[195,"LIBRO HEMATOLOGIA",null,null,"UNID",2,null,2,{"v":2000,"d":"2,000.00 $"},0,2,{"v":4000,"d":"$4,000.00"},0]
[196,"LIBRO QUIMICO",null,null,"UNID",2,null,2,{"v":2360,"d":"2,360.00 $"},0,2,{"v":4720,"d":"$4,720.00"},0]
[197,"LIBRO INTERNAMIENTO",null,null,"UNID",3,null,3,{"v":1770,"d":"1,770.00 $"},0,3,{"v":5310,"d":"$5,310.00"},0]
[198,"LIBRO DE RAYOS X",null,null,"UNID",2,null,2,{"v":1770,"d":"1,770.00 $"},0,2,{"v":3540,"d":"$3,540.00"},0]
[199,"LIBRO RECORD DE REGISTRO ADOLECENTE ",null,null,"UNID",0,null,0,{"v":1800,"d":"1,800.00 $"},0,0,0,0]
[200,"LIQUID PAPER T/L CORRECTOR",null,null,"UNID",38,null,38,{"v":30,"d":"30.00 $"},7,31,{"v":930,"d":"$930.00"},{"v":210,"d":"$210.00"}]
[201,"MARCADORES AZULES ",null,null,"UNID",9,null,9,{"v":30,"d":"30.00 $"},1,8,{"v":240,"d":"$240.00"},{"v":30,"d":"$30.00"}]
[202,"MARCADORES NEGROS ",null,null,"UNID",14,null,14,{"v":30,"d":"30.00 $"},2,12,{"v":360,"d":"$360.00"},{"v":60,"d":"$60.00"}]
[203,"MISTOLIN ",null,null,"GALON",34,null,34,{"v":104,"d":"104.00 $"},23,11,{"v":1144,"d":"$1,144.00"},{"v":2392,"d":"$2,392.00"}]
[204,"PAPEL CARBON 8 1/2*11",null,null,"UNID",1,null,1,{"v":325,"d":"325.00 $"},0,1,{"v":325,"d":"$325.00"},0]
[205,"PAPEL HIGIENICO FARDO 48/1 ",null,null,"UNID",332,null,332,{"v":22.6,"d":"22.60 $"},155,177,{"v":4000.2000000000003,"d":"$4,000.20"},{"v":3503,"d":"$3,503.00"}]
[206,"PAPEL MANILA NATURAL KRAF",null,null,"UNID",3,null,3,{"v":3916,"d":"3,916.00 $"},1,2,{"v":7832,"d":"$7,832.00"},{"v":3916,"d":"$3,916.00"}]
[207,"PAPEL TOALLA 6/1",null,null,"UNID",16,null,16,{"v":95.38,"d":"95.38 $"},16,0,0,{"v":1526.08,"d":"$1,526.08"}]
[208,"PERFORADORA 2",null,null,"UNID",0,null,0,{"v":306.08,"d":"306.08 $"},0,0,0,0]
[209,"PERFORADORA 3 ",null,null,"UNID",1,null,1,{"v":631.3,"d":"631.30 $"},0,1,{"v":631.3,"d":"$631.30"},0]
[210,"PILA AA ",null,null,"UNID",0,null,0,{"v":54,"d":"54.00 $"},0,0,0,0]
[211,"PILA AAA",null,null,"UNID",0,null,0,{"v":53,"d":"53.00 $"},0,0,0,0]
[212," PAPEL CON DIVISION 200/1 OPTION",null,null,"CAJA",1,null,1,{"v":1085,"d":"1,085.00 $"},0,1,{"v":1085,"d":"$1,085.00"},0]
[213,"PLATOS",null,null,"FARDO",9,null,9,{"v":1291,"d":"1,291.00 $"},8,1,{"v":1291,"d":"$1,291.00"},{"v":10328,"d":"$10,328.00"}]
[214,"POS-IT 3*3",null,null,"RESMA",0,null,0,{"v":33.63,"d":"33.63 $"},0,0,0,0]
[215,"RECOJEDOR DE BASURA",null,null,"UNID",3,null,3,{"v":109.25,"d":"109.25 $"},1,2,{"v":218.5,"d":"$218.50"},{"v":109.25,"d":"$109.25"}]
[216,"RESALTADOR ",null,null,"UNID",17,null,17,{"v":39,"d":"39.00 $"},0,17,{"v":663,"d":"$663.00"},0]
[217,"RESMA DE CONTROL DE EXISTENCIA",null,null,"RESMA",3,null,3,{"v":1298,"d":"1,298.00 $"},null,3,{"v":3894,"d":"$3,894.00"},0]
[218,"RESMA HOJA DE MAQUINA 8/2 *11",null,null,"RESMA",33,50,83,{"v":228,"d":"228.00 $"},60,23,{"v":5244,"d":"$5,244.00"},{"v":13680,"d":"$13,680.00"}]
[219,"ROLLO DE PAPEL SUMADORA",null,null,"UNID",5,null,5,{"v":23,"d":"23.00 $"},3,2,{"v":46,"d":"$46.00"},{"v":69,"d":"$69.00"}]
[220,"ROTULO PARA SOLUCION Y MEDICAMENTOS",null,null,"UNID",1050,null,1050,{"v":6.5,"d":"6.50 $"},0,1050,{"v":6825,"d":"$6,825.00"},0]
[221,"SACA GRAPA",null,null,"UNID",6,null,6,{"v":30,"d":"30.00 $"},0,6,{"v":180,"d":"$180.00"},0]
[222,"SACAPUNTA METAL ",null,null,"UNID",24,null,24,{"v":15,"d":"15.00 $"},0,24,{"v":360,"d":"$360.00"},0]
[223,"SACO DE DETERGENTE",null,null,"UNID",0,1,1,{"v":1100,"d":"1,100.00 $"},1,0,0,{"v":1100,"d":"$1,100.00"}]
[224,"SERVILLETA C-FOLD 24/100 XCELENT",null,null,"UNID",null,48,48,{"v":24.5,"d":"24.50 $"},36,12,{"v":294,"d":"$294.00"},{"v":882,"d":"$882.00"}]
[225,"SERVILLETAS DE BINGO 60/1",null,null,"UNID",91,null,91,{"v":11.5,"d":"11.50 $"},71,20,{"v":230,"d":"$230.00"},{"v":816.5,"d":"$816.50"}]
[226,"SOBRE CARTA VENTANILLA",null,null,"UNID",900,null,900,{"v":1.85,"d":"1.85 $"},0,900,{"v":1665,"d":"$1,665.00"},0]
[227,"SOBRE MANILA 9*12 500 UNID",null,null,"UNID",400,null,400,{"v":13.85,"d":"13.85 $"},0,400,{"v":5540,"d":"$5,540.00"},0]
[228,"SOBRE MANILA 14*17 1000 UNIDAD",null,null,"UNID",925,null,925,{"v":13.85,"d":"13.85 $"},0,925,{"v":12811.25,"d":"$12,811.25"},0]
[229,"SOBRE MANILA 10*14 DE 500 UNID",null,null,"UNID",285,null,285,{"v":7.1,"d":"7.10 $"},0,285,{"v":2023.5,"d":"$2,023.50"},0]
[230,"SOBRE TIMBRADO",null,null,"UNID",300,null,{"$f":"F142+G142","v":300},{"v":13,"d":"13.00 $"},null,{"$f":"H142-J142","v":300},{"$f":"I142*K142","v":{"v":3900,"d":"$3,900.00"}},{"$f":"I142*J142","v":0}]
[231,"SUAPER JUMBO",null,null,"GALON",2,null,2,{"v":175,"d":"175.00 $"},2,0,0,{"v":350,"d":"$350.00"}]
[232,"SUAVITEL",null,null,"GALON",10,null,10,{"v":148.31,"d":"148.31 $"},4,6,{"v":889.86,"d":"$889.86"},{"v":593.24,"d":"$593.24"}]
[233,"TALONARIO DE PATOLOGIA",null,null,"TALONARIO",15,null,15,{"v":70.8,"d":"70.80 $"},2,13,{"v":920.4,"d":"$920.40"},{"v":141.6,"d":"$141.60"}]
[234,"TALONARIO HISTORIA CLINICA EMERGENCIA",null,null,"TALONARIO",3,null,3,{"v":275,"d":"275.00 $"},3,0,0,{"v":825,"d":"$825.00"}]
[235,"TALONARIO SOLICITUD DE MEDICAMENTO",null,null,"TALONARIO",20,null,20,{"v":75,"d":"75.00 $"},11,9,{"v":675,"d":"$675.00"},{"v":825,"d":"$825.00"}]
[236,"TALONARIO COPROLOGICO",null,null,"TALONARIO",105,null,105,{"v":88.35,"d":"88.35 $"},0,105,{"v":9276.75,"d":"$9,276.75"},0]
[237,"TALALONARIO HEMOGRAMA",null,null,"TALONARIO",35,null,35,{"v":88.35,"d":"88.35 $"},15,20,{"v":1767,"d":"$1,767.00"},{"v":1325.25,"d":"$1,325.25"}]
[238,"TALONARIO CONFIMACION DE  QUIRURGICA ",null,null,"TALONARIO",5,null,5,{"v":185,"d":"185.00 $"},0,5,{"v":925,"d":"$925.00"},0]
[239,"TALONARIO LABORATORIO CLINICO",null,null,"TALONARIO",50,null,50,{"v":37,"d":"37.00 $"},26,24,{"v":888,"d":"$888.00"},{"v":962,"d":"$962.00"}]
[240,"TALONARIO PARTOGRAMA POSPARTO",null,null,"TALONARIO",9,null,9,{"v":185,"d":"185.00 $"},0,9,{"v":1665,"d":"$1,665.00"},0]
[241,"TALONARIO HISTORIAL OPERATORIO",null,null,"RESMA",4,null,4,{"v":185,"d":"185.00 $"},0,4,{"v":740,"d":"$740.00"},0]
[242,"TALONARIO URIANALISIS",null,null,"TALONARIO",24,null,24,{"v":53.1,"d":"53.10 $"},10,14,{"v":743.4,"d":"$743.40"},{"v":531,"d":"$531.00"}]
[243,"TALONARIO REQUISICION DE FARMACIA",null,null,"TALONARIO",9,null,9,{"v":413,"d":"413.00 $"},0,9,{"v":3717,"d":"$3,717.00"},0]
[244,"TALONARIO CUIDADO DE ENFERERIA VIH MEDIA",null,null,"TALONARIO",15,null,15,{"v":275,"d":"275.00 $"},0,15,{"v":4125,"d":"$4,125.00"},0]
[245,"TALONARIO CONCENTIMIENTO INFORMADO",null,null,"TALONARIO",27,null,27,{"v":756,"d":"756.00 $"},0,27,{"v":20412,"d":"$20,412.00"},0]
[244,"TALONARIO CONCENTIMIENTO CORTO",null,null,"TALONARIO",2,null,2,{"v":266,"d":"266.00 $"},0,2,{"v":532,"d":"$532.00"},0]
[245,"TALONARIO DE CONTROL TEMPERATURA",null,null,"TALONARIO",15,null,15,{"v":294,"d":"294.00 $"},0,15,{"v":4410,"d":"$4,410.00"},0]
[246,"TALONARIO DE CUOTA DE CONTRIBUCION",null,null,"TALONARIO",10,null,10,{"v":185,"d":"185.00 $"},0,10,{"v":1850,"d":"$1,850.00"},0]
[247,"TALONARIO PROTOCOLO ATENCION AL PARTO",null,null,"TALONARIO",8,null,8,{"v":185,"d":"185.00 $"},0,8,{"v":1480,"d":"$1,480.00"},0]
[248,"TALONARIO HOJA DE KARDEX INSUMO",null,null,"TALONARIO",10,null,10,{"v":994,"d":"994.00 $"},1,9,{"v":8946,"d":"$8,946.00"},{"v":994,"d":"$994.00"}]
[249,"TALONARIO SOLICITUD DE ALMACEN",null,null,"TALONARIO",48,null,48,{"v":224,"d":"224.00 $"},0,48,{"v":10752,"d":"$10,752.00"},0]
[250,"TALONARIO SALIDA ALMACEN",null,null,"TALONARIO",7,null,7,{"v":275,"d":"275.00 $"},0,7,{"v":1925,"d":"$1,925.00"},0]
[251,"TAPA DE VASOS #12 CLEA  10/100",null,null,"UNID",6,10,16,{"v":224,"d":"224.00 $"},5,11,{"v":2464,"d":"$2,464.00"},{"v":1120,"d":"$1,120.00"}]
[252,"TARJETA DE CITA",null,null,"UNID",2035,null,2035,{"v":2.75,"d":"2.75 $"},580,1455,{"v":4001.25,"d":"$4,001.25"},{"v":1595,"d":"$1,595.00"}]
[253,"TARJETA DE EXPEDIENTE ",null,null,"UNID",300,null,300,{"v":4.5,"d":"4.50 $"},0,300,{"v":1350,"d":"$1,350.00"},0]
[254,"TALONARIO RECETARIO NORMAL",null,null,"TALONARIO",248,null,248,{"v":53.65,"d":"53.65 $"},36,212,{"v":11373.8,"d":"$11,373.80"},{"v":1931.3999999999999,"d":"$1,931.40"}]
[255,"TIJERAS",null,null,"UNID",4,null,4,{"v":62.54,"d":"62.54 $"},1,3,{"v":187.62,"d":"$187.62"},{"v":62.54,"d":"$62.54"}]
[256,"TINTA PARA SELLO AZUL",null,null,"UNID",2,null,2,{"v":106,"d":"106.00 $"},1,1,{"v":106,"d":"$106.00"},{"v":106,"d":"$106.00"}]
[257,"TOALLA MICROFIBRA16´´ *16´´",null,null,"PAQU",28,null,28,{"v":49.56,"d":"49.56 $"},4,24,{"v":1189.44,"d":"$1,189.44"},{"v":198.24,"d":"$198.24"}]
[258,"VASO 12 CAJA 40/25 FOAM",null,null,"PAQU",33,40,73,{"v":53.2,"d":"53.20 $"},20,53,{"v":2819.6000000000004,"d":"$2,819.60"},{"v":1064,"d":"$1,064.00"}]
[259,"VASO 5",null,null,"PAQU",51,null,51,{"v":55,"d":"55.00 $"},22,29,{"v":1595,"d":"$1,595.00"},{"v":1210,"d":"$1,210.00"}]
[260,"VASOS #7",null,null,"PAQU",0,50,50,{"v":38.94,"d":"38.94 $"},33,17,{"v":661.98,"d":"$661.98"},{"v":1285.02,"d":"$1,285.02"}]
[{"$nulls":9},"TOTAL ALMACEN",null,{"$f":"SUM(L13:L172)","v":{"v":468459.76,"d":"$468,459.76"}}]
[{"$nulls":9},"TOTAL DE COMSUMO",null,{"$f":"SUM(M13:M174)","v":{"v":120349.36,"d":"$120,349.36"}}]

{"sheet":"JUNIO","index":5,"n_rows":174,"n_cols":13,"rows_kept":174,"merged":[[8,0,8,3],[9,1,9,3],[70,1,70,2],[79,1,79,2],[108,1,108,3],[139,1,139,3],[140,1,140,3],[141,1,141,3],[150,1,150,3],[151,1,151,3],[155,1,155,3],[163,1,163,3],[164,1,164,3],[166,1,166,3],[167,1,167,3],[170,1,170,3],[171,1,171,3],[172,9,172,10],[173,9,173,10]]}
[]
[]
[{"$nulls":4}," "]
[]
[]
[]
[]
[{"$nulls":10},"2025-06-30"]
["INVENTARIO DE ALMACEN "]
["CODIGO","DESCRIPCION DEL PRODUCTO",null,null,"UNIDAD MEDIDA","CANTIDAD","ENTRADA","TOTAL","PRECIO","SALIDA DE USO MENSUAL","CANTIDAD ACTIVA EN ALMACEN","VALOR TOTAL ACTIVO","VALORDE TOTAL CONSUMO"]
[101,"ACORDEON 10*12 CARTON PIEDRA",null,null,"UNID ",1,4,{"$f":"F11+G11","v":5},{"v":744,"d":"744.00 $"},1,{"$f":"H11-J11","v":4},{"$f":"I11*K11","v":{"v":2976,"d":"$2,976.00"}},{"$f":"I11*J11","v":{"v":744,"d":"$744.00"}}]
[102,"AMBIENTADOR SPRAY",null,null,"UNID ",1,37,{"$f":"F12+G12","v":38},{"v":145,"d":"145.00 $"},13,{"$f":"H12-J12","v":25},{"$f":"I12*K12","v":{"v":3625,"d":"$3,625.00"}},{"$f":"I12*J12","v":{"v":1885,"d":"$1,885.00"}}]
[103,"AGUA BOTELLITAS",null,null,"UNID ",0,340,340,{"v":6.5,"d":"6.50 $"},180,160,{"v":1040,"d":"$1,040.00"},{"v":1170,"d":"$1,170.00"}]
[104,"AXION EN PASTA",null,null,"UNID ",6,21,27,{"v":116,"d":"116.00 $"},13,14,{"v":1624,"d":"$1,624.00"},{"v":1508,"d":"$1,508.00"}]
[105,"BAYGON 400ML",null,null,"UNID ",3,12,15,{"v":349,"d":"349.00 $"},6,9,{"v":3141,"d":"$3,141.00"},{"v":2094,"d":"$2,094.00"}]
[106,"BOLIGRAFOS AZULES",null,null,"UNID ",155,72,227,{"v":10.1,"d":"10.10 $"},60,167,{"v":1686.7,"d":"$1,686.70"},{"v":606,"d":"$606.00"}]
[107,"BOLIGRAFOS NEGROS",null,null,"UNID ",50,null,50,{"v":7,"d":"7.00 $"},0,50,{"v":350,"d":"$350.00"},0]
[108,"BOLIGRAFOS ROJOS",null,null,"UNID ",112,null,112,{"v":7,"d":"7.00 $"},0,112,{"v":784,"d":"$784.00"},0]
[109,"BOLIGRAFOS VERDES",null,null,"UNID ",9,0,9,{"v":10,"d":"10.00 $"},0,9,{"v":90,"d":"$90.00"},0]
[110,"BORRANTE DE LECHE ",null,null,"UNID ",9,null,9,{"v":8,"d":"8.00 $"},0,9,{"v":72,"d":"$72.00"},0]
[111,"BRILLO GRUESO 12/1 PROMANO",null,null,"UNID ",26,null,26,{"v":69.6,"d":"69.60 $"},4,22,{"v":1531.1999999999998,"d":"$1,531.20"},{"v":278.4,"d":"$278.40"}]
[112,"BRILLO GRIS",null,null,"UNID ",6,6,12,{"v":69.6,"d":"69.60 $"},4,8,{"v":556.8,"d":"$556.80"},{"v":278.4,"d":"$278.40"}]
[113,"BRILLO VERDE Y ESPONJA",null,null,"UNID ",23,24,47,{"v":57.8,"d":"57.80 $"},15,32,{"v":1849.6,"d":"$1,849.60"},{"v":867,"d":"$867.00"}]
[114,"CAJA PLASTICAS DE 27 GL NEGRA",null,null,"UNID",7,null,7,{"v":1350,"d":"1,350.00 $"},1,6,{"v":8100,"d":"$8,100.00"},{"v":1350,"d":"$1,350.00"}]
[115,"CAJITA DE GRAPAS ESTÁNDAR 26/6",null,null,"UNID",10,12,22,{"v":47.17,"d":"47.17 $"},5,17,{"v":801.89,"d":"$801.89"},{"v":235.85000000000002,"d":"$235.85"}]
[116,"CALCULADORA",null,null,"UNID",3,null,3,{"v":359.9,"d":"359.90 $"},0,3,{"v":1079.6999999999998,"d":"$1,079.70"},0]
[117,"CARPETA NEGRA  #1",null,null,"UNID",5,null,5,{"v":469,"d":"469.00 $"},0,{"$f":"H27-J27","v":5},{"v":2345,"d":"$2,345.00"},0]
[118,"CARPETA NEGRA # 2",null,null,"UNID",3,null,3,{"v":178.2,"d":"178.20 $"},0,3,{"v":534.5999999999999,"d":"$534.60"},0]
[119,"CARPETAS  # 3",null,null,"UNID",2,null,2,{"v":147.5,"d":"147.50 $"},0,2,{"v":295,"d":"$295.00"},0]
[120,"CARPETAS # 4",null,null,"UNID",0,null,0,{"v":224.2,"d":"224.20 $"},0,0,0,0]
[121,"CEPILLO DE INODORO",null,null,"UNID",2,null,2,{"v":159.3,"d":"159.30 $"},0,2,{"v":318.6,"d":"$318.60"},0]
[122,"CERA PARA CONTAR",null,null,"UNID",10,null,10,{"v":60,"d":"60.00 $"},0,10,{"v":600,"d":"$600.00"},0]
[123,"CINTA MASKING TAPE 3/4 VISIBLE",null,null,"UNID",38,null,38,{"v":75,"d":"75.00 $"},1,37,{"v":2775,"d":"$2,775.00"},{"v":75,"d":"$75.00"}]
[124,"CINTA DE EMPAQUE ",null,null,"UNID",11,null,11,{"v":47.2,"d":"47.20 $"},1,10,{"v":472,"d":"$472.00"},{"v":47.2,"d":"$47.20"}]
[125,"CINTA MAGICA SUMADORA",null,null,"UNID",2,null,2,{"v":76.7,"d":"76.70 $"},0,2,{"v":153.4,"d":"$153.40"},0]
[126," CLIPS JUMBO",null,null,"UNID",16,20,36,{"v":38,"d":"38.00 $"},6,30,{"v":1140,"d":"$1,140.00"},{"v":228,"d":"$228.00"}]
[127,"CINTA MASKING TAPE CREMA",null,null,"UNID",9,36,45,{"v":46,"d":"46.00 $"},15,30,{"v":1380,"d":"$1,380.00"},{"v":690,"d":"$690.00"}]
[128,"CUBO PLATICOS DE AGUJA DESECHABLES",null,null,"UNID",1,null,1,{"v":50,"d":"50.00 $"},1,0,0,{"v":50,"d":"$50.00"}]
[129,"CLIPS BILLETERO 32 MM 12/1",null,null,"UNID",36,null,36,{"v":123.9,"d":"123.90 $"},0,36,{"v":4460.400000000001,"d":"$4,460.40"},0]
[130,"CLIPS BILLETERO 41 MM 12/1",null,null,"UNID",27,null,27,{"v":171.1,"d":"171.10 $"},0,27,{"v":4619.7,"d":"$4,619.70"},0]
[131,"CLIPS BILLETERO 51 MM 12/1",null,null,"UNID",24,null,24,{"v":230.1,"d":"230.10 $"},0,24,{"v":5522.4,"d":"$5,522.40"},0]
[132,"CLIPS PEQUEÑO",null,null,"UNID",2,null,2,{"v":19,"d":"19.00 $"},1,1,{"v":19,"d":"$19.00"},{"v":19,"d":"$19.00"}]
[133,"CLORO",null,null,"GALON",11,50,61,{"v":88.99,"d":"88.99 $"},27,34,{"v":3025.66,"d":"$3,025.66"},{"v":2402.73,"d":"$2,402.73"}]
[134,"CONTROL DE LIQUIDO(ENFERMERIA)",null,null,"TALONARIO",11,null,11,{"v":1200,"d":"1,200.00 $"},0,11,{"v":13200,"d":"$13,200.00"},0]
[135,"CUADERNOS COCIDOS",null,null,"UNID",11,null,11,{"v":53,"d":"53.00 $"},2,9,{"v":477,"d":"$477.00"},{"v":106,"d":"$106.00"}]
[136,"CUCHARA 25/1",null,null,"CAJA",0,6,6,{"v":629,"d":"629.00 $"},3,3,{"v":1887,"d":"$1,887.00"},{"v":1887,"d":"$1,887.00"}]
[137,"ESCOBA C/PALO",null,null,"UNID",2,10,12,{"v":133,"d":"133.00 $"},2,10,{"v":1330,"d":"$1,330.00"},{"v":266,"d":"$266.00"}]
[138," FOLDER AMARILLO OFICINA",null,null,"UNID",302,600,{"$f":"F48+G48","v":902},{"v":2.33,"d":"2.33 $"},250,652,{"v":1519.16,"d":"$1,519.16"},{"v":582.5,"d":"$582.50"}]
[139," FOLDER VERDE 8 1/2 X 11",null,null,"UNID",157,400,557,{"v":4.95,"d":"4.95 $"},140,417,{"v":2064.15,"d":"$2,064.15"},{"v":693,"d":"$693.00"}]
[140," FUNDA NEGRA 17 x22 GL PEQUEÑA",null,null,"PAQ",21,45,66,{"v":72,"d":"72.00 $"},27,39,{"v":2808,"d":"$2,808.00"},{"v":1944,"d":"$1,944.00"}]
[141,"FUNDA  NEGRA #6",null,null,"PAQ",34,null,34,{"v":36.58,"d":"36.58 $"},1,33,{"v":1207.1399999999999,"d":"$1,207.14"},{"v":36.58,"d":"$36.58"}]
[142,"FUNDA  ROJA #2",null,null,"PAQ",27,null,27,{"v":20,"d":"20.00 $"},0,27,{"v":540,"d":"$540.00"},0]
[143,"FUNDA AZULES #4",null,null,"PAQ",37,null,37,{"v":26,"d":"26.00 $"},0,37,{"v":962,"d":"$962.00"},0]
[144,"FUNDA NEGRA  MEDIANA 30 GL",null,null,"PAQ",4,54,58,{"v":1080,"d":"1,080.00 $"},14,44,{"v":47520,"d":"$47,520.00"},{"v":15120,"d":"$15,120.00"}]
[145,"FUNDA NEGRA GRANDE 55 GL",null,null,"PAQ",2,13,15,{"v":616,"d":"616.00 $"},4,11,{"v":6776,"d":"$6,776.00"},{"v":2464,"d":"$2,464.00"}]
[146,"FUNDA ROJA  PEQUENAS 17 GL",null,null,"PAQ",4,10,14,{"v":240,"d":"240.00 $"},7,7,{"v":1680,"d":"$1,680.00"},{"v":1680,"d":"$1,680.00"}]
[147,"FUNDA ROJA GRANDE 55 gl",null,null,"UNID",2,10,12,{"v":1030.1,"d":"1,030.10 $"},2,10,{"v":10301,"d":"$10,301.00"},{"v":2060.2,"d":"$2,060.20"}]
[148,"FUNDA ROJA MEDIANA 30 GL",null,null,"PAQ",0,30,30,{"v":450.36,"d":"450.36 $"},6,24,{"v":10808.64,"d":"$10,808.64"},{"v":2702.16,"d":"$2,702.16"}]
[149,"GALON JABON LIQUIDO DE MANO",null,null,"GALON",0,null,0,{"v":171.1,"d":"171.10 $"},0,0,0,0]
[150,"GANCHOS P/FOLDER MH",null,null,"CAJA",10,null,10,{"v":141.6,"d":"141.60 $"},1,9,{"v":1274.3999999999999,"d":"$1,274.40"},{"v":141.6,"d":"$141.60"}]
[151,"GALON JABON DE CUABA",null,null,"GALON",0,4,4,{"v":165.25,"d":"165.25 $"},1,3,{"v":495.75,"d":"$495.75"},{"v":165.25,"d":"$165.25"}]
[152,"GOMITAS",null,null,"CAJA",7,12,19,{"v":45,"d":"45.00 $"},6,13,{"v":585,"d":"$585.00"},{"v":270,"d":"$270.00"}]
[153,"GRAPADORA NEGRA",null,null,"CAJA",4,4,8,{"v":320,"d":"320.00 $"},3,5,{"v":1600,"d":"$1,600.00"},{"v":960,"d":"$960.00"}]
[154,"GUANTES MULTIUSOS",null,null,"UNID",12,null,12,{"v":666.36,"d":"666.36 $"},0,12,{"v":7996.32,"d":"$7,996.32"},0]
[155,"HISTORIA CLINICA PERINATAL",null,null,"TALONARIO",10,null,10,{"v":1298,"d":"1,298.00 $"},0,10,{"v":12980,"d":"$12,980.00"},0]
[156," HOJA DE ANOTACION ENFERMERIA",null,null,"RESMA",8,null,8,{"v":826,"d":"826.00 $"},3,5,{"v":4130,"d":"$4,130.00"},{"v":2478,"d":"$2,478.00"}]
[157,"HOJA DE ADMICION ",null,null,"RESMA",5,null,5,{"v":165,"d":"165.00 $"},0,5,{"v":825,"d":"$825.00"},0]
[158,"HOJA DE ATENCION DIARIA",null,null,"TALONARIO",3,null,3,{"v":994,"d":"994.00 $"},0,3,{"v":2982,"d":"$2,982.00"},0]
[159,"HOJA DE CERTIFICACION",null,null,"RESMA",2,null,2,{"v":1475,"d":"1,475.00 $"},0,2,{"v":2950,"d":"$2,950.00"},0]
[160,"HOJA DE CONSULTA EXTERNA ",null,null,"TALONARIO",0,null,0,{"v":994,"d":"994.00 $"},0,0,0,0]
[161,"HOJA PACIENTE  DIETA",null,null,"TALONARIO",4,null,4,{"v":800,"d":"800.00 $"},0,4,{"v":3200,"d":"$3,200.00"},0]
[162,"HOJA DE DIRECCION DE ENFERMERIA",null,null,"TALONARIO",0,null,0,{"v":994,"d":"994.00 $"},0,0,0,0]
[163,"HOJA DE ENFER EN AREA EMERGENCIA FO63",null,null,"TALONARIO",20,null,20,{"v":994,"d":"994.00 $"},0,20,{"v":19880,"d":"$19,880.00"},0]
[164,"HOJA DE ENFERMERIA",null,null,"TALONARIO",8,null,8,{"v":1298,"d":"1,298.00 $"},0,8,{"v":10384,"d":"$10,384.00"},0]
[165,"HOJA DE EVOLUCION ",null,null,"TALONARIO",7,null,7,{"v":294,"d":"294.00 $"},0,7,{"v":2058,"d":"$2,058.00"},0]
[166,"HOJA DE ANESTESIA",null,null,"TALONARIO",0,null,{"$f":"F76+G76","v":0},{"v":185,"d":"185.00 $"},0,{"$f":"H76-J76","v":0},{"$f":"I76*K76","v":0},{"$f":"I76*J76","v":0}]
[167,"HOJA DE HISTORIAL CLINICO",null,null,"TALONARIO",46,null,46,{"v":195,"d":"195.00 $"},0,46,{"v":8970,"d":"$8,970.00"},0]
[168,"HOJA D KARDEX D MEDICAMENTO SOLUCIONES",null,null,"TALONARIO",17,null,17,{"v":1298,"d":"1,298.00 $"},0,17,{"v":22066,"d":"$22,066.00"},0]
[169,"HOJA DE REFERENCIA Y CONTRA REFERENCIA",null,null,"TALONARIO",10,null,10,{"v":826,"d":"826.00 $"},0,10,{"v":8260,"d":"$8,260.00"},0]
[170,"HOJA  REGISTRO DIARIO CONSULTA EXTERNA ",null,null,"TALONARIO",0,null,0,{"v":1711,"d":"1,711.00 $"},0,0,0,0]
[171,"HOJA  RESUMEN MEDICO DE EGRESO",null,null,"RESMA",3,null,3,{"v":826,"d":"826.00 $"},0,3,{"v":2478,"d":"$2,478.00"},0]
[172,"HOJA  SEGURIDAD CIRUGIA",null,null,"RESMA",2,null,2,{"v":1475,"d":"1,475.00 $"},0,2,{"v":2950,"d":"$2,950.00"},0]
[173,"HOJA DESIGNOGRAMA ENFERM",null,null,"RESMA",3,null,3,{"v":994,"d":"994.00 $"},0,3,{"v":2982,"d":"$2,982.00"},0]
[174,"HOJA KARDEX MED INTERNA  INSUMOS",null,null,"TALONARIO",9,null,9,{"v":994,"d":"994.00 $"},0,9,{"v":8946,"d":"$8,946.00"},0]
[175,"HOJA LEGAL 8 1/2*14 RESMA",null,null,"RESMA",4,12,16,{"v":348,"d":"348.00 $"},4,12,{"v":4176,"d":"$4,176.00"},{"v":1392,"d":"$1,392.00"}]
[176,"HOJA ORDEN MEDICA",null,null,"TALONARIO",28,null,28,{"v":800,"d":"800.00 $"},0,28,{"v":22400,"d":"$22,400.00"},0]
[177,"HOJA  HISTORIAL OPERATORIO",null,null,"TALONARIO",4,null,4,{"v":1299,"d":"1,299.00 $"},0,4,{"v":5196,"d":"$5,196.00"},0]
[178,"HOJA SIGNOS VITALES ",null,null,"TALONARIO",10,null,10,{"v":1200,"d":"1,200.00 $"},0,10,{"v":12000,"d":"$12,000.00"},0]
[179,"TALONARIO FORMULARIO ENF AREA EMER FO48",null,null,"TALONARIO",10,null,10,{"v":994,"d":"994.00 $"},0,10,{"v":9940,"d":"$9,940.00"},0]
[180,"TALONARIOS DE COMBUSTIBLE",null,null,"TALONARIO",0,null,0,{"v":994,"d":"994.00 $"},0,0,0,0]
[181,"HOJAS TIMBRADA",null,null,"RESMA",3,null,3,{"v":1350,"d":"1,350.00 $"},0.5,2.5,{"v":3375,"d":"$3,375.00"},{"v":675,"d":"$675.00"}]
[182,"HOJA DE CONFIRMACION DE CIRUGIA",null,null,"RESMA",1,null,1,{"v":1298,"d":"1,298.00 $"},0,1,{"v":1298,"d":"$1,298.00"},0]
[183,"LABELSP/FOLDER",null,null,"UNID",5,null,5,{"v":112.1,"d":"112.10 $"},0,5,{"v":560.5,"d":"$560.50"},0]
[184,"LAPIZ",null,null,"UNID",35,null,35,{"v":10,"d":"10.00 $"},2,33,{"v":330,"d":"$330.00"},{"v":20,"d":"$20.00"}]
[185,"LIBRO BANCO VENTA SERVICIOS",null,null,"UNID",1,null,1,{"v":2360,"d":"2,360.00 $"},0,1,{"v":2360,"d":"$2,360.00"},0]
[186,"LIBRO DE ANOTACIONES ENFERMERIA",null,null,"UNID",0,null,0,{"v":826,"d":"826.00 $"},0,0,0,0]
[187,"LIBRO DE EMERGENCIA",null,null,"UNID",2,null,2,{"v":2360,"d":"2,360.00 $"},1,1,{"v":2360,"d":"$2,360.00"},{"v":2360,"d":"$2,360.00"}]
[188,"LIBRO DE LABORATORIO PACIENTE",null,null,"UNID",2,null,2,{"v":1170,"d":"1,170.00 $"},0,2,{"v":2340,"d":"$2,340.00"},0]
[189,"LIBRO DE CONTROL DE PARASITOLOGIA COPROLOGICO",null,null,"UNID",2,null,2,{"v":1170,"d":"1,170.00 $"},0,2,{"v":2340,"d":"$2,340.00"},0]
[190,"LIBRO DE PARTO Y NACIMIENTO",null,null,"UNID",3,null,3,{"v":1170,"d":"1,170.00 $"},0,3,{"v":3510,"d":"$3,510.00"},0]
[191,"LIBRO  DE CIRUGIA",null,null,"UNID",3,null,3,{"v":1170,"d":"1,170.00 $"},0,3,{"v":3510,"d":"$3,510.00"},0]
[192,"LIBRO DE CONS REGISTRO VIH",null,null,"UNID",0,null,0,{"v":1770,"d":"1,770.00 $"},0,0,0,0]
[193,"LIBRO DE SEROLOGIA",null,null,"UNID",3,null,3,{"v":2360,"d":"2,360.00 $"},0,3,{"v":7080,"d":"$7,080.00"},0]
[194,"LIBRO DE URIANALISIS",null,null,"UNID",2,null,2,{"v":2360,"d":"2,360.00 $"},0,2,{"v":4720,"d":"$4,720.00"},0]
[195,"LIBRO HEMATOLOGIA",null,null,"UNID",2,null,2,{"v":2000,"d":"2,000.00 $"},0,2,{"v":4000,"d":"$4,000.00"},0]
[196,"LIBRO QUIMICO",null,null,"UNID",2,null,2,{"v":2360,"d":"2,360.00 $"},0,2,{"v":4720,"d":"$4,720.00"},0]
[197,"LIBRO INTERNAMIENTO",null,null,"UNID",3,null,3,{"v":1770,"d":"1,770.00 $"},0,3,{"v":5310,"d":"$5,310.00"},0]
[198,"LIBRO DE RAYOS X",null,null,"UNID",2,null,2,{"v":1770,"d":"1,770.00 $"},0,2,{"v":3540,"d":"$3,540.00"},0]
[199,"LIBRO RECORD DE REGISTRO ADOLECENTE ",null,null,"UNID",0,null,0,{"v":1800,"d":"1,800.00 $"},0,0,0,0]
[200,"LIQUID PAPER T/L CORRECTOR",null,null,"UNID",33,null,33,{"v":30,"d":"30.00 $"},5,28,{"v":840,"d":"$840.00"},{"v":150,"d":"$150.00"}]
[201,"MARCADORES AZULES ",null,null,"UNID",8,36,44,{"v":30,"d":"30.00 $"},4,40,{"v":1200,"d":"$1,200.00"},{"v":120,"d":"$120.00"}]
[202,"MARCADORES NEGROS ",null,null,"UNID",12,36,48,{"v":30,"d":"30.00 $"},4,44,{"v":1320,"d":"$1,320.00"},{"v":120,"d":"$120.00"}]
[203,"MISTOLIN ",null,null,"GALON",11,90,101,{"v":104,"d":"104.00 $"},40,61,{"v":6344,"d":"$6,344.00"},{"v":4160,"d":"$4,160.00"}]
[204,"PAPEL CARBON 8 1/2*11",null,null,"UNID",100,null,100,{"v":325,"d":"325.00 $"},75,25,{"v":8125,"d":"$8,125.00"},{"v":24375,"d":"$24,375.00"}]
[205,"PAPEL HIGIENICO FARDO 48/1 ",null,null,"UNID",177,96,273,{"v":22.6,"d":"22.60 $"},170,103,{"v":2327.8,"d":"$2,327.80"},{"v":3842.0000000000005,"d":"$3,842.00"}]
[206,"PAPEL MANILA NATURAL KRAF",null,null,"UNID",2,null,2,{"v":3916,"d":"3,916.00 $"},1,1,{"v":3916,"d":"$3,916.00"},{"v":3916,"d":"$3,916.00"}]
[207,"PAPEL TOALLA 6/1",null,null,"UNID",0,48,48,{"v":95.38,"d":"95.38 $"},20,28,{"v":2670.64,"d":"$2,670.64"},{"v":1907.6,"d":"$1,907.60"}]
[208,"PERFORADORA 2",null,null,"UNID",0,null,0,{"v":306.08,"d":"306.08 $"},0,0,0,0]
[209,"PERFORADORA 3 ",null,null,"UNID",1,null,1,{"v":631.3,"d":"631.30 $"},0,1,{"v":631.3,"d":"$631.30"},0]
[210,"PILA AA ",null,null,"UNID",0,null,0,{"v":54,"d":"54.00 $"},0,0,0,0]
[211,"PILA AAA",null,null,"UNID",0,null,0,{"v":53,"d":"53.00 $"},0,0,0,0]
[212," PAPEL CON DIVISION 200/1 OPTION",null,null,"CAJA",1,2,3,{"v":1085,"d":"1,085.00 $"},2,1,{"v":1085,"d":"$1,085.00"},{"v":2170,"d":"$2,170.00"}]
[213,"PLATOS",null,null,"FARDO",1,14,15,{"v":1291,"d":"1,291.00 $"},7,8,{"v":10328,"d":"$10,328.00"},{"v":9037,"d":"$9,037.00"}]
[214,"POS-IT 3*3",null,null,"RESMA",0,null,0,{"v":33.63,"d":"33.63 $"},0,0,0,0]
[215,"RECOJEDOR DE BASURA",null,null,"UNID",2,null,2,{"v":109.25,"d":"109.25 $"},0,2,{"v":218.5,"d":"$218.50"},0]
[216,"RESALTADOR ",null,null,"UNID",17,null,17,{"v":39,"d":"39.00 $"},1,16,{"v":624,"d":"$624.00"},{"v":39,"d":"$39.00"}]
[217,"RESMA DE CONTROL DE EXISTENCIA",null,null,"RESMA",3,null,3,{"v":1298,"d":"1,298.00 $"},0,3,{"v":3894,"d":"$3,894.00"},0]
[218,"RESMA HOJA DE MAQUINA 8/2 *11",null,null,"RESMA",23,160,183,{"v":228,"d":"228.00 $"},65,118,{"v":26904,"d":"$26,904.00"},{"v":14820,"d":"$14,820.00"}]
[219,"ROLLO DE PAPEL SUMADORA",null,null,"UNID",2,12,14,{"v":23,"d":"23.00 $"},0,14,{"v":322,"d":"$322.00"},0]
[220,"ROTULO PARA SOLUCION Y MEDICAMENTOS",null,null,"UNID",1050,null,1050,{"v":6.5,"d":"6.50 $"},50,1000,{"v":6500,"d":"$6,500.00"},{"v":325,"d":"$325.00"}]
[221,"SACA GRAPA",null,null,"UNID",6,null,6,{"v":30,"d":"30.00 $"},0,6,{"v":180,"d":"$180.00"},0]
[222,"SACAPUNTA METAL ",null,null,"UNID",24,null,24,{"v":15,"d":"15.00 $"},0,24,{"v":360,"d":"$360.00"},0]
[223,"SACO DE DETERGENTE",null,null,"UNID",0,4,4,{"v":1100,"d":"1,100.00 $"},1,3,{"v":3300,"d":"$3,300.00"},{"v":1100,"d":"$1,100.00"}]
[224,"SERVILLETA C-FOLD 24/100 XCELENT",null,null,"UNID",12,96,108,{"v":24.5,"d":"24.50 $"},32,76,{"v":1862,"d":"$1,862.00"},{"v":784,"d":"$784.00"}]
[225,"SERVILLETAS DE BINGO 60/1",null,null,"UNID",20,420,440,{"v":11.5,"d":"11.50 $"},131,{"$f":"H135-J135","v":309},{"v":3553.5,"d":"$3,553.50"},{"v":1506.5,"d":"$1,506.50"}]
[226,"SOBRE CARTA VENTANILLA",null,null,"UNID",900,null,900,{"v":1.85,"d":"1.85 $"},0,900,{"v":1665,"d":"$1,665.00"},0]
[227,"SOBRE MANILA 9*12 500 UNID",null,null,"UNID",400,null,400,{"v":13.85,"d":"13.85 $"},0,400,{"v":5540,"d":"$5,540.00"},0]
[228,"SOBRE MANILA 14*17 1000 UNIDAD",null,null,"UNID",925,null,925,{"v":13.85,"d":"13.85 $"},0,925,{"v":12811.25,"d":"$12,811.25"},0]
[229,"SOBRE MANILA 10*14 DE 500 UNID",null,null,"UNID",285,null,285,{"v":7.1,"d":"7.10 $"},0,285,{"v":2023.5,"d":"$2,023.50"},0]
[230,"SOBRE TIMBRADO",null,null,"UNID",300,null,{"$f":"F140+G140","v":300},{"v":13,"d":"13.00 $"},0,{"$f":"H140-J140","v":300},{"$f":"I140*K140","v":{"v":3900,"d":"$3,900.00"}},{"$f":"I140*J140","v":0}]
[231,"SUAPER JUMBO",null,null,"GALON",0,10,10,{"v":175,"d":"175.00 $"},6,4,{"v":700,"d":"$700.00"},{"v":1050,"d":"$1,050.00"}]
[232,"SUAVITEL",null,null,"GALON",6,null,6,{"v":148.31,"d":"148.31 $"},1,5,{"v":741.55,"d":"$741.55"},{"v":148.31,"d":"$148.31"}]
[233,"TALONARIO DE PATOLOGIA",null,null,"TALONARIO",13,null,13,{"v":70.8,"d":"70.80 $"},0,13,{"v":920.4,"d":"$920.40"},0]
[234,"TALONARIO HISTORIA CLINICA EMERGENCIA",null,null,"TALONARIO",0,null,0,{"v":275,"d":"275.00 $"},0,0,0,0]
[235,"TALONARIO SOLICITUD DE MEDICAMENTO",null,null,"TALONARIO",9,null,9,{"v":75,"d":"75.00 $"},0,9,{"v":675,"d":"$675.00"},0]
[236,"TALONARIO COPROLOGICO",null,null,"TALONARIO",105,null,105,{"v":88.35,"d":"88.35 $"},0,105,{"v":9276.75,"d":"$9,276.75"},0]
[237,"TALALONARIO HEMOGRAMA",null,null,"TALONARIO",20,null,20,{"v":88.35,"d":"88.35 $"},10,10,{"v":883.5,"d":"$883.50"},{"v":883.5,"d":"$883.50"}]
[238,"TALONARIO CONFIMACION DE  QUIRURGICA ",null,null,"TALONARIO",5,null,5,{"v":185,"d":"185.00 $"},0,5,{"v":925,"d":"$925.00"},0]
[239,"TALONARIO LABORATORIO CLINICO",null,null,"TALONARIO",24,null,24,{"v":37,"d":"37.00 $"},10,14,{"v":518,"d":"$518.00"},{"v":370,"d":"$370.00"}]
[240,"TALONARIO PARTOGRAMA POSPARTO",null,null,"TALONARIO",9,null,9,{"v":185,"d":"185.00 $"},0,9,{"v":1665,"d":"$1,665.00"},0]
[241,"TALONARIO HISTORIAL OPERATORIO",null,null,"RESMA",4,null,4,{"v":185,"d":"185.00 $"},0,4,{"v":740,"d":"$740.00"},0]
[242,"TALONARIO URIANALISIS",null,null,"TALONARIO",14,null,14,{"v":53.1,"d":"53.10 $"},10,4,{"v":212.4,"d":"$212.40"},{"v":531,"d":"$531.00"}]
[243,"TALONARIO REQUISICION DE FARMACIA",null,null,"TALONARIO",9,null,9,{"v":413,"d":"413.00 $"},0,9,{"v":3717,"d":"$3,717.00"},0]
[244,"TALONARIO CUIDADO DE ENFERERIA VIH MEDIA",null,null,"TALONARIO",15,null,15,{"v":275,"d":"275.00 $"},0,15,{"v":4125,"d":"$4,125.00"},0]
[245,"TALONARIO CONCENTIMIENTO INFORMADO",null,null,"TALONARIO",27,null,27,{"v":756,"d":"756.00 $"},0,27,{"v":20412,"d":"$20,412.00"},0]
[244,"TALONARIO CONCENTIMIENTO CORTO",null,null,"TALONARIO",2,null,2,{"v":266,"d":"266.00 $"},0,2,{"v":532,"d":"$532.00"},0]
[245,"TALONARIO DE CONTROL TEMPERATURA",null,null,"TALONARIO",15,null,15,{"v":294,"d":"294.00 $"},0,15,{"v":4410,"d":"$4,410.00"},0]
[246,"TALONARIO DE CUOTA DE CONTRIBUCION",null,null,"TALONARIO",10,null,10,{"v":185,"d":"185.00 $"},0,10,{"v":1850,"d":"$1,850.00"},0]
[247,"TALONARIO PROTOCOLO ATENCION AL PARTO",null,null,"TALONARIO",8,null,8,{"v":185,"d":"185.00 $"},0,8,{"v":1480,"d":"$1,480.00"},0]
[248,"TALONARIO HOJA DE KARDEX INSUMO",null,null,"TALONARIO",9,null,9,{"v":994,"d":"994.00 $"},0,9,{"v":8946,"d":"$8,946.00"},0]
[249,"TALONARIO SOLICITUD DE ALMACEN",null,null,"TALONARIO",7,null,7,{"v":224,"d":"224.00 $"},0,7,{"v":1568,"d":"$1,568.00"},0]
[250,"TALONARIO SALIDA ALMACEN",null,null,"TALONARIO",48,null,48,{"v":275,"d":"275.00 $"},0,48,{"v":13200,"d":"$13,200.00"},0]
[251,"TAPA DE VASOS #12 CLEA  10/100",null,null,"UNID",11,30,41,{"v":224,"d":"224.00 $"},15,26,{"v":5824,"d":"$5,824.00"},{"v":3360,"d":"$3,360.00"}]
[252,"TARJETA DE CITA",null,null,"UNID",1455,null,1455,{"v":2.75,"d":"2.75 $"},30,1425,{"v":3918.75,"d":"$3,918.75"},{"v":82.5,"d":"$82.50"}]
[253,"TARJETA DE EXPEDIENTE ",null,null,"UNID",300,null,300,{"v":4.5,"d":"4.50 $"},0,300,{"v":1350,"d":"$1,350.00"},0]
[254,"TALONARIO RECETARIO NORMAL",null,null,"TALONARIO",212,null,212,{"v":53.65,"d":"53.65 $"},10,202,{"v":10837.3,"d":"$10,837.30"},{"v":536.5,"d":"$536.50"}]
[255,"TIJERAS",null,null,"UNID",3,null,3,{"v":62.54,"d":"62.54 $"},0,3,{"v":187.62,"d":"$187.62"},0]
[256,"TINTA PARA SELLO AZUL",null,null,"UNID",1,12,13,{"v":106,"d":"106.00 $"},1,12,{"v":1272,"d":"$1,272.00"},{"v":106,"d":"$106.00"}]
[257,"TOALLA MICROFIBRA16´´ *16´´",null,null,"PAQU",24,null,24,{"v":49.56,"d":"49.56 $"},0,24,{"v":1189.44,"d":"$1,189.44"},0]
[258,"VASO 12 CAJA 40/25 FOAM",null,null,"PAQU",53,160,213,{"v":53.2,"d":"53.20 $"},75,138,{"v":7341.6,"d":"$7,341.60"},{"v":3990,"d":"$3,990.00"}]
[259,"VASO # 5",null,null,"PAQU",29,null,29,{"v":55,"d":"55.00 $"},17,12,{"v":660,"d":"$660.00"},{"v":935,"d":"$935.00"}]
[260,"VASOS #7",null,null,"PAQU",17,250,267,{"v":38.94,"d":"38.94 $"},126,141,{"v":5490.54,"d":"$5,490.54"},{"v":4906.44,"d":"$4,906.44"}]
[{"$nulls":9},"TOTAL ALMACEN",null,{"$f":"SUM(L11:L170)","v":{"v":614970.51,"d":"$614,970.51"}}]
[{"$nulls":9},"TOTAL DE COMSUMO",null,{"$f":"SUM(M11:M172)","v":{"v":137803.22,"d":"$137,803.22"}}]

{"sheet":"JULIO","index":6,"n_rows":173,"n_cols":13,"rows_kept":173,"merged":[[8,0,8,3],[9,1,9,3],[70,1,70,2],[79,1,79,2],[107,1,107,3],[138,1,138,3],[139,1,139,3],[140,1,140,3],[149,1,149,3],[150,1,150,3],[154,1,154,3],[162,1,162,3],[163,1,163,3],[165,1,165,3],[166,1,166,3],[169,1,169,3],[170,1,170,3],[171,9,171,10],[172,9,172,10]]}
[]
[]
[{"$nulls":4}," "]
[]
[]
[]
[]
[{"$nulls":10},"2025-07-31"]
["INVENTARIO DE ALMACEN "]
["CODIGO","DESCRIPCION DEL PRODUCTO",null,null,"UNIDAD MEDIDA","CANTIDAD","ENTRADA","TOTAL","PRECIO","SALIDA DE USO MENSUAL","CANTIDAD ACTIVA EN ALMACEN","VALOR TOTAL ACTIVO","VALORDE TOTAL CONSUMO"]
[101,"ACORDEON 10*12 CARTON PIEDRA",null,null,"UNID ",4,0,{"$f":"F11+G11","v":4},{"v":744,"d":"744.00 $"},0,{"$f":"H11-J11","v":4},{"$f":"I11*K11","v":{"v":2976,"d":"$2,976.00"}},{"$f":"I11*J11","v":0}]
[102,"AMBIENTADOR SPRAY",null,null,"UNID ",25,0,{"$f":"F12+G12","v":25},{"v":192,"d":"192.00 $"},11,{"$f":"H12-J12","v":14},{"$f":"I12*K12","v":{"v":2688,"d":"$2,688.00"}},{"$f":"I12*J12","v":{"v":2112,"d":"$2,112.00"}}]
[103,"AGUA BOTELLITAS",null,null,"UNID ",160,280,440,{"v":6.5,"d":"6.50 $"},200,240,{"v":1560,"d":"$1,560.00"},{"v":1300,"d":"$1,300.00"}]
[104,"AXION EN PASTA",null,null,"UNID ",14,0,14,{"v":116,"d":"116.00 $"},10,4,{"v":464,"d":"$464.00"},{"v":1160,"d":"$1,160.00"}]
[105,"BAYGON 400ML",null,null,"UNID ",9,0,9,{"v":349,"d":"349.00 $"},4,5,{"v":1745,"d":"$1,745.00"},{"v":1396,"d":"$1,396.00"}]
[106,"BOLIGRAFOS AZULES",null,null,"UNID ",167,0,167,{"v":10.1,"d":"10.10 $"},59,108,{"v":1090.8,"d":"$1,090.80"},{"v":595.9,"d":"$595.90"}]
[107,"BOLIGRAFOS NEGROS",null,null,"UNID ",50,0,50,{"v":7,"d":"7.00 $"},null,50,{"v":350,"d":"$350.00"},0]
[108,"BOLIGRAFOS ROJOS",null,null,"UNID ",112,0,112,{"v":7,"d":"7.00 $"},6,106,{"v":742,"d":"$742.00"},{"v":42,"d":"$42.00"}]
[109,"BOLIGRAFOS VERDES",null,null,"UNID ",9,0,9,{"v":10,"d":"10.00 $"},null,9,{"v":90,"d":"$90.00"},0]
[110,"BORRANTE DE LECHE ",null,null,"UNID ",9,0,9,{"v":8,"d":"8.00 $"},0,9,{"v":72,"d":"$72.00"},0]
[111,"BRILLO GRUESO 12/1 ROMANO",null,null,"UNID ",22,0,22,{"v":69.6,"d":"69.60 $"},5,17,{"v":1183.1999999999998,"d":"$1,183.20"},{"v":348,"d":"$348.00"}]
[112,"BRILLO GRIS",null,null,"UNID ",8,0,8,{"v":69.6,"d":"69.60 $"},null,8,{"v":556.8,"d":"$556.80"},0]
[113,"BRILLO VERDE Y ESPONJA",null,null,"UNID ",32,0,32,{"v":57.8,"d":"57.80 $"},11,21,{"v":1213.8,"d":"$1,213.80"},{"v":635.8,"d":"$635.80"}]
[114,"CAJA PLASTICAS DE 27 GL NEGRA",null,null,"UNID",6,0,6,{"v":1350,"d":"1,350.00 $"},1,5,{"v":6750,"d":"$6,750.00"},{"v":1350,"d":"$1,350.00"}]
[115,"CAJITA DE GRAPAS ESTÁNDAR 26/6",null,null,"UNID",17,0,17,{"v":47.17,"d":"47.17 $"},11,6,{"v":283.02,"d":"$283.02"},{"v":518.87,"d":"$518.87"}]
[116,"CALCULADORA",null,null,"UNID",3,0,3,{"v":359.9,"d":"359.90 $"},null,3,{"v":1079.6999999999998,"d":"$1,079.70"},0]
[117,"CARPETA NEGRA  #1",null,null,"UNID",5,0,5,{"v":469,"d":"469.00 $"},null,{"$f":"H27-J27","v":5},{"v":2345,"d":"$2,345.00"},0]
[118,"CARPETA NEGRA # 2",null,null,"UNID",3,0,3,{"v":178.2,"d":"178.20 $"},null,3,{"v":534.5999999999999,"d":"$534.60"},0]
[119,"CARPETAS  # 3",null,null,"UNID",2,0,2,{"v":147.5,"d":"147.50 $"},null,2,{"v":295,"d":"$295.00"},0]
[120,"CHINCHETAS",null,null,"CAJAS",6,0,6,{"v":84.75,"d":"84.75 $"},null,6,{"v":508.5,"d":"$508.50"},0]
[121,"CEPILLO DE INODORO",null,null,"UNID",2,0,2,{"v":159.3,"d":"159.30 $"},null,2,{"v":318.6,"d":"$318.60"},0]
[122,"CERA PARA CONTAR",null,null,"UNID",10,0,10,{"v":60,"d":"60.00 $"},null,10,{"v":600,"d":"$600.00"},0]
[123,"CINTA MASKING TAPE 3/4 VISIBLE",null,null,"UNID",37,0,37,{"v":75,"d":"75.00 $"},1,36,{"v":2700,"d":"$2,700.00"},{"v":75,"d":"$75.00"}]
[124,"CINTA DE EMPAQUE ",null,null,"UNID",10,0,10,{"v":47.2,"d":"47.20 $"},1,9,{"v":424.8,"d":"$424.80"},{"v":47.2,"d":"$47.20"}]
[125,"CINTA MAGICA SUMADORA",null,null,"UNID",2,0,2,{"v":76.7,"d":"76.70 $"},null,2,{"v":153.4,"d":"$153.40"},0]
[126," CLIPS JUMBO",null,null,"UNID",30,0,30,{"v":38,"d":"38.00 $"},9,21,{"v":798,"d":"$798.00"},{"v":342,"d":"$342.00"}]
[127,"CINTA MASKING TAPE CREMA",null,null,"UNID",30,0,30,{"v":46,"d":"46.00 $"},7,23,{"v":1058,"d":"$1,058.00"},{"v":322,"d":"$322.00"}]
[128,"CUBO PLATICOS DE AGUJA DESECHABLES",null,null,"UNID",0,13,13,{"v":50,"d":"50.00 $"},8,5,{"v":250,"d":"$250.00"},{"v":400,"d":"$400.00"}]
[129,"CLIPS BILLETERO 32 MM 12/1",null,null,"UNID",36,0,36,{"v":123.9,"d":"123.90 $"},null,36,{"v":4460.400000000001,"d":"$4,460.40"},0]
[130,"CLIPS BILLETERO 41 MM 12/1",null,null,"UNID",27,0,27,{"v":171.1,"d":"171.10 $"},null,27,{"v":4619.7,"d":"$4,619.70"},0]
[131,"CLIPS BILLETERO 51 MM 12/1",null,null,"UNID",24,0,24,{"v":230.1,"d":"230.10 $"},null,24,{"v":5522.4,"d":"$5,522.40"},0]
[132,"CLIPS PEQUEÑO",null,null,"UNID",1,0,1,{"v":19,"d":"19.00 $"},1,0,0,{"v":19,"d":"$19.00"}]
[133,"CLORO",null,null,"GALON",34,30,64,{"v":88.99,"d":"88.99 $"},30,34,{"v":3025.66,"d":"$3,025.66"},{"v":2669.7,"d":"$2,669.70"}]
[134,"CONTROL DE LIQUIDO(ENFERMERIA)",null,null,"TALONARIO",11,0,11,{"v":1200,"d":"1,200.00 $"},null,11,{"v":13200,"d":"$13,200.00"},0]
[135,"CUADERNOS COCIDOS",null,null,"UNID",9,0,9,{"v":53,"d":"53.00 $"},3,6,{"v":318,"d":"$318.00"},{"v":159,"d":"$159.00"}]
[136,"CUCHARA 25/1",null,null,"CAJA",3,0,3,{"v":629,"d":"629.00 $"},2,1,{"v":629,"d":"$629.00"},{"v":1258,"d":"$1,258.00"}]
[137,"ESCOBA C/PALO",null,null,"UNID",10,0,10,{"v":133,"d":"133.00 $"},null,10,{"v":1330,"d":"$1,330.00"},0]
[138," FOLDER AMARILLO OFICINA",null,null,"UNID",652,0,{"$f":"F48+G48","v":652},{"v":2.33,"d":"2.33 $"},636,16,{"v":37.28,"d":"$37.28"},{"v":1481.88,"d":"$1,481.88"}]
[139," FOLDER VERDE 8 1/2 X 11",null,null,"UNID",417,0,417,{"v":4.95,"d":"4.95 $"},121,296,{"v":1465.2,"d":"$1,465.20"},{"v":598.95,"d":"$598.95"}]
[140," FUNDA NEGRA 17 x22 GL PEQUEÑA",null,null,"PAQ",39,0,39,{"v":72,"d":"72.00 $"},6,33,{"v":2376,"d":"$2,376.00"},{"v":432,"d":"$432.00"}]
[141,"FUNDA  NEGRA #6",null,null,"PAQ",33,0,33,{"v":36.58,"d":"36.58 $"},null,33,{"v":1207.1399999999999,"d":"$1,207.14"},0]
[142,"FUNDA  ROJA #2",null,null,"PAQ",27,0,27,{"v":20,"d":"20.00 $"},null,27,{"v":540,"d":"$540.00"},0]
[143,"FUNDA AZULES #4",null,null,"PAQ",37,0,37,{"v":26,"d":"26.00 $"},null,37,{"v":962,"d":"$962.00"},0]
[144,"FUNDA NEGRA  MEDIANA 30 GL",null,null,"PAQ",44,0,44,{"v":1080,"d":"1,080.00 $"},14,30,{"v":32400,"d":"$32,400.00"},{"v":15120,"d":"$15,120.00"}]
[145,"FUNDA NEGRA GRANDE 55 GL",null,null,"PAQ",11,0,11,{"v":616,"d":"616.00 $"},4,7,{"v":4312,"d":"$4,312.00"},{"v":2464,"d":"$2,464.00"}]
[146,"FUNDA ROJA  PEQUENAS 17 GL",null,null,"PAQ",7,0,7,{"v":240,"d":"240.00 $"},3,4,{"v":960,"d":"$960.00"},{"v":720,"d":"$720.00"}]
[147,"FUNDA ROJA GRANDE 55 gl",null,null,"UNID",10,0,10,{"v":1030.1,"d":"1,030.10 $"},1,9,{"v":9270.9,"d":"$9,270.90"},{"v":1030.1,"d":"$1,030.10"}]
[148,"FUNDA ROJA MEDIANA 30 GL",null,null,"PAQ",24,0,24,{"v":450.36,"d":"450.36 $"},6,18,{"v":8106.4800000000005,"d":"$8,106.48"},{"v":2702.16,"d":"$2,702.16"}]
[149,"GALON JABON LIQUIDO DE MANO",null,null,"GALON",0,6,6,{"v":171.1,"d":"171.10 $"},null,6,{"v":1026.6,"d":"$1,026.60"},0]
[150,"GANCHOS P/FOLDER MH",null,null,"CAJA",9,0,9,{"v":141.6,"d":"141.60 $"},null,9,{"v":1274.3999999999999,"d":"$1,274.40"},0]
[151,"GALON JABON DE CUABA",null,null,"GALON",3,0,3,{"v":165.25,"d":"165.25 $"},1,2,{"v":330.5,"d":"$330.50"},{"v":165.25,"d":"$165.25"}]
[152,"GOMITAS",null,null,"CAJA",13,0,13,{"v":45,"d":"45.00 $"},9,4,{"v":180,"d":"$180.00"},{"v":405,"d":"$405.00"}]
[153,"GRAPADORA NEGRA",null,null,"CAJA",0,6,6,{"v":320,"d":"320.00 $"},1,5,{"v":1600,"d":"$1,600.00"},{"v":320,"d":"$320.00"}]
[154,"GUANTES MULTIUSOS",null,null,"UNID",12,0,12,{"v":666.36,"d":"666.36 $"},null,12,{"v":7996.32,"d":"$7,996.32"},0]
[155,"HISTORIA CLINICA PERINATAL",null,null,"TALONARIO",10,0,10,{"v":1298,"d":"1,298.00 $"},1,9,{"v":11682,"d":"$11,682.00"},{"v":1298,"d":"$1,298.00"}]
[156," HOJA DE ANOTACION ENFERMERIA",null,null,"RESMA",7,0,7,{"v":826,"d":"826.00 $"},null,7,{"v":5782,"d":"$5,782.00"},0]
[157,"HOJA DE ADMICION ",null,null,"RESMA",5,0,5,{"v":165,"d":"165.00 $"},null,5,{"v":825,"d":"$825.00"},0]
[158,"HOJA DE ATENCION DIARIA",null,null,"TALONARIO",3,0,3,{"v":994,"d":"994.00 $"},null,3,{"v":2982,"d":"$2,982.00"},0]
[159,"HOJA DE CERTIFICACION",null,null,"RESMA",2,0,2,{"v":1475,"d":"1,475.00 $"},null,2,{"v":2950,"d":"$2,950.00"},0]
[160,"HOJA DE CONSULTA EXTERNA ",null,null,"TALONARIO",30,0,30,{"v":994,"d":"994.00 $"},13,17,{"v":16898,"d":"$16,898.00"},{"v":12922,"d":"$12,922.00"}]
[161,"HOJA PACIENTE  DIETA",null,null,"TALONARIO",24,0,24,{"v":800,"d":"800.00 $"},6,18,{"v":14400,"d":"$14,400.00"},{"v":4800,"d":"$4,800.00"}]
[162,"HOJA DE DIRECCION CUIDADO DE ENFERMERIA",null,null,"TALONARIO",32,0,32,{"v":994,"d":"994.00 $"},0,32,{"v":31808,"d":"$31,808.00"},0]
[163,"HOJA DE ENFER EN AREA EMERGENCIA FO63",null,null,"TALONARIO",20,0,20,{"v":994,"d":"994.00 $"},3,17,{"v":16898,"d":"$16,898.00"},{"v":2982,"d":"$2,982.00"}]
[164,"HOJA DE ENFERMERIA",null,null,"TALONARIO",8,0,8,{"v":1298,"d":"1,298.00 $"},null,8,{"v":10384,"d":"$10,384.00"},0]
[165,"HOJA DE EVOLUCION ",null,null,"TALONARIO",7,0,7,{"v":294,"d":"294.00 $"},1,6,{"v":1764,"d":"$1,764.00"},{"v":294,"d":"$294.00"}]
[166,"HOJA DE ANESTESIA",null,null,"TALONARIO",13,0,{"$f":"F76+G76","v":13},{"v":185,"d":"185.00 $"},null,{"$f":"H76-J76","v":13},{"$f":"I76*K76","v":{"v":2405,"d":"$2,405.00"}},{"$f":"I76*J76","v":0}]
[167,"HOJA DE HISTORIAL CLINICO",null,null,"TALONARIO",46,0,46,{"v":195,"d":"195.00 $"},null,46,{"v":8970,"d":"$8,970.00"},0]
[168,"HOJA D KARDEX D MEDICAMENTO SOLUCIONES",null,null,"TALONARIO",17,0,17,{"v":1298,"d":"1,298.00 $"},null,17,{"v":22066,"d":"$22,066.00"},0]
[169,"HOJA DE REFERENCIA Y CONTRA REFERENCIA",null,null,"TALONARIO",11,0,11,{"v":826,"d":"826.00 $"},null,11,{"v":9086,"d":"$9,086.00"},0]
[170,"HOJA DE GLICEMIA",null,null,"TALONARIO",5,0,5,{"v":350,"d":"350.00 $"},2,3,{"v":1050,"d":"$1,050.00"},{"v":700,"d":"$700.00"}]
[171,"HOJA  RESUMEN MEDICO DE EGRESO",null,null,"RESMA",2,0,2,{"v":826,"d":"826.00 $"},null,2,{"v":1652,"d":"$1,652.00"},0]
[172,"HOJA  SEGURIDAD CIRUGIA",null,null,"RESMA",2,0,2,{"v":1475,"d":"1,475.00 $"},null,2,{"v":2950,"d":"$2,950.00"},0]
[173,"HOJA DESIGNOGRAMA ENFERM",null,null,"TALONARIO",9,0,9,{"v":994,"d":"994.00 $"},null,9,{"v":8946,"d":"$8,946.00"},0]
[174,"HOJA KARDEX MED INTERNA  INSUMOS",null,null,"TALONARIO",9,0,9,{"v":994,"d":"994.00 $"},null,9,{"v":8946,"d":"$8,946.00"},0]
[175,"HOJA LEGAL 8 1/2*14 RESMA",null,null,"RESMA",12,0,12,{"v":348,"d":"348.00 $"},3,9,{"v":3132,"d":"$3,132.00"},{"v":1044,"d":"$1,044.00"}]
[176,"HOJA ORDEN MEDICA",null,null,"TALONARIO",28,0,28,{"v":800,"d":"800.00 $"},null,28,{"v":22400,"d":"$22,400.00"},0]
[177,"HOJA  HISTORIAL OPERATORIO",null,null,"TALONARIO",5,0,5,{"v":1299,"d":"1,299.00 $"},null,5,{"v":6495,"d":"$6,495.00"},0]
[178,"HOJA SIGNOS VITALES ",null,null,"TALONARIO",10,0,10,{"v":1200,"d":"1,200.00 $"},null,10,{"v":12000,"d":"$12,000.00"},0]
[179,"HOJA GRAFICA DE TEMPERATURA",null,null,"RESMA",1,0,1,{"v":994,"d":"994.00 $"},0,1,{"v":994,"d":"$994.00"},0]
[181,"HOJAS TIMBRADA",null,null,"TALONARIO",15,0,15,{"v":1350,"d":"1,350.00 $"},4,11,{"v":14850,"d":"$14,850.00"},{"v":5400,"d":"$5,400.00"}]
[182,"HOJA DE CONFIRMACION DE CIRUGIA",null,null,"RESMA",1,0,1,{"v":1298,"d":"1,298.00 $"},null,1,{"v":1298,"d":"$1,298.00"},0]
[183,"LABELSP/FOLDER",null,null,"UNID",5,0,5,{"v":112.1,"d":"112.10 $"},null,5,{"v":560.5,"d":"$560.50"},0]
[184,"LAPIZ",null,null,"UNID",33,0,33,{"v":10,"d":"10.00 $"},2,31,{"v":310,"d":"$310.00"},{"v":20,"d":"$20.00"}]
[185,"LIBRO BANCO VENTA SERVICIOS",null,null,"UNID",1,0,1,{"v":2360,"d":"2,360.00 $"},null,1,{"v":2360,"d":"$2,360.00"},0]
[186,"LIBRO DE ANOTACIONES ENFERMERIA",null,null,"UNID",0,0,0,{"v":826,"d":"826.00 $"},null,0,0,0]
[187,"LIBRO DE EMERGENCIA",null,null,"UNID",1,0,1,{"v":2360,"d":"2,360.00 $"},1,0,0,{"v":2360,"d":"$2,360.00"}]
[188,"LIBRO DE LABORATORIO PACIENTE",null,null,"UNID",2,0,2,{"v":1170,"d":"1,170.00 $"},2,0,0,{"v":2340,"d":"$2,340.00"}]
[189,"LIBRO DE CONTROL DE PARASITOLOGIA COPROLOGICO",null,null,"UNID",2,0,2,{"v":1170,"d":"1,170.00 $"},null,2,{"v":2340,"d":"$2,340.00"},0]
[190,"LIBRO DE PARTO Y NACIMIENTO",null,null,"UNID",3,0,3,{"v":1170,"d":"1,170.00 $"},null,3,{"v":3510,"d":"$3,510.00"},0]
[191,"LIBRO  DE CIRUGIA",null,null,"UNID",3,0,3,{"v":1170,"d":"1,170.00 $"},null,3,{"v":3510,"d":"$3,510.00"},0]
[192,"LIBRO DE CONS REGISTRO VIH",null,null,"UNID",0,0,0,{"v":1770,"d":"1,770.00 $"},null,0,0,0]
[193,"LIBRO DE SEROLOGIA",null,null,"UNID",3,0,3,{"v":2360,"d":"2,360.00 $"},null,3,{"v":7080,"d":"$7,080.00"},0]
[194,"LIBRO DE URIANALISIS",null,null,"UNID",2,0,2,{"v":2360,"d":"2,360.00 $"},1,1,{"v":2360,"d":"$2,360.00"},{"v":2360,"d":"$2,360.00"}]
[195,"LIBRO HEMATOLOGIA",null,null,"UNID",2,0,2,{"v":2000,"d":"2,000.00 $"},null,2,{"v":4000,"d":"$4,000.00"},0]
[196,"LIBRO QUIMICO",null,null,"UNID",2,0,2,{"v":2360,"d":"2,360.00 $"},null,2,{"v":4720,"d":"$4,720.00"},0]
[197,"LIBRO INTERNAMIENTO",null,null,"UNID",3,0,3,{"v":1770,"d":"1,770.00 $"},null,3,{"v":5310,"d":"$5,310.00"},0]
[198,"LIBRO DE RAYOS X",null,null,"UNID",2,0,2,{"v":1770,"d":"1,770.00 $"},null,2,{"v":3540,"d":"$3,540.00"},0]
[199,"LIBRO RECORD DE REGISTRO ADOLECENTE ",null,null,"UNID",0,0,0,{"v":1800,"d":"1,800.00 $"},null,0,0,0]
[200,"LIQUID PAPER T/L CORRECTOR",null,null,"UNID",28,0,28,{"v":30,"d":"30.00 $"},9,19,{"v":570,"d":"$570.00"},{"v":270,"d":"$270.00"}]
[201,"MARCADORES AZULES ",null,null,"UNID",40,0,40,{"v":30,"d":"30.00 $"},2,38,{"v":1140,"d":"$1,140.00"},{"v":60,"d":"$60.00"}]
[202,"MARCADORES NEGROS ",null,null,"UNID",44,0,44,{"v":30,"d":"30.00 $"},3,41,{"v":1230,"d":"$1,230.00"},{"v":90,"d":"$90.00"}]
[203,"MISTOLIN ",null,null,"GALON",61,0,61,{"v":104,"d":"104.00 $"},32,29,{"v":3016,"d":"$3,016.00"},{"v":3328,"d":"$3,328.00"}]
[204,"PAPEL CARBON 8 1/2*11",null,null,"UNID",25,0,25,{"v":325,"d":"325.00 $"},null,25,{"v":8125,"d":"$8,125.00"},0]
[205,"PAPEL HIGIENICO FARDO 48/1 ",null,null,"UNID",103,96,199,{"v":22.6,"d":"22.60 $"},148,51,{"v":1152.6000000000001,"d":"$1,152.60"},{"v":3344.8,"d":"$3,344.80"}]
[206,"PAPEL MANILA NATURAL KRAF",null,null,"UNID",1,0,1,{"v":3916,"d":"3,916.00 $"},0,1,{"v":3916,"d":"$3,916.00"},0]
[207,"PAPEL TOALLA 6/1",null,null,"UNID",28,0,28,{"v":95.38,"d":"95.38 $"},23,5,{"v":476.9,"d":"$476.90"},{"v":2193.74,"d":"$2,193.74"}]
[208,"PERFORADORA 2",null,null,"UNID",0,0,0,{"v":306.08,"d":"306.08 $"},null,0,0,0]
[209,"PERFORADORA 3 ",null,null,"UNID",1,0,1,{"v":631.3,"d":"631.30 $"},null,1,{"v":631.3,"d":"$631.30"},0]
[210,"PILA AA ",null,null,"UNID",0,0,0,{"v":54,"d":"54.00 $"},null,0,0,0]
[211,"PILA AAA",null,null,"UNID",0,0,0,{"v":53,"d":"53.00 $"},null,0,0,0]
[212," PAPEL CON DIVISION 200/1 OPTION",null,null,"CAJA",1,0,1,{"v":1085,"d":"1,085.00 $"},1,0,0,{"v":1085,"d":"$1,085.00"}]
[213,"PLATOS",null,null,"FARDO",8,0,8,{"v":1291,"d":"1,291.00 $"},7,1,{"v":1291,"d":"$1,291.00"},{"v":9037,"d":"$9,037.00"}]
[214,"POS-IT 3*3",null,null,"RESMA",0,0,0,{"v":33.63,"d":"33.63 $"},null,0,0,0]
[215,"RECOJEDOR DE BASURA",null,null,"UNID",2,0,2,{"v":109.25,"d":"109.25 $"},null,2,{"v":218.5,"d":"$218.50"},0]
[216,"RESALTADOR ",null,null,"UNID",16,0,16,{"v":39,"d":"39.00 $"},null,16,{"v":624,"d":"$624.00"},0]
[217,"RESMA DE CONTROL DE EXISTENCIA",null,null,"RESMA",3,0,3,{"v":1298,"d":"1,298.00 $"},null,3,{"v":3894,"d":"$3,894.00"},0]
[218,"RESMA HOJA DE MAQUINA 8/2 *11",null,null,"RESMA",118,0,118,{"v":228,"d":"228.00 $"},60,58,{"v":13224,"d":"$13,224.00"},{"v":13680,"d":"$13,680.00"}]
[219,"ROLLO DE PAPEL SUMADORA",null,null,"UNID",14,0,14,{"v":23,"d":"23.00 $"},5,9,{"v":207,"d":"$207.00"},{"v":115,"d":"$115.00"}]
[220,"ROTULO PARA SOLUCION Y MEDICAMENTOS",null,null,"UNID",1000,0,1000,{"v":6.5,"d":"6.50 $"},50,950,{"v":6175,"d":"$6,175.00"},{"v":325,"d":"$325.00"}]
[221,"SACA GRAPA",null,null,"UNID",6,0,6,{"v":30,"d":"30.00 $"},null,6,{"v":180,"d":"$180.00"},0]
[222,"SACAPUNTA METAL ",null,null,"UNID",24,0,24,{"v":15,"d":"15.00 $"},2,22,{"v":330,"d":"$330.00"},{"v":30,"d":"$30.00"}]
[223,"SACO DE DETERGENTE",null,null,"UNID",3,0,3,{"v":1100,"d":"1,100.00 $"},1,2,{"v":2200,"d":"$2,200.00"},{"v":1100,"d":"$1,100.00"}]
[224,"SERVILLETA C-FOLD 24/100 XCELENT",null,null,"UNID",76,0,76,{"v":24.5,"d":"24.50 $"},30,46,{"v":1127,"d":"$1,127.00"},{"v":735,"d":"$735.00"}]
[225,"SERVILLETAS DE BINGO 60/1",null,null,"UNID",309,0,309,{"v":11.5,"d":"11.50 $"},114,195,{"v":2242.5,"d":"$2,242.50"},{"v":1311,"d":"$1,311.00"}]
[226,"SOBRE CARTA VENTANILLA",null,null,"UNID",900,0,900,{"v":1.85,"d":"1.85 $"},null,900,{"v":1665,"d":"$1,665.00"},0]
[227,"SOBRE MANILA 9*12 500 UNID",null,null,"UNID",400,0,400,{"v":13.85,"d":"13.85 $"},10,390,{"v":5401.5,"d":"$5,401.50"},{"v":138.5,"d":"$138.50"}]
[228,"SOBRE MANILA 14*17 1000 UNIDAD",null,null,"UNID",925,0,925,{"v":13.85,"d":"13.85 $"},15,910,{"v":12603.5,"d":"$12,603.50"},{"v":207.75,"d":"$207.75"}]
[229,"SOBRE MANILA 10*14 DE 500 UNID",null,null,"UNID",285,0,285,{"v":7.1,"d":"7.10 $"},10,275,{"v":1952.5,"d":"$1,952.50"},{"v":71,"d":"$71.00"}]
[230,"SOBRE TIMBRADO",null,null,"UNID",300,0,{"$f":"F139+G139","v":300},{"v":13,"d":"13.00 $"},null,{"$f":"H139-J139","v":300},{"$f":"I139*K139","v":{"v":3900,"d":"$3,900.00"}},{"$f":"I139*J139","v":0}]
[231,"SUAPER JUMBO",null,null,"GALON",4,10,14,{"v":175,"d":"175.00 $"},5,9,{"v":1575,"d":"$1,575.00"},{"v":875,"d":"$875.00"}]
[232,"SUAVITEL",null,null,"GALON",5,0,5,{"v":148.31,"d":"148.31 $"},3,2,{"v":296.62,"d":"$296.62"},{"v":444.93,"d":"$444.93"}]
[233,"TALONARIO DE PATOLOGIA",null,null,"TALONARIO",25,0,25,{"v":70.8,"d":"70.80 $"},null,25,{"v":1770,"d":"$1,770.00"},0]
[234,"TALONARIO HISTORIA CLINICA EMERGENCIA",null,null,"TALONARIO",30,0,30,{"v":275,"d":"275.00 $"},10,20,{"v":5500,"d":"$5,500.00"},{"v":2750,"d":"$2,750.00"}]
[235,"TALONARIO ORDEN MEDICA",null,null,"TALONARIO",25,0,25,{"v":275,"d":"275.00 $"},null,25,{"v":6875,"d":"$6,875.00"},0]
[236,"TALONARIO COPROLOGICO",null,null,"TALONARIO",102,0,102,{"v":88.35,"d":"88.35 $"},null,102,{"v":9011.699999999999,"d":"$9,011.70"},0]
[237,"TALALONARIO HEMOTOLOGIA",null,null,"TALONARIO",0,100,100,{"v":88.35,"d":"88.35 $"},0,100,{"v":8835,"d":"$8,835.00"},0]
[238,"TALONARIO CONFIMACION DE  QUIRURGICA ",null,null,"TALONARIO",5,0,5,{"v":185,"d":"185.00 $"},null,5,{"v":925,"d":"$925.00"},0]
[239,"TALONARIO LABORATORIO CLINICO",null,null,"TALONARIO",147,0,147,{"v":37,"d":"37.00 $"},0,147,{"v":5439,"d":"$5,439.00"},0]
[240,"TALONARIO PARTOGRAMA POSPARTO",null,null,"TALONARIO",9,0,9,{"v":185,"d":"185.00 $"},null,9,{"v":1665,"d":"$1,665.00"},0]
[241,"TALONARIO HISTORIAL OPERATORIO",null,null,"RESMA",1,0,1,{"v":185,"d":"185.00 $"},null,1,{"v":185,"d":"$185.00"},0]
[242,"TALONARIO URIANALISIS",null,null,"TALONARIO",4,150,154,{"v":53.1,"d":"53.10 $"},null,154,{"v":8177.400000000001,"d":"$8,177.40"},0]
[243,"TALONARIO REQUISICION DE FARMACIA",null,null,"TALONARIO",9,0,9,{"v":413,"d":"413.00 $"},null,9,{"v":3717,"d":"$3,717.00"},0]
[244,"TALONARIO CUIDADO DE ENFERERIA VIH MEDIA",null,null,"TALONARIO",15,0,15,{"v":275,"d":"275.00 $"},null,15,{"v":4125,"d":"$4,125.00"},0]
[245,"TALONARIO CONCENTIMIENTO INFORMADO LARGO",null,null,"TALONARIO",3,0,3,{"v":756,"d":"756.00 $"},0,3,{"v":2268,"d":"$2,268.00"},0]
[244,"TALONARIO DE CLASIFICACION",null,null,"TALONARIO",30,0,30,{"v":756,"d":"756.00 $"},null,30,{"v":22680,"d":"$22,680.00"},0]
[245,"TALONARIO DE CONTROL TEMPERATURA",null,null,"TALONARIO",15,0,15,{"v":294,"d":"294.00 $"},null,15,{"v":4410,"d":"$4,410.00"},0]
[246,"TALONARIO DE CUOTA DE CONTRIBUCION",null,null,"TALONARIO",10,0,10,{"v":185,"d":"185.00 $"},null,10,{"v":1850,"d":"$1,850.00"},0]
[247,"TALONARIO PROTOCOLO ATENCION AL PARTO",null,null,"TALONARIO",8,0,8,{"v":185,"d":"185.00 $"},null,8,{"v":1480,"d":"$1,480.00"},0]
[248,"TALONARIO HOJA DE KARDEX INSUMO",null,null,"TALONARIO",9,0,9,{"v":994,"d":"994.00 $"},null,9,{"v":8946,"d":"$8,946.00"},0]
[249,"TALONARIO SOLICITUD DE ALMACEN",null,null,"TALONARIO",6,0,6,{"v":224,"d":"224.00 $"},null,6,{"v":1344,"d":"$1,344.00"},0]
[250,"TALONARIO SALIDA ALMACEN",null,null,"TALONARIO",24,0,24,{"v":275,"d":"275.00 $"},null,24,{"v":6600,"d":"$6,600.00"},0]
[251,"TAPA DE VASOS #12 CLEA  10/100",null,null,"UNID",26,0,26,{"v":224,"d":"224.00 $"},15,11,{"v":2464,"d":"$2,464.00"},{"v":3360,"d":"$3,360.00"}]
[252,"TARJETA DE CITA",null,null,"UNID",1425,0,1425,{"v":2.75,"d":"2.75 $"},655,770,{"v":2117.5,"d":"$2,117.50"},{"v":1801.25,"d":"$1,801.25"}]
[253,"TARJETA DE EXPEDIENTE ",null,null,"UNID",300,2000,2300,{"v":4.5,"d":"4.50 $"},700,1600,{"v":7200,"d":"$7,200.00"},{"v":3150,"d":"$3,150.00"}]
[254,"TALONARIO RECETARIO NORMAL",null,null,"TALONARIO",202,0,202,{"v":53.65,"d":"53.65 $"},132,70,{"v":3755.5,"d":"$3,755.50"},{"v":7081.8,"d":"$7,081.80"}]
[255,"TIJERAS",null,null,"UNID",3,0,3,{"v":62.54,"d":"62.54 $"},null,3,{"v":187.62,"d":"$187.62"},0]
[256,"TINTA PARA SELLO AZUL",null,null,"UNID",12,0,12,{"v":106,"d":"106.00 $"},null,12,{"v":1272,"d":"$1,272.00"},0]
[257,"TOALLA MICROFIBRA16´´ *16´´",null,null,"PAQU",24,0,24,{"v":49.56,"d":"49.56 $"},2,22,{"v":1090.3200000000002,"d":"$1,090.32"},{"v":99.12,"d":"$99.12"}]
[258,"VASO 12 CAJA 40/25 FOAM",null,null,"PAQU",138,0,138,{"v":53.2,"d":"53.20 $"},60,78,{"v":4149.6,"d":"$4,149.60"},{"v":3192,"d":"$3,192.00"}]
[259,"VASO # 5",null,null,"PAQU",12,0,12,{"v":55,"d":"55.00 $"},6,6,{"v":330,"d":"$330.00"},{"v":330,"d":"$330.00"}]
[260,"VASOS #7",null,null,"PAQU",141,0,141,{"v":38.94,"d":"38.94 $"},103,38,{"v":1479.7199999999998,"d":"$1,479.72"},{"v":4010.8199999999997,"d":"$4,010.82"}]
[{"$nulls":9},"TOTAL ALMACEN",null,{"$f":"SUM(L11:L169)","v":{"v":630598.2599999999,"d":"$630,598.26"}}]
[{"$nulls":9},"TOTAL DE COMSUMO",null,{"$f":"SUM(M11:M171)","v":{"v":140926.52,"d":"$140,926.52"}}]

{"sheet":"AGOSTO","index":7,"n_rows":175,"n_cols":13,"rows_kept":175,"merged":[[9,0,9,3],[10,1,10,3],[70,1,70,2],[79,1,79,2],[107,1,107,3],[138,1,138,3],[139,1,139,3],[140,1,140,3],[149,1,149,3],[150,1,150,3],[154,1,154,3],[162,1,162,3],[163,1,163,3],[165,1,165,3],[166,1,166,3],[171,1,171,3],[172,1,172,3],[173,9,173,10],[174,9,174,10]]}
[]
[]
[]
[{"$nulls":4}," "]
[]
[]
[]
[]
[{"$nulls":10},"2025-08-31"]
["INVENTARIO DE ALMACEN "]
["CODIGO","DESCRIPCION DEL PRODUCTO",null,null,"UNIDAD MEDIDA","CANTIDAD","ENTRADA","TOTAL","PRECIO","SALIDA DE USO MENSUAL","CANTIDAD ACTIVA EN ALMACEN","VALOR TOTAL ACTIVO","VALORDE TOTAL CONSUMO"]
[101,"ACORDEON 10*12 CARTON PIEDRA",null,null,"UNID ",4,null,{"$f":"F12+G12","v":4},{"v":744,"d":"744.00 $"},null,{"$f":"H12-J12","v":4},{"$f":"I12*K12","v":{"v":2976,"d":"$2,976.00"}},{"$f":"I12*J12","v":0}]
[102,"AMBIENTADOR SPRAY",null,null,"UNID ",14,null,{"$f":"F13+G13","v":14},{"v":192,"d":"192.00 $"},8,{"$f":"H13-J13","v":6},{"$f":"I13*K13","v":{"v":1152,"d":"$1,152.00"}},{"$f":"I13*J13","v":{"v":1536,"d":"$1,536.00"}}]
[103,"AGUA BOTELLITAS",null,null,"UNID ",240,380,620,{"v":6.5,"d":"6.50 $"},200,420,{"v":2730,"d":"$2,730.00"},{"v":1300,"d":"$1,300.00"}]
[104,"AXION EN PASTA",null,null,"UNID ",4,24,28,{"v":116,"d":"116.00 $"},9,19,{"v":2204,"d":"$2,204.00"},{"v":1044,"d":"$1,044.00"}]
[105,"BAYGON 400ML",null,null,"UNID ",5,null,5,{"v":349,"d":"349.00 $"},4,1,{"v":349,"d":"$349.00"},{"v":1396,"d":"$1,396.00"}]
[106,"BOLIGRAFOS AZULES",null,null,"UNID ",108,null,108,{"v":10.1,"d":"10.10 $"},32,76,{"v":767.6,"d":"$767.60"},{"v":323.2,"d":"$323.20"}]
[107,"BOLIGRAFOS NEGROS",null,null,"UNID ",50,null,50,{"v":7,"d":"7.00 $"},12,38,{"v":266,"d":"$266.00"},{"v":84,"d":"$84.00"}]
[108,"BOLIGRAFOS ROJOS",null,null,"UNID ",106,null,106,{"v":7,"d":"7.00 $"},null,106,{"v":742,"d":"$742.00"},0]
[109,"BOLIGRAFOS VERDES",null,null,"UNID ",9,null,9,{"v":10,"d":"10.00 $"},null,9,{"v":90,"d":"$90.00"},0]
[110,"BORRANTE DE LECHE ",null,null,"UNID ",9,null,9,{"v":8,"d":"8.00 $"},null,9,{"v":72,"d":"$72.00"},0]
[111,"BRILLO GRUESO 12/1 ROMANO",null,null,"UNID ",17,null,17,{"v":69.6,"d":"69.60 $"},5,12,{"v":835.1999999999999,"d":"$835.20"},{"v":348,"d":"$348.00"}]
[112,"BRILLO GRIS",null,null,"UNID ",8,null,8,{"v":69.6,"d":"69.60 $"},2,6,{"v":417.59999999999997,"d":"$417.60"},{"v":139.2,"d":"$139.20"}]
[113,"BRILLO VERDE Y ESPONJA",null,null,"UNID ",21,null,21,{"v":57.8,"d":"57.80 $"},4,17,{"v":982.5999999999999,"d":"$982.60"},{"v":231.2,"d":"$231.20"}]
[114,"CAJA PLASTICAS DE 27 GL NEGRA",null,null,"UNID",5,null,5,{"v":1350,"d":"1,350.00 $"},2,3,{"v":4050,"d":"$4,050.00"},{"v":2700,"d":"$2,700.00"}]
[115,"CAJITA DE GRAPAS ESTÁNDAR 26/6",null,null,"UNID",6,6,12,{"v":47.17,"d":"47.17 $"},7,5,{"v":235.85000000000002,"d":"$235.85"},{"v":330.19,"d":"$330.19"}]
[116,"CALCULADORA",null,null,"UNID",3,null,3,{"v":359.9,"d":"359.90 $"},null,3,{"v":1079.6999999999998,"d":"$1,079.70"},0]
[117,"CARPETA NEGRA  #1",null,null,"UNID",5,null,5,{"v":469,"d":"469.00 $"},null,{"$f":"H28-J28","v":5},{"v":2345,"d":"$2,345.00"},0]
[118,"CARPETA NEGRA # 2",null,null,"UNID",3,null,3,{"v":178.2,"d":"178.20 $"},null,3,{"v":534.5999999999999,"d":"$534.60"},0]
[119,"CARPETAS  # 3",null,null,"UNID",2,null,2,{"v":147.5,"d":"147.50 $"},null,2,{"v":295,"d":"$295.00"},0]
[120,"CHINCHETAS",null,null,"CAJAS",6,null,6,{"v":84.75,"d":"84.75 $"},null,6,{"v":508.5,"d":"$508.50"},0]
[121,"CEPILLO DE INODORO",null,null,"UNID",2,null,2,{"v":159.3,"d":"159.30 $"},null,2,{"v":318.6,"d":"$318.60"},0]
[122,"CERA PARA CONTAR",null,null,"UNID",10,null,10,{"v":60,"d":"60.00 $"},null,10,{"v":600,"d":"$600.00"},0]
[123,"CINTA MASKING TAPE 3/4 VISIBLE",null,null,"UNID",36,null,36,{"v":75,"d":"75.00 $"},1,35,{"v":2625,"d":"$2,625.00"},{"v":75,"d":"$75.00"}]
[124,"CINTA DE EMPAQUE ",null,null,"UNID",9,null,9,{"v":47.2,"d":"47.20 $"},3,6,{"v":283.20000000000005,"d":"$283.20"},{"v":141.60000000000002,"d":"$141.60"}]
[125,"CINTA MAGICA SUMADORA",null,null,"UNID",2,null,2,{"v":76.7,"d":"76.70 $"},null,2,{"v":153.4,"d":"$153.40"},0]
[126," CLIPS JUMBO",null,null,"UNID",21,null,21,{"v":38,"d":"38.00 $"},3,18,{"v":684,"d":"$684.00"},{"v":114,"d":"$114.00"}]
[127,"CINTA MASKING TAPE CREMA",null,null,"UNID",23,null,23,{"v":46,"d":"46.00 $"},7,16,{"v":736,"d":"$736.00"},{"v":322,"d":"$322.00"}]
[128,"CUBO PLATICOS DE AGUJA DESECHABLES",null,null,"UNID",5,20,25,{"v":50,"d":"50.00 $"},7,18,{"v":900,"d":"$900.00"},{"v":350,"d":"$350.00"}]
[129,"CLIPS BILLETERO 32 MM 12/1",null,null,"UNID",36,null,36,{"v":123.9,"d":"123.90 $"},null,36,{"v":4460.400000000001,"d":"$4,460.40"},0]
[130,"CLIPS BILLETERO 41 MM 12/1",null,null,"UNID",27,null,27,{"v":171.1,"d":"171.10 $"},null,27,{"v":4619.7,"d":"$4,619.70"},0]
[131,"CLIPS BILLETERO 51 MM 12/1",null,null,"UNID",24,null,24,{"v":230.1,"d":"230.10 $"},null,24,{"v":5522.4,"d":"$5,522.40"},0]
[132,"CLORO",null,null,"GALON",34,20,54,{"v":88.99,"d":"88.99 $"},30,24,{"v":2135.7599999999998,"d":"$2,135.76"},{"v":2669.7,"d":"$2,669.70"}]
[133,"CONTROL DE LIQUIDO(ENFERMERIA)",null,null,"TALONARIO",11,null,11,{"v":1200,"d":"1,200.00 $"},null,11,{"v":13200,"d":"$13,200.00"},0]
[134,"CUADERNOS COCIDOS",null,null,"UNID",6,null,6,{"v":53,"d":"53.00 $"},6,0,0,{"v":318,"d":"$318.00"}]
[135,"CUCHARA 25/1",null,null,"CAJA",1,3,4,{"v":631.3,"d":"631.30 $"},3,1,{"v":631.3,"d":"$631.30"},{"v":1893.8999999999999,"d":"$1,893.90"}]
[136,"ESCOBA C/PALO",null,null,"UNID",10,null,10,{"v":133,"d":"133.00 $"},null,10,{"v":1330,"d":"$1,330.00"},0]
[138," FOLDER AMARILLO OFICINA",null,null,"UNID",16,400,{"$f":"F48+G48","v":416},{"v":2.33,"d":"2.33 $"},22,394,{"v":918.02,"d":"$918.02"},{"v":51.260000000000005,"d":"$51.26"}]
[138," FOLDER VERDE 8 1/2 X 11",null,null,"UNID",296,200,496,{"v":4.95,"d":"4.95 $"},10,486,{"v":2405.7000000000003,"d":"$2,405.70"},{"v":49.5,"d":"$49.50"}]
[139," FUNDA NEGRA 17 x22 GL PEQUEÑA",null,null,"PAQ",33,null,33,{"v":72,"d":"72.00 $"},13,20,{"v":1440,"d":"$1,440.00"},{"v":936,"d":"$936.00"}]
[140,"FUNDA  NEGRA #6",null,null,"PAQ",33,null,33,{"v":36.58,"d":"36.58 $"},2,31,{"v":1133.98,"d":"$1,133.98"},{"v":73.16,"d":"$73.16"}]
[141,"FUNDA  ROJA #2",null,null,"PAQ",27,null,27,{"v":20,"d":"20.00 $"},1,26,{"v":520,"d":"$520.00"},{"v":20,"d":"$20.00"}]
[142,"FUNDA AZULES #4",null,null,"PAQ",37,null,37,{"v":26,"d":"26.00 $"},1,36,{"v":936,"d":"$936.00"},{"v":26,"d":"$26.00"}]
[143,"FUNDA NEGRA  MEDIANA 30 GL",null,null,"PAQ",30,null,30,{"v":1080,"d":"1,080.00 $"},21,9,{"v":9720,"d":"$9,720.00"},{"v":22680,"d":"$22,680.00"}]
[144,"FUNDA NEGRA GRANDE 55 GL",null,null,"PAQ",7,null,7,{"v":616,"d":"616.00 $"},4,3,{"v":1848,"d":"$1,848.00"},{"v":2464,"d":"$2,464.00"}]
[145,"FUNDA ROJA  PEQUENAS 17 GL",null,null,"PAQ",4,null,4,{"v":240,"d":"240.00 $"},3,1,{"v":240,"d":"$240.00"},{"v":720,"d":"$720.00"}]
[146,"FUNDA ROJA GRANDE 55 gl",null,null,"UNID",9,null,9,{"v":1030.1,"d":"1,030.10 $"},2,7,{"v":7210.699999999999,"d":"$7,210.70"},{"v":2060.2,"d":"$2,060.20"}]
[147,"FUNDA ROJA MEDIANA 30 GL",null,null,"PAQ",18,null,18,{"v":450.36,"d":"450.36 $"},8,10,{"v":4503.6,"d":"$4,503.60"},{"v":3602.88,"d":"$3,602.88"}]
[148,"GALON JABON LIQUIDO DE MANO",null,null,"GALON",6,null,6,{"v":171.1,"d":"171.10 $"},2,4,{"v":684.4,"d":"$684.40"},{"v":342.2,"d":"$342.20"}]
[149,"GANCHOS P/FOLDER MH",null,null,"CAJA",9,null,9,{"v":141.6,"d":"141.60 $"},1,8,{"v":1132.8,"d":"$1,132.80"},{"v":141.6,"d":"$141.60"}]
[150,"GALON JABON DE CUABA",null,null,"GALON",2,null,2,{"v":165.25,"d":"165.25 $"},null,2,{"v":330.5,"d":"$330.50"},0]
[151,"GOMITAS",null,null,"CAJA",4,null,4,{"v":45,"d":"45.00 $"},3,1,{"v":45,"d":"$45.00"},{"v":135,"d":"$135.00"}]
[152,"GRAPADORA NEGRA",null,null,"CAJA",5,null,5,{"v":320,"d":"320.00 $"},1,4,{"v":1280,"d":"$1,280.00"},{"v":320,"d":"$320.00"}]
[153,"GUANTES MULTIUSOS",null,null,"UNID",12,null,12,{"v":666.36,"d":"666.36 $"},2,10,{"v":6663.6,"d":"$6,663.60"},{"v":1332.72,"d":"$1,332.72"}]
[154,"HISTORIA CLINICA PERINATAL",null,null,"TALONARIO",9,null,9,{"v":1298,"d":"1,298.00 $"},null,9,{"v":11682,"d":"$11,682.00"},0]
[155," HOJA DE ANOTACION ENFERMERIA",null,null,"RESMA",7,null,7,{"v":826,"d":"826.00 $"},3,4,{"v":3304,"d":"$3,304.00"},{"v":2478,"d":"$2,478.00"}]
[156,"HOJA DE ADMICION ",null,null,"RESMA",5,null,5,{"v":165,"d":"165.00 $"},null,5,{"v":825,"d":"$825.00"},0]
[157,"HOJA DE ATENCION DIARIA",null,null,"TALONARIO",3,null,3,{"v":994,"d":"994.00 $"},null,3,{"v":2982,"d":"$2,982.00"},0]
[158,"HOJA DE CERTIFICACION",null,null,"RESMA",2,null,2,{"v":1475,"d":"1,475.00 $"},null,2,{"v":2950,"d":"$2,950.00"},0]
[159,"HOJA DE CONSULTA EXTERNA ",null,null,"TALONARIO",21,null,21,{"v":994,"d":"994.00 $"},2,19,{"v":18886,"d":"$18,886.00"},{"v":1988,"d":"$1,988.00"}]
[160,"HOJA PACIENTE  DIETA",null,null,"TALONARIO",18,null,18,{"v":800,"d":"800.00 $"},null,18,{"v":14400,"d":"$14,400.00"},0]
[161,"HOJA DE DIRECCION CUIDADO DE ENFERMERIA",null,null,"TALONARIO",32,null,32,{"v":994,"d":"994.00 $"},null,32,{"v":31808,"d":"$31,808.00"},0]
[162,"HOJA DE ENFER EN AREA EMERGENCIA FO63",null,null,"TALONARIO",17,null,17,{"v":994,"d":"994.00 $"},null,17,{"v":16898,"d":"$16,898.00"},0]
[163,"HOJA DE ENFERMERIA",null,null,"TALONARIO",8,null,8,{"v":1298,"d":"1,298.00 $"},null,8,{"v":10384,"d":"$10,384.00"},0]
[164,"HOJA DE EVOLUCION ",null,null,"TALONARIO",6,null,6,{"v":294,"d":"294.00 $"},1,5,{"v":1470,"d":"$1,470.00"},{"v":294,"d":"$294.00"}]
[165,"HOJA DE ANESTESIA",null,null,"TALONARIO",13,null,{"$f":"F76+G76","v":13},{"v":185,"d":"185.00 $"},null,{"$f":"H76-J76","v":13},{"$f":"I76*K76","v":{"v":2405,"d":"$2,405.00"}},{"$f":"I76*J76","v":0}]
[166,"HOJA DE HISTORIAL CLINICO",null,null,"TALONARIO",46,null,46,{"v":195,"d":"195.00 $"},null,46,{"v":8970,"d":"$8,970.00"},0]
[167,"HOJA D KARDEX D MEDICAMENTO SOLUCIONES",null,null,"TALONARIO",17,null,17,{"v":1298,"d":"1,298.00 $"},null,17,{"v":22066,"d":"$22,066.00"},0]
[168,"HOJA DE REFERENCIA Y CONTRA REFERENCIA",null,null,"TALONARIO",11,null,11,{"v":826,"d":"826.00 $"},null,11,{"v":9086,"d":"$9,086.00"},0]
[169,"HOJA DE GLICEMIA",null,null,"TALONARIO",3,null,3,{"v":350,"d":"350.00 $"},null,3,{"v":1050,"d":"$1,050.00"},0]
[170,"HOJA  RESUMEN MEDICO DE EGRESO",null,null,"RESMA",2,null,2,{"v":826,"d":"826.00 $"},null,2,{"v":1652,"d":"$1,652.00"},0]
[171,"HOJA  SEGURIDAD CIRUGIA",null,null,"RESMA",2,null,2,{"v":1475,"d":"1,475.00 $"},null,2,{"v":2950,"d":"$2,950.00"},0]
[172,"HOJA DESIGNOGRAMA ENFERM",null,null,"TALONARIO",9,null,9,{"v":994,"d":"994.00 $"},null,9,{"v":8946,"d":"$8,946.00"},0]
[173,"HOJA KARDEX MED INTERNA  INSUMOS",null,null,"TALONARIO",9,null,9,{"v":994,"d":"994.00 $"},null,9,{"v":8946,"d":"$8,946.00"},0]
[174,"HOJA LEGAL 8 1/2*14 RESMA",null,null,"RESMA",9,null,9,{"v":348,"d":"348.00 $"},2,7,{"v":2436,"d":"$2,436.00"},{"v":696,"d":"$696.00"}]
[175,"HOJA ORDEN MEDICA",null,null,"TALONARIO",28,null,28,{"v":800,"d":"800.00 $"},1,27,{"v":21600,"d":"$21,600.00"},{"v":800,"d":"$800.00"}]
[176,"HOJA  HISTORIAL OPERATORIO",null,null,"TALONARIO",5,null,5,{"v":1299,"d":"1,299.00 $"},null,5,{"v":6495,"d":"$6,495.00"},0]
[177,"HOJA SIGNOS VITALES ",null,null,"TALONARIO",10,null,10,{"v":1200,"d":"1,200.00 $"},null,10,{"v":12000,"d":"$12,000.00"},0]
[178,"HOJA GRAFICA DE TEMPERATURA",null,null,"RESMA",1,null,1,{"v":994,"d":"994.00 $"},null,1,{"v":994,"d":"$994.00"},0]
[179,"HOJAS TIMBRADA",null,null,"TALONARIO",11,null,11,{"v":1350,"d":"1,350.00 $"},null,11,{"v":14850,"d":"$14,850.00"},0]
[180,"HOJA DE CONFIRMACION DE CIRUGIA",null,null,"RESMA",1,null,1,{"v":1298,"d":"1,298.00 $"},null,1,{"v":1298,"d":"$1,298.00"},0]
[181,"LABELSP/FOLDER",null,null,"UNID",5,null,5,{"v":112.1,"d":"112.10 $"},null,5,{"v":560.5,"d":"$560.50"},0]
[182,"LAPIZ",null,null,"UNID",31,null,31,{"v":10,"d":"10.00 $"},null,31,{"v":310,"d":"$310.00"},0]
[183,"LIBRO BANCO VENTA SERVICIOS",null,null,"UNID",1,null,1,{"v":2360,"d":"2,360.00 $"},null,1,{"v":2360,"d":"$2,360.00"},0]
[184,"LIBRO DE ANOTACIONES ENFERMERIA",null,null,"UNID",0,null,0,{"v":826,"d":"826.00 $"},null,0,0,0]
[185,"LIBRO DE EMERGENCIA",null,null,"UNID",0,3,3,{"v":1770,"d":"1,770.00 $"},null,3,{"v":5310,"d":"$5,310.00"},0]
[186,"LIBRO DE LABORATORIO PACIENTE",null,null,"UNID",2,null,2,{"v":1170,"d":"1,170.00 $"},2,0,0,{"v":2340,"d":"$2,340.00"}]
[187,"LIBRO DE CONTROL DE PARASITOLOGIA COPROLOGICO",null,null,"UNID",1,null,1,{"v":1170,"d":"1,170.00 $"},null,1,{"v":1170,"d":"$1,170.00"},0]
[188,"LIBRO DE PARTO Y NACIMIENTO",null,null,"UNID",3,null,3,{"v":1170,"d":"1,170.00 $"},null,3,{"v":3510,"d":"$3,510.00"},0]
[189,"LIBRO  DE CIRUGIA",null,null,"UNID",3,2,5,{"v":1770,"d":"1,770.00 $"},null,5,{"v":8850,"d":"$8,850.00"},0]
[190,"LIBRO DE CONS REGISTRO VIH",null,null,"UNID",0,null,0,{"v":1770,"d":"1,770.00 $"},null,0,0,0]
[191,"LIBRO DE SEROLOGIA",null,null,"UNID",3,null,3,{"v":2360,"d":"2,360.00 $"},null,3,{"v":7080,"d":"$7,080.00"},0]
[192,"LIBRO DE URIANALISIS",null,null,"UNID",1,null,1,{"v":2360,"d":"2,360.00 $"},null,1,{"v":2360,"d":"$2,360.00"},0]
[193,"LIBRO HEMATOLOGIA",null,null,"UNID",2,null,2,{"v":2000,"d":"2,000.00 $"},null,2,{"v":4000,"d":"$4,000.00"},0]
[194,"LIBRO QUIMICO",null,null,"UNID",2,null,2,{"v":2360,"d":"2,360.00 $"},null,2,{"v":4720,"d":"$4,720.00"},0]
[195,"LIBRO INTERNAMIENTO",null,null,"UNID",3,null,3,{"v":1770,"d":"1,770.00 $"},null,3,{"v":5310,"d":"$5,310.00"},0]
[196,"LIBRO DE RAYOS X",null,null,"UNID",2,null,2,{"v":1770,"d":"1,770.00 $"},null,2,{"v":3540,"d":"$3,540.00"},0]
[197,"LIBRO RECORD DE REGISTRO ADOLECENTE ",null,null,"UNID",0,null,0,{"v":1800,"d":"1,800.00 $"},null,0,0,0]
[198,"LIQUID PAPER T/L CORRECTOR",null,null,"UNID",19,null,19,{"v":30,"d":"30.00 $"},5,14,{"v":420,"d":"$420.00"},{"v":150,"d":"$150.00"}]
[199,"MARCADORES AZULES ",null,null,"UNID",38,null,38,{"v":30,"d":"30.00 $"},3,35,{"v":1050,"d":"$1,050.00"},{"v":90,"d":"$90.00"}]
[200,"MARCADORES NEGROS ",null,null,"UNID",41,null,41,{"v":30,"d":"30.00 $"},3,38,{"v":1140,"d":"$1,140.00"},{"v":90,"d":"$90.00"}]
[201,"MISTOLIN ",null,null,"GALON",29,20,49,{"v":104,"d":"104.00 $"},35,14,{"v":1456,"d":"$1,456.00"},{"v":3640,"d":"$3,640.00"}]
[202,"PAPEL CARBON 8 1/2*11",null,null,"UNID",25,null,25,{"v":325,"d":"325.00 $"},null,25,{"v":8125,"d":"$8,125.00"},0]
[203,"PAPEL HIGIENICO FARDO 48/1 ",null,null,"UNID",51,480,531,{"v":22.6,"d":"22.60 $"},144,387,{"v":8746.2,"d":"$8,746.20"},{"v":3254.4,"d":"$3,254.40"}]
[204,"PAPEL MANILA NATURAL KRAF",null,null,"UNID",1,2,3,{"v":3916,"d":"3,916.00 $"},2,1,{"v":3916,"d":"$3,916.00"},{"v":7832,"d":"$7,832.00"}]
[205,"PAPEL TOALLA 6/1",null,null,"UNID",5,24,29,{"v":95.38,"d":"95.38 $"},10,19,{"v":1812.2199999999998,"d":"$1,812.22"},{"v":953.8,"d":"$953.80"}]
[206,"PERFORADORA 2",null,null,"UNID",0,null,0,{"v":306.08,"d":"306.08 $"},null,0,0,0]
[207,"PERFORADORA 3 ",null,null,"UNID",1,null,1,{"v":631.3,"d":"631.30 $"},null,1,{"v":631.3,"d":"$631.30"},0]
[208,"PILA AA ",null,null,"UNID",0,null,0,{"v":54,"d":"54.00 $"},null,0,0,0]
[209,"PILA AAA",null,null,"UNID",0,null,0,{"v":53,"d":"53.00 $"},null,0,0,0]
[210," PAPEL CON DIVISION 200/1 OPTION",null,null,"CAJA",0,2,2,{"v":1085,"d":"1,085.00 $"},1,1,{"v":1085,"d":"$1,085.00"},{"v":1085,"d":"$1,085.00"}]
[211,"PLATOS",null,null,"FARDO",1,12,13,{"v":1291,"d":"1,291.00 $"},6,7,{"v":9037,"d":"$9,037.00"},{"v":7746,"d":"$7,746.00"}]
[212,"POS-IT 3*3",null,null,"RESMA",0,null,0,{"v":33.63,"d":"33.63 $"},null,0,0,0]
[213,"RECOJEDOR DE BASURA",null,null,"UNID",2,null,2,{"v":109.25,"d":"109.25 $"},null,2,{"v":218.5,"d":"$218.50"},0]
[214,"RESALTADOR ",null,null,"UNID",16,null,16,{"v":39,"d":"39.00 $"},null,16,{"v":624,"d":"$624.00"},0]
[215,"RESMA DE CONTROL DE EXISTENCIA",null,null,"RESMA",3,null,3,{"v":1298,"d":"1,298.00 $"},null,3,{"v":3894,"d":"$3,894.00"},0]
[216,"RESMA HOJA DE MAQUINA 8/2 *11",null,null,"RESMA",58,null,58,{"v":228,"d":"228.00 $"},57,1,{"v":228,"d":"$228.00"},{"v":12996,"d":"$12,996.00"}]
[217,"ROLLO DE PAPEL SUMADORA",null,null,"UNID",9,null,9,{"v":23,"d":"23.00 $"},2,7,{"v":161,"d":"$161.00"},{"v":46,"d":"$46.00"}]
[218,"ROTULO PARA SOLUCION Y MEDICAMENTOS",null,null,"UNID",950,null,950,{"v":6.5,"d":"6.50 $"},null,950,{"v":6175,"d":"$6,175.00"},0]
[219,"SACA GRAPA",null,null,"UNID",6,null,6,{"v":30,"d":"30.00 $"},null,6,{"v":180,"d":"$180.00"},0]
[220,"SACAPUNTA METAL ",null,null,"UNID",22,null,22,{"v":15,"d":"15.00 $"},null,22,{"v":330,"d":"$330.00"},0]
[221,"SACO DE DETERGENTE",null,null,"UNID",2,null,2,{"v":1100,"d":"1,100.00 $"},1,1,{"v":1100,"d":"$1,100.00"},{"v":1100,"d":"$1,100.00"}]
[222,"SERVILLETA C-FOLD 24/100 XCELENT",null,null,"UNID",46,null,46,{"v":24.5,"d":"24.50 $"},27,19,{"v":465.5,"d":"$465.50"},{"v":661.5,"d":"$661.50"}]
[223,"SERVILLETAS DE BINGO 60/1",null,null,"UNID",195,180,375,{"v":11.5,"d":"11.50 $"},104,271,{"v":3116.5,"d":"$3,116.50"},{"v":1196,"d":"$1,196.00"}]
[224,"SOBRE CARTA VENTANILLA",null,null,"UNID",900,null,900,{"v":1.85,"d":"1.85 $"},null,900,{"v":1665,"d":"$1,665.00"},0]
[225,"SOBRE MANILA 9*12 500 UNID",null,null,"UNID",390,null,390,{"v":13.85,"d":"13.85 $"},null,390,{"v":5401.5,"d":"$5,401.50"},0]
[226,"SOBRE MANILA 14*17 1000 UNIDAD",null,null,"UNID",910,null,910,{"v":13.85,"d":"13.85 $"},null,910,{"v":12603.5,"d":"$12,603.50"},0]
[227,"SOBRE MANILA 10*14 DE 500 UNID",null,null,"UNID",275,null,275,{"v":7.1,"d":"7.10 $"},15,260,{"v":1846,"d":"$1,846.00"},{"v":106.5,"d":"$106.50"}]
[228,"SOBRE TIMBRADO",null,null,"UNID",300,null,300,{"v":13,"d":"13.00 $"},null,300,{"v":3900,"d":"$3,900.00"},0]
[229,"SUAPER JUMBO",null,null,"GALON",9,null,{"$f":"F140+G140","v":9},{"v":175,"d":"175.00 $"},4,{"$f":"H140-J140","v":5},{"$f":"I140*K140","v":{"v":875,"d":"$875.00"}},{"$f":"I140*J140","v":{"v":700,"d":"$700.00"}}]
[230,"SUAVITEL",null,null,"GALON",2,6,8,{"v":148.31,"d":"148.31 $"},2,6,{"v":889.86,"d":"$889.86"},{"v":296.62,"d":"$296.62"}]
[231,"TALONARIO DE PATOLOGIA",null,null,"TALONARIO",25,null,25,{"v":70.8,"d":"70.80 $"},null,25,{"v":1770,"d":"$1,770.00"},0]
[232,"TALONARIO HISTORIAL CLINICO EMERGENCIA",null,null,"TALONARIO",20,null,20,{"v":275,"d":"275.00 $"},15,5,{"v":1375,"d":"$1,375.00"},{"v":4125,"d":"$4,125.00"}]
[233,"TALONARIO ORDEN MEDICA",null,null,"TALONARIO",25,null,25,{"v":275,"d":"275.00 $"},null,25,{"v":6875,"d":"$6,875.00"},0]
[234,"TALONARIO COPROLOGICO",null,null,"TALONARIO",102,null,102,{"v":88.35,"d":"88.35 $"},null,102,{"v":9011.699999999999,"d":"$9,011.70"},0]
[235,"TALALONARIO HEMOTOLOGIA",null,null,"TALONARIO",100,null,100,{"v":88.35,"d":"88.35 $"},20,80,{"v":7068,"d":"$7,068.00"},{"v":1767,"d":"$1,767.00"}]
[236,"TALONARIO CONFIMACION DE  QUIRURGICA ",null,null,"TALONARIO",5,null,5,{"v":185,"d":"185.00 $"},null,5,{"v":925,"d":"$925.00"},0]
[237,"TALONARIO LABORATORIO CLINICO",null,null,"TALONARIO",147,null,147,{"v":37,"d":"37.00 $"},28,119,{"v":4403,"d":"$4,403.00"},{"v":1036,"d":"$1,036.00"}]
[238,"TALONARIO PARTOGRAMA POSPARTO",null,null,"TALONARIO",9,null,9,{"v":185,"d":"185.00 $"},null,9,{"v":1665,"d":"$1,665.00"},0]
[239,"TALONARIO HISTORIAL OPERATORIO",null,null,"RESMA",1,null,1,{"v":185,"d":"185.00 $"},null,1,{"v":185,"d":"$185.00"},0]
[240,"TALONARIO URIANALISIS",null,null,"TALONARIO",154,null,154,{"v":53.1,"d":"53.10 $"},20,134,{"v":7115.400000000001,"d":"$7,115.40"},{"v":1062,"d":"$1,062.00"}]
[241,"TALONARIO REQUISICION DE FARMACIA",null,null,"TALONARIO",9,null,9,{"v":413,"d":"413.00 $"},2,7,{"v":2891,"d":"$2,891.00"},{"v":826,"d":"$826.00"}]
[242,"TALONARIO CUIDADO DE ENFERERIA VIH MEDIA",null,null,"TALONARIO",15,null,15,{"v":275,"d":"275.00 $"},null,15,{"v":4125,"d":"$4,125.00"},0]
[243,"TALONARIO CONCENTIMIENTO INFORMADO LARGO",null,null,"TALONARIO",3,null,3,{"v":756,"d":"756.00 $"},null,3,{"v":2268,"d":"$2,268.00"},0]
[244,"TALONARIO DE CLASIFICACION",null,null,"TALONARIO",30,null,30,{"v":756,"d":"756.00 $"},null,30,{"v":22680,"d":"$22,680.00"},0]
[245,"TALONARIO DE CONTROL TEMPERATURA",null,null,"TALONARIO",15,null,15,{"v":294,"d":"294.00 $"},null,15,{"v":4410,"d":"$4,410.00"},0]
[246,"TALONARIO DE CUOTA DE CONTRIBUCION",null,null,"TALONARIO",10,null,10,{"v":185,"d":"185.00 $"},null,10,{"v":1850,"d":"$1,850.00"},0]
[247,"TALONARIO PROTOCOLO ATENCION AL PARTO",null,null,"TALONARIO",8,null,8,{"v":185,"d":"185.00 $"},null,8,{"v":1480,"d":"$1,480.00"},0]
[248,"TALONARIO HOJA DE KARDEX INSUMO",null,null,"TALONARIO",9,null,9,{"v":994,"d":"994.00 $"},null,9,{"v":8946,"d":"$8,946.00"},0]
[249,"TALONARIO SOLICITUD DE ALMACEN",null,null,"TALONARIO",6,null,6,{"v":224,"d":"224.00 $"},null,6,{"v":1344,"d":"$1,344.00"},0]
[250,"TALONARIO SALIDA ALMACEN",null,null,"TALONARIO",24,null,24,{"v":275,"d":"275.00 $"},null,24,{"v":6600,"d":"$6,600.00"},0]
[251,"TAPA DE VASOS #12 CLEA  10/100",null,null,"UNID",11,10,21,{"v":224,"d":"224.00 $"},11,10,{"v":2240,"d":"$2,240.00"},{"v":2464,"d":"$2,464.00"}]
[252,"TARJETA DE CITA",null,null,"UNID",770,null,770,{"v":2.75,"d":"2.75 $"},50,720,{"v":1980,"d":"$1,980.00"},{"v":137.5,"d":"$137.50"}]
[253,"TARJETA DE EXPEDIENTE ",null,null,"UNID",1600,null,1600,{"v":4.5,"d":"4.50 $"},null,1600,{"v":7200,"d":"$7,200.00"},0]
[254,"TALONARIO RECETARIO NORMAL",null,null,"TALONARIO",70,null,70,{"v":53.65,"d":"53.65 $"},43,27,{"v":1448.55,"d":"$1,448.55"},{"v":2306.95,"d":"$2,306.95"}]
[255,"TIJERAS",null,null,"UNID",3,null,3,{"v":62.54,"d":"62.54 $"},null,3,{"v":187.62,"d":"$187.62"},0]
[256,"TINTA PARA SELLO AZUL",null,null,"UNID",12,null,12,{"v":106,"d":"106.00 $"},1,11,{"v":1166,"d":"$1,166.00"},{"v":106,"d":"$106.00"}]
[257,"TOALLA MICROFIBRA16´´ *16´´",null,null,"PAQU",22,null,22,{"v":49.56,"d":"49.56 $"},null,22,{"v":1090.3200000000002,"d":"$1,090.32"},0]
[258,"ENVASES PLASTICOS 4 OZ",null,null,"UNID",4,null,4,{"v":147,"d":"147.00 $"},4,0,0,{"v":588,"d":"$588.00"}]
[259,"TAPAS PLASTICAS 4 OZ",null,null,"UNID",3,null,3,{"v":137,"d":"137.00 $"},3,0,0,{"v":411,"d":"$411.00"}]
[260,"VASO 12 CAJA 40/25 FOAM",null,null,"PAQU",78,null,78,{"v":53.2,"d":"53.20 $"},51,27,{"v":1436.4,"d":"$1,436.40"},{"v":2713.2000000000003,"d":"$2,713.20"}]
[261,"VASO # 5",null,null,"PAQU",6,50,56,{"v":55,"d":"55.00 $"},18,38,{"v":2090,"d":"$2,090.00"},{"v":990,"d":"$990.00"}]
[262,"VASOS #7",null,null,"PAQU",38,100,138,{"v":38.94,"d":"38.94 $"},99,39,{"v":1518.6599999999999,"d":"$1,518.66"},{"v":3855.06,"d":"$3,855.06"}]
[{"$nulls":9},"TOTAL ALMACEN",null,{"$f":"SUM(L12:L171)","v":{"v":587086.28,"d":"$587,086.28"}}]
[{"$nulls":9},"TOTAL DE COMSUMO",null,{"$f":"SUM(M12:M173)","v":{"v":123198.03999999998,"d":"$123,198.04"}}]

{"sheet":"SEPTIEMBRE","index":8,"n_rows":175,"n_cols":13,"rows_kept":175,"merged":[[9,0,9,3],[10,1,10,3],[70,1,70,2],[79,1,79,2],[107,1,107,3],[138,1,138,3],[139,1,139,3],[140,1,140,3],[149,1,149,3],[150,1,150,3],[154,1,154,3],[162,1,162,3],[163,1,163,3],[165,1,165,3],[166,1,166,3],[171,1,171,3],[172,1,172,3],[173,9,173,10],[174,9,174,10]]}
[]
[]
[]
[{"$nulls":4}," "]
[]
[]
[]
[]
[{"$nulls":10},"2025-09-30"]
["INVENTARIO DE ALMACEN "]
["CODIGO","DESCRIPCION DEL PRODUCTO",null,null,"UNIDAD MEDIDA","CANTIDAD","ENTRADA","TOTAL","PRECIO","SALIDA DE USO MENSUAL","CANTIDAD ACTIVA EN ALMACEN","VALOR TOTAL ACTIVO","VALORDE TOTAL CONSUMO"]
[101,"ACORDEON 10*12 CARTON PIEDRA",null,null,"UNID ",4,null,{"$f":"F12+G12","v":4},{"v":744,"d":"744.00 $"},null,{"$f":"H12-J12","v":4},{"$f":"I12*K12","v":{"v":2976,"d":"$2,976.00"}},{"$f":"I12*J12","v":0}]
[102,"AMBIENTADOR SPRAY",null,null,"UNID ",6,12,{"$f":"F13+G13","v":18},{"v":192,"d":"192.00 $"},18,{"$f":"H13-J13","v":0},{"$f":"I13*K13","v":0},{"$f":"I13*J13","v":{"v":3456,"d":"$3,456.00"}}]
[103,"AGUA BOTELLITAS",null,null,"UNID ",420,null,420,{"v":6.5,"d":"6.50 $"},260,160,{"v":1040,"d":"$1,040.00"},{"v":1690,"d":"$1,690.00"}]
[104,"AXION EN PASTA",null,null,"UNID ",19,null,19,{"v":116,"d":"116.00 $"},15,4,{"v":464,"d":"$464.00"},{"v":1740,"d":"$1,740.00"}]
[105,"BAYGON 400ML",null,null,"UNID ",1,12,13,{"v":349,"d":"349.00 $"},4,9,{"v":3141,"d":"$3,141.00"},{"v":1396,"d":"$1,396.00"}]
[106,"BOLIGRAFOS AZULES",null,null,"UNID ",76,null,76,{"v":10.1,"d":"10.10 $"},54,22,{"v":222.2,"d":"$222.20"},{"v":545.4,"d":"$545.40"}]
[107,"BOLIGRAFOS NEGROS",null,null,"UNID ",38,null,38,{"v":7,"d":"7.00 $"},null,38,{"v":266,"d":"$266.00"},0]
[108,"BOLIGRAFOS ROJOS",null,null,"UNID ",106,null,106,{"v":7,"d":"7.00 $"},1,105,{"v":735,"d":"$735.00"},{"v":7,"d":"$7.00"}]
[109,"BOLIGRAFOS VERDES",null,null,"UNID ",9,null,9,{"v":10,"d":"10.00 $"},null,9,{"v":90,"d":"$90.00"},0]
[110,"BORRANTE DE LECHE ",null,null,"UNID ",9,null,9,{"v":8,"d":"8.00 $"},1,8,{"v":64,"d":"$64.00"},{"v":8,"d":"$8.00"}]
[111,"BRILLO GRUESO 12/1 ROMANO",null,null,"UNID ",12,12,24,{"v":69.6,"d":"69.60 $"},4,20,{"v":1392,"d":"$1,392.00"},{"v":278.4,"d":"$278.40"}]
[112,"BRILLO GRIS",null,null,"UNID ",6,null,6,{"v":69.6,"d":"69.60 $"},4,2,{"v":139.2,"d":"$139.20"},{"v":278.4,"d":"$278.40"}]
[113,"BRILLO VERDE Y ESPONJA",null,null,"UNID ",17,null,17,{"v":57.8,"d":"57.80 $"},10,7,{"v":404.59999999999997,"d":"$404.60"},{"v":578,"d":"$578.00"}]
[114,"CAJA PLASTICAS DE 27 GL NEGRA",null,null,"UNID",3,10,13,{"v":1350,"d":"1,350.00 $"},null,13,{"v":17550,"d":"$17,550.00"},0]
[115,"CAJITA DE GRAPAS ESTÁNDAR 26/6",null,null,"UNID",5,12,17,{"v":47.17,"d":"47.17 $"},6,11,{"v":518.87,"d":"$518.87"},{"v":283.02,"d":"$283.02"}]
[116,"CALCULADORA",null,null,"UNID",3,null,3,{"v":359.9,"d":"359.90 $"},null,3,{"v":1079.6999999999998,"d":"$1,079.70"},0]
[117,"CARPETA NEGRA  #1",null,null,"UNID",5,null,5,{"v":469,"d":"469.00 $"},1,{"$f":"H28-J28","v":4},{"v":1876,"d":"$1,876.00"},{"v":469,"d":"$469.00"}]
[118,"CARPETA NEGRA # 2",null,null,"UNID",3,null,3,{"v":178.2,"d":"178.20 $"},1,2,{"v":356.4,"d":"$356.40"},{"v":178.2,"d":"$178.20"}]
[119,"CARPETAS  # 3",null,null,"UNID",2,null,2,{"v":147.5,"d":"147.50 $"},null,2,{"v":295,"d":"$295.00"},0]
[120,"CHINCHETAS",null,null,"CAJAS",6,null,6,{"v":84.75,"d":"84.75 $"},2,4,{"v":339,"d":"$339.00"},{"v":169.5,"d":"$169.50"}]
[121,"CEPILLO DE INODORO",null,null,"UNID",2,null,2,{"v":159.3,"d":"159.30 $"},null,2,{"v":318.6,"d":"$318.60"},0]
[122,"CERA PARA CONTAR",null,null,"UNID",10,null,10,{"v":60,"d":"60.00 $"},null,10,{"v":600,"d":"$600.00"},0]
[123,"CINTA MASKING TAPE 3/4 VISIBLE",null,null,"UNID",35,null,35,{"v":75,"d":"75.00 $"},1,34,{"v":2550,"d":"$2,550.00"},{"v":75,"d":"$75.00"}]
[124,"CINTA DE EMPAQUE ",null,null,"UNID",6,null,6,{"v":47.2,"d":"47.20 $"},4,2,{"v":94.4,"d":"$94.40"},{"v":188.8,"d":"$188.80"}]
[125,"CINTA MAGICA SUMADORA",null,null,"UNID",2,null,2,{"v":76.7,"d":"76.70 $"},null,2,{"v":153.4,"d":"$153.40"},0]
[126," CLIPS JUMBO",null,null,"UNID",18,12,30,{"v":38,"d":"38.00 $"},7,23,{"v":874,"d":"$874.00"},{"v":266,"d":"$266.00"}]
[127,"CINTA MASKING TAPE CREMA",null,null,"UNID",16,null,16,{"v":46,"d":"46.00 $"},16,0,0,{"v":736,"d":"$736.00"}]
[128,"CUBO PLATICOS DE AGUJA DESECHABLES",null,null,"UNID",18,null,18,{"v":50,"d":"50.00 $"},6,12,{"v":600,"d":"$600.00"},{"v":300,"d":"$300.00"}]
[129,"CLIPS BILLETERO 32 MM 12/1",null,null,"UNID",36,null,36,{"v":123.9,"d":"123.90 $"},null,36,{"v":4460.400000000001,"d":"$4,460.40"},0]
[130,"CLIPS BILLETERO 41 MM 12/1",null,null,"UNID",27,null,27,{"v":171.1,"d":"171.10 $"},null,27,{"v":4619.7,"d":"$4,619.70"},0]
[131,"CLIPS BILLETERO 51 MM 12/1",null,null,"UNID",24,null,24,{"v":230.1,"d":"230.10 $"},null,24,{"v":5522.4,"d":"$5,522.40"},0]
[132,"CLORO",null,null,"GALON",24,30,54,{"v":91.53,"d":"91.53 $"},35,19,{"v":1739.07,"d":"$1,739.07"},{"v":3203.55,"d":"$3,203.55"}]
[133,"CONTROL DE LIQUIDO(ENFERMERIA)",null,null,"TALONARIO",11,null,11,{"v":1200,"d":"1,200.00 $"},null,11,{"v":13200,"d":"$13,200.00"},0]
[134,"CUADERNOS COCIDOS",null,null,"UNID",0,12,12,{"v":53,"d":"53.00 $"},12,0,0,{"v":636,"d":"$636.00"}]
[135,"CUCHARA 25/1",null,null,"CAJA",1,2,3,{"v":631.3,"d":"631.30 $"},3,0,0,{"v":1893.8999999999999,"d":"$1,893.90"}]
[136,"ESCOBA C/PALO",null,null,"UNID",10,null,10,{"v":133,"d":"133.00 $"},3,7,{"v":931,"d":"$931.00"},{"v":399,"d":"$399.00"}]
[138," FOLDER AMARILLO OFICINA",null,null,"UNID",394,null,{"$f":"F48+G48","v":394},{"v":2.33,"d":"2.33 $"},260,134,{"v":312.22,"d":"$312.22"},{"v":605.8000000000001,"d":"$605.80"}]
[138," FOLDER VERDE 8 1/2 X 11",null,null,"UNID",486,null,486,{"v":4.95,"d":"4.95 $"},115,371,{"v":1836.45,"d":"$1,836.45"},{"v":569.25,"d":"$569.25"}]
[139," FUNDA NEGRA 17 x22 GL PEQUEÑA",null,null,"PAQ",20,30,50,{"v":72,"d":"72.00 $"},21,29,{"v":2088,"d":"$2,088.00"},{"v":1512,"d":"$1,512.00"}]
[140,"FUNDA  NEGRA #6",null,null,"PAQ",31,null,31,{"v":36.58,"d":"36.58 $"},1,30,{"v":1097.3999999999999,"d":"$1,097.40"},{"v":36.58,"d":"$36.58"}]
[141,"FUNDA  ROJA #2",null,null,"PAQ",26,null,26,{"v":20,"d":"20.00 $"},1,25,{"v":500,"d":"$500.00"},{"v":20,"d":"$20.00"}]
[142,"FUNDA AZULES #4",null,null,"PAQ",36,null,36,{"v":26,"d":"26.00 $"},1,35,{"v":910,"d":"$910.00"},{"v":26,"d":"$26.00"}]
[143,"FUNDA NEGRA  MEDIANA 30 GL",null,null,"PAQ",9,40,49,{"v":1080,"d":"1,080.00 $"},26,23,{"v":24840,"d":"$24,840.00"},{"v":28080,"d":"$28,080.00"}]
[144,"FUNDA NEGRA GRANDE 55 GL",null,null,"PAQ",3,10,13,{"v":616,"d":"616.00 $"},6,7,{"v":4312,"d":"$4,312.00"},{"v":3696,"d":"$3,696.00"}]
[145,"FUNDA ROJA  PEQUENAS 17 GL",null,null,"PAQ",1,10,11,{"v":240,"d":"240.00 $"},3,8,{"v":1920,"d":"$1,920.00"},{"v":720,"d":"$720.00"}]
[146,"FUNDA ROJA GRANDE 55 gl",null,null,"UNID",7,null,7,{"v":1030.1,"d":"1,030.10 $"},4,3,{"v":3090.2999999999997,"d":"$3,090.30"},{"v":4120.4,"d":"$4,120.40"}]
[147,"FUNDA ROJA MEDIANA 30 GL",null,null,"PAQ",10,20,30,{"v":450.36,"d":"450.36 $"},12,18,{"v":8106.4800000000005,"d":"$8,106.48"},{"v":5404.32,"d":"$5,404.32"}]
[148,"GALON JABON LIQUIDO DE MANO",null,null,"GALON",4,null,4,{"v":171.1,"d":"171.10 $"},null,4,{"v":684.4,"d":"$684.40"},0]
[149,"GANCHOS P/FOLDER MH",null,null,"CAJA",8,null,8,{"v":141.6,"d":"141.60 $"},null,8,{"v":1132.8,"d":"$1,132.80"},0]
[150,"GALON JABON DE CUABA",null,null,"GALON",2,4,6,{"v":165.25,"d":"165.25 $"},2,4,{"v":661,"d":"$661.00"},{"v":330.5,"d":"$330.50"}]
[151,"GOMITAS",null,null,"CAJA",1,12,13,{"v":45,"d":"45.00 $"},7,6,{"v":270,"d":"$270.00"},{"v":315,"d":"$315.00"}]
[152,"GRAPADORA NEGRA",null,null,"CAJA",4,null,4,{"v":320,"d":"320.00 $"},3,1,{"v":320,"d":"$320.00"},{"v":960,"d":"$960.00"}]
[153,"GUANTES MULTIUSOS",null,null,"UNID",10,null,10,{"v":666.36,"d":"666.36 $"},5,5,{"v":3331.8,"d":"$3,331.80"},{"v":3331.8,"d":"$3,331.80"}]
[154,"HISTORIA CLINICA PERINATAL",null,null,"TALONARIO",9,null,9,{"v":1298,"d":"1,298.00 $"},null,9,{"v":11682,"d":"$11,682.00"},0]
[155," HOJA DE ANOTACION ENFERMERIA",null,null,"RESMA",4,null,4,{"v":826,"d":"826.00 $"},null,4,{"v":3304,"d":"$3,304.00"},0]
[156,"HOJA DE ADMICION ",null,null,"RESMA",5,null,5,{"v":165,"d":"165.00 $"},null,5,{"v":825,"d":"$825.00"},0]
[157,"HOJA DE ATENCION DIARIA",null,null,"TALONARIO",3,null,3,{"v":994,"d":"994.00 $"},null,3,{"v":2982,"d":"$2,982.00"},0]
[158,"HOJA DE CERTIFICACION",null,null,"RESMA",2,null,2,{"v":1475,"d":"1,475.00 $"},null,2,{"v":2950,"d":"$2,950.00"},0]
[159,"HOJA DE CONSULTA EXTERNA ",null,null,"TALONARIO",19,null,19,{"v":994,"d":"994.00 $"},null,19,{"v":18886,"d":"$18,886.00"},0]
[160,"HOJA PACIENTE  DIETA",null,null,"TALONARIO",18,null,18,{"v":800,"d":"800.00 $"},null,18,{"v":14400,"d":"$14,400.00"},0]
[161,"HOJA DE DIRECCION CUIDADO DE ENFERMERIA",null,null,"TALONARIO",32,null,32,{"v":994,"d":"994.00 $"},null,32,{"v":31808,"d":"$31,808.00"},0]
[162,"HOJA DE ENFER EN AREA EMERGENCIA FO63",null,null,"TALONARIO",17,null,17,{"v":994,"d":"994.00 $"},null,17,{"v":16898,"d":"$16,898.00"},0]
[163,"HOJA DE ENFERMERIA",null,null,"TALONARIO",8,null,8,{"v":1298,"d":"1,298.00 $"},null,8,{"v":10384,"d":"$10,384.00"},0]
[164,"HOJA DE EVOLUCION ",null,null,"TALONARIO",5,null,5,{"v":294,"d":"294.00 $"},null,5,{"v":1470,"d":"$1,470.00"},0]
[165,"HOJA DE ANESTESIA",null,null,"TALONARIO",13,null,13,{"v":185,"d":"185.00 $"},null,13,{"v":2405,"d":"$2,405.00"},0]
[166,"HOJA DE HISTORIAL CLINICO",null,null,"TALONARIO",46,null,{"$f":"F77+G77","v":46},{"v":195,"d":"195.00 $"},null,{"$f":"H77-J77","v":46},{"$f":"I77*K77","v":{"v":8970,"d":"$8,970.00"}},{"$f":"I77*J77","v":0}]
[167,"HOJA D KARDEX D MEDICAMENTO SOLUCIONES",null,null,"TALONARIO",17,null,17,{"v":1298,"d":"1,298.00 $"},null,17,{"v":22066,"d":"$22,066.00"},0]
[168,"HOJA DE REFERENCIA Y CONTRA REFERENCIA",null,null,"TALONARIO",11,null,11,{"v":826,"d":"826.00 $"},null,11,{"v":9086,"d":"$9,086.00"},0]
[169,"HOJA DE GLICEMIA",null,null,"TALONARIO",3,null,3,{"v":350,"d":"350.00 $"},null,3,{"v":1050,"d":"$1,050.00"},0]
[170,"HOJA  RESUMEN MEDICO DE EGRESO",null,null,"RESMA",2,null,2,{"v":826,"d":"826.00 $"},null,2,{"v":1652,"d":"$1,652.00"},0]
[171,"HOJA  SEGURIDAD CIRUGIA",null,null,"RESMA",2,null,2,{"v":1475,"d":"1,475.00 $"},null,2,{"v":2950,"d":"$2,950.00"},0]
[172,"HOJA DESIGNOGRAMA ENFERM",null,null,"TALONARIO",9,null,9,{"v":994,"d":"994.00 $"},null,9,{"v":8946,"d":"$8,946.00"},0]
[173,"HOJA KARDEX MED INTERNA  INSUMOS",null,null,"TALONARIO",9,null,9,{"v":994,"d":"994.00 $"},null,9,{"v":8946,"d":"$8,946.00"},0]
[174,"HOJA LEGAL 8 1/2*14 RESMA",null,null,"RESMA",7,null,7,{"v":348,"d":"348.00 $"},3,4,{"v":1392,"d":"$1,392.00"},{"v":1044,"d":"$1,044.00"}]
[175,"HOJA ORDEN MEDICA",null,null,"TALONARIO",27,null,27,{"v":800,"d":"800.00 $"},null,27,{"v":21600,"d":"$21,600.00"},0]
[176,"HOJA  HISTORIAL OPERATORIO",null,null,"TALONARIO",5,null,5,{"v":1299,"d":"1,299.00 $"},null,5,{"v":6495,"d":"$6,495.00"},0]
[177,"HOJA SIGNOS VITALES ",null,null,"TALONARIO",10,null,10,{"v":1200,"d":"1,200.00 $"},null,10,{"v":12000,"d":"$12,000.00"},0]
[178,"HOJA GRAFICA DE TEMPERATURA",null,null,"RESMA",1,null,1,{"v":994,"d":"994.00 $"},null,1,{"v":994,"d":"$994.00"},0]
[179,"HOJAS TIMBRADA",null,null,"TALONARIO",11,null,11,{"v":1350,"d":"1,350.00 $"},1,10,{"v":13500,"d":"$13,500.00"},{"v":1350,"d":"$1,350.00"}]
[180,"HOJA DE CONFIRMACION DE CIRUGIA",null,null,"RESMA",1,null,1,{"v":1298,"d":"1,298.00 $"},null,1,{"v":1298,"d":"$1,298.00"},0]
[181,"LABELSP/FOLDER",null,null,"UNID",5,null,5,{"v":112.1,"d":"112.10 $"},null,5,{"v":560.5,"d":"$560.50"},0]
[182,"LAPIZ",null,null,"UNID",31,null,31,{"v":10,"d":"10.00 $"},null,31,{"v":310,"d":"$310.00"},0]
[183,"LIBRO BANCO VENTA SERVICIOS",null,null,"UNID",1,null,1,{"v":2360,"d":"2,360.00 $"},null,1,{"v":2360,"d":"$2,360.00"},0]
[184,"TALONARIO DE OXIGENO",null,null,"TALONARIO",0,10,10,{"v":200,"d":"200.00 $"},1,9,{"v":1800,"d":"$1,800.00"},{"v":200,"d":"$200.00"}]
[185,"LIBRO DE EMERGENCIA",null,null,"UNID",3,null,3,{"v":1770,"d":"1,770.00 $"},null,3,{"v":5310,"d":"$5,310.00"},0]
[186,"LIBRO DE LABORATORIO PACIENTE",null,null,"UNID",0,null,0,{"v":1170,"d":"1,170.00 $"},null,0,0,0]
[187,"LIBRO DE CONTROL DE PARASITOLOGIA COPROLOGICO",null,null,"UNID",1,null,1,{"v":1170,"d":"1,170.00 $"},null,1,{"v":1170,"d":"$1,170.00"},0]
[188,"LIBRO DE PARTO Y NACIMIENTO",null,null,"UNID",3,null,3,{"v":1170,"d":"1,170.00 $"},null,3,{"v":3510,"d":"$3,510.00"},0]
[189,"LIBRO  DE CIRUGIA",null,null,"UNID",5,null,5,{"v":1770,"d":"1,770.00 $"},null,5,{"v":8850,"d":"$8,850.00"},0]
[190,"LIBRO DE CONS REGISTRO VIH",null,null,"UNID",0,null,0,{"v":1770,"d":"1,770.00 $"},null,0,0,0]
[191,"LIBRO DE SEROLOGIA",null,null,"UNID",3,null,3,{"v":2360,"d":"2,360.00 $"},1,2,{"v":4720,"d":"$4,720.00"},{"v":2360,"d":"$2,360.00"}]
[192,"LIBRO DE URIANALISIS",null,null,"UNID",1,null,1,{"v":2360,"d":"2,360.00 $"},null,1,{"v":2360,"d":"$2,360.00"},0]
[193,"LIBRO HEMATOLOGIA",null,null,"UNID",2,null,2,{"v":2000,"d":"2,000.00 $"},null,2,{"v":4000,"d":"$4,000.00"},0]
[194,"LIBRO QUIMICO",null,null,"UNID",2,null,2,{"v":2360,"d":"2,360.00 $"},null,2,{"v":4720,"d":"$4,720.00"},0]
[195,"LIBRO INTERNAMIENTO",null,null,"UNID",3,null,3,{"v":1770,"d":"1,770.00 $"},null,3,{"v":5310,"d":"$5,310.00"},0]
[196,"LIBRO DE RAYOS X",null,null,"UNID",2,null,2,{"v":1770,"d":"1,770.00 $"},null,2,{"v":3540,"d":"$3,540.00"},0]
[197,"LIBRO RECORD DE REGISTRO ADOLECENTE ",null,null,"UNID",0,null,0,{"v":1800,"d":"1,800.00 $"},null,0,0,0]
[198,"LIQUID PAPER T/L CORRECTOR",null,null,"UNID",14,null,14,{"v":30,"d":"30.00 $"},3,11,{"v":330,"d":"$330.00"},{"v":90,"d":"$90.00"}]
[199,"MARCADORES AZULES ",null,null,"UNID",35,null,35,{"v":30,"d":"30.00 $"},2,33,{"v":990,"d":"$990.00"},{"v":60,"d":"$60.00"}]
[200,"MARCADORES NEGROS ",null,null,"UNID",38,null,38,{"v":30,"d":"30.00 $"},4,34,{"v":1020,"d":"$1,020.00"},{"v":120,"d":"$120.00"}]
[201,"MISTOLIN ",null,null,"GALON",14,30,44,{"v":104,"d":"104.00 $"},35,9,{"v":936,"d":"$936.00"},{"v":3640,"d":"$3,640.00"}]
[202,"PAPEL CARBON 8 1/2*11",null,null,"UNID",25,null,25,{"v":325,"d":"325.00 $"},null,25,{"v":8125,"d":"$8,125.00"},0]
[203,"PAPEL HIGIENICO FARDO 48/1 ",null,null,"UNID",387,null,387,{"v":22.6,"d":"22.60 $"},208,179,{"v":4045.4,"d":"$4,045.40"},{"v":4700.8,"d":"$4,700.80"}]
[204,"PAPEL MANILA NATURAL KRAF",null,null,"UNID",1,null,1,{"v":3916,"d":"3,916.00 $"},1,0,0,{"v":3916,"d":"$3,916.00"}]
[205,"PAPEL TOALLA 6/1",null,null,"UNID",19,null,19,{"v":95.38,"d":"95.38 $"},19,0,0,{"v":1812.2199999999998,"d":"$1,812.22"}]
[206,"PERFORADORA 2",null,null,"UNID",0,null,0,{"v":306.08,"d":"306.08 $"},null,0,0,0]
[207,"PERFORADORA 3 ",null,null,"UNID",1,null,1,{"v":631.3,"d":"631.30 $"},null,1,{"v":631.3,"d":"$631.30"},0]
[208,"PILA AA ",null,null,"UNID",0,40,40,{"v":54,"d":"54.00 $"},10,30,{"v":1620,"d":"$1,620.00"},{"v":540,"d":"$540.00"}]
[209,"PILA AAA PEQUEÑA",null,null,"UNID",0,40,40,{"v":53,"d":"53.00 $"},2,38,{"v":2014,"d":"$2,014.00"},{"v":106,"d":"$106.00"}]
[210," PAPEL CON DIVISION 200/1 OPTION",null,null,"CAJA",1,null,1,{"v":1085,"d":"1,085.00 $"},1,0,0,{"v":1085,"d":"$1,085.00"}]
[211,"PLATOS",null,null,"FARDO",7,10,17,{"v":1291,"d":"1,291.00 $"},10,7,{"v":9037,"d":"$9,037.00"},{"v":12910,"d":"$12,910.00"}]
[212,"POS-IT 3*3",null,null,"RESMA",0,null,0,{"v":33.63,"d":"33.63 $"},null,0,0,0]
[213,"RECOJEDOR DE BASURA",null,null,"UNID",2,null,2,{"v":109.25,"d":"109.25 $"},null,2,{"v":218.5,"d":"$218.50"},0]
[214,"RESALTADOR ",null,null,"UNID",16,null,16,{"v":39,"d":"39.00 $"},3,13,{"v":507,"d":"$507.00"},{"v":117,"d":"$117.00"}]
[215,"RESMA DE CONTROL DE EXISTENCIA",null,null,"RESMA",3,null,3,{"v":1298,"d":"1,298.00 $"},null,3,{"v":3894,"d":"$3,894.00"},0]
[216,"RESMA HOJA DE MAQUINA 8/2 *11",null,null,"RESMA",1,100,101,{"v":228,"d":"228.00 $"},66,35,{"v":7980,"d":"$7,980.00"},{"v":15048,"d":"$15,048.00"}]
[217,"ROLLO DE PAPEL SUMADORA",null,null,"UNID",7,null,7,{"v":23,"d":"23.00 $"},3,4,{"v":92,"d":"$92.00"},{"v":69,"d":"$69.00"}]
[218,"ROTULO PARA SOLUCION Y MEDICAMENTOS",null,null,"UNID",950,null,950,{"v":6.5,"d":"6.50 $"},null,950,{"v":6175,"d":"$6,175.00"},0]
[219,"SACA GRAPA",null,null,"UNID",6,null,6,{"v":30,"d":"30.00 $"},null,6,{"v":180,"d":"$180.00"},0]
[220,"SACAPUNTA METAL ",null,null,"UNID",22,null,22,{"v":15,"d":"15.00 $"},2,20,{"v":300,"d":"$300.00"},{"v":30,"d":"$30.00"}]
[221,"SACO DE DETERGENTE",null,null,"UNID",1,2,3,{"v":1100,"d":"1,100.00 $"},1,2,{"v":2200,"d":"$2,200.00"},{"v":1100,"d":"$1,100.00"}]
[222,"SERVILLETA C-FOLD 24/100 XCELENT",null,null,"UNID",19,48,67,{"v":24.5,"d":"24.50 $"},39,28,{"v":686,"d":"$686.00"},{"v":955.5,"d":"$955.50"}]
[223,"SERVILLETAS DE BINGO 60/1",null,null,"UNID",271,120,391,{"v":11.5,"d":"11.50 $"},81,310,{"v":3565,"d":"$3,565.00"},{"v":931.5,"d":"$931.50"}]
[224,"SOBRE CARTA VENTANILLA",null,null,"UNID",900,null,900,{"v":1.85,"d":"1.85 $"},null,900,{"v":1665,"d":"$1,665.00"},0]
[225,"SOBRE MANILA 9*12 500 UNID",null,null,"UNID",390,null,390,{"v":13.85,"d":"13.85 $"},null,390,{"v":5401.5,"d":"$5,401.50"},0]
[226,"SOBRE MANILA 14*17 1000 UNIDAD",null,null,"UNID",910,null,910,{"v":13.85,"d":"13.85 $"},null,910,{"v":12603.5,"d":"$12,603.50"},0]
[227,"SOBRE MANILA 10*14 DE 500 UNID",null,null,"UNID",260,null,260,{"v":7.1,"d":"7.10 $"},null,260,{"v":1846,"d":"$1,846.00"},0]
[228,"SOBRE TIMBRADO",null,null,"UNID",300,null,300,{"v":13,"d":"13.00 $"},null,300,{"v":3900,"d":"$3,900.00"},0]
[229,"SUAPER JUMBO",null,null,"GALON",5,null,5,{"v":175,"d":"175.00 $"},null,5,{"v":875,"d":"$875.00"},0]
[230,"SUAVITEL",null,null,"GALON",6,null,{"$f":"F141+G141","v":6},{"v":148.31,"d":"148.31 $"},2,{"$f":"H141-J141","v":4},{"$f":"I141*K141","v":{"v":593.24,"d":"$593.24"}},{"$f":"I141*J141","v":{"v":296.62,"d":"$296.62"}}]
[231,"TALONARIO DE PATOLOGIA",null,null,"TALONARIO",25,null,25,{"v":70.8,"d":"70.80 $"},null,25,{"v":1770,"d":"$1,770.00"},0]
[232,"TALONARIO HISTORIAL CLINICO EMERGENCIA",null,null,"TALONARIO",5,null,5,{"v":275,"d":"275.00 $"},5,0,0,{"v":1375,"d":"$1,375.00"}]
[233,"TALONARIO ORDEN MEDICA",null,null,"TALONARIO",25,null,25,{"v":275,"d":"275.00 $"},null,25,{"v":6875,"d":"$6,875.00"},0]
[234,"TALONARIO COPROLOGICO",null,null,"TALONARIO",102,null,102,{"v":88.35,"d":"88.35 $"},6,96,{"v":8481.599999999999,"d":"$8,481.60"},{"v":530.0999999999999,"d":"$530.10"}]
[235,"TALALONARIO HEMOTOLOGIA",null,null,"TALONARIO",80,null,80,{"v":88.35,"d":"88.35 $"},21,59,{"v":5212.65,"d":"$5,212.65"},{"v":1855.35,"d":"$1,855.35"}]
[236,"TALONARIO CONFIMACION DE  QUIRURGICA ",null,null,"TALONARIO",5,null,5,{"v":185,"d":"185.00 $"},null,5,{"v":925,"d":"$925.00"},0]
[237,"TALONARIO LABORATORIO CLINICO",null,null,"TALONARIO",119,null,119,{"v":37,"d":"37.00 $"},46,73,{"v":2701,"d":"$2,701.00"},{"v":1702,"d":"$1,702.00"}]
[238,"TALONARIO PARTOGRAMA POSPARTO",null,null,"TALONARIO",9,null,9,{"v":185,"d":"185.00 $"},null,9,{"v":1665,"d":"$1,665.00"},0]
[239,"TALONARIO HISTORIAL OPERATORIO",null,null,"RESMA",1,null,1,{"v":185,"d":"185.00 $"},null,1,{"v":185,"d":"$185.00"},0]
[240,"TALONARIO URIANALISIS",null,null,"TALONARIO",134,null,134,{"v":53.1,"d":"53.10 $"},16,118,{"v":6265.8,"d":"$6,265.80"},{"v":849.6,"d":"$849.60"}]
[241,"TALONARIO REQUISICION DE FARMACIA",null,null,"TALONARIO",7,null,7,{"v":413,"d":"413.00 $"},null,7,{"v":2891,"d":"$2,891.00"},0]
[242,"TALONARIO CUIDADO DE ENFERERIA VIH MEDIA",null,null,"TALONARIO",15,null,15,{"v":275,"d":"275.00 $"},7,8,{"v":2200,"d":"$2,200.00"},{"v":1925,"d":"$1,925.00"}]
[243,"TALONARIO CONCENTIMIENTO INFORMADO LARGO",null,null,"TALONARIO",3,null,3,{"v":756,"d":"756.00 $"},null,3,{"v":2268,"d":"$2,268.00"},0]
[244,"TALONARIO DE CLASIFICACION",null,null,"TALONARIO",30,null,30,{"v":756,"d":"756.00 $"},null,30,{"v":22680,"d":"$22,680.00"},0]
[245,"TALONARIO DE CONTROL TEMPERATURA",null,null,"TALONARIO",15,null,15,{"v":294,"d":"294.00 $"},null,15,{"v":4410,"d":"$4,410.00"},0]
[246,"TALONARIO DE CUOTA DE CONTRIBUCION",null,null,"TALONARIO",10,null,10,{"v":185,"d":"185.00 $"},null,10,{"v":1850,"d":"$1,850.00"},0]
[247,"TALONARIO PROTOCOLO ATENCION AL PARTO",null,null,"TALONARIO",8,null,8,{"v":185,"d":"185.00 $"},null,8,{"v":1480,"d":"$1,480.00"},0]
[248,"TALONARIO HOJA DE KARDEX INSUMO",null,null,"TALONARIO",9,null,9,{"v":994,"d":"994.00 $"},null,9,{"v":8946,"d":"$8,946.00"},0]
[249,"TALONARIO SOLICITUD DE ALMACEN",null,null,"TALONARIO",6,null,6,{"v":224,"d":"224.00 $"},null,6,{"v":1344,"d":"$1,344.00"},0]
[250,"TALONARIO SALIDA ALMACEN",null,null,"TALONARIO",24,null,24,{"v":275,"d":"275.00 $"},null,24,{"v":6600,"d":"$6,600.00"},0]
[251,"TAPA DE VASOS #12 CLEA  10/100",null,null,"UNID",10,10,20,{"v":224,"d":"224.00 $"},17,3,{"v":672,"d":"$672.00"},{"v":3808,"d":"$3,808.00"}]
[252,"TARJETA DE CITA",null,null,"UNID",720,null,720,{"v":2.75,"d":"2.75 $"},690,30,{"v":82.5,"d":"$82.50"},{"v":1897.5,"d":"$1,897.50"}]
[253,"TARJETA DE EXPEDIENTE ",null,null,"UNID",1600,null,1600,{"v":4.5,"d":"4.50 $"},null,1600,{"v":7200,"d":"$7,200.00"},0]
[254,"TALONARIO RECETARIO NORMAL",null,null,"TALONARIO",27,1000,1027,{"v":53.65,"d":"53.65 $"},40,987,{"v":52952.549999999996,"d":"$52,952.55"},{"v":2146,"d":"$2,146.00"}]
[255,"TIJERAS",null,null,"UNID",3,null,3,{"v":62.54,"d":"62.54 $"},1,2,{"v":125.08,"d":"$125.08"},{"v":62.54,"d":"$62.54"}]
[256,"TINTA PARA SELLO AZUL",null,null,"UNID",11,null,11,{"v":106,"d":"106.00 $"},null,11,{"v":1166,"d":"$1,166.00"},0]
[257,"TOALLA MICROFIBRA16´´ *16´´",null,null,"PAQU",22,null,22,{"v":49.56,"d":"49.56 $"},5,17,{"v":842.52,"d":"$842.52"},{"v":247.8,"d":"$247.80"}]
[258,"ENVASES PLASTICOS 4 OZ",null,null,"UNID",0,20,20,{"v":147,"d":"147.00 $"},6,14,{"v":2058,"d":"$2,058.00"},{"v":882,"d":"$882.00"}]
[259,"TAPAS PLASTICAS 4 OZ",null,null,"PAQU",0,20,20,{"v":137,"d":"137.00 $"},6,14,{"v":1918,"d":"$1,918.00"},{"v":822,"d":"$822.00"}]
[260,"VASO 12 CAJA 40/25 FOAM",null,null,"PAQU",27,160,187,{"v":53.2,"d":"53.20 $"},64,123,{"v":6543.6,"d":"$6,543.60"},{"v":3404.8,"d":"$3,404.80"}]
[261,"VASO # 5",null,null,"PAQU",38,null,38,{"v":55,"d":"55.00 $"},12,26,{"v":1430,"d":"$1,430.00"},{"v":660,"d":"$660.00"}]
[262,"VASOS #7",null,null,"PAQU",39,150,189,{"v":38.94,"d":"38.94 $"},126,63,{"v":2453.22,"d":"$2,453.22"},{"v":4906.44,"d":"$4,906.44"}]
[{"$nulls":9},"TOTAL ALMACEN",null,{"$f":"SUM(L12:L173)","v":{"v":659108.25,"d":"$659,108.25"}}]
[{"$nulls":9},"TOTAL DE COMSUMO",null,{"$f":"SUM(M12:M174)","v":{"v":148058.59,"d":"$148,058.59"}}]

{"sheet":"OCTUBRE","index":9,"n_rows":176,"n_cols":13,"rows_kept":176,"merged":[[10,0,10,3],[11,1,11,3],[71,1,71,2],[80,1,80,2],[108,1,108,3],[139,1,139,3],[140,1,140,3],[141,1,141,3],[150,1,150,3],[151,1,151,3],[155,1,155,3],[163,1,163,3],[164,1,164,3],[166,1,166,3],[167,1,167,3],[172,1,172,3],[173,1,173,3],[174,9,174,10],[175,9,175,10]]}
[]
[]
[]
[]
[{"$nulls":4}," "]
[]
[]
[]
[]
[{"$nulls":10},"2025-10-31"]
["INVENTARIO DE ALMACEN "]
["CODIGO","DESCRIPCION DEL PRODUCTO",null,null,"UNIDAD MEDIDA","CANTIDAD","ENTRADA","TOTAL","PRECIO","SALIDA DE USO MENSUAL","CANTIDAD ACTIVA EN ALMACEN","VALOR TOTAL ACTIVO","VALORDE TOTAL CONSUMO"]
[101,"ACORDEON 10*12 CARTON PIEDRA",null,null,"UNID ",4,null,{"$f":"F13+G13","v":4},{"v":744,"d":"744.00 $"},4,{"$f":"H13-J13","v":0},{"$f":"I13*K13","v":0},{"$f":"I13*J13","v":{"v":2976,"d":"$2,976.00"}}]
[102,"AMBIENTADOR SPRAY",null,null,"UNID ",0,24,{"$f":"F14+G14","v":24},{"v":192,"d":"192.00 $"},5,{"$f":"H14-J14","v":19},{"$f":"I14*K14","v":{"v":3648,"d":"$3,648.00"}},{"$f":"I14*J14","v":{"v":960,"d":"$960.00"}}]
[103,"AGUA BOTELLITAS",null,null,"UNID ",160,400,560,{"v":6.5,"d":"6.50 $"},160,400,{"v":2600,"d":"$2,600.00"},{"v":1040,"d":"$1,040.00"}]
[104,"AXION EN PASTA",null,null,"UNID ",4,16,20,{"v":116,"d":"116.00 $"},10,10,{"v":1160,"d":"$1,160.00"},{"v":1160,"d":"$1,160.00"}]
[105,"BAYGON 400ML",null,null,"UNID ",9,null,9,{"v":349,"d":"349.00 $"},4,5,{"v":1745,"d":"$1,745.00"},{"v":1396,"d":"$1,396.00"}]
[106,"BOLIGRAFOS AZULES",null,null,"UNID ",22,72,94,{"v":10.1,"d":"10.10 $"},51,43,{"v":434.3,"d":"$434.30"},{"v":515.1,"d":"$515.10"}]
[107,"BOLIGRAFOS NEGROS",null,null,"UNID ",38,null,38,{"v":7,"d":"7.00 $"},2,36,{"v":252,"d":"$252.00"},{"v":14,"d":"$14.00"}]
[108,"BOLIGRAFOS ROJOS",null,null,"UNID ",105,null,105,{"v":7,"d":"7.00 $"},12,93,{"v":651,"d":"$651.00"},{"v":84,"d":"$84.00"}]
[109,"BOLIGRAFOS VERDES",null,null,"UNID ",9,null,9,{"v":10,"d":"10.00 $"},1,8,{"v":80,"d":"$80.00"},{"v":10,"d":"$10.00"}]
[110,"BORRANTE DE LECHE ",null,null,"UNID ",8,null,8,{"v":8,"d":"8.00 $"},null,8,{"v":64,"d":"$64.00"},0]
[111,"BRILLO GRUESO 12/1 ROMANO",null,null,"UNID ",20,12,32,{"v":69.6,"d":"69.60 $"},4,28,{"v":1948.7999999999997,"d":"$1,948.80"},{"v":278.4,"d":"$278.40"}]
[112,"BRILLO GRIS",null,null,"UNID ",2,12,14,{"v":69.6,"d":"69.60 $"},2,12,{"v":835.1999999999999,"d":"$835.20"},{"v":139.2,"d":"$139.20"}]
[113,"BRILLO VERDE Y ESPONJA",null,null,"UNID ",7,null,7,{"v":57.8,"d":"57.80 $"},1,6,{"v":346.79999999999995,"d":"$346.80"},{"v":57.8,"d":"$57.80"}]
[114,"CAJA PLASTICAS DE 27 GL NEGRA",null,null,"UNID",13,null,13,{"v":1350,"d":"1,350.00 $"},4,9,{"v":12150,"d":"$12,150.00"},{"v":5400,"d":"$5,400.00"}]
[115,"CAJITA DE GRAPAS ESTÁNDAR 26/6",null,null,"UNID",11,null,11,{"v":47.17,"d":"47.17 $"},4,7,{"v":330.19,"d":"$330.19"},{"v":188.68,"d":"$188.68"}]
[116,"CALCULADORA",null,null,"UNID",3,null,3,{"v":359.9,"d":"359.90 $"},null,3,{"v":1079.6999999999998,"d":"$1,079.70"},0]
[117,"CARPETA NEGRA  #1",null,null,"UNID",4,null,4,{"v":469,"d":"469.00 $"},null,{"$f":"H29-J29","v":4},{"v":1876,"d":"$1,876.00"},0]
[118,"CARPETA NEGRA # 2",null,null,"UNID",2,null,2,{"v":178.2,"d":"178.20 $"},null,2,{"v":356.4,"d":"$356.40"},0]
[119,"CARPETAS  # 3",null,null,"UNID",2,null,2,{"v":147.5,"d":"147.50 $"},null,2,{"v":295,"d":"$295.00"},0]
[120,"CHINCHETAS",null,null,"CAJAS",4,null,4,{"v":84.75,"d":"84.75 $"},null,4,{"v":339,"d":"$339.00"},0]
[121,"CEPILLO DE INODORO",null,null,"UNID",2,null,2,{"v":159.3,"d":"159.30 $"},2,0,0,{"v":318.6,"d":"$318.60"}]
[122,"CERA PARA CONTAR",null,null,"UNID",10,null,10,{"v":60,"d":"60.00 $"},null,10,{"v":600,"d":"$600.00"},0]
[123,"CINTA MASKING TAPE 3/4 VISIBLE",null,null,"UNID",34,null,34,{"v":75,"d":"75.00 $"},1,33,{"v":2475,"d":"$2,475.00"},{"v":75,"d":"$75.00"}]
[124,"CINTA DE EMPAQUE ",null,null,"UNID",2,6,8,{"v":47.2,"d":"47.20 $"},4,4,{"v":188.8,"d":"$188.80"},{"v":188.8,"d":"$188.80"}]
[125,"CINTA MAGICA SUMADORA",null,null,"UNID",2,null,2,{"v":76.7,"d":"76.70 $"},null,2,{"v":153.4,"d":"$153.40"},0]
[126," CLIPS JUMBO",null,null,"UNID",23,null,23,{"v":38,"d":"38.00 $"},12,11,{"v":418,"d":"$418.00"},{"v":456,"d":"$456.00"}]
[127,"CINTA MASKING TAPE CREMA",null,null,"UNID",0,24,24,{"v":46,"d":"46.00 $"},10,14,{"v":644,"d":"$644.00"},{"v":460,"d":"$460.00"}]
[128,"CUBO PLATICOS DE AGUJA DESECHABLES",null,null,"UNID",12,null,12,{"v":50,"d":"50.00 $"},11,1,{"v":50,"d":"$50.00"},{"v":550,"d":"$550.00"}]
[129,"CLIPS BILLETERO 32 MM 12/1",null,null,"UNID",36,null,36,{"v":123.9,"d":"123.90 $"},null,36,{"v":4460.400000000001,"d":"$4,460.40"},0]
[130,"CLIPS BILLETERO 41 MM 12/1",null,null,"UNID",27,null,27,{"v":171.1,"d":"171.10 $"},null,27,{"v":4619.7,"d":"$4,619.70"},0]
[131,"CLIPS BILLETERO 51 MM 12/1",null,null,"UNID",24,null,24,{"v":230.1,"d":"230.10 $"},2,22,{"v":5062.2,"d":"$5,062.20"},{"v":460.2,"d":"$460.20"}]
[132,"CLORO",null,null,"GALON",19,40,59,{"v":91.53,"d":"91.53 $"},24,35,{"v":3203.55,"d":"$3,203.55"},{"v":2196.7200000000003,"d":"$2,196.72"}]
[133,"CONTROL DE LIQUIDO(ENFERMERIA)",null,null,"TALONARIO",11,null,11,{"v":1200,"d":"1,200.00 $"},null,11,{"v":13200,"d":"$13,200.00"},0]
[134,"CUADERNOS COCIDOS",null,null,"UNID",0,24,24,{"v":53,"d":"53.00 $"},11,13,{"v":689,"d":"$689.00"},{"v":583,"d":"$583.00"}]
[135,"CUCHARA 25/1",null,null,"CAJA",0,3,3,{"v":631.3,"d":"631.30 $"},2,1,{"v":631.3,"d":"$631.30"},{"v":1262.6,"d":"$1,262.60"}]
[136,"ESCOBA C/PALO",null,null,"UNID",7,null,7,{"v":133,"d":"133.00 $"},4,3,{"v":399,"d":"$399.00"},{"v":532,"d":"$532.00"}]
[138," FOLDER AMARILLO OFICINA",null,null,"UNID",134,500,{"$f":"F49+G49","v":634},{"v":2.33,"d":"2.33 $"},359,275,{"v":640.75,"d":"$640.75"},{"v":836.47,"d":"$836.47"}]
[138," FOLDER VERDE 8 1/2 X 11",null,null,"UNID",371,null,371,{"v":4.95,"d":"4.95 $"},213,158,{"v":782.1,"d":"$782.10"},{"v":1054.3500000000001,"d":"$1,054.35"}]
[139," FUNDA NEGRA 17 x22 GL PEQUEÑA",null,null,"PAQ",29,null,29,{"v":72,"d":"72.00 $"},null,29,{"v":2088,"d":"$2,088.00"},0]
[140,"FUNDA  NEGRA #6",null,null,"PAQ",30,null,30,{"v":36.58,"d":"36.58 $"},null,30,{"v":1097.3999999999999,"d":"$1,097.40"},0]
[141,"FUNDA  ROJA #2",null,null,"PAQ",25,null,25,{"v":20,"d":"20.00 $"},null,25,{"v":500,"d":"$500.00"},0]
[142,"FUNDA AZULES #4",null,null,"PAQ",35,null,35,{"v":26,"d":"26.00 $"},null,35,{"v":910,"d":"$910.00"},0]
[143,"FUNDA NEGRA  MEDIANA 30 GL",null,null,"PAQ",23,null,23,{"v":1080,"d":"1,080.00 $"},5,18,{"v":19440,"d":"$19,440.00"},{"v":5400,"d":"$5,400.00"}]
[144,"FUNDA NEGRA GRANDE 55 GL",null,null,"PAQ",7,null,7,{"v":616,"d":"616.00 $"},null,7,{"v":4312,"d":"$4,312.00"},0]
[145,"FUNDA ROJA  PEQUENAS 17 GL",null,null,"PAQ",8,null,8,{"v":240,"d":"240.00 $"},3,5,{"v":1200,"d":"$1,200.00"},{"v":720,"d":"$720.00"}]
[146,"FUNDA ROJA GRANDE 55 gl",null,null,"UNID",3,null,3,{"v":1030.1,"d":"1,030.10 $"},null,3,{"v":3090.2999999999997,"d":"$3,090.30"},0]
[147,"FUNDA ROJA MEDIANA 30 GL",null,null,"PAQ",18,null,18,{"v":450.36,"d":"450.36 $"},8,10,{"v":4503.6,"d":"$4,503.60"},{"v":3602.88,"d":"$3,602.88"}]
[148,"GALON JABON LIQUIDO DE MANO",null,null,"GALON",4,null,4,{"v":171.1,"d":"171.10 $"},null,4,{"v":684.4,"d":"$684.40"},0]
[149,"GANCHOS P/FOLDER MH",null,null,"CAJA",8,null,8,{"v":141.6,"d":"141.60 $"},null,8,{"v":1132.8,"d":"$1,132.80"},0]
[150,"GALON JABON DE CUABA",null,null,"GALON",4,null,4,{"v":165.25,"d":"165.25 $"},1,3,{"v":495.75,"d":"$495.75"},{"v":165.25,"d":"$165.25"}]
[151,"GOMITAS",null,null,"CAJA",6,null,6,{"v":45,"d":"45.00 $"},6,0,0,{"v":270,"d":"$270.00"}]
[152,"GRAPADORA NEGRA",null,null,"CAJA",1,4,5,{"v":320,"d":"320.00 $"},5,0,0,{"v":1600,"d":"$1,600.00"}]
[153,"GUANTES MULTIUSOS",null,null,"UNID",5,12,17,{"v":666.36,"d":"666.36 $"},11,6,{"v":3998.16,"d":"$3,998.16"},{"v":7329.96,"d":"$7,329.96"}]
[154,"HISTORIA CLINICA PERINATAL",null,null,"TALONARIO",9,null,9,{"v":1298,"d":"1,298.00 $"},1,8,{"v":10384,"d":"$10,384.00"},{"v":1298,"d":"$1,298.00"}]
[155," HOJA DE ANOTACION ENFERMERIA",null,null,"RESMA",4,null,4,{"v":826,"d":"826.00 $"},null,4,{"v":3304,"d":"$3,304.00"},0]
[156,"HOJA DE ADMICION ",null,null,"RESMA",5,null,5,{"v":165,"d":"165.00 $"},null,5,{"v":825,"d":"$825.00"},0]
[157,"HOJA DE ATENCION DIARIA",null,null,"TALONARIO",3,null,3,{"v":994,"d":"994.00 $"},null,3,{"v":2982,"d":"$2,982.00"},0]
[158,"HOJA DE CERTIFICACION",null,null,"RESMA",2,null,2,{"v":1475,"d":"1,475.00 $"},null,2,{"v":2950,"d":"$2,950.00"},0]
[159,"HOJA DE CONSULTA EXTERNA ",null,null,"TALONARIO",19,null,19,{"v":994,"d":"994.00 $"},4,15,{"v":14910,"d":"$14,910.00"},{"v":3976,"d":"$3,976.00"}]
[160,"HOJA PACIENTE  DIETA",null,null,"TALONARIO",18,null,18,{"v":800,"d":"800.00 $"},null,18,{"v":14400,"d":"$14,400.00"},0]
[161,"HOJA DE DIRECCION CUIDADO DE ENFERMERIA",null,null,"TALONARIO",32,null,32,{"v":994,"d":"994.00 $"},null,32,{"v":31808,"d":"$31,808.00"},0]
[162,"HOJA DE ENFER EN AREA EMERGENCIA FO63",null,null,"TALONARIO",17,null,17,{"v":994,"d":"994.00 $"},null,17,{"v":16898,"d":"$16,898.00"},0]
[163,"HOJA DE ENFERMERIA",null,null,"TALONARIO",8,null,8,{"v":1298,"d":"1,298.00 $"},null,8,{"v":10384,"d":"$10,384.00"},0]
[164,"HOJA DE EVOLUCION ",null,null,"TALONARIO",5,null,5,{"v":294,"d":"294.00 $"},null,5,{"v":1470,"d":"$1,470.00"},0]
[165,"HOJA DE ANESTESIA",null,null,"TALONARIO",13,null,13,{"v":185,"d":"185.00 $"},null,13,{"v":2405,"d":"$2,405.00"},0]
[166,"HOJA DE HISTORIAL CLINICO",null,null,"TALONARIO",46,null,{"$f":"F78+G78","v":46},{"v":195,"d":"195.00 $"},5,{"$f":"H78-J78","v":41},{"$f":"I78*K78","v":{"v":7995,"d":"$7,995.00"}},{"$f":"I78*J78","v":{"v":975,"d":"$975.00"}}]
[167,"HOJA D KARDEX D MEDICAMENTO SOLUCIONES",null,null,"TALONARIO",17,null,17,{"v":1298,"d":"1,298.00 $"},null,17,{"v":22066,"d":"$22,066.00"},0]
[168,"HOJA DE REFERENCIA Y CONTRA REFERENCIA",null,null,"TALONARIO",11,null,11,{"v":826,"d":"826.00 $"},null,11,{"v":9086,"d":"$9,086.00"},0]
[169,"HOJA DE GLICEMIA",null,null,"TALONARIO",3,null,3,{"v":350,"d":"350.00 $"},3,0,0,{"v":1050,"d":"$1,050.00"}]
[170,"HOJA  RESUMEN MEDICO DE EGRESO",null,null,"RESMA",2,null,2,{"v":826,"d":"826.00 $"},null,2,{"v":1652,"d":"$1,652.00"},0]
[171,"HOJA  SEGURIDAD CIRUGIA",null,null,"RESMA",2,null,2,{"v":1475,"d":"1,475.00 $"},null,2,{"v":2950,"d":"$2,950.00"},0]
[172,"HOJA DESIGNOGRAMA ENFERM",null,null,"TALONARIO",9,null,9,{"v":994,"d":"994.00 $"},null,9,{"v":8946,"d":"$8,946.00"},0]
[173,"HOJA KARDEX MED INTERNA  INSUMOS",null,null,"TALONARIO",9,null,9,{"v":994,"d":"994.00 $"},null,9,{"v":8946,"d":"$8,946.00"},0]
[174,"HOJA LEGAL 8 1/2*14 RESMA",null,null,"RESMA",4,null,4,{"v":348,"d":"348.00 $"},1,3,{"v":1044,"d":"$1,044.00"},{"v":348,"d":"$348.00"}]
[175,"HOJA ORDEN MEDICA",null,null,"TALONARIO",27,null,27,{"v":800,"d":"800.00 $"},null,27,{"v":21600,"d":"$21,600.00"},0]
[176,"HOJA  HISTORIAL OPERATORIO",null,null,"TALONARIO",5,null,5,{"v":1299,"d":"1,299.00 $"},null,5,{"v":6495,"d":"$6,495.00"},0]
[177,"HOJA SIGNOS VITALES ",null,null,"TALONARIO",10,null,10,{"v":1200,"d":"1,200.00 $"},null,10,{"v":12000,"d":"$12,000.00"},0]
[178,"HOJA GRAFICA DE TEMPERATURA",null,null,"RESMA",1,null,1,{"v":994,"d":"994.00 $"},null,1,{"v":994,"d":"$994.00"},0]
[179,"HOJAS TIMBRADA",null,null,"TALONARIO",10,null,10,{"v":1350,"d":"1,350.00 $"},3,7,{"v":9450,"d":"$9,450.00"},{"v":4050,"d":"$4,050.00"}]
[180,"HOJA DE CONFIRMACION DE CIRUGIA",null,null,"RESMA",1,null,1,{"v":1298,"d":"1,298.00 $"},null,1,{"v":1298,"d":"$1,298.00"},0]
[181,"LABELSP/FOLDER",null,null,"UNID",5,6,11,{"v":112.1,"d":"112.10 $"},3,8,{"v":896.8,"d":"$896.80"},{"v":336.29999999999995,"d":"$336.30"}]
[182,"LAPIZ",null,null,"UNID",31,null,31,{"v":10,"d":"10.00 $"},null,31,{"v":310,"d":"$310.00"},0]
[183,"LIBRO BANCO VENTA SERVICIOS",null,null,"UNID",1,null,1,{"v":2360,"d":"2,360.00 $"},null,1,{"v":2360,"d":"$2,360.00"},0]
[184,"TALONARIO DE OXIGENO",null,null,"TALONARIO",8,null,8,{"v":200,"d":"200.00 $"},null,8,{"v":1600,"d":"$1,600.00"},0]
[185,"LIBRO DE EMERGENCIA",null,null,"UNID",3,null,3,{"v":1770,"d":"1,770.00 $"},2,1,{"v":1770,"d":"$1,770.00"},{"v":3540,"d":"$3,540.00"}]
[186,"LIBRO DE LABORATORIO PACIENTE",null,null,"UNID",0,null,0,{"v":1170,"d":"1,170.00 $"},null,0,0,0]
[187,"LIBRO DE CONTROL DE PARASITOLOGIA COPROLOGICO",null,null,"UNID",1,null,1,{"v":1170,"d":"1,170.00 $"},null,1,{"v":1170,"d":"$1,170.00"},0]
[188,"LIBRO DE PARTO Y NACIMIENTO",null,null,"UNID",3,null,3,{"v":1170,"d":"1,170.00 $"},null,3,{"v":3510,"d":"$3,510.00"},0]
[189,"LIBRO  DE CIRUGIA",null,null,"UNID",5,null,5,{"v":1770,"d":"1,770.00 $"},null,5,{"v":8850,"d":"$8,850.00"},0]
[190,"LIBRO DE CONS REGISTRO VIH",null,null,"UNID",0,null,0,{"v":1770,"d":"1,770.00 $"},null,0,0,0]
[191,"LIBRO DE SEROLOGIA",null,null,"UNID",2,null,2,{"v":2360,"d":"2,360.00 $"},null,2,{"v":4720,"d":"$4,720.00"},0]
[192,"LIBRO DE URIANALISIS",null,null,"UNID",1,null,1,{"v":2360,"d":"2,360.00 $"},null,1,{"v":2360,"d":"$2,360.00"},0]
[193,"LIBRO HEMATOLOGIA",null,null,"UNID",2,null,2,{"v":2000,"d":"2,000.00 $"},null,2,{"v":4000,"d":"$4,000.00"},0]
[194,"LIBRO QUIMICO",null,null,"UNID",2,null,2,{"v":2360,"d":"2,360.00 $"},1,1,{"v":2360,"d":"$2,360.00"},{"v":2360,"d":"$2,360.00"}]
[195,"LIBRO INTERNAMIENTO",null,null,"UNID",3,null,3,{"v":1770,"d":"1,770.00 $"},null,3,{"v":5310,"d":"$5,310.00"},0]
[196,"LIBRO DE RAYOS X",null,null,"UNID",2,null,2,{"v":1770,"d":"1,770.00 $"},null,2,{"v":3540,"d":"$3,540.00"},0]
[197,"LIBRO RECORD DE REGISTRO ADOLECENTE ",null,null,"UNID",0,null,0,{"v":1800,"d":"1,800.00 $"},null,0,0,0]
[198,"LIQUID PAPER T/L CORRECTOR",null,null,"UNID",11,null,11,{"v":30,"d":"30.00 $"},10,1,{"v":30,"d":"$30.00"},{"v":300,"d":"$300.00"}]
[199,"MARCADORES AZULES ",null,null,"UNID",33,null,33,{"v":30,"d":"30.00 $"},6,27,{"v":810,"d":"$810.00"},{"v":180,"d":"$180.00"}]
[200,"MARCADORES NEGROS ",null,null,"UNID",34,null,34,{"v":30,"d":"30.00 $"},4,30,{"v":900,"d":"$900.00"},{"v":120,"d":"$120.00"}]
[201,"MISTOLIN ",null,null,"GALON",9,40,49,{"v":104,"d":"104.00 $"},28,21,{"v":2184,"d":"$2,184.00"},{"v":2912,"d":"$2,912.00"}]
[202,"PAPEL CARBON 8 1/2*11",null,null,"UNID",25,null,25,{"v":325,"d":"325.00 $"},null,25,{"v":8125,"d":"$8,125.00"},0]
[203,"PAPEL HIGIENICO FARDO 48/1 ",null,null,"UNID",179,96,275,{"v":22.6,"d":"22.60 $"},147,128,{"v":2892.8,"d":"$2,892.80"},{"v":3322.2000000000003,"d":"$3,322.20"}]
[204,"PAPEL MANILA NATURAL KRAF",null,null,"UNID",0,2,2,{"v":3916,"d":"3,916.00 $"},1,1,{"v":3916,"d":"$3,916.00"},{"v":3916,"d":"$3,916.00"}]
[205,"PAPEL TOALLA 6/1",null,null,"UNID",0,24,24,{"v":95.38,"d":"95.38 $"},12,12,{"v":1144.56,"d":"$1,144.56"},{"v":1144.56,"d":"$1,144.56"}]
[206,"PERFORADORA 2",null,null,"UNID",0,null,0,{"v":306.08,"d":"306.08 $"},null,0,0,0]
[207,"PERFORADORA 3 ",null,null,"UNID",1,null,1,{"v":631.3,"d":"631.30 $"},null,1,{"v":631.3,"d":"$631.30"},0]
[208,"PILA AAA PEQUEÑA",null,null,"UNID",30,null,30,{"v":54,"d":"54.00 $"},2,28,{"v":1512,"d":"$1,512.00"},{"v":108,"d":"$108.00"}]
[209,"PILA AA",null,null,"UNID",38,null,38,{"v":53,"d":"53.00 $"},6,32,{"v":1696,"d":"$1,696.00"},{"v":318,"d":"$318.00"}]
[210," PAPEL CON DIVISION 200/1 OPTION",null,null,"CAJA",0,2,2,{"v":1085,"d":"1,085.00 $"},1,1,{"v":1085,"d":"$1,085.00"},{"v":1085,"d":"$1,085.00"}]
[211,"PLATOS",null,null,"FARDO",7,8,15,{"v":1291,"d":"1,291.00 $"},9,6,{"v":7746,"d":"$7,746.00"},{"v":11619,"d":"$11,619.00"}]
[212,"POS-IT 3*3",null,null,"RESMA",0,null,0,{"v":33.63,"d":"33.63 $"},null,0,0,0]
[213,"RECOJEDOR DE BASURA",null,null,"UNID",2,6,8,{"v":109.25,"d":"109.25 $"},2,6,{"v":655.5,"d":"$655.50"},{"v":218.5,"d":"$218.50"}]
[214,"RESALTADOR ",null,null,"UNID",13,null,13,{"v":39,"d":"39.00 $"},1,12,{"v":468,"d":"$468.00"},{"v":39,"d":"$39.00"}]
[215,"RESMA DE CONTROL DE EXISTENCIA",null,null,"RESMA",3,null,3,{"v":1298,"d":"1,298.00 $"},null,3,{"v":3894,"d":"$3,894.00"},0]
[216,"RESMA HOJA DE MAQUINA 8/2 *11",null,null,"RESMA",35,100,135,{"v":228,"d":"228.00 $"},62,73,{"v":16644,"d":"$16,644.00"},{"v":14136,"d":"$14,136.00"}]
[217,"ROLLO DE PAPEL SUMADORA",null,null,"UNID",4,12,16,{"v":23,"d":"23.00 $"},null,16,{"v":368,"d":"$368.00"},0]
[218,"ROTULO PARA SOLUCION Y MEDICAMENTOS",null,null,"UNID",950,null,950,{"v":6.5,"d":"6.50 $"},100,850,{"v":5525,"d":"$5,525.00"},{"v":650,"d":"$650.00"}]
[219,"SACA GRAPA",null,null,"UNID",6,null,6,{"v":30,"d":"30.00 $"},3,3,{"v":90,"d":"$90.00"},{"v":90,"d":"$90.00"}]
[220,"SACAPUNTA METAL ",null,null,"UNID",20,null,20,{"v":15,"d":"15.00 $"},null,20,{"v":300,"d":"$300.00"},0]
[221,"SACO DE DETERGENTE",null,null,"UNID",2,3,5,{"v":1100,"d":"1,100.00 $"},3,2,{"v":2200,"d":"$2,200.00"},{"v":3300,"d":"$3,300.00"}]
[222,"SERVILLETA C-FOLD 24/100 XCELENT",null,null,"UNID",28,96,124,{"v":24.5,"d":"24.50 $"},22,102,{"v":2499,"d":"$2,499.00"},{"v":539,"d":"$539.00"}]
[223,"SERVILLETAS DE BINGO 60/1",null,null,"UNID",310,180,490,{"v":11.5,"d":"11.50 $"},174,316,{"v":3634,"d":"$3,634.00"},{"v":2001,"d":"$2,001.00"}]
[224,"SOBRE CARTA VENTANILLA",null,null,"UNID",900,null,900,{"v":1.85,"d":"1.85 $"},null,900,{"v":1665,"d":"$1,665.00"},0]
[225,"SOBRE MANILA 9*12 500 UNID",null,null,"UNID",390,null,390,{"v":13.85,"d":"13.85 $"},null,390,{"v":5401.5,"d":"$5,401.50"},0]
[226,"SOBRE MANILA 14*17 1000 UNIDAD",null,null,"UNID",910,null,910,{"v":13.85,"d":"13.85 $"},null,910,{"v":12603.5,"d":"$12,603.50"},0]
[227,"SOBRE MANILA 10*14 DE 500 UNID",null,null,"UNID",260,null,260,{"v":7.1,"d":"7.10 $"},10,250,{"v":1775,"d":"$1,775.00"},{"v":71,"d":"$71.00"}]
[228,"SOBRE TIMBRADO",null,null,"UNID",300,null,300,{"v":13,"d":"13.00 $"},15,285,{"v":3705,"d":"$3,705.00"},{"v":195,"d":"$195.00"}]
[229,"SUAPER JUMBO",null,null,"GALON",5,6,11,{"v":175,"d":"175.00 $"},8,3,{"v":525,"d":"$525.00"},{"v":1400,"d":"$1,400.00"}]
[230,"SUAVITEL",null,null,"GALON",4,null,{"$f":"F142+G142","v":4},{"v":148.31,"d":"148.31 $"},3,{"$f":"H142-J142","v":1},{"$f":"I142*K142","v":{"v":148.31,"d":"$148.31"}},{"$f":"I142*J142","v":{"v":444.93,"d":"$444.93"}}]
[231,"TALONARIO DE PATOLOGIA",null,null,"TALONARIO",25,null,25,{"v":70.8,"d":"70.80 $"},null,25,{"v":1770,"d":"$1,770.00"},0]
[232,"TALONARIO HISTORIAL CLINICO EMERGENCIA",null,null,"TALONARIO",0,null,0,{"v":275,"d":"275.00 $"},null,0,0,0]
[233,"TALONARIO ORDEN MEDICA",null,null,"TALONARIO",25,null,25,{"v":275,"d":"275.00 $"},null,25,{"v":6875,"d":"$6,875.00"},0]
[234,"TALONARIO COPROLOGICO",null,null,"TALONARIO",96,null,96,{"v":88.35,"d":"88.35 $"},null,96,{"v":8481.599999999999,"d":"$8,481.60"},0]
[235,"TALALONARIO HEMOTOLOGIA",null,null,"TALONARIO",59,null,59,{"v":88.35,"d":"88.35 $"},10,49,{"v":4329.15,"d":"$4,329.15"},{"v":883.5,"d":"$883.50"}]
[236,"TALONARIO CONFIMACION DE  QUIRURGICA ",null,null,"TALONARIO",5,null,5,{"v":185,"d":"185.00 $"},null,5,{"v":925,"d":"$925.00"},0]
[237,"TALONARIO LABORATORIO CLINICO",null,null,"TALONARIO",73,null,73,{"v":37,"d":"37.00 $"},36,37,{"v":1369,"d":"$1,369.00"},{"v":1332,"d":"$1,332.00"}]
[238,"TALONARIO PARTOGRAMA POSPARTO",null,null,"TALONARIO",9,null,9,{"v":185,"d":"185.00 $"},null,9,{"v":1665,"d":"$1,665.00"},0]
[239,"TALONARIO HISTORIAL OPERATORIO",null,null,"RESMA",1,null,1,{"v":185,"d":"185.00 $"},null,1,{"v":185,"d":"$185.00"},0]
[240,"TALONARIO URIANALISIS",null,null,"TALONARIO",118,null,118,{"v":53.1,"d":"53.10 $"},10,108,{"v":5734.8,"d":"$5,734.80"},{"v":531,"d":"$531.00"}]
[241,"TALONARIO REQUISICION DE FARMACIA",null,null,"TALONARIO",7,null,7,{"v":413,"d":"413.00 $"},1,6,{"v":2478,"d":"$2,478.00"},{"v":413,"d":"$413.00"}]
[242,"TALONARIO CUIDADO DE ENFERERIA VIH MEDIA",null,null,"TALONARIO",8,null,8,{"v":275,"d":"275.00 $"},null,8,{"v":2200,"d":"$2,200.00"},0]
[243,"TALONARIO CONCENTIMIENTO INFORMADO LARGO",null,null,"TALONARIO",3,null,3,{"v":756,"d":"756.00 $"},null,3,{"v":2268,"d":"$2,268.00"},0]
[244,"TALONARIO DE CLASIFICACION",null,null,"TALONARIO",30,null,30,{"v":756,"d":"756.00 $"},null,30,{"v":22680,"d":"$22,680.00"},0]
[245,"TALONARIO DE CONTROL TEMPERATURA",null,null,"TALONARIO",15,null,15,{"v":294,"d":"294.00 $"},null,15,{"v":4410,"d":"$4,410.00"},0]
[246,"TALONARIO DE CUOTA DE CONTRIBUCION",null,null,"TALONARIO",10,null,10,{"v":185,"d":"185.00 $"},null,10,{"v":1850,"d":"$1,850.00"},0]
[247,"TALONARIO PROTOCOLO ATENCION AL PARTO",null,null,"TALONARIO",8,null,8,{"v":185,"d":"185.00 $"},null,8,{"v":1480,"d":"$1,480.00"},0]
[248,"TALONARIO HOJA DE KARDEX INSUMO",null,null,"TALONARIO",9,null,9,{"v":994,"d":"994.00 $"},null,9,{"v":8946,"d":"$8,946.00"},0]
[249,"TALONARIO SOLICITUD DE ALMACEN",null,null,"TALONARIO",6,null,6,{"v":224,"d":"224.00 $"},null,6,{"v":1344,"d":"$1,344.00"},0]
[250,"TALONARIO SALIDA ALMACEN",null,null,"TALONARIO",24,null,24,{"v":275,"d":"275.00 $"},null,24,{"v":6600,"d":"$6,600.00"},0]
[251,"TAPA DE VASOS #12 CLEA  10/100",null,null,"UNID",3,10,13,{"v":224,"d":"224.00 $"},13,0,0,{"v":2912,"d":"$2,912.00"}]
[252,"TARJETA DE CITA",null,null,"UNID",30,1000,1030,{"v":2.75,"d":"2.75 $"},300,730,{"v":2007.5,"d":"$2,007.50"},{"v":825,"d":"$825.00"}]
[253,"TARJETA DE EXPEDIENTE ",null,null,"UNID",1600,null,1600,{"v":4.5,"d":"4.50 $"},null,1600,{"v":7200,"d":"$7,200.00"},0]
[254,"TALONARIO RECETARIO NORMAL",null,null,"TALONARIO",987,null,987,{"v":53.65,"d":"53.65 $"},61,926,{"v":49679.9,"d":"$49,679.90"},{"v":3272.65,"d":"$3,272.65"}]
[255,"TIJERAS",null,null,"UNID",2,null,2,{"v":62.54,"d":"62.54 $"},1,1,{"v":62.54,"d":"$62.54"},{"v":62.54,"d":"$62.54"}]
[256,"TINTA PARA SELLO AZUL",null,null,"UNID",11,null,11,{"v":106,"d":"106.00 $"},3,8,{"v":848,"d":"$848.00"},{"v":318,"d":"$318.00"}]
[257,"TOALLA MICROFIBRA16´´ *16´´",null,null,"PAQU",17,null,17,{"v":49.56,"d":"49.56 $"},8,9,{"v":446.04,"d":"$446.04"},{"v":396.48,"d":"$396.48"}]
[258,"ENVASES PLASTICOS 4 OZ",null,null,"UNID",14,20,34,{"v":147,"d":"147.00 $"},34,0,0,{"v":4998,"d":"$4,998.00"}]
[259,"TAPAS PLASTICAS 4 OZ",null,null,"PAQU",14,20,34,{"v":137,"d":"137.00 $"},34,0,0,{"v":4658,"d":"$4,658.00"}]
[260,"VASO 12 CAJA 40/25 FOAM",null,null,"PAQU",123,80,203,{"v":53.2,"d":"53.20 $"},73,130,{"v":6916,"d":"$6,916.00"},{"v":3883.6000000000004,"d":"$3,883.60"}]
[261,"VASO # 5",null,null,"PAQU",26,100,126,{"v":55,"d":"55.00 $"},17,109,{"v":5995,"d":"$5,995.00"},{"v":935,"d":"$935.00"}]
[262,"VASOS #7",null,null,"PAQU",63,100,163,{"v":38.94,"d":"38.94 $"},123,40,{"v":1557.6,"d":"$1,557.60"},{"v":4789.62,"d":"$4,789.62"}]
[{"$nulls":11},{"$f":"SUM(L13:L174)","v":{"v":636936.4,"d":"$636,936.40"}}]
[{"$nulls":9},"TOTAL DE COMSUMO",null,{"$f":"SUM(M13:M175)","v":{"v":138533.88999999996,"d":"$138,533.89"}}]

{"sheet":"NOVIEMBRE","index":10,"n_rows":177,"n_cols":13,"rows_kept":177,"merged":[[11,0,11,3],[12,1,12,3],[72,1,72,2],[81,1,81,2],[109,1,109,3],[140,1,140,3],[141,1,141,3],[142,1,142,3],[151,1,151,3],[152,1,152,3],[156,1,156,3],[164,1,164,3],[165,1,165,3],[167,1,167,3],[168,1,168,3],[173,1,173,3],[174,1,174,3],[175,9,175,10],[176,9,176,10]]}
[]
[]
[]
[]
[]
[{"$nulls":4}," "]
[]
[]
[]
[]
[{"$nulls":10},"2025-11-30"]
["INVENTARIO DE ALMACEN "]
["CODIGO","DESCRIPCION DEL PRODUCTO",null,null,"UNIDAD MEDIDA","CANTIDAD","ENTRADA","TOTAL","PRECIO","SALIDA DE USO MENSUAL","CANTIDAD ACTIVA EN ALMACEN","VALOR TOTAL ACTIVO","VALORDE TOTAL CONSUMO"]
[101,"ACORDEON 10*12 CARTON PIEDRA",null,null,"UNID ",0,null,{"$f":"F14+G14","v":0},{"v":744,"d":"744.00 $"},null,{"$f":"H14-J14","v":0},{"$f":"I14*K14","v":0},{"$f":"I14*J14","v":0}]
[102,"AMBIENTADOR SPRAY",null,null,"UNID ",19,null,{"$f":"F15+G15","v":19},{"v":192,"d":"192.00 $"},5,{"$f":"H15-J15","v":14},{"$f":"I15*K15","v":{"v":2688,"d":"$2,688.00"}},{"$f":"I15*J15","v":{"v":960,"d":"$960.00"}}]
[103,"AGUA BOTELLITAS",null,null,"UNID ",400,null,400,{"v":6.5,"d":"6.50 $"},100,300,{"v":1950,"d":"$1,950.00"},{"v":650,"d":"$650.00"}]
[104,"AXION EN PASTA",null,null,"UNID ",10,null,10,{"v":116,"d":"116.00 $"},7,3,{"v":348,"d":"$348.00"},{"v":812,"d":"$812.00"}]
[105,"BAYGON 400ML",null,null,"UNID ",5,null,5,{"v":349,"d":"349.00 $"},3,2,{"v":698,"d":"$698.00"},{"v":1047,"d":"$1,047.00"}]
[106,"BOLIGRAFOS AZULES",null,null,"UNID ",43,null,43,{"v":10.1,"d":"10.10 $"},18,25,{"v":252.5,"d":"$252.50"},{"v":181.79999999999998,"d":"$181.80"}]
[107,"BOLIGRAFOS NEGROS",null,null,"UNID ",36,null,36,{"v":7,"d":"7.00 $"},null,36,{"v":252,"d":"$252.00"},0]
[108,"BOLIGRAFOS ROJOS",null,null,"UNID ",93,null,93,{"v":7,"d":"7.00 $"},2,91,{"v":637,"d":"$637.00"},{"v":14,"d":"$14.00"}]
[109,"BOLIGRAFOS VERDES",null,null,"UNID ",8,null,8,{"v":10,"d":"10.00 $"},null,8,{"v":80,"d":"$80.00"},0]
[110,"BORRANTE DE LECHE ",null,null,"UNID ",8,null,8,{"v":8,"d":"8.00 $"},null,8,{"v":64,"d":"$64.00"},0]
[111,"BRILLO GRUESO 12/1 ROMANO",null,null,"UNID ",28,null,28,{"v":69.6,"d":"69.60 $"},null,28,{"v":1948.7999999999997,"d":"$1,948.80"},0]
[112,"BRILLO GRIS",null,null,"UNID ",12,null,12,{"v":69.6,"d":"69.60 $"},null,12,{"v":835.1999999999999,"d":"$835.20"},0]
[113,"BRILLO VERDE Y ESPONJA",null,null,"UNID ",6,null,6,{"v":57.8,"d":"57.80 $"},null,6,{"v":346.79999999999995,"d":"$346.80"},0]
[114,"CAJA PLASTICAS DE 27 GL NEGRA",null,null,"UNID",9,null,9,{"v":1350,"d":"1,350.00 $"},null,9,{"v":12150,"d":"$12,150.00"},0]
[115,"CAJITA DE GRAPAS ESTÁNDAR 26/6",null,null,"UNID",7,null,7,{"v":47.17,"d":"47.17 $"},4,3,{"v":141.51,"d":"$141.51"},{"v":188.68,"d":"$188.68"}]
[116,"CALCULADORA",null,null,"UNID",3,null,3,{"v":359.9,"d":"359.90 $"},null,3,{"v":1079.6999999999998,"d":"$1,079.70"},0]
[117,"CARPETA NEGRA  #1",null,null,"UNID",4,null,4,{"v":469,"d":"469.00 $"},null,{"$f":"H30-J30","v":4},{"v":1876,"d":"$1,876.00"},0]
[118,"CARPETA NEGRA # 2",null,null,"UNID",2,null,2,{"v":178.2,"d":"178.20 $"},null,2,{"v":356.4,"d":"$356.40"},0]
[119,"CARPETAS  # 3",null,null,"UNID",2,null,2,{"v":147.5,"d":"147.50 $"},null,2,{"v":295,"d":"$295.00"},0]
[120,"CHINCHETAS",null,null,"CAJAS",4,null,4,{"v":84.75,"d":"84.75 $"},null,4,{"v":339,"d":"$339.00"},0]
[121,"CEPILLO DE INODORO",null,null,"UNID",0,null,0,{"v":159.3,"d":"159.30 $"},null,0,0,0]
[122,"CERA PARA CONTAR",null,null,"UNID",10,null,10,{"v":60,"d":"60.00 $"},null,10,{"v":600,"d":"$600.00"},0]
[123,"CINTA MASKING TAPE 3/4 VISIBLE",null,null,"UNID",33,null,33,{"v":75,"d":"75.00 $"},null,33,{"v":2475,"d":"$2,475.00"},0]
[124,"CINTA DE EMPAQUE ",null,null,"UNID",4,null,4,{"v":47.2,"d":"47.20 $"},null,4,{"v":188.8,"d":"$188.80"},0]
[125,"CINTA MAGICA SUMADORA",null,null,"UNID",2,null,2,{"v":76.7,"d":"76.70 $"},null,2,{"v":153.4,"d":"$153.40"},0]
[126," CLIPS JUMBO",null,null,"UNID",11,null,11,{"v":38,"d":"38.00 $"},4,7,{"v":266,"d":"$266.00"},{"v":152,"d":"$152.00"}]
[127,"CINTA MASKING TAPE CREMA",null,null,"UNID",14,null,14,{"v":46,"d":"46.00 $"},8,6,{"v":276,"d":"$276.00"},{"v":368,"d":"$368.00"}]
[128,"CUBO PLATICOS DE AGUJA DESECHABLES",null,null,"UNID",1,null,1,{"v":50,"d":"50.00 $"},1,0,0,{"v":50,"d":"$50.00"}]
[129,"CLIPS BILLETERO 32 MM 12/1",null,null,"UNID",36,null,36,{"v":123.9,"d":"123.90 $"},null,36,{"v":4460.400000000001,"d":"$4,460.40"},0]
[130,"CLIPS BILLETERO 41 MM 12/1",null,null,"UNID",27,null,27,{"v":171.1,"d":"171.10 $"},null,27,{"v":4619.7,"d":"$4,619.70"},0]
[131,"CLIPS BILLETERO 51 MM 12/1",null,null,"UNID",22,null,22,{"v":230.1,"d":"230.10 $"},null,22,{"v":5062.2,"d":"$5,062.20"},0]
[132,"CLORO",null,null,"GALON",35,null,35,{"v":91.53,"d":"91.53 $"},16,19,{"v":1739.07,"d":"$1,739.07"},{"v":1464.48,"d":"$1,464.48"}]
[133,"CONTROL DE LIQUIDO(ENFERMERIA)",null,null,"TALONARIO",11,null,11,{"v":1200,"d":"1,200.00 $"},null,11,{"v":13200,"d":"$13,200.00"},0]
[134,"CUADERNOS COCIDOS",null,null,"UNID",13,null,13,{"v":53,"d":"53.00 $"},2,11,{"v":583,"d":"$583.00"},{"v":106,"d":"$106.00"}]
[135,"CUCHARA 25/1",null,null,"CAJA",1,null,1,{"v":631.3,"d":"631.30 $"},1,0,0,{"v":631.3,"d":"$631.30"}]
[136,"ESCOBA C/PALO",null,null,"UNID",3,null,3,{"v":133,"d":"133.00 $"},null,3,{"v":399,"d":"$399.00"},0]
[138," FOLDER AMARILLO OFICINA",null,null,"UNID",275,null,{"$f":"F50+G50","v":275},{"v":2.33,"d":"2.33 $"},null,275,{"v":640.75,"d":"$640.75"},0]
[138," FOLDER VERDE 8 1/2 X 11",null,null,"UNID",158,null,158,{"v":4.95,"d":"4.95 $"},5,153,{"v":757.35,"d":"$757.35"},{"v":24.75,"d":"$24.75"}]
[139," FUNDA NEGRA 17 x22 GL PEQUEÑA",null,null,"PAQ",29,null,29,{"v":72,"d":"72.00 $"},6,23,{"v":1656,"d":"$1,656.00"},{"v":432,"d":"$432.00"}]
[140,"FUNDA  NEGRA #6",null,null,"PAQ",30,null,30,{"v":36.58,"d":"36.58 $"},1,29,{"v":1060.82,"d":"$1,060.82"},{"v":36.58,"d":"$36.58"}]
[141,"FUNDA  ROJA #2",null,null,"PAQ",25,null,25,{"v":20,"d":"20.00 $"},null,25,{"v":500,"d":"$500.00"},0]
[142,"FUNDA AZULES #4",null,null,"PAQ",35,null,35,{"v":26,"d":"26.00 $"},null,35,{"v":910,"d":"$910.00"},0]
[143,"FUNDA NEGRA  MEDIANA 30 GL",null,null,"PAQ",18,null,18,{"v":1080,"d":"1,080.00 $"},6,12,{"v":12960,"d":"$12,960.00"},{"v":6480,"d":"$6,480.00"}]
[144,"FUNDA NEGRA GRANDE 55 GL",null,null,"PAQ",7,null,7,{"v":616,"d":"616.00 $"},2,5,{"v":3080,"d":"$3,080.00"},{"v":1232,"d":"$1,232.00"}]
[145,"FUNDA ROJA  PEQUENAS 17 GL",null,null,"PAQ",5,null,5,{"v":240,"d":"240.00 $"},null,5,{"v":1200,"d":"$1,200.00"},0]
[146,"FUNDA ROJA GRANDE 55 gl",null,null,"UNID",3,null,3,{"v":1030.1,"d":"1,030.10 $"},null,3,{"v":3090.2999999999997,"d":"$3,090.30"},0]
[147,"FUNDA ROJA MEDIANA 30 GL",null,null,"PAQ",10,null,10,{"v":450.36,"d":"450.36 $"},3,7,{"v":3152.52,"d":"$3,152.52"},{"v":1351.08,"d":"$1,351.08"}]
[148,"GALON JABON LIQUIDO DE MANO",null,null,"GALON",4,null,4,{"v":171.1,"d":"171.10 $"},null,4,{"v":684.4,"d":"$684.40"},0]
[149,"GANCHOS P/FOLDER MH",null,null,"CAJA",8,null,8,{"v":141.6,"d":"141.60 $"},1,7,{"v":991.1999999999999,"d":"$991.20"},{"v":141.6,"d":"$141.60"}]
[150,"GALON JABON DE CUABA",null,null,"GALON",3,null,3,{"v":165.25,"d":"165.25 $"},1,2,{"v":330.5,"d":"$330.50"},{"v":165.25,"d":"$165.25"}]
[151,"GOMITAS",null,null,"CAJA",0,null,0,{"v":45,"d":"45.00 $"},null,0,0,0]
[152,"GRAPADORA NEGRA",null,null,"CAJA",0,null,0,{"v":320,"d":"320.00 $"},null,0,0,0]
[153,"GUANTES MULTIUSOS",null,null,"UNID",6,null,6,{"v":666.36,"d":"666.36 $"},2,4,{"v":2665.44,"d":"$2,665.44"},{"v":1332.72,"d":"$1,332.72"}]
[154,"HISTORIA CLINICA PERINATAL",null,null,"TALONARIO",8,null,8,{"v":1298,"d":"1,298.00 $"},1,7,{"v":9086,"d":"$9,086.00"},{"v":1298,"d":"$1,298.00"}]
[155," HOJA DE ANOTACION ENFERMERIA",null,null,"RESMA",4,null,4,{"v":826,"d":"826.00 $"},null,4,{"v":3304,"d":"$3,304.00"},0]
[156,"HOJA DE ADMICION ",null,null,"RESMA",5,null,5,{"v":165,"d":"165.00 $"},null,5,{"v":825,"d":"$825.00"},0]
[157,"HOJA DE ATENCION DIARIA",null,null,"TALONARIO",3,null,3,{"v":994,"d":"994.00 $"},null,3,{"v":2982,"d":"$2,982.00"},0]
[158,"HOJA DE CERTIFICACION",null,null,"RESMA",2,null,2,{"v":1475,"d":"1,475.00 $"},null,2,{"v":2950,"d":"$2,950.00"},0]
[159,"HOJA DE CONSULTA EXTERNA ",null,null,"TALONARIO",15,null,15,{"v":994,"d":"994.00 $"},null,15,{"v":14910,"d":"$14,910.00"},0]
[160,"HOJA PACIENTE  DIETA",null,null,"TALONARIO",18,null,18,{"v":800,"d":"800.00 $"},null,18,{"v":14400,"d":"$14,400.00"},0]
[161,"HOJA DE DIRECCION CUIDADO DE ENFERMERIA",null,null,"TALONARIO",32,null,32,{"v":994,"d":"994.00 $"},null,32,{"v":31808,"d":"$31,808.00"},0]
[162,"HOJA DE ENFER EN AREA EMERGENCIA FO63",null,null,"TALONARIO",17,null,17,{"v":994,"d":"994.00 $"},null,17,{"v":16898,"d":"$16,898.00"},0]
[163,"HOJA DE ENFERMERIA",null,null,"TALONARIO",8,null,8,{"v":1298,"d":"1,298.00 $"},null,8,{"v":10384,"d":"$10,384.00"},0]
[164,"HOJA DE EVOLUCION ",null,null,"TALONARIO",5,null,5,{"v":294,"d":"294.00 $"},null,5,{"v":1470,"d":"$1,470.00"},0]
[165,"HOJA DE ANESTESIA",null,null,"TALONARIO",13,null,13,{"v":185,"d":"185.00 $"},1,12,{"v":2220,"d":"$2,220.00"},{"v":185,"d":"$185.00"}]
[166,"HOJA DE HISTORIAL CLINICO",null,null,"TALONARIO",41,null,{"$f":"F79+G79","v":41},{"v":195,"d":"195.00 $"},null,{"$f":"H79-J79","v":41},{"$f":"I79*K79","v":{"v":7995,"d":"$7,995.00"}},{"$f":"I79*J79","v":0}]
[167,"HOJA D KARDEX D MEDICAMENTO SOLUCIONES",null,null,"TALONARIO",17,null,17,{"v":1298,"d":"1,298.00 $"},null,17,{"v":22066,"d":"$22,066.00"},0]
[168,"HOJA DE REFERENCIA Y CONTRA REFERENCIA",null,null,"TALONARIO",11,null,11,{"v":826,"d":"826.00 $"},null,11,{"v":9086,"d":"$9,086.00"},0]
[169,"HOJA DE GLICEMIA",null,null,"TALONARIO",0,null,0,{"v":350,"d":"350.00 $"},null,0,0,0]
[170,"HOJA  RESUMEN MEDICO DE EGRESO",null,null,"RESMA",2,null,2,{"v":826,"d":"826.00 $"},null,2,{"v":1652,"d":"$1,652.00"},0]
[171,"HOJA  SEGURIDAD CIRUGIA",null,null,"RESMA",2,null,2,{"v":1475,"d":"1,475.00 $"},null,2,{"v":2950,"d":"$2,950.00"},0]
[172,"HOJA DESIGNOGRAMA ENFERM",null,null,"TALONARIO",9,null,9,{"v":994,"d":"994.00 $"},null,9,{"v":8946,"d":"$8,946.00"},0]
[173,"HOJA KARDEX MED INTERNA  INSUMOS",null,null,"TALONARIO",9,null,9,{"v":994,"d":"994.00 $"},null,9,{"v":8946,"d":"$8,946.00"},0]
[174,"HOJA LEGAL 8 1/2*14 RESMA",null,null,"RESMA",3,null,3,{"v":348,"d":"348.00 $"},1,2,{"v":696,"d":"$696.00"},{"v":348,"d":"$348.00"}]
[175,"HOJA ORDEN MEDICA",null,null,"TALONARIO",27,null,27,{"v":800,"d":"800.00 $"},null,27,{"v":21600,"d":"$21,600.00"},0]
[176,"HOJA  HISTORIAL OPERATORIO",null,null,"TALONARIO",5,null,5,{"v":1299,"d":"1,299.00 $"},null,5,{"v":6495,"d":"$6,495.00"},0]
[177,"HOJA SIGNOS VITALES ",null,null,"TALONARIO",10,null,10,{"v":1200,"d":"1,200.00 $"},null,10,{"v":12000,"d":"$12,000.00"},0]
[178,"HOJA GRAFICA DE TEMPERATURA",null,null,"RESMA",1,null,1,{"v":994,"d":"994.00 $"},null,1,{"v":994,"d":"$994.00"},0]
[179,"HOJAS TIMBRADA",null,null,"TALONARIO",7,null,7,{"v":1350,"d":"1,350.00 $"},null,7,{"v":9450,"d":"$9,450.00"},0]
[180,"HOJA DE CONFIRMACION DE CIRUGIA",null,null,"RESMA",1,null,1,{"v":1298,"d":"1,298.00 $"},null,1,{"v":1298,"d":"$1,298.00"},0]
[181,"LABELSP/FOLDER",null,null,"UNID",8,null,8,{"v":112.1,"d":"112.10 $"},null,8,{"v":896.8,"d":"$896.80"},0]
[182,"LAPIZ",null,null,"UNID",31,null,31,{"v":10,"d":"10.00 $"},null,31,{"v":310,"d":"$310.00"},0]
[183,"LIBRO BANCO VENTA SERVICIOS",null,null,"UNID",1,null,1,{"v":2360,"d":"2,360.00 $"},null,1,{"v":2360,"d":"$2,360.00"},0]
[184,"TALONARIO DE OXIGENO",null,null,"TALONARIO",8,null,8,{"v":200,"d":"200.00 $"},null,8,{"v":1600,"d":"$1,600.00"},0]
[185,"LIBRO DE EMERGENCIA",null,null,"UNID",1,null,1,{"v":1770,"d":"1,770.00 $"},null,1,{"v":1770,"d":"$1,770.00"},0]
[186,"LIBRO DE LABORATORIO PACIENTE",null,null,"UNID",0,null,0,{"v":1170,"d":"1,170.00 $"},null,0,0,0]
[187,"LIBRO DE CONTROL DE PARASITOLOGIA COPROLOGICO",null,null,"UNID",1,null,1,{"v":1170,"d":"1,170.00 $"},null,1,{"v":1170,"d":"$1,170.00"},0]
[188,"LIBRO DE PARTO Y NACIMIENTO",null,null,"UNID",3,null,3,{"v":1170,"d":"1,170.00 $"},null,3,{"v":3510,"d":"$3,510.00"},0]
[189,"LIBRO  DE CIRUGIA",null,null,"UNID",5,null,5,{"v":1770,"d":"1,770.00 $"},null,5,{"v":8850,"d":"$8,850.00"},0]
[190,"LIBRO DE CONS REGISTRO VIH",null,null,"UNID",0,null,0,{"v":1770,"d":"1,770.00 $"},null,0,0,0]
[191,"LIBRO DE SEROLOGIA",null,null,"UNID",2,null,2,{"v":2360,"d":"2,360.00 $"},null,2,{"v":4720,"d":"$4,720.00"},0]
[192,"LIBRO DE URIANALISIS",null,null,"UNID",1,null,1,{"v":2360,"d":"2,360.00 $"},null,1,{"v":2360,"d":"$2,360.00"},0]
[193,"LIBRO HEMATOLOGIA",null,null,"UNID",2,null,2,{"v":2000,"d":"2,000.00 $"},null,2,{"v":4000,"d":"$4,000.00"},0]
[194,"LIBRO QUIMICO",null,null,"UNID",1,null,1,{"v":2360,"d":"2,360.00 $"},null,1,{"v":2360,"d":"$2,360.00"},0]
[195,"LIBRO INTERNAMIENTO",null,null,"UNID",3,null,3,{"v":1770,"d":"1,770.00 $"},null,3,{"v":5310,"d":"$5,310.00"},0]
[196,"LIBRO DE RAYOS X",null,null,"UNID",2,null,2,{"v":1770,"d":"1,770.00 $"},null,2,{"v":3540,"d":"$3,540.00"},0]
[197,"LIBRO RECORD DE REGISTRO ADOLECENTE ",null,null,"UNID",0,null,0,{"v":1800,"d":"1,800.00 $"},null,0,0,0]
[198,"LIQUID PAPER T/L CORRECTOR",null,null,"UNID",1,null,1,{"v":30,"d":"30.00 $"},1,0,0,{"v":30,"d":"$30.00"}]
[199,"MARCADORES AZULES ",null,null,"UNID",27,null,27,{"v":30,"d":"30.00 $"},null,27,{"v":810,"d":"$810.00"},0]
[200,"MARCADORES NEGROS ",null,null,"UNID",30,null,30,{"v":30,"d":"30.00 $"},null,30,{"v":900,"d":"$900.00"},0]
[201,"MISTOLIN ",null,null,"GALON",21,null,21,{"v":104,"d":"104.00 $"},10,11,{"v":1144,"d":"$1,144.00"},{"v":1040,"d":"$1,040.00"}]
[202,"PAPEL CARBON 8 1/2*11",null,null,"UNID",25,null,25,{"v":325,"d":"325.00 $"},2,23,{"v":7475,"d":"$7,475.00"},{"v":650,"d":"$650.00"}]
[203,"PAPEL HIGIENICO FARDO 48/1 ",null,null,"UNID",128,null,128,{"v":22.6,"d":"22.60 $"},48,80,{"v":1808,"d":"$1,808.00"},{"v":1084.8000000000002,"d":"$1,084.80"}]
[204,"PAPEL MANILA NATURAL KRAF",null,null,"UNID",1,null,1,{"v":3916,"d":"3,916.00 $"},1,0,0,{"v":3916,"d":"$3,916.00"}]
[205,"PAPEL TOALLA 6/1",null,null,"UNID",12,null,12,{"v":95.38,"d":"95.38 $"},1,11,{"v":1049.1799999999998,"d":"$1,049.18"},{"v":95.38,"d":"$95.38"}]
[206,"PERFORADORA 2",null,null,"UNID",0,null,0,{"v":306.08,"d":"306.08 $"},null,0,0,0]
[207,"PERFORADORA 3 ",null,null,"UNID",1,null,1,{"v":631.3,"d":"631.30 $"},null,1,{"v":631.3,"d":"$631.30"},0]
[208,"PILA AAA PEQUEÑA",null,null,"UNID",28,null,28,{"v":54,"d":"54.00 $"},null,28,{"v":1512,"d":"$1,512.00"},0]
[209,"PILA AA",null,null,"UNID",32,null,32,{"v":53,"d":"53.00 $"},null,32,{"v":1696,"d":"$1,696.00"},0]
[210," PAPEL CON DIVISION 200/1 OPTION",null,null,"CAJA",1,null,1,{"v":1085,"d":"1,085.00 $"},1,0,0,{"v":1085,"d":"$1,085.00"}]
[211,"PLATOS",null,null,"FARDO",6,null,6,{"v":1291,"d":"1,291.00 $"},2,4,{"v":5164,"d":"$5,164.00"},{"v":2582,"d":"$2,582.00"}]
[212,"POS-IT 3*3",null,null,"RESMA",0,null,0,{"v":33.63,"d":"33.63 $"},null,0,0,0]
[213,"RECOJEDOR DE BASURA",null,null,"UNID",6,null,6,{"v":109.25,"d":"109.25 $"},null,6,{"v":655.5,"d":"$655.50"},0]
[214,"RESALTADOR ",null,null,"UNID",12,null,12,{"v":39,"d":"39.00 $"},null,12,{"v":468,"d":"$468.00"},0]
[215,"RESMA DE CONTROL DE EXISTENCIA",null,null,"RESMA",3,null,3,{"v":1298,"d":"1,298.00 $"},null,3,{"v":3894,"d":"$3,894.00"},0]
[216,"RESMA HOJA DE MAQUINA 8/2 *11",null,null,"RESMA",73,null,73,{"v":228,"d":"228.00 $"},17,56,{"v":12768,"d":"$12,768.00"},{"v":3876,"d":"$3,876.00"}]
[217,"ROLLO DE PAPEL SUMADORA",null,null,"UNID",16,null,16,{"v":23,"d":"23.00 $"},4,12,{"v":276,"d":"$276.00"},{"v":92,"d":"$92.00"}]
[218,"ROTULO PARA SOLUCION Y MEDICAMENTOS",null,null,"UNID",850,null,850,{"v":6.5,"d":"6.50 $"},null,850,{"v":5525,"d":"$5,525.00"},0]
[219,"SACA GRAPA",null,null,"UNID",3,null,3,{"v":30,"d":"30.00 $"},null,3,{"v":90,"d":"$90.00"},0]
[220,"SACAPUNTA METAL ",null,null,"UNID",20,null,20,{"v":15,"d":"15.00 $"},null,20,{"v":300,"d":"$300.00"},0]
[221,"SACO DE DETERGENTE",null,null,"UNID",2,null,2,{"v":1100,"d":"1,100.00 $"},null,2,{"v":2200,"d":"$2,200.00"},0]
[222,"SERVILLETA C-FOLD 24/100 XCELENT",null,null,"UNID",102,null,102,{"v":24.5,"d":"24.50 $"},null,102,{"v":2499,"d":"$2,499.00"},0]
[223,"SERVILLETAS DE BINGO 60/1",null,null,"UNID",316,null,316,{"v":11.5,"d":"11.50 $"},30,286,{"v":3289,"d":"$3,289.00"},{"v":345,"d":"$345.00"}]
[224,"SOBRE CARTA VENTANILLA",null,null,"UNID",900,null,900,{"v":1.85,"d":"1.85 $"},null,900,{"v":1665,"d":"$1,665.00"},0]
[225,"SOBRE MANILA 9*12 500 UNID",null,null,"UNID",390,null,390,{"v":13.85,"d":"13.85 $"},null,390,{"v":5401.5,"d":"$5,401.50"},0]
[226,"SOBRE MANILA 14*17 1000 UNIDAD",null,null,"UNID",910,null,910,{"v":13.85,"d":"13.85 $"},null,910,{"v":12603.5,"d":"$12,603.50"},0]
[227,"SOBRE MANILA 10*14 DE 500 UNID",null,null,"UNID",250,null,250,{"v":7.1,"d":"7.10 $"},null,250,{"v":1775,"d":"$1,775.00"},0]
[228,"SOBRE TIMBRADO",null,null,"UNID",285,null,285,{"v":13,"d":"13.00 $"},null,285,{"v":3705,"d":"$3,705.00"},0]
[229,"SUAPER JUMBO",null,null,"GALON",3,null,3,{"v":175,"d":"175.00 $"},2,1,{"v":175,"d":"$175.00"},{"v":350,"d":"$350.00"}]
[230,"SUAVITEL",null,null,"GALON",1,null,{"$f":"F143+G143","v":1},{"v":148.31,"d":"148.31 $"},1,{"$f":"H143-J143","v":0},{"$f":"I143*K143","v":0},{"$f":"I143*J143","v":{"v":148.31,"d":"$148.31"}}]
[231,"TALONARIO DE PATOLOGIA",null,null,"TALONARIO",25,null,25,{"v":70.8,"d":"70.80 $"},null,25,{"v":1770,"d":"$1,770.00"},0]
[232,"TALONARIO HISTORIAL CLINICO EMERGENCIA",null,null,"TALONARIO",0,60,60,{"v":275,"d":"275.00 $"},null,60,{"v":16500,"d":"$16,500.00"},0]
[233,"TALONARIO ORDEN MEDICA",null,null,"TALONARIO",25,null,25,{"v":275,"d":"275.00 $"},null,25,{"v":6875,"d":"$6,875.00"},0]
[234,"TALONARIO COPROLOGICO",null,null,"TALONARIO",96,null,96,{"v":88.35,"d":"88.35 $"},null,96,{"v":8481.599999999999,"d":"$8,481.60"},0]
[235,"TALALONARIO HEMOTOLOGIA",null,null,"TALONARIO",49,null,49,{"v":88.35,"d":"88.35 $"},null,49,{"v":4329.15,"d":"$4,329.15"},0]
[236,"TALONARIO CONFIMACION DE  QUIRURGICA ",null,null,"TALONARIO",5,null,5,{"v":185,"d":"185.00 $"},null,5,{"v":925,"d":"$925.00"},0]
[237,"TALONARIO LABORATORIO CLINICO",null,null,"TALONARIO",37,null,37,{"v":37,"d":"37.00 $"},25,12,{"v":444,"d":"$444.00"},{"v":925,"d":"$925.00"}]
[238,"TALONARIO PARTOGRAMA POSPARTO",null,null,"TALONARIO",9,null,9,{"v":185,"d":"185.00 $"},null,9,{"v":1665,"d":"$1,665.00"},0]
[239,"TALONARIO HISTORIAL OPERATORIO",null,null,"RESMA",1,null,1,{"v":185,"d":"185.00 $"},null,1,{"v":185,"d":"$185.00"},0]
[240,"TALONARIO URIANALISIS",null,null,"TALONARIO",108,null,108,{"v":53.1,"d":"53.10 $"},null,108,{"v":5734.8,"d":"$5,734.80"},0]
[241,"TALONARIO REQUISICION DE FARMACIA",null,null,"TALONARIO",6,null,6,{"v":413,"d":"413.00 $"},null,6,{"v":2478,"d":"$2,478.00"},0]
[242,"TALONARIO CUIDADO DE ENFERERIA VIH MEDIA",null,null,"TALONARIO",8,null,8,{"v":275,"d":"275.00 $"},null,8,{"v":2200,"d":"$2,200.00"},0]
[243,"TALONARIO CONCENTIMIENTO INFORMADO LARGO",null,null,"TALONARIO",3,null,3,{"v":756,"d":"756.00 $"},null,3,{"v":2268,"d":"$2,268.00"},0]
[244,"TALONARIO DE CLASIFICACION",null,null,"TALONARIO",30,null,30,{"v":756,"d":"756.00 $"},null,30,{"v":22680,"d":"$22,680.00"},0]
[245,"TALONARIO DE CONTROL TEMPERATURA",null,null,"TALONARIO",15,null,15,{"v":294,"d":"294.00 $"},null,15,{"v":4410,"d":"$4,410.00"},0]
[246,"TALONARIO DE CUOTA DE CONTRIBUCION",null,null,"TALONARIO",10,null,10,{"v":185,"d":"185.00 $"},null,10,{"v":1850,"d":"$1,850.00"},0]
[247,"TALONARIO PROTOCOLO ATENCION AL PARTO",null,null,"TALONARIO",8,null,8,{"v":185,"d":"185.00 $"},null,8,{"v":1480,"d":"$1,480.00"},0]
[248,"TALONARIO HOJA DE KARDEX INSUMO",null,null,"TALONARIO",9,null,9,{"v":994,"d":"994.00 $"},null,9,{"v":8946,"d":"$8,946.00"},0]
[249,"TALONARIO SOLICITUD DE ALMACEN",null,null,"TALONARIO",6,null,6,{"v":224,"d":"224.00 $"},null,6,{"v":1344,"d":"$1,344.00"},0]
[250,"TALONARIO SALIDA ALMACEN",null,null,"TALONARIO",24,null,24,{"v":275,"d":"275.00 $"},null,24,{"v":6600,"d":"$6,600.00"},0]
[251,"TAPA DE VASOS #12 CLEA  10/100",null,null,"UNID",0,null,0,{"v":224,"d":"224.00 $"},null,0,0,0]
[252,"TARJETA DE CITA",null,null,"UNID",730,null,730,{"v":2.75,"d":"2.75 $"},null,730,{"v":2007.5,"d":"$2,007.50"},0]
[253,"TARJETA DE EXPEDIENTE ",null,null,"UNID",1600,null,1600,{"v":4.5,"d":"4.50 $"},null,1600,{"v":7200,"d":"$7,200.00"},0]
[254,"TALONARIO RECETARIO NORMAL",null,null,"TALONARIO",926,null,926,{"v":53.65,"d":"53.65 $"},10,916,{"v":49143.4,"d":"$49,143.40"},{"v":536.5,"d":"$536.50"}]
[255,"TIJERAS",null,null,"UNID",1,null,1,{"v":62.54,"d":"62.54 $"},1,0,0,{"v":62.54,"d":"$62.54"}]
[256,"TINTA PARA SELLO AZUL",null,null,"UNID",8,null,8,{"v":106,"d":"106.00 $"},null,8,{"v":848,"d":"$848.00"},0]
[257,"TOALLA MICROFIBRA16´´ *16´´",null,null,"PAQU",9,null,9,{"v":49.56,"d":"49.56 $"},null,9,{"v":446.04,"d":"$446.04"},0]
[258,"ENVASES PLASTICOS 4 OZ",null,null,"UNID",0,null,0,{"v":147,"d":"147.00 $"},null,0,0,0]
[259,"TAPAS PLASTICAS 4 OZ",null,null,"PAQU",0,null,0,{"v":137,"d":"137.00 $"},null,0,0,0]
[260,"VASO 12 CAJA 40/25 FOAM",null,null,"PAQU",130,null,130,{"v":53.2,"d":"53.20 $"},13,117,{"v":6224.400000000001,"d":"$6,224.40"},{"v":691.6,"d":"$691.60"}]
[261,"VASO # 5",null,null,"PAQU",109,null,109,{"v":55,"d":"55.00 $"},3,106,{"v":5830,"d":"$5,830.00"},{"v":165,"d":"$165.00"}]
[262,"VASOS #7",null,null,"PAQU",40,null,40,{"v":38.94,"d":"38.94 $"},32,8,{"v":311.52,"d":"$311.52"},{"v":1246.08,"d":"$1,246.08"}]
[{"$nulls":11},{"$f":"SUM(L14:L175)","v":{"v":614862.9500000001,"d":"$614,862.95"}}]
[{"$nulls":9},"TOTAL DE COMSUMO",null,{"$f":"SUM(M14:M176)","v":{"v":38573.45,"d":"$38,573.45"}}]